{"text_format":"3","workbook":"xlsx","n_sheets":2,"sheets":["Untitled View","Enumerations"],"not_rendered":{"defined_names":1},"read":"whole","date_system":"1900"}

{"sheet":"Untitled View","index":0,"n_rows":1187,"n_cols":17,"rows_kept":1187}
["Fall 25 - CEE 120A_220A - Untitled View"]
["Tuesday, 25 November 2025 15:29"]
[]
["Category Name","Item","Model Name","Source ID","Quantity","Unit","Unit Cost","Total Cost","Count (EA)","Area (SF)","Volume (CY)","Perimeter (LF)","Length (LF)","Width (LF)","Height (LF)","Thickness (LF)","Model Version ID"]
["Floors","","","",{"v":455.782653901268,"d":"455.78"},"CY",{"v":125,"d":"125.00"},{"v":56972.8317376585,"d":"56,972.83"},6,"","","","","","","",""]
["Floors","Floors : Floor : 3\" LW Concrete on 2\" Metal Deck","Module 7 structural model",35105,{"v":455.782653901268,"d":"455.78"},"CY",{"v":125,"d":"125.00"},{"v":56972.8317376585,"d":"56,972.83"},6,{"v":29534.7159727999,"d":"29,534.72"},{"v":455.782653901268,"d":"455.78"},{"v":3489.27253657938,"d":"3,489.27"},"","","",{"v":0.416666666666667,"d":"0.42"},536]
["Floors","Floors : Floor : 3\" LW Concrete on 2\" Metal Deck","Module 7 structural model",605189,{"v":68.174946474114,"d":"68.17"},"CY",{"v":125,"d":"125.00"},{"v":8521.86830926424,"d":"8,521.87"},1,{"v":4417.73653152225,"d":"4,417.74"},{"v":68.174946474114,"d":"68.17"},{"v":541.705498070051,"d":"541.71"},"","","",{"v":0.416666666666667,"d":"0.42"},536]
["Floors","Floors : Floor : 3\" LW Concrete on 2\" Metal Deck","Module 7 structural model",605224,{"v":71.2474061664753,"d":"71.25"},"CY",{"v":125,"d":"125.00"},{"v":8905.92577080942,"d":"8,905.93"},1,{"v":4616.83191958727,"d":"4,616.83"},{"v":71.2474061664753,"d":"71.25"},{"v":556.433103292807,"d":"556.43"},"","","",{"v":0.416666666666667,"d":"0.42"},536]
["Floors","Floors : Floor : 3\" LW Concrete on 2\" Metal Deck","Module 7 structural model",605239,{"v":75.1402412942108,"d":"75.14"},"CY",{"v":125,"d":"125.00"},{"v":9392.53016177635,"d":"9,392.53"},1,{"v":4869.08763586449,"d":"4,869.09"},{"v":75.1402412942108,"d":"75.14"},{"v":576.003680155235,"d":"576.00"},"","","",{"v":0.416666666666667,"d":"0.42"},536]
["Floors","Floors : Floor : 3\" LW Concrete on 2\" Metal Deck","Module 7 structural model",605254,{"v":78.6067111661581,"d":"78.61"},"CY",{"v":125,"d":"125.00"},{"v":9825.83889576976,"d":"9,825.84"},1,{"v":5093.71488356662,"d":"5,093.71"},{"v":78.6067111661581,"d":"78.61"},{"v":594.040490495398,"d":"594.04"},"","","",{"v":0.416666666666667,"d":"0.42"},536]
["Floors","Floors : Floor : 3\" LW Concrete on 2\" Metal Deck","Module 7 structural model",605269,{"v":81.4339821483202,"d":"81.43"},"CY",{"v":125,"d":"125.00"},{"v":10179.24776854,"d":"10,179.25"},1,{"v":5276.92204321074,"d":"5,276.92"},{"v":81.4339821483202,"d":"81.43"},{"v":609.086574562542,"d":"609.09"},"","","",{"v":0.416666666666667,"d":"0.42"},536]
["Floors","Floors : Floor : 3\" LW Concrete on 2\" Metal Deck","Module 7 structural model",605284,{"v":81.1793666519898,"d":"81.18"},"CY",{"v":125,"d":"125.00"},{"v":10147.4208314987,"d":"10,147.42"},1,{"v":5260.42295904853,"d":"5,260.42"},{"v":81.1793666519898,"d":"81.18"},{"v":612.003190003344,"d":"612.00"},"","","",{"v":0.416666666666667,"d":"0.42"},536]
["Structural Columns","","","",{"v":49.9799988331885,"d":"49.98"},"TON",{"v":1800,"d":"1,800.00"},{"v":89963.9978997391,"d":"89,964.00"},170,"","","","","","","",""]
["Structural Columns","Structural Columns : W Shapes-Column : W10X49","Module 7 structural model",162572,{"v":49.9799988331885,"d":"49.98"},"TON",{"v":1800,"d":"1,800.00"},{"v":89963.9978997391,"d":"89,964.00"},170,"",{"v":7.57356419482383,"d":"7.57"},828.75,"",{"v":141.666666666661,"d":"141.67"},{"v":141.666666666661,"d":"141.67"},"",536]
["Structural Columns","Structural Columns : W Shapes-Column : W10X49","Module 7 structural model",582355,{"v":0.293999993136403,"d":"0.29"},"TON",{"v":1800,"d":"1,800.00"},{"v":529.199987645525,"d":"529.20"},1,"",{"v":0.0445503776166106,"d":"0.04"},{"v":4.875,"d":"4.88"},"",{"v":0.8333333333333,"d":"0.83"},{"v":0.8333333333333,"d":"0.83"},"",536]
["Structural Columns","Structural Columns : W Shapes-Column : W10X49","Module 7 structural model",582357,{"v":0.293999993136403,"d":"0.29"},"TON",{"v":1800,"d":"1,800.00"},{"v":529.199987645525,"d":"529.20"},1,"",{"v":0.0445503776166106,"d":"0.04"},{"v":4.875,"d":"4.88"},"",{"v":0.8333333333333,"d":"0.83"},{"v":0.8333333333333,"d":"0.83"},"",536]
["Structural Columns","Structural Columns : W Shapes-Column : W10X49","Module 7 structural model",582358,{"v":0.293999993136403,"d":"0.29"},"TON",{"v":1800,"d":"1,800.00"},{"v":529.199987645525,"d":"529.20"},1,"",{"v":0.0445503776166106,"d":"0.04"},{"v":4.875,"d":"4.88"},"",{"v":0.8333333333333,"d":"0.83"},{"v":0.8333333333333,"d":"0.83"},"",536]
["Structural Columns","Structural Columns : W Shapes-Column : W10X49","Module 7 structural model",582361,{"v":0.293999993136403,"d":"0.29"},"TON",{"v":1800,"d":"1,800.00"},{"v":529.199987645525,"d":"529.20"},1,"",{"v":0.0445503776166106,"d":"0.04"},{"v":4.875,"d":"4.88"},"",{"v":0.8333333333333,"d":"0.83"},{"v":0.8333333333333,"d":"0.83"},"",536]
["Structural Columns","Structural Columns : W Shapes-Column : W10X49","Module 7 structural model",582363,{"v":0.293999993136403,"d":"0.29"},"TON",{"v":1800,"d":"1,800.00"},{"v":529.199987645525,"d":"529.20"},1,"",{"v":0.0445503776166106,"d":"0.04"},{"v":4.875,"d":"4.88"},"",{"v":0.8333333333333,"d":"0.83"},{"v":0.8333333333333,"d":"0.83"},"",536]
["Structural Columns","Structural Columns : W Shapes-Column : W10X49","Module 7 structural model",582692,{"v":0.293999993136403,"d":"0.29"},"TON",{"v":1800,"d":"1,800.00"},{"v":529.199987645525,"d":"529.20"},1,"",{"v":0.0445503776166106,"d":"0.04"},{"v":4.875,"d":"4.88"},"",{"v":0.8333333333333,"d":"0.83"},{"v":0.8333333333333,"d":"0.83"},"",536]
["Structural Columns","Structural Columns : W Shapes-Column : W10X49","Module 7 structural model",582770,{"v":0.293999993136403,"d":"0.29"},"TON",{"v":1800,"d":"1,800.00"},{"v":529.199987645525,"d":"529.20"},1,"",{"v":0.0445503776166106,"d":"0.04"},{"v":4.875,"d":"4.88"},"",{"v":0.8333333333333,"d":"0.83"},{"v":0.8333333333333,"d":"0.83"},"",536]
["Structural Columns","Structural Columns : W Shapes-Column : W10X49","Module 7 structural model",582793,{"v":0.293999993136403,"d":"0.29"},"TON",{"v":1800,"d":"1,800.00"},{"v":529.199987645525,"d":"529.20"},1,"",{"v":0.0445503776166106,"d":"0.04"},{"v":4.875,"d":"4.88"},"",{"v":0.8333333333333,"d":"0.83"},{"v":0.8333333333333,"d":"0.83"},"",536]
["Structural Columns","Structural Columns : W Shapes-Column : W10X49","Module 7 structural model",582854,{"v":0.293999993136403,"d":"0.29"},"TON",{"v":1800,"d":"1,800.00"},{"v":529.199987645525,"d":"529.20"},1,"",{"v":0.0445503776166106,"d":"0.04"},{"v":4.875,"d":"4.88"},"",{"v":0.8333333333333,"d":"0.83"},{"v":0.8333333333333,"d":"0.83"},"",536]
["Structural Columns","Structural Columns : W Shapes-Column : W10X49","Module 7 structural model",582915,{"v":0.293999993136403,"d":"0.29"},"TON",{"v":1800,"d":"1,800.00"},{"v":529.199987645525,"d":"529.20"},1,"",{"v":0.0445503776166106,"d":"0.04"},{"v":4.875,"d":"4.88"},"",{"v":0.8333333333333,"d":"0.83"},{"v":0.8333333333333,"d":"0.83"},"",536]
["Structural Columns","Structural Columns : W Shapes-Column : W10X49","Module 7 structural model",583284,{"v":0.293999993136403,"d":"0.29"},"TON",{"v":1800,"d":"1,800.00"},{"v":529.199987645525,"d":"529.20"},1,"",{"v":0.0445503776166106,"d":"0.04"},{"v":4.875,"d":"4.88"},"",{"v":0.8333333333333,"d":"0.83"},{"v":0.8333333333333,"d":"0.83"},"",536]
["Structural Columns","Structural Columns : W Shapes-Column : W10X49","Module 7 structural model",583319,{"v":0.293999993136403,"d":"0.29"},"TON",{"v":1800,"d":"1,800.00"},{"v":529.199987645525,"d":"529.20"},1,"",{"v":0.0445503776166106,"d":"0.04"},{"v":4.875,"d":"4.88"},"",{"v":0.8333333333333,"d":"0.83"},{"v":0.8333333333333,"d":"0.83"},"",536]
["Structural Columns","Structural Columns : W Shapes-Column : W10X49","Module 7 structural model",583458,{"v":0.293999993136403,"d":"0.29"},"TON",{"v":1800,"d":"1,800.00"},{"v":529.199987645525,"d":"529.20"},1,"",{"v":0.0445503776166106,"d":"0.04"},{"v":4.875,"d":"4.88"},"",{"v":0.8333333333333,"d":"0.83"},{"v":0.8333333333333,"d":"0.83"},"",536]
["Structural Columns","Structural Columns : W Shapes-Column : W10X49","Module 7 structural model",586380,{"v":0.293999993136403,"d":"0.29"},"TON",{"v":1800,"d":"1,800.00"},{"v":529.199987645525,"d":"529.20"},1,"",{"v":0.0445503776166106,"d":"0.04"},{"v":4.875,"d":"4.88"},"",{"v":0.8333333333333,"d":"0.83"},{"v":0.8333333333333,"d":"0.83"},"",536]
["Structural Columns","Structural Columns : W Shapes-Column : W10X49","Module 7 structural model",592022,{"v":0.293999993136403,"d":"0.29"},"TON",{"v":1800,"d":"1,800.00"},{"v":529.199987645525,"d":"529.20"},1,"",{"v":0.0445503776166106,"d":"0.04"},{"v":4.875,"d":"4.88"},"",{"v":0.8333333333333,"d":"0.83"},{"v":0.8333333333333,"d":"0.83"},"",536]
["Structural Columns","Structural Columns : W Shapes-Column : W10X49","Module 7 structural model",592199,{"v":0.293999993136403,"d":"0.29"},"TON",{"v":1800,"d":"1,800.00"},{"v":529.199987645525,"d":"529.20"},1,"",{"v":0.0445503776166106,"d":"0.04"},{"v":4.875,"d":"4.88"},"",{"v":0.8333333333333,"d":"0.83"},{"v":0.8333333333333,"d":"0.83"},"",536]
["Structural Columns","Structural Columns : W Shapes-Column : W10X49","Module 7 structural model",592220,{"v":0.293999993136403,"d":"0.29"},"TON",{"v":1800,"d":"1,800.00"},{"v":529.199987645525,"d":"529.20"},1,"",{"v":0.0445503776166106,"d":"0.04"},{"v":4.875,"d":"4.88"},"",{"v":0.8333333333333,"d":"0.83"},{"v":0.8333333333333,"d":"0.83"},"",536]
["Structural Columns","Structural Columns : W Shapes-Column : W10X49","Module 7 structural model",592462,{"v":0.293999993136403,"d":"0.29"},"TON",{"v":1800,"d":"1,800.00"},{"v":529.199987645525,"d":"529.20"},1,"",{"v":0.0445503776166106,"d":"0.04"},{"v":4.875,"d":"4.88"},"",{"v":0.8333333333333,"d":"0.83"},{"v":0.8333333333333,"d":"0.83"},"",536]
["Structural Columns","Structural Columns : W Shapes-Column : W10X49","Module 7 structural model",598291,{"v":0.293999993136403,"d":"0.29"},"TON",{"v":1800,"d":"1,800.00"},{"v":529.199987645525,"d":"529.20"},1,"",{"v":0.0445503776166106,"d":"0.04"},{"v":4.875,"d":"4.88"},"",{"v":0.8333333333333,"d":"0.83"},{"v":0.8333333333333,"d":"0.83"},"",536]
["Structural Columns","Structural Columns : W Shapes-Column : W10X49","Module 7 structural model",598292,{"v":0.293999993136403,"d":"0.29"},"TON",{"v":1800,"d":"1,800.00"},{"v":529.199987645525,"d":"529.20"},1,"",{"v":0.0445503776166106,"d":"0.04"},{"v":4.875,"d":"4.88"},"",{"v":0.8333333333333,"d":"0.83"},{"v":0.8333333333333,"d":"0.83"},"",536]
["Structural Columns","Structural Columns : W Shapes-Column : W10X49","Module 7 structural model",598293,{"v":0.293999993136403,"d":"0.29"},"TON",{"v":1800,"d":"1,800.00"},{"v":529.199987645525,"d":"529.20"},1,"",{"v":0.0445503776166106,"d":"0.04"},{"v":4.875,"d":"4.88"},"",{"v":0.8333333333333,"d":"0.83"},{"v":0.8333333333333,"d":"0.83"},"",536]
["Structural Columns","Structural Columns : W Shapes-Column : W10X49","Module 7 structural model",598294,{"v":0.293999993136403,"d":"0.29"},"TON",{"v":1800,"d":"1,800.00"},{"v":529.199987645525,"d":"529.20"},1,"",{"v":0.0445503776166106,"d":"0.04"},{"v":4.875,"d":"4.88"},"",{"v":0.8333333333333,"d":"0.83"},{"v":0.8333333333333,"d":"0.83"},"",536]
["Structural Columns","Structural Columns : W Shapes-Column : W10X49","Module 7 structural model",598295,{"v":0.293999993136403,"d":"0.29"},"TON",{"v":1800,"d":"1,800.00"},{"v":529.199987645525,"d":"529.20"},1,"",{"v":0.0445503776166106,"d":"0.04"},{"v":4.875,"d":"4.88"},"",{"v":0.8333333333333,"d":"0.83"},{"v":0.8333333333333,"d":"0.83"},"",536]
["Structural Columns","Structural Columns : W Shapes-Column : W10X49","Module 7 structural model",598296,{"v":0.293999993136403,"d":"0.29"},"TON",{"v":1800,"d":"1,800.00"},{"v":529.199987645525,"d":"529.20"},1,"",{"v":0.0445503776166106,"d":"0.04"},{"v":4.875,"d":"4.88"},"",{"v":0.8333333333333,"d":"0.83"},{"v":0.8333333333333,"d":"0.83"},"",536]
["Structural Columns","Structural Columns : W Shapes-Column : W10X49","Module 7 structural model",598297,{"v":0.293999993136403,"d":"0.29"},"TON",{"v":1800,"d":"1,800.00"},{"v":529.199987645525,"d":"529.20"},1,"",{"v":0.0445503776166106,"d":"0.04"},{"v":4.875,"d":"4.88"},"",{"v":0.8333333333333,"d":"0.83"},{"v":0.8333333333333,"d":"0.83"},"",536]
["Structural Columns","Structural Columns : W Shapes-Column : W10X49","Module 7 structural model",598298,{"v":0.293999993136403,"d":"0.29"},"TON",{"v":1800,"d":"1,800.00"},{"v":529.199987645525,"d":"529.20"},1,"",{"v":0.0445503776166106,"d":"0.04"},{"v":4.875,"d":"4.88"},"",{"v":0.8333333333333,"d":"0.83"},{"v":0.8333333333333,"d":"0.83"},"",536]
["Structural Columns","Structural Columns : W Shapes-Column : W10X49","Module 7 structural model",598299,{"v":0.293999993136403,"d":"0.29"},"TON",{"v":1800,"d":"1,800.00"},{"v":529.199987645525,"d":"529.20"},1,"",{"v":0.0445503776166106,"d":"0.04"},{"v":4.875,"d":"4.88"},"",{"v":0.8333333333333,"d":"0.83"},{"v":0.8333333333333,"d":"0.83"},"",536]
["Structural Columns","Structural Columns : W Shapes-Column : W10X49","Module 7 structural model",598300,{"v":0.293999993136403,"d":"0.29"},"TON",{"v":1800,"d":"1,800.00"},{"v":529.199987645525,"d":"529.20"},1,"",{"v":0.0445503776166106,"d":"0.04"},{"v":4.875,"d":"4.88"},"",{"v":0.8333333333333,"d":"0.83"},{"v":0.8333333333333,"d":"0.83"},"",536]
["Structural Columns","Structural Columns : W Shapes-Column : W10X49","Module 7 structural model",598301,{"v":0.293999993136403,"d":"0.29"},"TON",{"v":1800,"d":"1,800.00"},{"v":529.199987645525,"d":"529.20"},1,"",{"v":0.0445503776166106,"d":"0.04"},{"v":4.875,"d":"4.88"},"",{"v":0.8333333333333,"d":"0.83"},{"v":0.8333333333333,"d":"0.83"},"",536]
["Structural Columns","Structural Columns : W Shapes-Column : W10X49","Module 7 structural model",598302,{"v":0.293999993136403,"d":"0.29"},"TON",{"v":1800,"d":"1,800.00"},{"v":529.199987645525,"d":"529.20"},1,"",{"v":0.0445503776166106,"d":"0.04"},{"v":4.875,"d":"4.88"},"",{"v":0.8333333333333,"d":"0.83"},{"v":0.8333333333333,"d":"0.83"},"",536]
["Structural Columns","Structural Columns : W Shapes-Column : W10X49","Module 7 structural model",598303,{"v":0.293999993136403,"d":"0.29"},"TON",{"v":1800,"d":"1,800.00"},{"v":529.199987645525,"d":"529.20"},1,"",{"v":0.0445503776166106,"d":"0.04"},{"v":4.875,"d":"4.88"},"",{"v":0.8333333333333,"d":"0.83"},{"v":0.8333333333333,"d":"0.83"},"",536]
["Structural Columns","Structural Columns : W Shapes-Column : W10X49","Module 7 structural model",598335,{"v":0.293999993136403,"d":"0.29"},"TON",{"v":1800,"d":"1,800.00"},{"v":529.199987645525,"d":"529.20"},1,"",{"v":0.0445503776166106,"d":"0.04"},{"v":4.875,"d":"4.88"},"",{"v":0.8333333333333,"d":"0.83"},{"v":0.8333333333333,"d":"0.83"},"",536]
["Structural Columns","Structural Columns : W Shapes-Column : W10X49","Module 7 structural model",598619,{"v":0.293999993136403,"d":"0.29"},"TON",{"v":1800,"d":"1,800.00"},{"v":529.199987645525,"d":"529.20"},1,"",{"v":0.0445503776166106,"d":"0.04"},{"v":4.875,"d":"4.88"},"",{"v":0.8333333333333,"d":"0.83"},{"v":0.8333333333333,"d":"0.83"},"",536]
["Structural Columns","Structural Columns : W Shapes-Column : W10X49","Module 7 structural model",598620,{"v":0.293999993136403,"d":"0.29"},"TON",{"v":1800,"d":"1,800.00"},{"v":529.199987645525,"d":"529.20"},1,"",{"v":0.0445503776166106,"d":"0.04"},{"v":4.875,"d":"4.88"},"",{"v":0.8333333333333,"d":"0.83"},{"v":0.8333333333333,"d":"0.83"},"",536]
["Structural Columns","Structural Columns : W Shapes-Column : W10X49","Module 7 structural model",598621,{"v":0.293999993136403,"d":"0.29"},"TON",{"v":1800,"d":"1,800.00"},{"v":529.199987645525,"d":"529.20"},1,"",{"v":0.0445503776166106,"d":"0.04"},{"v":4.875,"d":"4.88"},"",{"v":0.8333333333333,"d":"0.83"},{"v":0.8333333333333,"d":"0.83"},"",536]
["Structural Columns","Structural Columns : W Shapes-Column : W10X49","Module 7 structural model",598622,{"v":0.293999993136403,"d":"0.29"},"TON",{"v":1800,"d":"1,800.00"},{"v":529.199987645525,"d":"529.20"},1,"",{"v":0.0445503776166106,"d":"0.04"},{"v":4.875,"d":"4.88"},"",{"v":0.8333333333333,"d":"0.83"},{"v":0.8333333333333,"d":"0.83"},"",536]
["Structural Columns","Structural Columns : W Shapes-Column : W10X49","Module 7 structural model",598801,{"v":0.293999993136403,"d":"0.29"},"TON",{"v":1800,"d":"1,800.00"},{"v":529.199987645525,"d":"529.20"},1,"",{"v":0.0445503776166106,"d":"0.04"},{"v":4.875,"d":"4.88"},"",{"v":0.8333333333333,"d":"0.83"},{"v":0.8333333333333,"d":"0.83"},"",536]
["Structural Columns","Structural Columns : W Shapes-Column : W10X49","Module 7 structural model",598802,{"v":0.293999993136403,"d":"0.29"},"TON",{"v":1800,"d":"1,800.00"},{"v":529.199987645525,"d":"529.20"},1,"",{"v":0.0445503776166106,"d":"0.04"},{"v":4.875,"d":"4.88"},"",{"v":0.8333333333333,"d":"0.83"},{"v":0.8333333333333,"d":"0.83"},"",536]
["Structural Columns","Structural Columns : W Shapes-Column : W10X49","Module 7 structural model",598803,{"v":0.293999993136403,"d":"0.29"},"TON",{"v":1800,"d":"1,800.00"},{"v":529.199987645525,"d":"529.20"},1,"",{"v":0.0445503776166106,"d":"0.04"},{"v":4.875,"d":"4.88"},"",{"v":0.8333333333333,"d":"0.83"},{"v":0.8333333333333,"d":"0.83"},"",536]
["Structural Columns","Structural Columns : W Shapes-Column : W10X49","Module 7 structural model",598804,{"v":0.293999993136403,"d":"0.29"},"TON",{"v":1800,"d":"1,800.00"},{"v":529.199987645525,"d":"529.20"},1,"",{"v":0.0445503776166106,"d":"0.04"},{"v":4.875,"d":"4.88"},"",{"v":0.8333333333333,"d":"0.83"},{"v":0.8333333333333,"d":"0.83"},"",536]
["Structural Columns","Structural Columns : W Shapes-Column : W10X49","Module 7 structural model",598805,{"v":0.293999993136403,"d":"0.29"},"TON",{"v":1800,"d":"1,800.00"},{"v":529.199987645525,"d":"529.20"},1,"",{"v":0.0445503776166106,"d":"0.04"},{"v":4.875,"d":"4.88"},"",{"v":0.8333333333333,"d":"0.83"},{"v":0.8333333333333,"d":"0.83"},"",536]
["Structural Columns","Structural Columns : W Shapes-Column : W10X49","Module 7 structural model",598806,{"v":0.293999993136403,"d":"0.29"},"TON",{"v":1800,"d":"1,800.00"},{"v":529.199987645525,"d":"529.20"},1,"",{"v":0.0445503776166106,"d":"0.04"},{"v":4.875,"d":"4.88"},"",{"v":0.8333333333333,"d":"0.83"},{"v":0.8333333333333,"d":"0.83"},"",536]
["Structural Columns","Structural Columns : W Shapes-Column : W10X49","Module 7 structural model",598807,{"v":0.293999993136403,"d":"0.29"},"TON",{"v":1800,"d":"1,800.00"},{"v":529.199987645525,"d":"529.20"},1,"",{"v":0.0445503776166106,"d":"0.04"},{"v":4.875,"d":"4.88"},"",{"v":0.8333333333333,"d":"0.83"},{"v":0.8333333333333,"d":"0.83"},"",536]
["Structural Columns","Structural Columns : W Shapes-Column : W10X49","Module 7 structural model",598808,{"v":0.293999993136403,"d":"0.29"},"TON",{"v":1800,"d":"1,800.00"},{"v":529.199987645525,"d":"529.20"},1,"",{"v":0.0445503776166106,"d":"0.04"},{"v":4.875,"d":"4.88"},"",{"v":0.8333333333333,"d":"0.83"},{"v":0.8333333333333,"d":"0.83"},"",536]
["Structural Columns","Structural Columns : W Shapes-Column : W10X49","Module 7 structural model",598809,{"v":0.293999993136403,"d":"0.29"},"TON",{"v":1800,"d":"1,800.00"},{"v":529.199987645525,"d":"529.20"},1,"",{"v":0.0445503776166106,"d":"0.04"},{"v":4.875,"d":"4.88"},"",{"v":0.8333333333333,"d":"0.83"},{"v":0.8333333333333,"d":"0.83"},"",536]
["Structural Columns","Structural Columns : W Shapes-Column : W10X49","Module 7 structural model",598810,{"v":0.293999993136403,"d":"0.29"},"TON",{"v":1800,"d":"1,800.00"},{"v":529.199987645525,"d":"529.20"},1,"",{"v":0.0445503776166106,"d":"0.04"},{"v":4.875,"d":"4.88"},"",{"v":0.8333333333333,"d":"0.83"},{"v":0.8333333333333,"d":"0.83"},"",536]
["Structural Columns","Structural Columns : W Shapes-Column : W10X49","Module 7 structural model",598811,{"v":0.293999993136403,"d":"0.29"},"TON",{"v":1800,"d":"1,800.00"},{"v":529.199987645525,"d":"529.20"},1,"",{"v":0.0445503776166106,"d":"0.04"},{"v":4.875,"d":"4.88"},"",{"v":0.8333333333333,"d":"0.83"},{"v":0.8333333333333,"d":"0.83"},"",536]
["Structural Columns","Structural Columns : W Shapes-Column : W10X49","Module 7 structural model",598812,{"v":0.293999993136403,"d":"0.29"},"TON",{"v":1800,"d":"1,800.00"},{"v":529.199987645525,"d":"529.20"},1,"",{"v":0.0445503776166106,"d":"0.04"},{"v":4.875,"d":"4.88"},"",{"v":0.8333333333333,"d":"0.83"},{"v":0.8333333333333,"d":"0.83"},"",536]
["Structural Columns","Structural Columns : W Shapes-Column : W10X49","Module 7 structural model",598813,{"v":0.293999993136403,"d":"0.29"},"TON",{"v":1800,"d":"1,800.00"},{"v":529.199987645525,"d":"529.20"},1,"",{"v":0.0445503776166106,"d":"0.04"},{"v":4.875,"d":"4.88"},"",{"v":0.8333333333333,"d":"0.83"},{"v":0.8333333333333,"d":"0.83"},"",536]
["Structural Columns","Structural Columns : W Shapes-Column : W10X49","Module 7 structural model",598845,{"v":0.293999993136403,"d":"0.29"},"TON",{"v":1800,"d":"1,800.00"},{"v":529.199987645525,"d":"529.20"},1,"",{"v":0.0445503776166106,"d":"0.04"},{"v":4.875,"d":"4.88"},"",{"v":0.8333333333333,"d":"0.83"},{"v":0.8333333333333,"d":"0.83"},"",536]
["Structural Columns","Structural Columns : W Shapes-Column : W10X49","Module 7 structural model",599129,{"v":0.293999993136403,"d":"0.29"},"TON",{"v":1800,"d":"1,800.00"},{"v":529.199987645525,"d":"529.20"},1,"",{"v":0.0445503776166106,"d":"0.04"},{"v":4.875,"d":"4.88"},"",{"v":0.8333333333333,"d":"0.83"},{"v":0.8333333333333,"d":"0.83"},"",536]
["Structural Columns","Structural Columns : W Shapes-Column : W10X49","Module 7 structural model",599130,{"v":0.293999993136403,"d":"0.29"},"TON",{"v":1800,"d":"1,800.00"},{"v":529.199987645525,"d":"529.20"},1,"",{"v":0.0445503776166106,"d":"0.04"},{"v":4.875,"d":"4.88"},"",{"v":0.8333333333333,"d":"0.83"},{"v":0.8333333333333,"d":"0.83"},"",536]
["Structural Columns","Structural Columns : W Shapes-Column : W10X49","Module 7 structural model",599131,{"v":0.293999993136403,"d":"0.29"},"TON",{"v":1800,"d":"1,800.00"},{"v":529.199987645525,"d":"529.20"},1,"",{"v":0.0445503776166106,"d":"0.04"},{"v":4.875,"d":"4.88"},"",{"v":0.8333333333333,"d":"0.83"},{"v":0.8333333333333,"d":"0.83"},"",536]
["Structural Columns","Structural Columns : W Shapes-Column : W10X49","Module 7 structural model",599132,{"v":0.293999993136403,"d":"0.29"},"TON",{"v":1800,"d":"1,800.00"},{"v":529.199987645525,"d":"529.20"},1,"",{"v":0.0445503776166106,"d":"0.04"},{"v":4.875,"d":"4.88"},"",{"v":0.8333333333333,"d":"0.83"},{"v":0.8333333333333,"d":"0.83"},"",536]
["Structural Columns","Structural Columns : W Shapes-Column : W10X49","Module 7 structural model",599258,{"v":0.293999993136403,"d":"0.29"},"TON",{"v":1800,"d":"1,800.00"},{"v":529.199987645525,"d":"529.20"},1,"",{"v":0.0445503776166106,"d":"0.04"},{"v":4.875,"d":"4.88"},"",{"v":0.8333333333333,"d":"0.83"},{"v":0.8333333333333,"d":"0.83"},"",536]
["Structural Columns","Structural Columns : W Shapes-Column : W10X49","Module 7 structural model",599259,{"v":0.293999993136403,"d":"0.29"},"TON",{"v":1800,"d":"1,800.00"},{"v":529.199987645525,"d":"529.20"},1,"",{"v":0.0445503776166106,"d":"0.04"},{"v":4.875,"d":"4.88"},"",{"v":0.8333333333333,"d":"0.83"},{"v":0.8333333333333,"d":"0.83"},"",536]
["Structural Columns","Structural Columns : W Shapes-Column : W10X49","Module 7 structural model",599260,{"v":0.293999993136403,"d":"0.29"},"TON",{"v":1800,"d":"1,800.00"},{"v":529.199987645525,"d":"529.20"},1,"",{"v":0.0445503776166106,"d":"0.04"},{"v":4.875,"d":"4.88"},"",{"v":0.8333333333333,"d":"0.83"},{"v":0.8333333333333,"d":"0.83"},"",536]
["Structural Columns","Structural Columns : W Shapes-Column : W10X49","Module 7 structural model",599261,{"v":0.293999993136403,"d":"0.29"},"TON",{"v":1800,"d":"1,800.00"},{"v":529.199987645525,"d":"529.20"},1,"",{"v":0.0445503776166106,"d":"0.04"},{"v":4.875,"d":"4.88"},"",{"v":0.8333333333333,"d":"0.83"},{"v":0.8333333333333,"d":"0.83"},"",536]
["Structural Columns","Structural Columns : W Shapes-Column : W10X49","Module 7 structural model",599262,{"v":0.293999993136403,"d":"0.29"},"TON",{"v":1800,"d":"1,800.00"},{"v":529.199987645525,"d":"529.20"},1,"",{"v":0.0445503776166106,"d":"0.04"},{"v":4.875,"d":"4.88"},"",{"v":0.8333333333333,"d":"0.83"},{"v":0.8333333333333,"d":"0.83"},"",536]
["Structural Columns","Structural Columns : W Shapes-Column : W10X49","Module 7 structural model",599263,{"v":0.293999993136403,"d":"0.29"},"TON",{"v":1800,"d":"1,800.00"},{"v":529.199987645525,"d":"529.20"},1,"",{"v":0.0445503776166106,"d":"0.04"},{"v":4.875,"d":"4.88"},"",{"v":0.8333333333333,"d":"0.83"},{"v":0.8333333333333,"d":"0.83"},"",536]
["Structural Columns","Structural Columns : W Shapes-Column : W10X49","Module 7 structural model",599264,{"v":0.293999993136403,"d":"0.29"},"TON",{"v":1800,"d":"1,800.00"},{"v":529.199987645525,"d":"529.20"},1,"",{"v":0.0445503776166106,"d":"0.04"},{"v":4.875,"d":"4.88"},"",{"v":0.8333333333333,"d":"0.83"},{"v":0.8333333333333,"d":"0.83"},"",536]
["Structural Columns","Structural Columns : W Shapes-Column : W10X49","Module 7 structural model",599265,{"v":0.293999993136403,"d":"0.29"},"TON",{"v":1800,"d":"1,800.00"},{"v":529.199987645525,"d":"529.20"},1,"",{"v":0.0445503776166106,"d":"0.04"},{"v":4.875,"d":"4.88"},"",{"v":0.8333333333333,"d":"0.83"},{"v":0.8333333333333,"d":"0.83"},"",536]
["Structural Columns","Structural Columns : W Shapes-Column : W10X49","Module 7 structural model",599266,{"v":0.293999993136403,"d":"0.29"},"TON",{"v":1800,"d":"1,800.00"},{"v":529.199987645525,"d":"529.20"},1,"",{"v":0.0445503776166106,"d":"0.04"},{"v":4.875,"d":"4.88"},"",{"v":0.8333333333333,"d":"0.83"},{"v":0.8333333333333,"d":"0.83"},"",536]
["Structural Columns","Structural Columns : W Shapes-Column : W10X49","Module 7 structural model",599267,{"v":0.293999993136403,"d":"0.29"},"TON",{"v":1800,"d":"1,800.00"},{"v":529.199987645525,"d":"529.20"},1,"",{"v":0.0445503776166106,"d":"0.04"},{"v":4.875,"d":"4.88"},"",{"v":0.8333333333333,"d":"0.83"},{"v":0.8333333333333,"d":"0.83"},"",536]
["Structural Columns","Structural Columns : W Shapes-Column : W10X49","Module 7 structural model",599268,{"v":0.293999993136403,"d":"0.29"},"TON",{"v":1800,"d":"1,800.00"},{"v":529.199987645525,"d":"529.20"},1,"",{"v":0.0445503776166106,"d":"0.04"},{"v":4.875,"d":"4.88"},"",{"v":0.8333333333333,"d":"0.83"},{"v":0.8333333333333,"d":"0.83"},"",536]
["Structural Columns","Structural Columns : W Shapes-Column : W10X49","Module 7 structural model",599269,{"v":0.293999993136403,"d":"0.29"},"TON",{"v":1800,"d":"1,800.00"},{"v":529.199987645525,"d":"529.20"},1,"",{"v":0.0445503776166106,"d":"0.04"},{"v":4.875,"d":"4.88"},"",{"v":0.8333333333333,"d":"0.83"},{"v":0.8333333333333,"d":"0.83"},"",536]
["Structural Columns","Structural Columns : W Shapes-Column : W10X49","Module 7 structural model",599270,{"v":0.293999993136403,"d":"0.29"},"TON",{"v":1800,"d":"1,800.00"},{"v":529.199987645525,"d":"529.20"},1,"",{"v":0.0445503776166106,"d":"0.04"},{"v":4.875,"d":"4.88"},"",{"v":0.8333333333333,"d":"0.83"},{"v":0.8333333333333,"d":"0.83"},"",536]
["Structural Columns","Structural Columns : W Shapes-Column : W10X49","Module 7 structural model",599302,{"v":0.293999993136403,"d":"0.29"},"TON",{"v":1800,"d":"1,800.00"},{"v":529.199987645525,"d":"529.20"},1,"",{"v":0.0445503776166106,"d":"0.04"},{"v":4.875,"d":"4.88"},"",{"v":0.8333333333333,"d":"0.83"},{"v":0.8333333333333,"d":"0.83"},"",536]
["Structural Columns","Structural Columns : W Shapes-Column : W10X49","Module 7 structural model",599586,{"v":0.293999993136403,"d":"0.29"},"TON",{"v":1800,"d":"1,800.00"},{"v":529.199987645525,"d":"529.20"},1,"",{"v":0.0445503776166106,"d":"0.04"},{"v":4.875,"d":"4.88"},"",{"v":0.8333333333333,"d":"0.83"},{"v":0.8333333333333,"d":"0.83"},"",536]
["Structural Columns","Structural Columns : W Shapes-Column : W10X49","Module 7 structural model",599587,{"v":0.293999993136403,"d":"0.29"},"TON",{"v":1800,"d":"1,800.00"},{"v":529.199987645525,"d":"529.20"},1,"",{"v":0.0445503776166106,"d":"0.04"},{"v":4.875,"d":"4.88"},"",{"v":0.8333333333333,"d":"0.83"},{"v":0.8333333333333,"d":"0.83"},"",536]
["Structural Columns","Structural Columns : W Shapes-Column : W10X49","Module 7 structural model",599588,{"v":0.293999993136403,"d":"0.29"},"TON",{"v":1800,"d":"1,800.00"},{"v":529.199987645525,"d":"529.20"},1,"",{"v":0.0445503776166106,"d":"0.04"},{"v":4.875,"d":"4.88"},"",{"v":0.8333333333333,"d":"0.83"},{"v":0.8333333333333,"d":"0.83"},"",536]
["Structural Columns","Structural Columns : W Shapes-Column : W10X49","Module 7 structural model",599589,{"v":0.293999993136403,"d":"0.29"},"TON",{"v":1800,"d":"1,800.00"},{"v":529.199987645525,"d":"529.20"},1,"",{"v":0.0445503776166106,"d":"0.04"},{"v":4.875,"d":"4.88"},"",{"v":0.8333333333333,"d":"0.83"},{"v":0.8333333333333,"d":"0.83"},"",536]
["Structural Columns","Structural Columns : W Shapes-Column : W10X49","Module 7 structural model",599715,{"v":0.293999993136403,"d":"0.29"},"TON",{"v":1800,"d":"1,800.00"},{"v":529.199987645525,"d":"529.20"},1,"",{"v":0.0445503776166106,"d":"0.04"},{"v":4.875,"d":"4.88"},"",{"v":0.8333333333333,"d":"0.83"},{"v":0.8333333333333,"d":"0.83"},"",536]
["Structural Columns","Structural Columns : W Shapes-Column : W10X49","Module 7 structural model",599716,{"v":0.293999993136403,"d":"0.29"},"TON",{"v":1800,"d":"1,800.00"},{"v":529.199987645525,"d":"529.20"},1,"",{"v":0.0445503776166106,"d":"0.04"},{"v":4.875,"d":"4.88"},"",{"v":0.8333333333333,"d":"0.83"},{"v":0.8333333333333,"d":"0.83"},"",536]
["Structural Columns","Structural Columns : W Shapes-Column : W10X49","Module 7 structural model",599717,{"v":0.293999993136403,"d":"0.29"},"TON",{"v":1800,"d":"1,800.00"},{"v":529.199987645525,"d":"529.20"},1,"",{"v":0.0445503776166106,"d":"0.04"},{"v":4.875,"d":"4.88"},"",{"v":0.8333333333333,"d":"0.83"},{"v":0.8333333333333,"d":"0.83"},"",536]
["Structural Columns","Structural Columns : W Shapes-Column : W10X49","Module 7 structural model",599718,{"v":0.293999993136403,"d":"0.29"},"TON",{"v":1800,"d":"1,800.00"},{"v":529.199987645525,"d":"529.20"},1,"",{"v":0.0445503776166106,"d":"0.04"},{"v":4.875,"d":"4.88"},"",{"v":0.8333333333333,"d":"0.83"},{"v":0.8333333333333,"d":"0.83"},"",536]
["Structural Columns","Structural Columns : W Shapes-Column : W10X49","Module 7 structural model",599719,{"v":0.293999993136403,"d":"0.29"},"TON",{"v":1800,"d":"1,800.00"},{"v":529.199987645525,"d":"529.20"},1,"",{"v":0.0445503776166106,"d":"0.04"},{"v":4.875,"d":"4.88"},"",{"v":0.8333333333333,"d":"0.83"},{"v":0.8333333333333,"d":"0.83"},"",536]
["Structural Columns","Structural Columns : W Shapes-Column : W10X49","Module 7 structural model",599720,{"v":0.293999993136403,"d":"0.29"},"TON",{"v":1800,"d":"1,800.00"},{"v":529.199987645525,"d":"529.20"},1,"",{"v":0.0445503776166106,"d":"0.04"},{"v":4.875,"d":"4.88"},"",{"v":0.8333333333333,"d":"0.83"},{"v":0.8333333333333,"d":"0.83"},"",536]
["Structural Columns","Structural Columns : W Shapes-Column : W10X49","Module 7 structural model",599721,{"v":0.293999993136403,"d":"0.29"},"TON",{"v":1800,"d":"1,800.00"},{"v":529.199987645525,"d":"529.20"},1,"",{"v":0.0445503776166106,"d":"0.04"},{"v":4.875,"d":"4.88"},"",{"v":0.8333333333333,"d":"0.83"},{"v":0.8333333333333,"d":"0.83"},"",536]
["Structural Columns","Structural Columns : W Shapes-Column : W10X49","Module 7 structural model",599722,{"v":0.293999993136403,"d":"0.29"},"TON",{"v":1800,"d":"1,800.00"},{"v":529.199987645525,"d":"529.20"},1,"",{"v":0.0445503776166106,"d":"0.04"},{"v":4.875,"d":"4.88"},"",{"v":0.8333333333333,"d":"0.83"},{"v":0.8333333333333,"d":"0.83"},"",536]
["Structural Columns","Structural Columns : W Shapes-Column : W10X49","Module 7 structural model",599723,{"v":0.293999993136403,"d":"0.29"},"TON",{"v":1800,"d":"1,800.00"},{"v":529.199987645525,"d":"529.20"},1,"",{"v":0.0445503776166106,"d":"0.04"},{"v":4.875,"d":"4.88"},"",{"v":0.8333333333333,"d":"0.83"},{"v":0.8333333333333,"d":"0.83"},"",536]
["Structural Columns","Structural Columns : W Shapes-Column : W10X49","Module 7 structural model",599724,{"v":0.293999993136403,"d":"0.29"},"TON",{"v":1800,"d":"1,800.00"},{"v":529.199987645525,"d":"529.20"},1,"",{"v":0.0445503776166106,"d":"0.04"},{"v":4.875,"d":"4.88"},"",{"v":0.8333333333333,"d":"0.83"},{"v":0.8333333333333,"d":"0.83"},"",536]
["Structural Columns","Structural Columns : W Shapes-Column : W10X49","Module 7 structural model",599725,{"v":0.293999993136403,"d":"0.29"},"TON",{"v":1800,"d":"1,800.00"},{"v":529.199987645525,"d":"529.20"},1,"",{"v":0.0445503776166106,"d":"0.04"},{"v":4.875,"d":"4.88"},"",{"v":0.8333333333333,"d":"0.83"},{"v":0.8333333333333,"d":"0.83"},"",536]
["Structural Columns","Structural Columns : W Shapes-Column : W10X49","Module 7 structural model",599726,{"v":0.293999993136403,"d":"0.29"},"TON",{"v":1800,"d":"1,800.00"},{"v":529.199987645525,"d":"529.20"},1,"",{"v":0.0445503776166106,"d":"0.04"},{"v":4.875,"d":"4.88"},"",{"v":0.8333333333333,"d":"0.83"},{"v":0.8333333333333,"d":"0.83"},"",536]
["Structural Columns","Structural Columns : W Shapes-Column : W10X49","Module 7 structural model",599727,{"v":0.293999993136403,"d":"0.29"},"TON",{"v":1800,"d":"1,800.00"},{"v":529.199987645525,"d":"529.20"},1,"",{"v":0.0445503776166106,"d":"0.04"},{"v":4.875,"d":"4.88"},"",{"v":0.8333333333333,"d":"0.83"},{"v":0.8333333333333,"d":"0.83"},"",536]
["Structural Columns","Structural Columns : W Shapes-Column : W10X49","Module 7 structural model",599759,{"v":0.293999993136403,"d":"0.29"},"TON",{"v":1800,"d":"1,800.00"},{"v":529.199987645525,"d":"529.20"},1,"",{"v":0.0445503776166106,"d":"0.04"},{"v":4.875,"d":"4.88"},"",{"v":0.8333333333333,"d":"0.83"},{"v":0.8333333333333,"d":"0.83"},"",536]
["Structural Columns","Structural Columns : W Shapes-Column : W10X49","Module 7 structural model",600043,{"v":0.293999993136403,"d":"0.29"},"TON",{"v":1800,"d":"1,800.00"},{"v":529.199987645525,"d":"529.20"},1,"",{"v":0.0445503776166106,"d":"0.04"},{"v":4.875,"d":"4.88"},"",{"v":0.8333333333333,"d":"0.83"},{"v":0.8333333333333,"d":"0.83"},"",536]
["Structural Columns","Structural Columns : W Shapes-Column : W10X49","Module 7 structural model",600044,{"v":0.293999993136403,"d":"0.29"},"TON",{"v":1800,"d":"1,800.00"},{"v":529.199987645525,"d":"529.20"},1,"",{"v":0.0445503776166106,"d":"0.04"},{"v":4.875,"d":"4.88"},"",{"v":0.8333333333333,"d":"0.83"},{"v":0.8333333333333,"d":"0.83"},"",536]
["Structural Columns","Structural Columns : W Shapes-Column : W10X49","Module 7 structural model",600045,{"v":0.293999993136403,"d":"0.29"},"TON",{"v":1800,"d":"1,800.00"},{"v":529.199987645525,"d":"529.20"},1,"",{"v":0.0445503776166106,"d":"0.04"},{"v":4.875,"d":"4.88"},"",{"v":0.8333333333333,"d":"0.83"},{"v":0.8333333333333,"d":"0.83"},"",536]
["Structural Columns","Structural Columns : W Shapes-Column : W10X49","Module 7 structural model",600046,{"v":0.293999993136403,"d":"0.29"},"TON",{"v":1800,"d":"1,800.00"},{"v":529.199987645525,"d":"529.20"},1,"",{"v":0.0445503776166106,"d":"0.04"},{"v":4.875,"d":"4.88"},"",{"v":0.8333333333333,"d":"0.83"},{"v":0.8333333333333,"d":"0.83"},"",536]
["Structural Columns","Structural Columns : W Shapes-Column : W10X49","Module 7 structural model",600172,{"v":0.293999993136403,"d":"0.29"},"TON",{"v":1800,"d":"1,800.00"},{"v":529.199987645525,"d":"529.20"},1,"",{"v":0.0445503776166106,"d":"0.04"},{"v":4.875,"d":"4.88"},"",{"v":0.8333333333333,"d":"0.83"},{"v":0.8333333333333,"d":"0.83"},"",536]
["Structural Columns","Structural Columns : W Shapes-Column : W10X49","Module 7 structural model",600173,{"v":0.293999993136403,"d":"0.29"},"TON",{"v":1800,"d":"1,800.00"},{"v":529.199987645525,"d":"529.20"},1,"",{"v":0.0445503776166106,"d":"0.04"},{"v":4.875,"d":"4.88"},"",{"v":0.8333333333333,"d":"0.83"},{"v":0.8333333333333,"d":"0.83"},"",536]
["Structural Columns","Structural Columns : W Shapes-Column : W10X49","Module 7 structural model",600174,{"v":0.293999993136403,"d":"0.29"},"TON",{"v":1800,"d":"1,800.00"},{"v":529.199987645525,"d":"529.20"},1,"",{"v":0.0445503776166106,"d":"0.04"},{"v":4.875,"d":"4.88"},"",{"v":0.8333333333333,"d":"0.83"},{"v":0.8333333333333,"d":"0.83"},"",536]
["Structural Columns","Structural Columns : W Shapes-Column : W10X49","Module 7 structural model",600175,{"v":0.293999993136403,"d":"0.29"},"TON",{"v":1800,"d":"1,800.00"},{"v":529.199987645525,"d":"529.20"},1,"",{"v":0.0445503776166106,"d":"0.04"},{"v":4.875,"d":"4.88"},"",{"v":0.8333333333333,"d":"0.83"},{"v":0.8333333333333,"d":"0.83"},"",536]
["Structural Columns","Structural Columns : W Shapes-Column : W10X49","Module 7 structural model",600176,{"v":0.293999993136403,"d":"0.29"},"TON",{"v":1800,"d":"1,800.00"},{"v":529.199987645525,"d":"529.20"},1,"",{"v":0.0445503776166106,"d":"0.04"},{"v":4.875,"d":"4.88"},"",{"v":0.8333333333333,"d":"0.83"},{"v":0.8333333333333,"d":"0.83"},"",536]
["Structural Columns","Structural Columns : W Shapes-Column : W10X49","Module 7 structural model",600177,{"v":0.293999993136403,"d":"0.29"},"TON",{"v":1800,"d":"1,800.00"},{"v":529.199987645525,"d":"529.20"},1,"",{"v":0.0445503776166106,"d":"0.04"},{"v":4.875,"d":"4.88"},"",{"v":0.8333333333333,"d":"0.83"},{"v":0.8333333333333,"d":"0.83"},"",536]
["Structural Columns","Structural Columns : W Shapes-Column : W10X49","Module 7 structural model",600178,{"v":0.293999993136403,"d":"0.29"},"TON",{"v":1800,"d":"1,800.00"},{"v":529.199987645525,"d":"529.20"},1,"",{"v":0.0445503776166106,"d":"0.04"},{"v":4.875,"d":"4.88"},"",{"v":0.8333333333333,"d":"0.83"},{"v":0.8333333333333,"d":"0.83"},"",536]
["Structural Columns","Structural Columns : W Shapes-Column : W10X49","Module 7 structural model",600179,{"v":0.293999993136403,"d":"0.29"},"TON",{"v":1800,"d":"1,800.00"},{"v":529.199987645525,"d":"529.20"},1,"",{"v":0.0445503776166106,"d":"0.04"},{"v":4.875,"d":"4.88"},"",{"v":0.8333333333333,"d":"0.83"},{"v":0.8333333333333,"d":"0.83"},"",536]
["Structural Columns","Structural Columns : W Shapes-Column : W10X49","Module 7 structural model",600180,{"v":0.293999993136403,"d":"0.29"},"TON",{"v":1800,"d":"1,800.00"},{"v":529.199987645525,"d":"529.20"},1,"",{"v":0.0445503776166106,"d":"0.04"},{"v":4.875,"d":"4.88"},"",{"v":0.8333333333333,"d":"0.83"},{"v":0.8333333333333,"d":"0.83"},"",536]
["Structural Columns","Structural Columns : W Shapes-Column : W10X49","Module 7 structural model",600181,{"v":0.293999993136403,"d":"0.29"},"TON",{"v":1800,"d":"1,800.00"},{"v":529.199987645525,"d":"529.20"},1,"",{"v":0.0445503776166106,"d":"0.04"},{"v":4.875,"d":"4.88"},"",{"v":0.8333333333333,"d":"0.83"},{"v":0.8333333333333,"d":"0.83"},"",536]
["Structural Columns","Structural Columns : W Shapes-Column : W10X49","Module 7 structural model",600182,{"v":0.293999993136403,"d":"0.29"},"TON",{"v":1800,"d":"1,800.00"},{"v":529.199987645525,"d":"529.20"},1,"",{"v":0.0445503776166106,"d":"0.04"},{"v":4.875,"d":"4.88"},"",{"v":0.8333333333333,"d":"0.83"},{"v":0.8333333333333,"d":"0.83"},"",536]
["Structural Columns","Structural Columns : W Shapes-Column : W10X49","Module 7 structural model",600183,{"v":0.293999993136403,"d":"0.29"},"TON",{"v":1800,"d":"1,800.00"},{"v":529.199987645525,"d":"529.20"},1,"",{"v":0.0445503776166106,"d":"0.04"},{"v":4.875,"d":"4.88"},"",{"v":0.8333333333333,"d":"0.83"},{"v":0.8333333333333,"d":"0.83"},"",536]
["Structural Columns","Structural Columns : W Shapes-Column : W10X49","Module 7 structural model",600184,{"v":0.293999993136403,"d":"0.29"},"TON",{"v":1800,"d":"1,800.00"},{"v":529.199987645525,"d":"529.20"},1,"",{"v":0.0445503776166106,"d":"0.04"},{"v":4.875,"d":"4.88"},"",{"v":0.8333333333333,"d":"0.83"},{"v":0.8333333333333,"d":"0.83"},"",536]
["Structural Columns","Structural Columns : W Shapes-Column : W10X49","Module 7 structural model",600216,{"v":0.293999993136403,"d":"0.29"},"TON",{"v":1800,"d":"1,800.00"},{"v":529.199987645525,"d":"529.20"},1,"",{"v":0.0445503776166106,"d":"0.04"},{"v":4.875,"d":"4.88"},"",{"v":0.8333333333333,"d":"0.83"},{"v":0.8333333333333,"d":"0.83"},"",536]
["Structural Columns","Structural Columns : W Shapes-Column : W10X49","Module 7 structural model",600500,{"v":0.293999993136403,"d":"0.29"},"TON",{"v":1800,"d":"1,800.00"},{"v":529.199987645525,"d":"529.20"},1,"",{"v":0.0445503776166106,"d":"0.04"},{"v":4.875,"d":"4.88"},"",{"v":0.8333333333333,"d":"0.83"},{"v":0.8333333333333,"d":"0.83"},"",536]
["Structural Columns","Structural Columns : W Shapes-Column : W10X49","Module 7 structural model",600501,{"v":0.293999993136403,"d":"0.29"},"TON",{"v":1800,"d":"1,800.00"},{"v":529.199987645525,"d":"529.20"},1,"",{"v":0.0445503776166106,"d":"0.04"},{"v":4.875,"d":"4.88"},"",{"v":0.8333333333333,"d":"0.83"},{"v":0.8333333333333,"d":"0.83"},"",536]
["Structural Columns","Structural Columns : W Shapes-Column : W10X49","Module 7 structural model",600502,{"v":0.293999993136403,"d":"0.29"},"TON",{"v":1800,"d":"1,800.00"},{"v":529.199987645525,"d":"529.20"},1,"",{"v":0.0445503776166106,"d":"0.04"},{"v":4.875,"d":"4.88"},"",{"v":0.8333333333333,"d":"0.83"},{"v":0.8333333333333,"d":"0.83"},"",536]
["Structural Columns","Structural Columns : W Shapes-Column : W10X49","Module 7 structural model",600503,{"v":0.293999993136403,"d":"0.29"},"TON",{"v":1800,"d":"1,800.00"},{"v":529.199987645525,"d":"529.20"},1,"",{"v":0.0445503776166106,"d":"0.04"},{"v":4.875,"d":"4.88"},"",{"v":0.8333333333333,"d":"0.83"},{"v":0.8333333333333,"d":"0.83"},"",536]
["Structural Columns","Structural Columns : W Shapes-Column : W10X49","Module 7 structural model",601067,{"v":0.293999993136403,"d":"0.29"},"TON",{"v":1800,"d":"1,800.00"},{"v":529.199987645525,"d":"529.20"},1,"",{"v":0.0445503776166106,"d":"0.04"},{"v":4.875,"d":"4.88"},"",{"v":0.8333333333333,"d":"0.83"},{"v":0.8333333333333,"d":"0.83"},"",536]
["Structural Columns","Structural Columns : W Shapes-Column : W10X49","Module 7 structural model",601113,{"v":0.293999993136403,"d":"0.29"},"TON",{"v":1800,"d":"1,800.00"},{"v":529.199987645525,"d":"529.20"},1,"",{"v":0.0445503776166106,"d":"0.04"},{"v":4.875,"d":"4.88"},"",{"v":0.8333333333333,"d":"0.83"},{"v":0.8333333333333,"d":"0.83"},"",536]
["Structural Columns","Structural Columns : W Shapes-Column : W10X49","Module 7 structural model",601296,{"v":0.293999993136403,"d":"0.29"},"TON",{"v":1800,"d":"1,800.00"},{"v":529.199987645525,"d":"529.20"},1,"",{"v":0.0445503776166106,"d":"0.04"},{"v":4.875,"d":"4.88"},"",{"v":0.8333333333333,"d":"0.83"},{"v":0.8333333333333,"d":"0.83"},"",536]
["Structural Columns","Structural Columns : W Shapes-Column : W10X49","Module 7 structural model",601927,{"v":0.293999993136403,"d":"0.29"},"TON",{"v":1800,"d":"1,800.00"},{"v":529.199987645525,"d":"529.20"},1,"",{"v":0.0445503776166106,"d":"0.04"},{"v":4.875,"d":"4.88"},"",{"v":0.8333333333333,"d":"0.83"},{"v":0.8333333333333,"d":"0.83"},"",536]
["Structural Columns","Structural Columns : W Shapes-Column : W10X49","Module 7 structural model",601928,{"v":0.293999993136403,"d":"0.29"},"TON",{"v":1800,"d":"1,800.00"},{"v":529.199987645525,"d":"529.20"},1,"",{"v":0.0445503776166106,"d":"0.04"},{"v":4.875,"d":"4.88"},"",{"v":0.8333333333333,"d":"0.83"},{"v":0.8333333333333,"d":"0.83"},"",536]
["Structural Columns","Structural Columns : W Shapes-Column : W10X49","Module 7 structural model",601929,{"v":0.293999993136403,"d":"0.29"},"TON",{"v":1800,"d":"1,800.00"},{"v":529.199987645525,"d":"529.20"},1,"",{"v":0.0445503776166106,"d":"0.04"},{"v":4.875,"d":"4.88"},"",{"v":0.8333333333333,"d":"0.83"},{"v":0.8333333333333,"d":"0.83"},"",536]
["Structural Columns","Structural Columns : W Shapes-Column : W10X49","Module 7 structural model",601942,{"v":0.293999993136403,"d":"0.29"},"TON",{"v":1800,"d":"1,800.00"},{"v":529.199987645525,"d":"529.20"},1,"",{"v":0.0445503776166106,"d":"0.04"},{"v":4.875,"d":"4.88"},"",{"v":0.8333333333333,"d":"0.83"},{"v":0.8333333333333,"d":"0.83"},"",536]
["Structural Columns","Structural Columns : W Shapes-Column : W10X49","Module 7 structural model",601943,{"v":0.293999993136403,"d":"0.29"},"TON",{"v":1800,"d":"1,800.00"},{"v":529.199987645525,"d":"529.20"},1,"",{"v":0.0445503776166106,"d":"0.04"},{"v":4.875,"d":"4.88"},"",{"v":0.8333333333333,"d":"0.83"},{"v":0.8333333333333,"d":"0.83"},"",536]
["Structural Columns","Structural Columns : W Shapes-Column : W10X49","Module 7 structural model",601944,{"v":0.293999993136403,"d":"0.29"},"TON",{"v":1800,"d":"1,800.00"},{"v":529.199987645525,"d":"529.20"},1,"",{"v":0.0445503776166106,"d":"0.04"},{"v":4.875,"d":"4.88"},"",{"v":0.8333333333333,"d":"0.83"},{"v":0.8333333333333,"d":"0.83"},"",536]
["Structural Columns","Structural Columns : W Shapes-Column : W10X49","Module 7 structural model",601957,{"v":0.293999993136403,"d":"0.29"},"TON",{"v":1800,"d":"1,800.00"},{"v":529.199987645525,"d":"529.20"},1,"",{"v":0.0445503776166106,"d":"0.04"},{"v":4.875,"d":"4.88"},"",{"v":0.8333333333333,"d":"0.83"},{"v":0.8333333333333,"d":"0.83"},"",536]
["Structural Columns","Structural Columns : W Shapes-Column : W10X49","Module 7 structural model",601958,{"v":0.293999993136403,"d":"0.29"},"TON",{"v":1800,"d":"1,800.00"},{"v":529.199987645525,"d":"529.20"},1,"",{"v":0.0445503776166106,"d":"0.04"},{"v":4.875,"d":"4.88"},"",{"v":0.8333333333333,"d":"0.83"},{"v":0.8333333333333,"d":"0.83"},"",536]
["Structural Columns","Structural Columns : W Shapes-Column : W10X49","Module 7 structural model",601959,{"v":0.293999993136403,"d":"0.29"},"TON",{"v":1800,"d":"1,800.00"},{"v":529.199987645525,"d":"529.20"},1,"",{"v":0.0445503776166106,"d":"0.04"},{"v":4.875,"d":"4.88"},"",{"v":0.8333333333333,"d":"0.83"},{"v":0.8333333333333,"d":"0.83"},"",536]
["Structural Columns","Structural Columns : W Shapes-Column : W10X49","Module 7 structural model",601988,{"v":0.293999993136403,"d":"0.29"},"TON",{"v":1800,"d":"1,800.00"},{"v":529.199987645525,"d":"529.20"},1,"",{"v":0.0445503776166106,"d":"0.04"},{"v":4.875,"d":"4.88"},"",{"v":0.8333333333333,"d":"0.83"},{"v":0.8333333333333,"d":"0.83"},"",536]
["Structural Columns","Structural Columns : W Shapes-Column : W10X49","Module 7 structural model",601989,{"v":0.293999993136403,"d":"0.29"},"TON",{"v":1800,"d":"1,800.00"},{"v":529.199987645525,"d":"529.20"},1,"",{"v":0.0445503776166106,"d":"0.04"},{"v":4.875,"d":"4.88"},"",{"v":0.8333333333333,"d":"0.83"},{"v":0.8333333333333,"d":"0.83"},"",536]
["Structural Columns","Structural Columns : W Shapes-Column : W10X49","Module 7 structural model",601990,{"v":0.293999993136403,"d":"0.29"},"TON",{"v":1800,"d":"1,800.00"},{"v":529.199987645525,"d":"529.20"},1,"",{"v":0.0445503776166106,"d":"0.04"},{"v":4.875,"d":"4.88"},"",{"v":0.8333333333333,"d":"0.83"},{"v":0.8333333333333,"d":"0.83"},"",536]
["Structural Columns","Structural Columns : W Shapes-Column : W10X49","Module 7 structural model",602548,{"v":0.293999993136402,"d":"0.29"},"TON",{"v":1800,"d":"1,800.00"},{"v":529.199987645524,"d":"529.20"},1,"",{"v":0.0445503776166106,"d":"0.04"},{"v":4.875,"d":"4.88"},"",{"v":0.8333333333333,"d":"0.83"},{"v":0.8333333333333,"d":"0.83"},"",536]
["Structural Columns","Structural Columns : W Shapes-Column : W10X49","Module 7 structural model",602599,{"v":0.293999993136402,"d":"0.29"},"TON",{"v":1800,"d":"1,800.00"},{"v":529.199987645524,"d":"529.20"},1,"",{"v":0.0445503776166106,"d":"0.04"},{"v":4.875,"d":"4.88"},"",{"v":0.8333333333333,"d":"0.83"},{"v":0.8333333333333,"d":"0.83"},"",536]
["Structural Columns","Structural Columns : W Shapes-Column : W10X49","Module 7 structural model",602902,{"v":0.293999993136402,"d":"0.29"},"TON",{"v":1800,"d":"1,800.00"},{"v":529.199987645524,"d":"529.20"},1,"",{"v":0.0445503776166106,"d":"0.04"},{"v":4.875,"d":"4.88"},"",{"v":0.8333333333333,"d":"0.83"},{"v":0.8333333333333,"d":"0.83"},"",536]
["Structural Columns","Structural Columns : W Shapes-Column : W10X49","Module 7 structural model",602979,{"v":0.293999993136402,"d":"0.29"},"TON",{"v":1800,"d":"1,800.00"},{"v":529.199987645524,"d":"529.20"},1,"",{"v":0.0445503776166106,"d":"0.04"},{"v":4.875,"d":"4.88"},"",{"v":0.8333333333333,"d":"0.83"},{"v":0.8333333333333,"d":"0.83"},"",536]
["Structural Columns","Structural Columns : W Shapes-Column : W10X49","Module 7 structural model",603134,{"v":0.293999993136414,"d":"0.29"},"TON",{"v":1800,"d":"1,800.00"},{"v":529.199987645545,"d":"529.20"},1,"",{"v":0.0445503776166106,"d":"0.04"},{"v":4.875,"d":"4.88"},"",{"v":0.8333333333333,"d":"0.83"},{"v":0.8333333333333,"d":"0.83"},"",536]
["Structural Columns","Structural Columns : W Shapes-Column : W10X49","Module 7 structural model",603173,{"v":0.293999993136414,"d":"0.29"},"TON",{"v":1800,"d":"1,800.00"},{"v":529.199987645545,"d":"529.20"},1,"",{"v":0.0445503776166106,"d":"0.04"},{"v":4.875,"d":"4.88"},"",{"v":0.8333333333333,"d":"0.83"},{"v":0.8333333333333,"d":"0.83"},"",536]
["Structural Columns","Structural Columns : W Shapes-Column : W10X49","Module 7 structural model",603315,{"v":0.293999993136403,"d":"0.29"},"TON",{"v":1800,"d":"1,800.00"},{"v":529.199987645525,"d":"529.20"},1,"",{"v":0.0445503776166106,"d":"0.04"},{"v":4.875,"d":"4.88"},"",{"v":0.8333333333333,"d":"0.83"},{"v":0.8333333333333,"d":"0.83"},"",536]
["Structural Columns","Structural Columns : W Shapes-Column : W10X49","Module 7 structural model",603354,{"v":0.293999993136403,"d":"0.29"},"TON",{"v":1800,"d":"1,800.00"},{"v":529.199987645525,"d":"529.20"},1,"",{"v":0.0445503776166106,"d":"0.04"},{"v":4.875,"d":"4.88"},"",{"v":0.8333333333333,"d":"0.83"},{"v":0.8333333333333,"d":"0.83"},"",536]
["Structural Columns","Structural Columns : W Shapes-Column : W10X49","Module 7 structural model",605621,{"v":0.293999993136403,"d":"0.29"},"TON",{"v":1800,"d":"1,800.00"},{"v":529.199987645525,"d":"529.20"},1,"",{"v":0.0445503776166106,"d":"0.04"},{"v":4.875,"d":"4.88"},"",{"v":0.8333333333333,"d":"0.83"},{"v":0.8333333333333,"d":"0.83"},"",536]
["Structural Columns","Structural Columns : W Shapes-Column : W10X49","Module 7 structural model",605622,{"v":0.293999993136403,"d":"0.29"},"TON",{"v":1800,"d":"1,800.00"},{"v":529.199987645525,"d":"529.20"},1,"",{"v":0.0445503776166106,"d":"0.04"},{"v":4.875,"d":"4.88"},"",{"v":0.8333333333333,"d":"0.83"},{"v":0.8333333333333,"d":"0.83"},"",536]
["Structural Columns","Structural Columns : W Shapes-Column : W10X49","Module 7 structural model",605623,{"v":0.293999993136403,"d":"0.29"},"TON",{"v":1800,"d":"1,800.00"},{"v":529.199987645525,"d":"529.20"},1,"",{"v":0.0445503776166106,"d":"0.04"},{"v":4.875,"d":"4.88"},"",{"v":0.8333333333333,"d":"0.83"},{"v":0.8333333333333,"d":"0.83"},"",536]
["Structural Columns","Structural Columns : W Shapes-Column : W10X49","Module 7 structural model",605624,{"v":0.293999993136403,"d":"0.29"},"TON",{"v":1800,"d":"1,800.00"},{"v":529.199987645525,"d":"529.20"},1,"",{"v":0.0445503776166106,"d":"0.04"},{"v":4.875,"d":"4.88"},"",{"v":0.8333333333333,"d":"0.83"},{"v":0.8333333333333,"d":"0.83"},"",536]
["Structural Columns","Structural Columns : W Shapes-Column : W10X49","Module 7 structural model",605625,{"v":0.293999993136403,"d":"0.29"},"TON",{"v":1800,"d":"1,800.00"},{"v":529.199987645525,"d":"529.20"},1,"",{"v":0.0445503776166106,"d":"0.04"},{"v":4.875,"d":"4.88"},"",{"v":0.8333333333333,"d":"0.83"},{"v":0.8333333333333,"d":"0.83"},"",536]
["Structural Columns","Structural Columns : W Shapes-Column : W10X49","Module 7 structural model",605626,{"v":0.293999993136403,"d":"0.29"},"TON",{"v":1800,"d":"1,800.00"},{"v":529.199987645525,"d":"529.20"},1,"",{"v":0.0445503776166106,"d":"0.04"},{"v":4.875,"d":"4.88"},"",{"v":0.8333333333333,"d":"0.83"},{"v":0.8333333333333,"d":"0.83"},"",536]
["Structural Columns","Structural Columns : W Shapes-Column : W10X49","Module 7 structural model",605627,{"v":0.293999993136403,"d":"0.29"},"TON",{"v":1800,"d":"1,800.00"},{"v":529.199987645525,"d":"529.20"},1,"",{"v":0.0445503776166106,"d":"0.04"},{"v":4.875,"d":"4.88"},"",{"v":0.8333333333333,"d":"0.83"},{"v":0.8333333333333,"d":"0.83"},"",536]
["Structural Columns","Structural Columns : W Shapes-Column : W10X49","Module 7 structural model",605628,{"v":0.293999993136403,"d":"0.29"},"TON",{"v":1800,"d":"1,800.00"},{"v":529.199987645525,"d":"529.20"},1,"",{"v":0.0445503776166106,"d":"0.04"},{"v":4.875,"d":"4.88"},"",{"v":0.8333333333333,"d":"0.83"},{"v":0.8333333333333,"d":"0.83"},"",536]
["Structural Columns","Structural Columns : W Shapes-Column : W10X49","Module 7 structural model",605629,{"v":0.293999993136403,"d":"0.29"},"TON",{"v":1800,"d":"1,800.00"},{"v":529.199987645525,"d":"529.20"},1,"",{"v":0.0445503776166106,"d":"0.04"},{"v":4.875,"d":"4.88"},"",{"v":0.8333333333333,"d":"0.83"},{"v":0.8333333333333,"d":"0.83"},"",536]
["Structural Columns","Structural Columns : W Shapes-Column : W10X49","Module 7 structural model",605630,{"v":0.293999993136403,"d":"0.29"},"TON",{"v":1800,"d":"1,800.00"},{"v":529.199987645525,"d":"529.20"},1,"",{"v":0.0445503776166106,"d":"0.04"},{"v":4.875,"d":"4.88"},"",{"v":0.8333333333333,"d":"0.83"},{"v":0.8333333333333,"d":"0.83"},"",536]
["Structural Columns","Structural Columns : W Shapes-Column : W10X49","Module 7 structural model",605631,{"v":0.293999993136403,"d":"0.29"},"TON",{"v":1800,"d":"1,800.00"},{"v":529.199987645525,"d":"529.20"},1,"",{"v":0.0445503776166106,"d":"0.04"},{"v":4.875,"d":"4.88"},"",{"v":0.8333333333333,"d":"0.83"},{"v":0.8333333333333,"d":"0.83"},"",536]
["Structural Columns","Structural Columns : W Shapes-Column : W10X49","Module 7 structural model",605632,{"v":0.293999993136403,"d":"0.29"},"TON",{"v":1800,"d":"1,800.00"},{"v":529.199987645525,"d":"529.20"},1,"",{"v":0.0445503776166106,"d":"0.04"},{"v":4.875,"d":"4.88"},"",{"v":0.8333333333333,"d":"0.83"},{"v":0.8333333333333,"d":"0.83"},"",536]
["Structural Columns","Structural Columns : W Shapes-Column : W10X49","Module 7 structural model",605633,{"v":0.293999993136403,"d":"0.29"},"TON",{"v":1800,"d":"1,800.00"},{"v":529.199987645525,"d":"529.20"},1,"",{"v":0.0445503776166106,"d":"0.04"},{"v":4.875,"d":"4.88"},"",{"v":0.8333333333333,"d":"0.83"},{"v":0.8333333333333,"d":"0.83"},"",536]
["Structural Columns","Structural Columns : W Shapes-Column : W10X49","Module 7 structural model",605665,{"v":0.293999993136403,"d":"0.29"},"TON",{"v":1800,"d":"1,800.00"},{"v":529.199987645525,"d":"529.20"},1,"",{"v":0.0445503776166106,"d":"0.04"},{"v":4.875,"d":"4.88"},"",{"v":0.8333333333333,"d":"0.83"},{"v":0.8333333333333,"d":"0.83"},"",536]
["Structural Columns","Structural Columns : W Shapes-Column : W10X49","Module 7 structural model",605949,{"v":0.293999993136403,"d":"0.29"},"TON",{"v":1800,"d":"1,800.00"},{"v":529.199987645525,"d":"529.20"},1,"",{"v":0.0445503776166106,"d":"0.04"},{"v":4.875,"d":"4.88"},"",{"v":0.8333333333333,"d":"0.83"},{"v":0.8333333333333,"d":"0.83"},"",536]
["Structural Columns","Structural Columns : W Shapes-Column : W10X49","Module 7 structural model",605950,{"v":0.293999993136403,"d":"0.29"},"TON",{"v":1800,"d":"1,800.00"},{"v":529.199987645525,"d":"529.20"},1,"",{"v":0.0445503776166106,"d":"0.04"},{"v":4.875,"d":"4.88"},"",{"v":0.8333333333333,"d":"0.83"},{"v":0.8333333333333,"d":"0.83"},"",536]
["Structural Columns","Structural Columns : W Shapes-Column : W10X49","Module 7 structural model",605951,{"v":0.293999993136403,"d":"0.29"},"TON",{"v":1800,"d":"1,800.00"},{"v":529.199987645525,"d":"529.20"},1,"",{"v":0.0445503776166106,"d":"0.04"},{"v":4.875,"d":"4.88"},"",{"v":0.8333333333333,"d":"0.83"},{"v":0.8333333333333,"d":"0.83"},"",536]
["Structural Columns","Structural Columns : W Shapes-Column : W10X49","Module 7 structural model",605952,{"v":0.293999993136403,"d":"0.29"},"TON",{"v":1800,"d":"1,800.00"},{"v":529.199987645525,"d":"529.20"},1,"",{"v":0.0445503776166106,"d":"0.04"},{"v":4.875,"d":"4.88"},"",{"v":0.8333333333333,"d":"0.83"},{"v":0.8333333333333,"d":"0.83"},"",536]
["Structural Columns","Structural Columns : W Shapes-Column : W10X49","Module 7 structural model",605953,{"v":0.293999993136403,"d":"0.29"},"TON",{"v":1800,"d":"1,800.00"},{"v":529.199987645525,"d":"529.20"},1,"",{"v":0.0445503776166106,"d":"0.04"},{"v":4.875,"d":"4.88"},"",{"v":0.8333333333333,"d":"0.83"},{"v":0.8333333333333,"d":"0.83"},"",536]
["Structural Columns","Structural Columns : W Shapes-Column : W10X49","Module 7 structural model",605954,{"v":0.293999993136403,"d":"0.29"},"TON",{"v":1800,"d":"1,800.00"},{"v":529.199987645525,"d":"529.20"},1,"",{"v":0.0445503776166106,"d":"0.04"},{"v":4.875,"d":"4.88"},"",{"v":0.8333333333333,"d":"0.83"},{"v":0.8333333333333,"d":"0.83"},"",536]
["Structural Columns","Structural Columns : W Shapes-Column : W10X49","Module 7 structural model",605955,{"v":0.293999993136403,"d":"0.29"},"TON",{"v":1800,"d":"1,800.00"},{"v":529.199987645525,"d":"529.20"},1,"",{"v":0.0445503776166106,"d":"0.04"},{"v":4.875,"d":"4.88"},"",{"v":0.8333333333333,"d":"0.83"},{"v":0.8333333333333,"d":"0.83"},"",536]
["Structural Columns","Structural Columns : W Shapes-Column : W10X49","Module 7 structural model",605956,{"v":0.293999993136403,"d":"0.29"},"TON",{"v":1800,"d":"1,800.00"},{"v":529.199987645525,"d":"529.20"},1,"",{"v":0.0445503776166106,"d":"0.04"},{"v":4.875,"d":"4.88"},"",{"v":0.8333333333333,"d":"0.83"},{"v":0.8333333333333,"d":"0.83"},"",536]
["Structural Columns","Structural Columns : W Shapes-Column : W10X49","Module 7 structural model",605957,{"v":0.293999993136403,"d":"0.29"},"TON",{"v":1800,"d":"1,800.00"},{"v":529.199987645525,"d":"529.20"},1,"",{"v":0.0445503776166106,"d":"0.04"},{"v":4.875,"d":"4.88"},"",{"v":0.8333333333333,"d":"0.83"},{"v":0.8333333333333,"d":"0.83"},"",536]
["Structural Columns","Structural Columns : W Shapes-Column : W10X49","Module 7 structural model",605958,{"v":0.293999993136403,"d":"0.29"},"TON",{"v":1800,"d":"1,800.00"},{"v":529.199987645525,"d":"529.20"},1,"",{"v":0.0445503776166106,"d":"0.04"},{"v":4.875,"d":"4.88"},"",{"v":0.8333333333333,"d":"0.83"},{"v":0.8333333333333,"d":"0.83"},"",536]
["Structural Columns","Structural Columns : W Shapes-Column : W10X49","Module 7 structural model",605959,{"v":0.293999993136403,"d":"0.29"},"TON",{"v":1800,"d":"1,800.00"},{"v":529.199987645525,"d":"529.20"},1,"",{"v":0.0445503776166106,"d":"0.04"},{"v":4.875,"d":"4.88"},"",{"v":0.8333333333333,"d":"0.83"},{"v":0.8333333333333,"d":"0.83"},"",536]
["Structural Columns","Structural Columns : W Shapes-Column : W10X49","Module 7 structural model",605960,{"v":0.293999993136403,"d":"0.29"},"TON",{"v":1800,"d":"1,800.00"},{"v":529.199987645525,"d":"529.20"},1,"",{"v":0.0445503776166106,"d":"0.04"},{"v":4.875,"d":"4.88"},"",{"v":0.8333333333333,"d":"0.83"},{"v":0.8333333333333,"d":"0.83"},"",536]
["Structural Columns","Structural Columns : W Shapes-Column : W10X49","Module 7 structural model",605961,{"v":0.293999993136403,"d":"0.29"},"TON",{"v":1800,"d":"1,800.00"},{"v":529.199987645525,"d":"529.20"},1,"",{"v":0.0445503776166106,"d":"0.04"},{"v":4.875,"d":"4.88"},"",{"v":0.8333333333333,"d":"0.83"},{"v":0.8333333333333,"d":"0.83"},"",536]
["Structural Columns","Structural Columns : W Shapes-Column : W10X49","Module 7 structural model",605962,{"v":0.293999993136403,"d":"0.29"},"TON",{"v":1800,"d":"1,800.00"},{"v":529.199987645525,"d":"529.20"},1,"",{"v":0.0445503776166106,"d":"0.04"},{"v":4.875,"d":"4.88"},"",{"v":0.8333333333333,"d":"0.83"},{"v":0.8333333333333,"d":"0.83"},"",536]
["Structural Columns","Structural Columns : W Shapes-Column : W10X49","Module 7 structural model",605963,{"v":0.293999993136403,"d":"0.29"},"TON",{"v":1800,"d":"1,800.00"},{"v":529.199987645525,"d":"529.20"},1,"",{"v":0.0445503776166106,"d":"0.04"},{"v":4.875,"d":"4.88"},"",{"v":0.8333333333333,"d":"0.83"},{"v":0.8333333333333,"d":"0.83"},"",536]
["Structural Columns","Structural Columns : W Shapes-Column : W10X49","Module 7 structural model",605964,{"v":0.293999993136403,"d":"0.29"},"TON",{"v":1800,"d":"1,800.00"},{"v":529.199987645525,"d":"529.20"},1,"",{"v":0.0445503776166106,"d":"0.04"},{"v":4.875,"d":"4.88"},"",{"v":0.8333333333333,"d":"0.83"},{"v":0.8333333333333,"d":"0.83"},"",536]
["Structural Columns","Structural Columns : W Shapes-Column : W10X49","Module 7 structural model",605965,{"v":0.293999993136403,"d":"0.29"},"TON",{"v":1800,"d":"1,800.00"},{"v":529.199987645525,"d":"529.20"},1,"",{"v":0.0445503776166106,"d":"0.04"},{"v":4.875,"d":"4.88"},"",{"v":0.8333333333333,"d":"0.83"},{"v":0.8333333333333,"d":"0.83"},"",536]
["Structural Columns","Structural Columns : W Shapes-Column : W10X49","Module 7 structural model",605997,{"v":0.293999993136403,"d":"0.29"},"TON",{"v":1800,"d":"1,800.00"},{"v":529.199987645525,"d":"529.20"},1,"",{"v":0.0445503776166106,"d":"0.04"},{"v":4.875,"d":"4.88"},"",{"v":0.8333333333333,"d":"0.83"},{"v":0.8333333333333,"d":"0.83"},"",536]
["Structural Columns","Structural Columns : W Shapes-Column : W10X49","Module 7 structural model",606189,{"v":0.293999993136403,"d":"0.29"},"TON",{"v":1800,"d":"1,800.00"},{"v":529.199987645525,"d":"529.20"},1,"",{"v":0.0445503776166106,"d":"0.04"},{"v":4.875,"d":"4.88"},"",{"v":0.8333333333333,"d":"0.83"},{"v":0.8333333333333,"d":"0.83"},"",536]
["Structural Columns","Structural Columns : W Shapes-Column : W10X49","Module 7 structural model",606190,{"v":0.293999993136403,"d":"0.29"},"TON",{"v":1800,"d":"1,800.00"},{"v":529.199987645525,"d":"529.20"},1,"",{"v":0.0445503776166106,"d":"0.04"},{"v":4.875,"d":"4.88"},"",{"v":0.8333333333333,"d":"0.83"},{"v":0.8333333333333,"d":"0.83"},"",536]
["Structural Columns","Structural Columns : W Shapes-Column : W10X49","Module 7 structural model",606191,{"v":0.293999993136403,"d":"0.29"},"TON",{"v":1800,"d":"1,800.00"},{"v":529.199987645525,"d":"529.20"},1,"",{"v":0.0445503776166106,"d":"0.04"},{"v":4.875,"d":"4.88"},"",{"v":0.8333333333333,"d":"0.83"},{"v":0.8333333333333,"d":"0.83"},"",536]
["Structural Columns","Structural Columns : W Shapes-Column : W10X49","Module 7 structural model",606192,{"v":0.293999993136403,"d":"0.29"},"TON",{"v":1800,"d":"1,800.00"},{"v":529.199987645525,"d":"529.20"},1,"",{"v":0.0445503776166106,"d":"0.04"},{"v":4.875,"d":"4.88"},"",{"v":0.8333333333333,"d":"0.83"},{"v":0.8333333333333,"d":"0.83"},"",536]
["Structural Columns","Structural Columns : W Shapes-Column : W10X49","Module 7 structural model",606304,{"v":0.293999993136403,"d":"0.29"},"TON",{"v":1800,"d":"1,800.00"},{"v":529.199987645525,"d":"529.20"},1,"",{"v":0.0445503776166106,"d":"0.04"},{"v":4.875,"d":"4.88"},"",{"v":0.8333333333333,"d":"0.83"},{"v":0.8333333333333,"d":"0.83"},"",536]
["Structural Columns","Structural Columns : W Shapes-Column : W10X49","Module 7 structural model",606305,{"v":0.293999993136403,"d":"0.29"},"TON",{"v":1800,"d":"1,800.00"},{"v":529.199987645525,"d":"529.20"},1,"",{"v":0.0445503776166106,"d":"0.04"},{"v":4.875,"d":"4.88"},"",{"v":0.8333333333333,"d":"0.83"},{"v":0.8333333333333,"d":"0.83"},"",536]
["Structural Columns","Structural Columns : W Shapes-Column : W10X49","Module 7 structural model",606306,{"v":0.293999993136403,"d":"0.29"},"TON",{"v":1800,"d":"1,800.00"},{"v":529.199987645525,"d":"529.20"},1,"",{"v":0.0445503776166106,"d":"0.04"},{"v":4.875,"d":"4.88"},"",{"v":0.8333333333333,"d":"0.83"},{"v":0.8333333333333,"d":"0.83"},"",536]
["Structural Foundations","","","",{"v":53.4342330764641,"d":"53.43"},"CY",{"v":125,"d":"125.00"},{"v":6679.27913455802,"d":"6,679.28"},40,"","","","","","","",""]
["Structural Foundations","Structural Foundations : Footing-Rectangular : 72\" x 48\" x 18\"","Module 7 structural model",7069,{"v":11.0000000000009,"d":"11.00"},"CY",{"v":125,"d":"125.00"},{"v":1375.00000000011,"d":"1,375.00"},22,{"v":198,"d":"198.00"},{"v":11.0000000000009,"d":"11.00"},"",{"v":66,"d":"66.00"},{"v":66,"d":"66.00"},"","",536]
["Structural Foundations","Structural Foundations : Footing-Rectangular : 72\" x 48\" x 18\"","Module 7 structural model",608661,{"v":0.50000000000004,"d":"0.50"},"CY",{"v":125,"d":"125.00"},{"v":62.500000000005,"d":"62.50"},1,{"v":9,"d":"9.00"},{"v":0.50000000000004,"d":"0.50"},"",{"v":3,"d":"3.00"},{"v":3,"d":"3.00"},"","",536]
["Structural Foundations","Structural Foundations : Footing-Rectangular : 72\" x 48\" x 18\"","Module 7 structural model",608697,{"v":0.50000000000004,"d":"0.50"},"CY",{"v":125,"d":"125.00"},{"v":62.500000000005,"d":"62.50"},1,{"v":9,"d":"9.00"},{"v":0.50000000000004,"d":"0.50"},"",{"v":3,"d":"3.00"},{"v":3,"d":"3.00"},"","",536]
["Structural Foundations","Structural Foundations : Footing-Rectangular : 72\" x 48\" x 18\"","Module 7 structural model",608698,{"v":0.50000000000004,"d":"0.50"},"CY",{"v":125,"d":"125.00"},{"v":62.500000000005,"d":"62.50"},1,{"v":9,"d":"9.00"},{"v":0.50000000000004,"d":"0.50"},"",{"v":3,"d":"3.00"},{"v":3,"d":"3.00"},"","",536]
["Structural Foundations","Structural Foundations : Footing-Rectangular : 72\" x 48\" x 18\"","Module 7 structural model",608699,{"v":0.50000000000004,"d":"0.50"},"CY",{"v":125,"d":"125.00"},{"v":62.500000000005,"d":"62.50"},1,{"v":9,"d":"9.00"},{"v":0.50000000000004,"d":"0.50"},"",{"v":3,"d":"3.00"},{"v":3,"d":"3.00"},"","",536]
["Structural Foundations","Structural Foundations : Footing-Rectangular : 72\" x 48\" x 18\"","Module 7 structural model",608700,{"v":0.50000000000004,"d":"0.50"},"CY",{"v":125,"d":"125.00"},{"v":62.500000000005,"d":"62.50"},1,{"v":9,"d":"9.00"},{"v":0.50000000000004,"d":"0.50"},"",{"v":3,"d":"3.00"},{"v":3,"d":"3.00"},"","",536]
["Structural Foundations","Structural Foundations : Footing-Rectangular : 72\" x 48\" x 18\"","Module 7 structural model",608701,{"v":0.50000000000004,"d":"0.50"},"CY",{"v":125,"d":"125.00"},{"v":62.500000000005,"d":"62.50"},1,{"v":9,"d":"9.00"},{"v":0.50000000000004,"d":"0.50"},"",{"v":3,"d":"3.00"},{"v":3,"d":"3.00"},"","",536]
["Structural Foundations","Structural Foundations : Footing-Rectangular : 72\" x 48\" x 18\"","Module 7 structural model",608702,{"v":0.50000000000004,"d":"0.50"},"CY",{"v":125,"d":"125.00"},{"v":62.500000000005,"d":"62.50"},1,{"v":9,"d":"9.00"},{"v":0.50000000000004,"d":"0.50"},"",{"v":3,"d":"3.00"},{"v":3,"d":"3.00"},"","",536]
["Structural Foundations","Structural Foundations : Footing-Rectangular : 72\" x 48\" x 18\"","Module 7 structural model",608703,{"v":0.50000000000004,"d":"0.50"},"CY",{"v":125,"d":"125.00"},{"v":62.500000000005,"d":"62.50"},1,{"v":9,"d":"9.00"},{"v":0.50000000000004,"d":"0.50"},"",{"v":3,"d":"3.00"},{"v":3,"d":"3.00"},"","",536]
["Structural Foundations","Structural Foundations : Footing-Rectangular : 72\" x 48\" x 18\"","Module 7 structural model",608704,{"v":0.50000000000004,"d":"0.50"},"CY",{"v":125,"d":"125.00"},{"v":62.500000000005,"d":"62.50"},1,{"v":9,"d":"9.00"},{"v":0.50000000000004,"d":"0.50"},"",{"v":3,"d":"3.00"},{"v":3,"d":"3.00"},"","",536]
["Structural Foundations","Structural Foundations : Footing-Rectangular : 72\" x 48\" x 18\"","Module 7 structural model",608705,{"v":0.50000000000004,"d":"0.50"},"CY",{"v":125,"d":"125.00"},{"v":62.500000000005,"d":"62.50"},1,{"v":9,"d":"9.00"},{"v":0.50000000000004,"d":"0.50"},"",{"v":3,"d":"3.00"},{"v":3,"d":"3.00"},"","",536]
["Structural Foundations","Structural Foundations : Footing-Rectangular : 72\" x 48\" x 18\"","Module 7 structural model",608706,{"v":0.50000000000004,"d":"0.50"},"CY",{"v":125,"d":"125.00"},{"v":62.500000000005,"d":"62.50"},1,{"v":9,"d":"9.00"},{"v":0.50000000000004,"d":"0.50"},"",{"v":3,"d":"3.00"},{"v":3,"d":"3.00"},"","",536]
["Structural Foundations","Structural Foundations : Footing-Rectangular : 72\" x 48\" x 18\"","Module 7 structural model",608707,{"v":0.50000000000004,"d":"0.50"},"CY",{"v":125,"d":"125.00"},{"v":62.500000000005,"d":"62.50"},1,{"v":9,"d":"9.00"},{"v":0.50000000000004,"d":"0.50"},"",{"v":3,"d":"3.00"},{"v":3,"d":"3.00"},"","",536]
["Structural Foundations","Structural Foundations : Footing-Rectangular : 72\" x 48\" x 18\"","Module 7 structural model",608708,{"v":0.50000000000004,"d":"0.50"},"CY",{"v":125,"d":"125.00"},{"v":62.500000000005,"d":"62.50"},1,{"v":9,"d":"9.00"},{"v":0.50000000000004,"d":"0.50"},"",{"v":3,"d":"3.00"},{"v":3,"d":"3.00"},"","",536]
["Structural Foundations","Structural Foundations : Footing-Rectangular : 72\" x 48\" x 18\"","Module 7 structural model",608709,{"v":0.50000000000004,"d":"0.50"},"CY",{"v":125,"d":"125.00"},{"v":62.500000000005,"d":"62.50"},1,{"v":9,"d":"9.00"},{"v":0.50000000000004,"d":"0.50"},"",{"v":3,"d":"3.00"},{"v":3,"d":"3.00"},"","",536]
["Structural Foundations","Structural Foundations : Footing-Rectangular : 72\" x 48\" x 18\"","Module 7 structural model",608710,{"v":0.50000000000004,"d":"0.50"},"CY",{"v":125,"d":"125.00"},{"v":62.500000000005,"d":"62.50"},1,{"v":9,"d":"9.00"},{"v":0.50000000000004,"d":"0.50"},"",{"v":3,"d":"3.00"},{"v":3,"d":"3.00"},"","",536]
["Structural Foundations","Structural Foundations : Footing-Rectangular : 72\" x 48\" x 18\"","Module 7 structural model",608711,{"v":0.50000000000004,"d":"0.50"},"CY",{"v":125,"d":"125.00"},{"v":62.500000000005,"d":"62.50"},1,{"v":9,"d":"9.00"},{"v":0.50000000000004,"d":"0.50"},"",{"v":3,"d":"3.00"},{"v":3,"d":"3.00"},"","",536]
["Structural Foundations","Structural Foundations : Footing-Rectangular : 72\" x 48\" x 18\"","Module 7 structural model",608712,{"v":0.50000000000004,"d":"0.50"},"CY",{"v":125,"d":"125.00"},{"v":62.500000000005,"d":"62.50"},1,{"v":9,"d":"9.00"},{"v":0.50000000000004,"d":"0.50"},"",{"v":3,"d":"3.00"},{"v":3,"d":"3.00"},"","",536]
["Structural Foundations","Structural Foundations : Footing-Rectangular : 72\" x 48\" x 18\"","Module 7 structural model",608713,{"v":0.50000000000004,"d":"0.50"},"CY",{"v":125,"d":"125.00"},{"v":62.500000000005,"d":"62.50"},1,{"v":9,"d":"9.00"},{"v":0.50000000000004,"d":"0.50"},"",{"v":3,"d":"3.00"},{"v":3,"d":"3.00"},"","",536]
["Structural Foundations","Structural Foundations : Footing-Rectangular : 72\" x 48\" x 18\"","Module 7 structural model",608714,{"v":0.50000000000004,"d":"0.50"},"CY",{"v":125,"d":"125.00"},{"v":62.500000000005,"d":"62.50"},1,{"v":9,"d":"9.00"},{"v":0.50000000000004,"d":"0.50"},"",{"v":3,"d":"3.00"},{"v":3,"d":"3.00"},"","",536]
["Structural Foundations","Structural Foundations : Footing-Rectangular : 72\" x 48\" x 18\"","Module 7 structural model",608715,{"v":0.50000000000004,"d":"0.50"},"CY",{"v":125,"d":"125.00"},{"v":62.500000000005,"d":"62.50"},1,{"v":9,"d":"9.00"},{"v":0.50000000000004,"d":"0.50"},"",{"v":3,"d":"3.00"},{"v":3,"d":"3.00"},"","",536]
["Structural Foundations","Structural Foundations : Footing-Rectangular : 72\" x 48\" x 18\"","Module 7 structural model",608716,{"v":0.50000000000004,"d":"0.50"},"CY",{"v":125,"d":"125.00"},{"v":62.500000000005,"d":"62.50"},1,{"v":9,"d":"9.00"},{"v":0.50000000000004,"d":"0.50"},"",{"v":3,"d":"3.00"},{"v":3,"d":"3.00"},"","",536]
["Structural Foundations","Structural Foundations : Footing-Rectangular : 72\" x 48\" x 18\"","Module 7 structural model",608717,{"v":0.50000000000004,"d":"0.50"},"CY",{"v":125,"d":"125.00"},{"v":62.500000000005,"d":"62.50"},1,{"v":9,"d":"9.00"},{"v":0.50000000000004,"d":"0.50"},"",{"v":3,"d":"3.00"},{"v":3,"d":"3.00"},"","",536]
["Structural Foundations","Structural Foundations : Wall Foundation : Bearing Footing - 36\" x 12\"","Module 7 structural model",128125,{"v":42.4342330764632,"d":"42.43"},"CY",{"v":125,"d":"125.00"},{"v":5304.27913455791,"d":"5,304.28"},18,{"v":1145.72429306442,"d":"1,145.72"},{"v":42.4342330764632,"d":"42.43"},"",{"v":385.206540216451,"d":"385.21"},{"v":54,"d":"54.00"},"","",536]
["Structural Foundations","Structural Foundations : Wall Foundation : Bearing Footing - 36\" x 12\"","Module 7 structural model",609168,{"v":5.01935439736218,"d":"5.02"},"CY",{"v":125,"d":"125.00"},{"v":627.419299670272,"d":"627.42"},1,{"v":135.522568728768,"d":"135.52"},{"v":5.01935439736218,"d":"5.02"},"",{"v":45.8591030542131,"d":"45.86"},{"v":3,"d":"3.00"},"","",536]
["Structural Foundations","Structural Foundations : Wall Foundation : Bearing Footing - 36\" x 12\"","Module 7 structural model",609182,{"v":3.11106421192162,"d":"3.11"},"CY",{"v":125,"d":"125.00"},{"v":388.883026490203,"d":"388.88"},1,{"v":83.9987337218771,"d":"84.00"},{"v":3.11106421192162,"d":"3.11"},"",{"v":27.8376734703964,"d":"27.84"},{"v":3,"d":"3.00"},"","",536]
["Structural Foundations","Structural Foundations : Wall Foundation : Bearing Footing - 36\" x 12\"","Module 7 structural model",609195,{"v":1.52138231650279,"d":"1.52"},"CY",{"v":125,"d":"125.00"},{"v":190.172789562849,"d":"190.17"},1,{"v":41.0773225455722,"d":"41.08"},{"v":1.52138231650279,"d":"1.52"},"",{"v":13.6924408485241,"d":"13.69"},{"v":3,"d":"3.00"},"","",536]
["Structural Foundations","Structural Foundations : Wall Foundation : Bearing Footing - 36\" x 12\"","Module 7 structural model",609207,{"v":3.52306400845108,"d":"3.52"},"CY",{"v":125,"d":"125.00"},{"v":440.383001056385,"d":"440.38"},1,{"v":95.1227282281715,"d":"95.12"},{"v":3.52306400845108,"d":"3.52"},"",{"v":31.7075760760571,"d":"31.71"},{"v":3,"d":"3.00"},"","",536]
["Structural Foundations","Structural Foundations : Wall Foundation : Bearing Footing - 36\" x 12\"","Module 7 structural model",609219,{"v":3.90325761847439,"d":"3.90"},"CY",{"v":125,"d":"125.00"},{"v":487.907202309298,"d":"487.91"},1,{"v":105.3879556988,"d":"105.39"},{"v":3.90325761847439,"d":"3.90"},"",{"v":36.5854247830563,"d":"36.59"},{"v":3,"d":"3.00"},"","",536]
["Structural Foundations","Structural Foundations : Wall Foundation : Bearing Footing - 36\" x 12\"","Module 7 structural model",609230,{"v":1.80238740364716,"d":"1.80"},"CY",{"v":125,"d":"125.00"},{"v":225.298425455895,"d":"225.30"},1,{"v":48.6644598984694,"d":"48.66"},{"v":1.80238740364716,"d":"1.80"},"",{"v":16.6646170032185,"d":"16.66"},{"v":3,"d":"3.00"},"","",536]
["Structural Foundations","Structural Foundations : Wall Foundation : Bearing Footing - 36\" x 12\"","Module 7 structural model",609244,{"v":2.74555068710721,"d":"2.75"},"CY",{"v":125,"d":"125.00"},{"v":343.193835888401,"d":"343.19"},1,{"v":74.1298685518886,"d":"74.13"},{"v":2.74555068710721,"d":"2.75"},"",{"v":23.5552556455836,"d":"23.56"},{"v":3,"d":"3.00"},"","",536]
["Structural Foundations","Structural Foundations : Wall Foundation : Bearing Footing - 36\" x 12\"","Module 7 structural model",609258,{"v":3.67507544680915,"d":"3.68"},"CY",{"v":125,"d":"125.00"},{"v":459.384430851143,"d":"459.38"},1,{"v":99.2270370638388,"d":"99.23"},{"v":3.67507544680915,"d":"3.68"},"",{"v":34.6152797391186,"d":"34.62"},{"v":3,"d":"3.00"},"","",536]
["Structural Foundations","Structural Foundations : Wall Foundation : Bearing Footing - 36\" x 12\"","Module 7 structural model",609272,{"v":3.55295892486472,"d":"3.55"},"CY",{"v":125,"d":"125.00"},{"v":444.119865608091,"d":"444.12"},1,{"v":95.92989097134,"d":"95.93"},{"v":3.55295892486472,"d":"3.55"},"",{"v":30.1733069874106,"d":"30.17"},{"v":3,"d":"3.00"},"","",536]
["Structural Foundations","Structural Foundations : Wall Foundation : Bearing Footing - 36\" x 12\"","Module 7 structural model",609286,{"v":2.94232757686198,"d":"2.94"},"CY",{"v":125,"d":"125.00"},{"v":367.790947107747,"d":"367.79"},1,{"v":79.442844575267,"d":"79.44"},{"v":2.94232757686198,"d":"2.94"},"",{"v":28.3908626088725,"d":"28.39"},{"v":3,"d":"3.00"},"","",536]
["Structural Foundations","Structural Foundations : Wall Foundation : Bearing Footing - 36\" x 12\"","Module 7 structural model",609297,{"v":1.31605122520098,"d":"1.32"},"CY",{"v":125,"d":"125.00"},{"v":164.506403150122,"d":"164.51"},1,{"v":35.5333830804236,"d":"35.53"},{"v":1.31605122520098,"d":"1.32"},"",{"v":9.26041666666661,"d":"9.26"},{"v":3,"d":"3.00"},"","",536]
["Structural Foundations","Structural Foundations : Wall Foundation : Bearing Footing - 36\" x 12\"","Module 7 structural model",609308,{"v":1.82986111111126,"d":"1.83"},"CY",{"v":125,"d":"125.00"},{"v":228.732638888907,"d":"228.73"},1,{"v":49.40625,"d":"49.41"},{"v":1.82986111111126,"d":"1.83"},"",{"v":16.46875,"d":"16.47"},{"v":3,"d":"3.00"},"","",536]
["Structural Foundations","Structural Foundations : Wall Foundation : Bearing Footing - 36\" x 12\"","Module 7 structural model",609319,{"v":1.45428240740752,"d":"1.45"},"CY",{"v":125,"d":"125.00"},{"v":181.78530092594,"d":"181.79"},1,{"v":39.265625,"d":"39.27"},{"v":1.45428240740752,"d":"1.45"},"",{"v":13.7395833333333,"d":"13.74"},{"v":3,"d":"3.00"},"","",536]
["Structural Foundations","Structural Foundations : Wall Foundation : Bearing Footing - 36\" x 12\"","Module 7 structural model",609329,{"v":0.695601851851908,"d":"0.70"},"CY",{"v":125,"d":"125.00"},{"v":86.9502314814884,"d":"86.95"},1,{"v":18.78125,"d":"18.78"},{"v":0.695601851851908,"d":"0.70"},"",{"v":8.59375,"d":"8.59"},{"v":3,"d":"3.00"},"","",536]
["Structural Foundations","Structural Foundations : Wall Foundation : Bearing Footing - 36\" x 12\"","Module 7 structural model",609340,{"v":2.16319444444462,"d":"2.16"},"CY",{"v":125,"d":"125.00"},{"v":270.399305555577,"d":"270.40"},1,{"v":58.40625,"d":"58.41"},{"v":2.16319444444462,"d":"2.16"},"",{"v":17.1354166666667,"d":"17.14"},{"v":3,"d":"3.00"},"","",536]
["Structural Foundations","Structural Foundations : Wall Foundation : Bearing Footing - 36\" x 12\"","Module 7 structural model",609351,{"v":1.02893518518527,"d":"1.03"},"CY",{"v":125,"d":"125.00"},{"v":128.616898148158,"d":"128.62"},1,{"v":27.78125,"d":"27.78"},{"v":1.02893518518527,"d":"1.03"},"",{"v":9.26041666666667,"d":"9.26"},{"v":3,"d":"3.00"},"","",536]
["Structural Foundations","Structural Foundations : Wall Foundation : Bearing Footing - 36\" x 12\"","Module 7 structural model",609362,{"v":1.45254629629641,"d":"1.45"},"CY",{"v":125,"d":"125.00"},{"v":181.568287037052,"d":"181.57"},1,{"v":39.21875,"d":"39.22"},{"v":1.45254629629641,"d":"1.45"},"",{"v":13.0729166666667,"d":"13.07"},{"v":3,"d":"3.00"},"","",536]
["Structural Foundations","Structural Foundations : Wall Foundation : Bearing Footing - 36\" x 12\"","Module 7 structural model",609373,{"v":0.697337962963015,"d":"0.70"},"CY",{"v":125,"d":"125.00"},{"v":87.1672453703769,"d":"87.17"},1,{"v":18.8281249999999,"d":"18.83"},{"v":0.697337962963015,"d":"0.70"},"",{"v":8.59374999999994,"d":"8.59"},{"v":3,"d":"3.00"},"","",536]
["Structural Framing","","","",{"v":51.0576795102533,"d":"51.06"},"TON",{"v":1800,"d":"1,800.00"},{"v":91903.8231184558,"d":"91,903.82"},930,"","","","","","","",""]
["Structural Framing","Structural Framing : W Shapes : W8X10","Module 7 structural model",166597,{"v":51.0576795102533,"d":"51.06"},"TON",{"v":1800,"d":"1,800.00"},{"v":91903.8231184558,"d":"91,903.82"},930,"",{"v":7.73000748615936,"d":"7.73"},{"v":2378.93999999999,"d":"2,378.94"},"",{"v":305.349999999987,"d":"305.35"},{"v":611.474999999981,"d":"611.47"},"",536]
["Structural Framing","Structural Framing : W Shapes : W8X10","Module 7 structural model",584700,{"v":0.0116685553293626,"d":"0.01"},"TON",{"v":1800,"d":"1,800.00"},{"v":21.0033995928527,"d":"21.00"},1,"",{"v":0.00176649727441317,"d":"0.00"},{"v":2.558,"d":"2.56"},"",{"v":0.32833333333332,"d":"0.33"},{"v":0.657499999999974,"d":"0.66"},"",536]
["Structural Framing","Structural Framing : W Shapes : W8X10","Module 7 structural model",584884,{"v":0.0966679522376915,"d":"0.10"},"TON",{"v":1800,"d":"1,800.00"},{"v":174.002314027845,"d":"174.00"},1,"",{"v":0.0146345172415026,"d":"0.01"},{"v":2.558,"d":"2.56"},"",{"v":0.32833333333332,"d":"0.33"},{"v":0.657499999999974,"d":"0.66"},"",536]
["Structural Framing","Structural Framing : W Shapes : W8X10","Module 7 structural model",584930,{"v":0.0985293754815005,"d":"0.10"},"TON",{"v":1800,"d":"1,800.00"},{"v":177.352875866701,"d":"177.35"},1,"",{"v":0.0149163172582059,"d":"0.01"},{"v":2.558,"d":"2.56"},"",{"v":0.32833333333332,"d":"0.33"},{"v":0.657499999999974,"d":"0.66"},"",536]
["Structural Framing","Structural Framing : W Shapes : W8X10","Module 7 structural model",584951,{"v":0.046288274995781,"d":"0.05"},"TON",{"v":1800,"d":"1,800.00"},{"v":83.3188949924057,"d":"83.32"},1,"",{"v":0.00701016030485171,"d":"0.01"},{"v":2.558,"d":"2.56"},"",{"v":0.32833333333332,"d":"0.33"},{"v":0.657499999999974,"d":"0.66"},"",536]
["Structural Framing","Structural Framing : W Shapes : W8X10","Module 7 structural model",584989,{"v":0.0326171555564363,"d":"0.03"},"TON",{"v":1800,"d":"1,800.00"},{"v":58.7108800015854,"d":"58.71"},1,"",{"v":0.00493789631734147,"d":"0.00"},{"v":2.558,"d":"2.56"},"",{"v":0.32833333333332,"d":"0.33"},{"v":0.657499999999974,"d":"0.66"},"",536]
["Structural Framing","Structural Framing : W Shapes : W8X10","Module 7 structural model",585015,{"v":0.0807008994752715,"d":"0.08"},"TON",{"v":1800,"d":"1,800.00"},{"v":145.261619055489,"d":"145.26"},1,"",{"v":0.0122172723993541,"d":"0.01"},{"v":2.558,"d":"2.56"},"",{"v":0.32833333333332,"d":"0.33"},{"v":0.657499999999974,"d":"0.66"},"",536]
["Structural Framing","Structural Framing : W Shapes : W8X10","Module 7 structural model",585144,{"v":0.063787454125157,"d":"0.06"},"TON",{"v":1800,"d":"1,800.00"},{"v":114.817417425283,"d":"114.82"},1,"",{"v":0.00965675361458822,"d":"0.01"},{"v":2.558,"d":"2.56"},"",{"v":0.32833333333332,"d":"0.33"},{"v":0.657499999999974,"d":"0.66"},"",536]
["Structural Framing","Structural Framing : W Shapes : W8X10","Module 7 structural model",585197,{"v":0.0103598364929029,"d":"0.01"},"TON",{"v":1800,"d":"1,800.00"},{"v":18.6477056872251,"d":"18.65"},1,"",{"v":0.00156895271111142,"d":"0.00"},{"v":2.558,"d":"2.56"},"",{"v":0.32833333333332,"d":"0.33"},{"v":0.657499999999974,"d":"0.66"},"",536]
["Structural Framing","Structural Framing : W Shapes : W8X10","Module 7 structural model",585247,{"v":0.0707962995002675,"d":"0.07"},"TON",{"v":1800,"d":"1,800.00"},{"v":127.433339100482,"d":"127.43"},1,"",{"v":0.0107217952825506,"d":"0.01"},{"v":2.558,"d":"2.56"},"",{"v":0.32833333333332,"d":"0.33"},{"v":0.657499999999974,"d":"0.66"},"",536]
["Structural Framing","Structural Framing : W Shapes : W8X10","Module 7 structural model",585283,{"v":0.0744869848218235,"d":"0.07"},"TON",{"v":1800,"d":"1,800.00"},{"v":134.076572679282,"d":"134.08"},1,"",{"v":0.0112807337122335,"d":"0.01"},{"v":2.558,"d":"2.56"},"",{"v":0.32833333333332,"d":"0.33"},{"v":0.657499999999974,"d":"0.66"},"",536]
["Structural Framing","Structural Framing : W Shapes : W8X10","Module 7 structural model",585316,{"v":0.073856011629523,"d":"0.07"},"TON",{"v":1800,"d":"1,800.00"},{"v":132.940820933141,"d":"132.94"},1,"",{"v":0.0111810279473308,"d":"0.01"},{"v":2.558,"d":"2.56"},"",{"v":0.32833333333332,"d":"0.33"},{"v":0.657499999999974,"d":"0.66"},"",536]
["Structural Framing","Structural Framing : W Shapes : W8X10","Module 7 structural model",585343,{"v":0.0996072597498355,"d":"0.10"},"TON",{"v":1800,"d":"1,800.00"},{"v":179.293067549704,"d":"179.29"},1,"",{"v":0.0150794976664399,"d":"0.02"},{"v":2.558,"d":"2.56"},"",{"v":0.32833333333332,"d":"0.33"},{"v":0.657499999999974,"d":"0.66"},"",536]
["Structural Framing","Structural Framing : W Shapes : W8X10","Module 7 structural model",585414,{"v":0.0088078545722331,"d":"0.01"},"TON",{"v":1800,"d":"1,800.00"},{"v":15.8541382300196,"d":"15.85"},1,"",{"v":0.00133341709029949,"d":"0.00"},{"v":2.558,"d":"2.56"},"",{"v":0.32833333333332,"d":"0.33"},{"v":0.657499999999974,"d":"0.66"},"",536]
["Structural Framing","Structural Framing : W Shapes : W8X10","Module 7 structural model",585450,{"v":0.0184148030735148,"d":"0.02"},"TON",{"v":1800,"d":"1,800.00"},{"v":33.1466455323266,"d":"33.15"},1,"",{"v":0.00278884278015071,"d":"0.00"},{"v":2.558,"d":"2.56"},"",{"v":0.32833333333332,"d":"0.33"},{"v":0.657499999999974,"d":"0.66"},"",536]
["Structural Framing","Structural Framing : W Shapes : W8X10","Module 7 structural model",585473,{"v":0.100264179143468,"d":"0.10"},"TON",{"v":1800,"d":"1,800.00"},{"v":180.475522458243,"d":"180.48"},1,"",{"v":0.0151845790039518,"d":"0.02"},{"v":2.558,"d":"2.56"},"",{"v":0.32833333333332,"d":"0.33"},{"v":0.657499999999974,"d":"0.66"},"",536]
["Structural Framing","Structural Framing : W Shapes : W8X10","Module 7 structural model",585557,{"v":0.0961211276121235,"d":"0.10"},"TON",{"v":1800,"d":"1,800.00"},{"v":173.018029701822,"d":"173.02"},1,"",{"v":0.0145517337106042,"d":"0.01"},{"v":2.558,"d":"2.56"},"",{"v":0.32833333333332,"d":"0.33"},{"v":0.657499999999974,"d":"0.66"},"",536]
["Structural Framing","Structural Framing : W Shapes : W8X10","Module 7 structural model",585707,{"v":0.0439726467335791,"d":"0.04"},"TON",{"v":1800,"d":"1,800.00"},{"v":79.1507641204424,"d":"79.15"},1,"",{"v":0.00665699895240105,"d":"0.01"},{"v":2.558,"d":"2.56"},"",{"v":0.32833333333332,"d":"0.33"},{"v":0.657499999999974,"d":"0.66"},"",536]
["Structural Framing","Structural Framing : W Shapes : W8X10","Module 7 structural model",585734,{"v":0.0243240339919158,"d":"0.02"},"TON",{"v":1800,"d":"1,800.00"},{"v":43.7832611854484,"d":"43.78"},1,"",{"v":0.00368377040534635,"d":"0.00"},{"v":2.558,"d":"2.56"},"",{"v":0.32833333333332,"d":"0.33"},{"v":0.657499999999974,"d":"0.66"},"",536]
["Structural Framing","Structural Framing : W Shapes : W8X10","Module 7 structural model",585751,{"v":0.0040478238609551,"d":"0.00"},"TON",{"v":1800,"d":"1,800.00"},{"v":7.28608294971919,"d":"7.29"},1,"",{"v":0.000612798209876797,"d":"0.00"},{"v":2.558,"d":"2.56"},"",{"v":0.32833333333332,"d":"0.33"},{"v":0.657499999999974,"d":"0.66"},"",536]
["Structural Framing","Structural Framing : W Shapes : W8X10","Module 7 structural model",585784,{"v":0.0434833932552942,"d":"0.04"},"TON",{"v":1800,"d":"1,800.00"},{"v":78.2701078595296,"d":"78.27"},1,"",{"v":0.00658293109125693,"d":"0.01"},{"v":2.558,"d":"2.56"},"",{"v":0.32833333333332,"d":"0.33"},{"v":0.657499999999974,"d":"0.66"},"",536]
["Structural Framing","Structural Framing : W Shapes : W8X10","Module 7 structural model",585859,{"v":0.130269006909352,"d":"0.13"},"TON",{"v":1800,"d":"1,800.00"},{"v":234.484212436833,"d":"234.48"},1,"",{"v":0.0197213655975739,"d":"0.02"},{"v":2.558,"d":"2.56"},"",{"v":0.32833333333332,"d":"0.33"},{"v":0.657499999999974,"d":"0.66"},"",536]
["Structural Framing","Structural Framing : W Shapes : W8X10","Module 7 structural model",585887,{"v":0.014126671666653,"d":"0.01"},"TON",{"v":1800,"d":"1,800.00"},{"v":25.4280089999755,"d":"25.43"},1,"",{"v":0.0021386303866492,"d":"0.00"},{"v":2.558,"d":"2.56"},"",{"v":0.32833333333332,"d":"0.33"},{"v":0.657499999999974,"d":"0.66"},"",536]
["Structural Framing","Structural Framing : W Shapes : W8X10","Module 7 structural model",585924,{"v":0.11835782884929,"d":"0.12"},"TON",{"v":1800,"d":"1,800.00"},{"v":213.044091928723,"d":"213.04"},1,"",{"v":0.0179181377785138,"d":"0.02"},{"v":2.558,"d":"2.56"},"",{"v":0.32833333333332,"d":"0.33"},{"v":0.657499999999974,"d":"0.66"},"",536]
["Structural Framing","Structural Framing : W Shapes : W8X10","Module 7 structural model",585957,{"v":0.105454194074116,"d":"0.11"},"TON",{"v":1800,"d":"1,800.00"},{"v":189.81754933341,"d":"189.82"},1,"",{"v":0.0159705844589344,"d":"0.02"},{"v":2.558,"d":"2.56"},"",{"v":0.32833333333332,"d":"0.33"},{"v":0.657499999999974,"d":"0.66"},"",536]
["Structural Framing","Structural Framing : W Shapes : W8X10","Module 7 structural model",585972,{"v":0.0630540031276075,"d":"0.06"},"TON",{"v":1800,"d":"1,800.00"},{"v":113.497205629694,"d":"113.50"},1,"",{"v":0.00954571680227376,"d":"0.01"},{"v":2.558,"d":"2.56"},"",{"v":0.32833333333332,"d":"0.33"},{"v":0.657499999999974,"d":"0.66"},"",536]
["Structural Framing","Structural Framing : W Shapes : W8X10","Module 7 structural model",586011,{"v":0.0313290704456385,"d":"0.03"},"TON",{"v":1800,"d":"1,800.00"},{"v":56.3923268021493,"d":"56.39"},1,"",{"v":0.00474465306918297,"d":"0.00"},{"v":2.558,"d":"2.56"},"",{"v":0.32833333333332,"d":"0.33"},{"v":0.657499999999974,"d":"0.66"},"",536]
["Structural Framing","Structural Framing : W Shapes : W8X10","Module 7 structural model",586049,{"v":0.058535981079361,"d":"0.06"},"TON",{"v":1800,"d":"1,800.00"},{"v":105.36476594285,"d":"105.36"},1,"",{"v":0.00886502275156049,"d":"0.01"},{"v":2.558,"d":"2.56"},"",{"v":0.32833333333332,"d":"0.33"},{"v":0.657499999999974,"d":"0.66"},"",536]
["Structural Framing","Structural Framing : W Shapes : W8X10","Module 7 structural model",586074,{"v":0.0402669765710597,"d":"0.04"},"TON",{"v":1800,"d":"1,800.00"},{"v":72.4805578279074,"d":"72.48"},1,"",{"v":0.00609599923502452,"d":"0.01"},{"v":2.558,"d":"2.56"},"",{"v":0.32833333333332,"d":"0.33"},{"v":0.657499999999974,"d":"0.66"},"",536]
["Structural Framing","Structural Framing : W Shapes : W8X10","Module 7 structural model",586092,{"v":0.0398750692641708,"d":"0.04"},"TON",{"v":1800,"d":"1,800.00"},{"v":71.7751246755075,"d":"71.78"},1,"",{"v":0.00603666856641126,"d":"0.01"},{"v":2.558,"d":"2.56"},"",{"v":0.32833333333332,"d":"0.33"},{"v":0.657499999999974,"d":"0.66"},"",536]
["Structural Framing","Structural Framing : W Shapes : W8X10","Module 7 structural model",586124,{"v":0.072355318474764,"d":"0.07"},"TON",{"v":1800,"d":"1,800.00"},{"v":130.239573254575,"d":"130.24"},1,"",{"v":0.0109579020057007,"d":"0.01"},{"v":2.558,"d":"2.56"},"",{"v":0.32833333333332,"d":"0.33"},{"v":0.657499999999974,"d":"0.66"},"",536]
["Structural Framing","Structural Framing : W Shapes : W8X10","Module 7 structural model",586197,{"v":0.0161711833919892,"d":"0.02"},"TON",{"v":1800,"d":"1,800.00"},{"v":29.1081301055805,"d":"29.11"},1,"",{"v":0.00244814808514473,"d":"0.00"},{"v":2.558,"d":"2.56"},"",{"v":0.32833333333332,"d":"0.33"},{"v":0.657499999999974,"d":"0.66"},"",536]
["Structural Framing","Structural Framing : W Shapes : W8X10","Module 7 structural model",587053,{"v":0.0479011230044255,"d":"0.05"},"TON",{"v":1800,"d":"1,800.00"},{"v":86.2220214079659,"d":"86.22"},1,"",{"v":0.00725172918499325,"d":"0.01"},{"v":2.558,"d":"2.56"},"",{"v":0.32833333333332,"d":"0.33"},{"v":0.657499999999974,"d":"0.66"},"",536]
["Structural Framing","Structural Framing : W Shapes : W8X10","Module 7 structural model",587055,{"v":0.0409771790711418,"d":"0.04"},"TON",{"v":1800,"d":"1,800.00"},{"v":73.7589223280553,"d":"73.76"},1,"",{"v":0.0062058176537255,"d":"0.01"},{"v":2.558,"d":"2.56"},"",{"v":0.32833333333332,"d":"0.33"},{"v":0.657499999999974,"d":"0.66"},"",536]
["Structural Framing","Structural Framing : W Shapes : W8X10","Module 7 structural model",587057,{"v":0.0340532351378582,"d":"0.03"},"TON",{"v":1800,"d":"1,800.00"},{"v":61.2958232481448,"d":"61.30"},1,"",{"v":0.0051572161035803,"d":"0.01"},{"v":2.558,"d":"2.56"},"",{"v":0.32833333333332,"d":"0.33"},{"v":0.657499999999974,"d":"0.66"},"",536]
["Structural Framing","Structural Framing : W Shapes : W8X10","Module 7 structural model",587059,{"v":0.0271292912045745,"d":"0.03"},"TON",{"v":1800,"d":"1,800.00"},{"v":48.8327241682341,"d":"48.83"},1,"",{"v":0.00410861455343507,"d":"0.00"},{"v":2.558,"d":"2.56"},"",{"v":0.32833333333332,"d":"0.33"},{"v":0.657499999999974,"d":"0.66"},"",536]
["Structural Framing","Structural Framing : W Shapes : W8X10","Module 7 structural model",587061,{"v":0.0202053472712909,"d":"0.02"},"TON",{"v":1800,"d":"1,800.00"},{"v":36.3696250883235,"d":"36.37"},1,"",{"v":0.00306001300328987,"d":"0.00"},{"v":2.558,"d":"2.56"},"",{"v":0.32833333333332,"d":"0.33"},{"v":0.657499999999974,"d":"0.66"},"",536]
["Structural Framing","Structural Framing : W Shapes : W8X10","Module 7 structural model",587463,{"v":0.000209330579148512,"d":"0.00"},"TON",{"v":1800,"d":"1,800.00"},{"v":0.376795042467322,"d":"0.38"},1,"",{"v":0.0000316904609936276,"d":"0.00"},{"v":2.558,"d":"2.56"},"",{"v":0.32833333333332,"d":"0.33"},{"v":0.657499999999974,"d":"0.66"},"",536]
["Structural Framing","Structural Framing : W Shapes : W8X10","Module 7 structural model",587465,{"v":0.0000799727185390545,"d":"0.00"},"TON",{"v":1800,"d":"1,800.00"},{"v":0.143950893370298,"d":"0.14"},1,"",{"v":0.000012107033419227,"d":"0.00"},{"v":2.558,"d":"2.56"},"",{"v":0.32833333333332,"d":"0.33"},{"v":0.657499999999974,"d":"0.66"},"",536]
["Structural Framing","Structural Framing : W Shapes : W8X10","Module 7 structural model",587467,{"v":0.06048576462098,"d":"0.06"},"TON",{"v":1800,"d":"1,800.00"},{"v":108.874376317764,"d":"108.87"},1,"",{"v":0.00916030908892684,"d":"0.01"},{"v":2.558,"d":"2.56"},"",{"v":0.32833333333332,"d":"0.33"},{"v":0.657499999999974,"d":"0.66"},"",536]
["Structural Framing","Structural Framing : W Shapes : W8X10","Module 7 structural model",587469,{"v":0.100841469695827,"d":"0.10"},"TON",{"v":1800,"d":"1,800.00"},{"v":181.514645452488,"d":"181.51"},1,"",{"v":0.0152663441477829,"d":"0.02"},{"v":2.558,"d":"2.56"},"",{"v":0.32833333333332,"d":"0.33"},{"v":0.657499999999974,"d":"0.66"},"",536]
["Structural Framing","Structural Framing : W Shapes : W8X10","Module 7 structural model",587471,{"v":0.100841469695827,"d":"0.10"},"TON",{"v":1800,"d":"1,800.00"},{"v":181.514645452488,"d":"181.51"},1,"",{"v":0.0152663441477829,"d":"0.02"},{"v":2.558,"d":"2.56"},"",{"v":0.32833333333332,"d":"0.33"},{"v":0.657499999999974,"d":"0.66"},"",536]
["Structural Framing","Structural Framing : W Shapes : W8X10","Module 7 structural model",587473,{"v":0.0805782415170605,"d":"0.08"},"TON",{"v":1800,"d":"1,800.00"},{"v":145.040834730709,"d":"145.04"},1,"",{"v":0.0122032283589988,"d":"0.01"},{"v":2.558,"d":"2.56"},"",{"v":0.32833333333332,"d":"0.33"},{"v":0.657499999999974,"d":"0.66"},"",536]
["Structural Framing","Structural Framing : W Shapes : W8X10","Module 7 structural model",587834,{"v":0.0763412543465535,"d":"0.08"},"TON",{"v":1800,"d":"1,800.00"},{"v":137.414257823796,"d":"137.41"},1,"",{"v":0.0115572677098353,"d":"0.01"},{"v":2.558,"d":"2.56"},"",{"v":0.32833333333332,"d":"0.33"},{"v":0.657499999999974,"d":"0.66"},"",536]
["Structural Framing","Structural Framing : W Shapes : W8X10","Module 7 structural model",587836,{"v":0.073558872350607,"d":"0.07"},"TON",{"v":1800,"d":"1,800.00"},{"v":132.405970231093,"d":"132.41"},1,"",{"v":0.0111360441672903,"d":"0.01"},{"v":2.558,"d":"2.56"},"",{"v":0.32833333333332,"d":"0.33"},{"v":0.657499999999974,"d":"0.66"},"",536]
["Structural Framing","Structural Framing : W Shapes : W8X10","Module 7 structural model",587838,{"v":0.068939236773433,"d":"0.07"},"TON",{"v":1800,"d":"1,800.00"},{"v":124.090626192179,"d":"124.09"},1,"",{"v":0.0104366796422472,"d":"0.01"},{"v":2.558,"d":"2.56"},"",{"v":0.32833333333332,"d":"0.33"},{"v":0.657499999999974,"d":"0.66"},"",536]
["Structural Framing","Structural Framing : W Shapes : W8X10","Module 7 structural model",588209,{"v":0.0294285941652714,"d":"0.03"},"TON",{"v":1800,"d":"1,800.00"},{"v":52.9714694974884,"d":"52.97"},1,"",{"v":0.00445518146123432,"d":"0.00"},{"v":2.558,"d":"2.56"},"",{"v":0.32833333333332,"d":"0.33"},{"v":0.657499999999974,"d":"0.66"},"",536]
["Structural Framing","Structural Framing : W Shapes : W8X10","Module 7 structural model",588211,{"v":0.0269800481924859,"d":"0.03"},"TON",{"v":1800,"d":"1,800.00"},{"v":48.5640867464746,"d":"48.56"},1,"",{"v":0.00408449720211984,"d":"0.00"},{"v":2.558,"d":"2.56"},"",{"v":0.32833333333332,"d":"0.33"},{"v":0.657499999999974,"d":"0.66"},"",536]
["Structural Framing","Structural Framing : W Shapes : W8X10","Module 7 structural model",588213,{"v":0.0245315022197004,"d":"0.02"},"TON",{"v":1800,"d":"1,800.00"},{"v":44.1567039954608,"d":"44.16"},1,"",{"v":0.00371381294300541,"d":"0.00"},{"v":2.558,"d":"2.56"},"",{"v":0.32833333333332,"d":"0.33"},{"v":0.657499999999974,"d":"0.66"},"",536]
["Structural Framing","Structural Framing : W Shapes : W8X10","Module 7 structural model",588215,{"v":0.0192193418811886,"d":"0.02"},"TON",{"v":1800,"d":"1,800.00"},{"v":34.5948153861396,"d":"34.59"},1,"",{"v":0.0029096074098994,"d":"0.00"},{"v":2.558,"d":"2.56"},"",{"v":0.32833333333332,"d":"0.33"},{"v":0.657499999999974,"d":"0.66"},"",536]
["Structural Framing","Structural Framing : W Shapes : W8X10","Module 7 structural model",588217,{"v":0.0167707959084032,"d":"0.02"},"TON",{"v":1800,"d":"1,800.00"},{"v":30.1874326351258,"d":"30.19"},1,"",{"v":0.00253892315078494,"d":"0.00"},{"v":2.558,"d":"2.56"},"",{"v":0.32833333333332,"d":"0.33"},{"v":0.657499999999974,"d":"0.66"},"",536]
["Structural Framing","Structural Framing : W Shapes : W8X10","Module 7 structural model",588219,{"v":0.0143222499356178,"d":"0.01"},"TON",{"v":1800,"d":"1,800.00"},{"v":25.780049884112,"d":"25.78"},1,"",{"v":0.00216823889167049,"d":"0.00"},{"v":2.558,"d":"2.56"},"",{"v":0.32833333333332,"d":"0.33"},{"v":0.657499999999974,"d":"0.66"},"",536]
["Structural Framing","Structural Framing : W Shapes : W8X10","Module 7 structural model",588221,{"v":0.016967175259133,"d":"0.02"},"TON",{"v":1800,"d":"1,800.00"},{"v":30.5409154664395,"d":"30.54"},1,"",{"v":0.00256865293120963,"d":"0.00"},{"v":2.558,"d":"2.56"},"",{"v":0.32833333333332,"d":"0.33"},{"v":0.657499999999974,"d":"0.66"},"",536]
["Structural Framing","Structural Framing : W Shapes : W8X10","Module 7 structural model",588223,{"v":0.0145186292863476,"d":"0.01"},"TON",{"v":1800,"d":"1,800.00"},{"v":26.1335327154256,"d":"26.13"},1,"",{"v":0.00219796867209517,"d":"0.00"},{"v":2.558,"d":"2.56"},"",{"v":0.32833333333332,"d":"0.33"},{"v":0.657499999999974,"d":"0.66"},"",536]
["Structural Framing","Structural Framing : W Shapes : W8X10","Module 7 structural model",588225,{"v":0.0120700833135621,"d":"0.01"},"TON",{"v":1800,"d":"1,800.00"},{"v":21.7261499644118,"d":"21.73"},1,"",{"v":0.00182728441298071,"d":"0.00"},{"v":2.558,"d":"2.56"},"",{"v":0.32833333333332,"d":"0.33"},{"v":0.657499999999974,"d":"0.66"},"",536]
["Structural Framing","Structural Framing : W Shapes : W8X10","Module 7 structural model",588968,{"v":0.096937118399288,"d":"0.10"},"TON",{"v":1800,"d":"1,800.00"},{"v":174.486813118718,"d":"174.49"},1,"",{"v":0.0146752661840583,"d":"0.01"},{"v":2.558,"d":"2.56"},"",{"v":0.32833333333332,"d":"0.33"},{"v":0.657499999999974,"d":"0.66"},"",536]
["Structural Framing","Structural Framing : W Shapes : W8X10","Module 7 structural model",588970,{"v":0.0753318269450395,"d":"0.08"},"TON",{"v":1800,"d":"1,800.00"},{"v":135.597288501071,"d":"135.60"},1,"",{"v":0.0114044509554762,"d":"0.01"},{"v":2.558,"d":"2.56"},"",{"v":0.32833333333332,"d":"0.33"},{"v":0.657499999999974,"d":"0.66"},"",536]
["Structural Framing","Structural Framing : W Shapes : W8X10","Module 7 structural model",588972,{"v":0.0753318269450395,"d":"0.08"},"TON",{"v":1800,"d":"1,800.00"},{"v":135.597288501071,"d":"135.60"},1,"",{"v":0.0114044509554762,"d":"0.01"},{"v":2.558,"d":"2.56"},"",{"v":0.32833333333332,"d":"0.33"},{"v":0.657499999999974,"d":"0.66"},"",536]
["Structural Framing","Structural Framing : W Shapes : W8X10","Module 7 structural model",588974,{"v":0.0753318269450395,"d":"0.08"},"TON",{"v":1800,"d":"1,800.00"},{"v":135.597288501071,"d":"135.60"},1,"",{"v":0.0114044509554762,"d":"0.01"},{"v":2.558,"d":"2.56"},"",{"v":0.32833333333332,"d":"0.33"},{"v":0.657499999999974,"d":"0.66"},"",536]
["Structural Framing","Structural Framing : W Shapes : W8X10","Module 7 structural model",588976,{"v":0.0753318269450395,"d":"0.08"},"TON",{"v":1800,"d":"1,800.00"},{"v":135.597288501071,"d":"135.60"},1,"",{"v":0.0114044509554762,"d":"0.01"},{"v":2.558,"d":"2.56"},"",{"v":0.32833333333332,"d":"0.33"},{"v":0.657499999999974,"d":"0.66"},"",536]
["Structural Framing","Structural Framing : W Shapes : W8X10","Module 7 structural model",589222,{"v":0.078272900040306,"d":"0.08"},"TON",{"v":1800,"d":"1,800.00"},{"v":140.891220072551,"d":"140.89"},1,"",{"v":0.0118496986712379,"d":"0.01"},{"v":2.558,"d":"2.56"},"",{"v":0.32833333333332,"d":"0.33"},{"v":0.657499999999974,"d":"0.66"},"",536]
["Structural Framing","Structural Framing : W Shapes : W8X10","Module 7 structural model",589224,{"v":0.086411783710734,"d":"0.09"},"TON",{"v":1800,"d":"1,800.00"},{"v":155.541210679321,"d":"155.54"},1,"",{"v":0.0130818405615368,"d":"0.01"},{"v":2.558,"d":"2.56"},"",{"v":0.32833333333332,"d":"0.33"},{"v":0.657499999999974,"d":"0.66"},"",536]
["Structural Framing","Structural Framing : W Shapes : W8X10","Module 7 structural model",589226,{"v":0.094550667381162,"d":"0.09"},"TON",{"v":1800,"d":"1,800.00"},{"v":170.191201286092,"d":"170.19"},1,"",{"v":0.0143139824518356,"d":"0.01"},{"v":2.558,"d":"2.56"},"",{"v":0.32833333333332,"d":"0.33"},{"v":0.657499999999974,"d":"0.66"},"",536]
["Structural Framing","Structural Framing : W Shapes : W8X10","Module 7 structural model",589228,{"v":0.07525103659109,"d":"0.08"},"TON",{"v":1800,"d":"1,800.00"},{"v":135.451865863962,"d":"135.45"},1,"",{"v":0.0113922201406048,"d":"0.01"},{"v":2.558,"d":"2.56"},"",{"v":0.32833333333332,"d":"0.33"},{"v":0.657499999999974,"d":"0.66"},"",536]
["Structural Framing","Structural Framing : W Shapes : W8X10","Module 7 structural model",589230,{"v":0.0217086550520544,"d":"0.02"},"TON",{"v":1800,"d":"1,800.00"},{"v":39.075579093698,"d":"39.08"},1,"",{"v":0.00328646339655524,"d":"0.00"},{"v":2.558,"d":"2.56"},"",{"v":0.32833333333332,"d":"0.33"},{"v":0.657499999999974,"d":"0.66"},"",536]
["Structural Framing","Structural Framing : W Shapes : W8X10","Module 7 structural model",589649,{"v":0.071391425783124,"d":"0.07"},"TON",{"v":1800,"d":"1,800.00"},{"v":128.504566409623,"d":"128.50"},1,"",{"v":0.0108079154190588,"d":"0.01"},{"v":2.558,"d":"2.56"},"",{"v":0.32833333333332,"d":"0.33"},{"v":0.657499999999974,"d":"0.66"},"",536]
["Structural Framing","Structural Framing : W Shapes : W8X10","Module 7 structural model",589651,{"v":0.063179523690765,"d":"0.06"},"TON",{"v":1800,"d":"1,800.00"},{"v":113.723142643377,"d":"113.72"},1,"",{"v":0.00956471930313543,"d":"0.01"},{"v":2.558,"d":"2.56"},"",{"v":0.32833333333332,"d":"0.33"},{"v":0.657499999999974,"d":"0.66"},"",536]
["Structural Framing","Structural Framing : W Shapes : W8X10","Module 7 structural model",589653,{"v":0.0549676215984065,"d":"0.05"},"TON",{"v":1800,"d":"1,800.00"},{"v":98.9417188771317,"d":"98.94"},1,"",{"v":0.00832152318721218,"d":"0.01"},{"v":2.558,"d":"2.56"},"",{"v":0.32833333333332,"d":"0.33"},{"v":0.657499999999974,"d":"0.66"},"",536]
["Structural Framing","Structural Framing : W Shapes : W8X10","Module 7 structural model",589655,{"v":0.048658053664405,"d":"0.05"},"TON",{"v":1800,"d":"1,800.00"},{"v":87.584496595929,"d":"87.58"},1,"",{"v":0.00736632057270422,"d":"0.01"},{"v":2.558,"d":"2.56"},"",{"v":0.32833333333332,"d":"0.33"},{"v":0.657499999999974,"d":"0.66"},"",536]
["Structural Framing","Structural Framing : W Shapes : W8X10","Module 7 structural model",589657,{"v":0.0404461515720462,"d":"0.04"},"TON",{"v":1800,"d":"1,800.00"},{"v":72.8030728296832,"d":"72.80"},1,"",{"v":0.0061231244567809,"d":"0.01"},{"v":2.558,"d":"2.56"},"",{"v":0.32833333333332,"d":"0.33"},{"v":0.657499999999974,"d":"0.66"},"",536]
["Structural Framing","Structural Framing : W Shapes : W8X10","Module 7 structural model",590216,{"v":0.0388795484553654,"d":"0.04"},"TON",{"v":1800,"d":"1,800.00"},{"v":69.9831872196577,"d":"69.98"},1,"",{"v":0.00588595712478566,"d":"0.01"},{"v":2.558,"d":"2.56"},"",{"v":0.32833333333332,"d":"0.33"},{"v":0.657499999999974,"d":"0.66"},"",536]
["Structural Framing","Structural Framing : W Shapes : W8X10","Module 7 structural model",590218,{"v":0.0187351044812044,"d":"0.02"},"TON",{"v":1800,"d":"1,800.00"},{"v":33.723188066168,"d":"33.72"},1,"",{"v":0.00283629893056362,"d":"0.00"},{"v":2.558,"d":"2.56"},"",{"v":0.32833333333332,"d":"0.33"},{"v":0.657499999999974,"d":"0.66"},"",536]
["Structural Framing","Structural Framing : W Shapes : W8X10","Module 7 structural model",590220,{"v":0.0065798521636186,"d":"0.01"},"TON",{"v":1800,"d":"1,800.00"},{"v":11.8437338945135,"d":"11.84"},1,"",{"v":0.000996120820871902,"d":"0.00"},{"v":2.558,"d":"2.56"},"",{"v":0.32833333333332,"d":"0.33"},{"v":0.657499999999974,"d":"0.66"},"",536]
["Structural Framing","Structural Framing : W Shapes : W8X10","Module 7 structural model",590222,{"v":0.0119775396584691,"d":"0.01"},"TON",{"v":1800,"d":"1,800.00"},{"v":21.5595713852444,"d":"21.56"},1,"",{"v":0.00181327427120466,"d":"0.00"},{"v":2.558,"d":"2.56"},"",{"v":0.32833333333332,"d":"0.33"},{"v":0.657499999999974,"d":"0.66"},"",536]
["Structural Framing","Structural Framing : W Shapes : W8X10","Module 7 structural model",590224,{"v":0.0173752271533196,"d":"0.02"},"TON",{"v":1800,"d":"1,800.00"},{"v":31.2754088759754,"d":"31.28"},1,"",{"v":0.00263042772153743,"d":"0.00"},{"v":2.558,"d":"2.56"},"",{"v":0.32833333333332,"d":"0.33"},{"v":0.657499999999974,"d":"0.66"},"",536]
["Structural Framing","Structural Framing : W Shapes : W8X10","Module 7 structural model",590226,{"v":0.0233429023088698,"d":"0.02"},"TON",{"v":1800,"d":"1,800.00"},{"v":42.0172241559656,"d":"42.02"},1,"",{"v":0.0035338713441027,"d":"0.00"},{"v":2.558,"d":"2.56"},"",{"v":0.32833333333332,"d":"0.33"},{"v":0.657499999999974,"d":"0.66"},"",536]
["Structural Framing","Structural Framing : W Shapes : W8X10","Module 7 structural model",590228,{"v":0.0287405898037204,"d":"0.03"},"TON",{"v":1800,"d":"1,800.00"},{"v":51.7330616466966,"d":"51.73"},1,"",{"v":0.00435102479443546,"d":"0.00"},{"v":2.558,"d":"2.56"},"",{"v":0.32833333333332,"d":"0.33"},{"v":0.657499999999974,"d":"0.66"},"",536]
["Structural Framing","Structural Framing : W Shapes : W8X10","Module 7 structural model",590230,{"v":0.0335682896378716,"d":"0.03"},"TON",{"v":1800,"d":"1,800.00"},{"v":60.422921348169,"d":"60.42"},1,"",{"v":0.00508188807253581,"d":"0.01"},{"v":2.558,"d":"2.56"},"",{"v":0.32833333333332,"d":"0.33"},{"v":0.657499999999974,"d":"0.66"},"",536]
["Structural Framing","Structural Framing : W Shapes : W8X10","Module 7 structural model",590232,{"v":0.0389659771327222,"d":"0.04"},"TON",{"v":1800,"d":"1,800.00"},{"v":70.1387588388999,"d":"70.14"},1,"",{"v":0.00589904152286858,"d":"0.01"},{"v":2.558,"d":"2.56"},"",{"v":0.32833333333332,"d":"0.33"},{"v":0.657499999999974,"d":"0.66"},"",536]
["Structural Framing","Structural Framing : W Shapes : W8X10","Module 7 structural model",590543,{"v":0.100382572902569,"d":"0.10"},"TON",{"v":1800,"d":"1,800.00"},{"v":180.688631224624,"d":"180.69"},1,"",{"v":0.0151968719713527,"d":"0.02"},{"v":2.558,"d":"2.56"},"",{"v":0.32833333333332,"d":"0.33"},{"v":0.657499999999974,"d":"0.66"},"",536]
["Structural Framing","Structural Framing : W Shapes : W8X10","Module 7 structural model",590545,{"v":0.102771194684996,"d":"0.10"},"TON",{"v":1800,"d":"1,800.00"},{"v":184.988150432992,"d":"184.99"},1,"",{"v":0.0155584843345938,"d":"0.02"},{"v":2.558,"d":"2.56"},"",{"v":0.32833333333332,"d":"0.33"},{"v":0.657499999999974,"d":"0.66"},"",536]
["Structural Framing","Structural Framing : W Shapes : W8X10","Module 7 structural model",590547,{"v":0.102771194684996,"d":"0.10"},"TON",{"v":1800,"d":"1,800.00"},{"v":184.988150432992,"d":"184.99"},1,"",{"v":0.0155584843345938,"d":"0.02"},{"v":2.558,"d":"2.56"},"",{"v":0.32833333333332,"d":"0.33"},{"v":0.657499999999974,"d":"0.66"},"",536]
["Structural Framing","Structural Framing : W Shapes : W8X10","Module 7 structural model",590549,{"v":0.102771194684996,"d":"0.10"},"TON",{"v":1800,"d":"1,800.00"},{"v":184.988150432992,"d":"184.99"},1,"",{"v":0.0155584843345938,"d":"0.02"},{"v":2.558,"d":"2.56"},"",{"v":0.32833333333332,"d":"0.33"},{"v":0.657499999999974,"d":"0.66"},"",536]
["Structural Framing","Structural Framing : W Shapes : W8X10","Module 7 structural model",590551,{"v":0.102771194684996,"d":"0.10"},"TON",{"v":1800,"d":"1,800.00"},{"v":184.988150432992,"d":"184.99"},1,"",{"v":0.0155584843345938,"d":"0.02"},{"v":2.558,"d":"2.56"},"",{"v":0.32833333333332,"d":"0.33"},{"v":0.657499999999974,"d":"0.66"},"",536]
["Structural Framing","Structural Framing : W Shapes : W8X10","Module 7 structural model",591450,{"v":0.0421716378655745,"d":"0.04"},"TON",{"v":1800,"d":"1,800.00"},{"v":75.9089481580341,"d":"75.91"},1,"",{"v":0.00638434504052232,"d":"0.01"},{"v":2.558,"d":"2.56"},"",{"v":0.32833333333332,"d":"0.33"},{"v":0.657499999999974,"d":"0.66"},"",536]
["Structural Framing","Structural Framing : W Shapes : W8X10","Module 7 structural model",591452,{"v":0.0484186258505756,"d":"0.05"},"TON",{"v":1800,"d":"1,800.00"},{"v":87.153526531036,"d":"87.15"},1,"",{"v":0.00733007370506633,"d":"0.01"},{"v":2.558,"d":"2.56"},"",{"v":0.32833333333332,"d":"0.33"},{"v":0.657499999999974,"d":"0.66"},"",536]
["Structural Framing","Structural Framing : W Shapes : W8X10","Module 7 structural model",591454,{"v":0.0544239616446665,"d":"0.05"},"TON",{"v":1800,"d":"1,800.00"},{"v":97.9631309603997,"d":"97.96"},1,"",{"v":0.00823921875453981,"d":"0.01"},{"v":2.558,"d":"2.56"},"",{"v":0.32833333333332,"d":"0.33"},{"v":0.657499999999974,"d":"0.66"},"",536]
["Structural Framing","Structural Framing : W Shapes : W8X10","Module 7 structural model",591456,{"v":0.0603193270521555,"d":"0.06"},"TON",{"v":1800,"d":"1,800.00"},{"v":108.57478869388,"d":"108.57"},1,"",{"v":0.0091317154372948,"d":"0.01"},{"v":2.558,"d":"2.56"},"",{"v":0.32833333333332,"d":"0.33"},{"v":0.657499999999974,"d":"0.66"},"",536]
["Structural Framing","Structural Framing : W Shapes : W8X10","Module 7 structural model",591458,{"v":0.0662146924596445,"d":"0.07"},"TON",{"v":1800,"d":"1,800.00"},{"v":119.18644642736,"d":"119.19"},1,"",{"v":0.0100242121200498,"d":"0.01"},{"v":2.558,"d":"2.56"},"",{"v":0.32833333333332,"d":"0.33"},{"v":0.657499999999974,"d":"0.66"},"",536]
["Structural Framing","Structural Framing : W Shapes : W8X10","Module 7 structural model",591460,{"v":0.082583806166436,"d":"0.08"},"TON",{"v":1800,"d":"1,800.00"},{"v":148.650851099585,"d":"148.65"},1,"",{"v":0.0125023247853634,"d":"0.01"},{"v":2.558,"d":"2.56"},"",{"v":0.32833333333332,"d":"0.33"},{"v":0.657499999999974,"d":"0.66"},"",536]
["Structural Framing","Structural Framing : W Shapes : W8X10","Module 7 structural model",591462,{"v":0.0538145586578095,"d":"0.05"},"TON",{"v":1800,"d":"1,800.00"},{"v":96.8662055840571,"d":"96.87"},1,"",{"v":0.00814696151404039,"d":"0.01"},{"v":2.558,"d":"2.56"},"",{"v":0.32833333333332,"d":"0.33"},{"v":0.657499999999974,"d":"0.66"},"",536]
["Structural Framing","Structural Framing : W Shapes : W8X10","Module 7 structural model",591464,{"v":0.0250453111491832,"d":"0.03"},"TON",{"v":1800,"d":"1,800.00"},{"v":45.0815600685297,"d":"45.08"},1,"",{"v":0.00379159824271738,"d":"0.00"},{"v":2.558,"d":"2.56"},"",{"v":0.32833333333332,"d":"0.33"},{"v":0.657499999999974,"d":"0.66"},"",536]
["Structural Framing","Structural Framing : W Shapes : W8X10","Module 7 structural model",591466,{"v":0.072613433845401,"d":"0.07"},"TON",{"v":1800,"d":"1,800.00"},{"v":130.704180921722,"d":"130.70"},1,"",{"v":0.0109929146627861,"d":"0.01"},{"v":2.558,"d":"2.56"},"",{"v":0.32833333333332,"d":"0.33"},{"v":0.657499999999974,"d":"0.66"},"",536]
["Structural Framing","Structural Framing : W Shapes : W8X10","Module 7 structural model",591468,{"v":0.00982661366633625,"d":"0.01"},"TON",{"v":1800,"d":"1,800.00"},{"v":17.6879045994052,"d":"17.69"},1,"",{"v":0.00148764656534756,"d":"0.00"},{"v":2.558,"d":"2.56"},"",{"v":0.32833333333332,"d":"0.33"},{"v":0.657499999999974,"d":"0.66"},"",536]
["Structural Framing","Structural Framing : W Shapes : W8X10","Module 7 structural model",591470,{"v":0.0438441863367743,"d":"0.04"},"TON",{"v":1800,"d":"1,800.00"},{"v":78.9195354061938,"d":"78.92"},1,"",{"v":0.00663755139146309,"d":"0.01"},{"v":2.558,"d":"2.56"},"",{"v":0.32833333333332,"d":"0.33"},{"v":0.657499999999974,"d":"0.66"},"",536]
["Structural Framing","Structural Framing : W Shapes : W8X10","Module 7 structural model",591472,{"v":0.0150749388281478,"d":"0.02"},"TON",{"v":1800,"d":"1,800.00"},{"v":27.134889890666,"d":"27.13"},1,"",{"v":0.00228218812014006,"d":"0.00"},{"v":2.558,"d":"2.56"},"",{"v":0.32833333333332,"d":"0.33"},{"v":0.657499999999974,"d":"0.66"},"",536]
["Structural Framing","Structural Framing : W Shapes : W8X10","Module 7 structural model",591740,{"v":0.0686593082550335,"d":"0.07"},"TON",{"v":1800,"d":"1,800.00"},{"v":123.58675485906,"d":"123.59"},1,"",{"v":0.010394301391399,"d":"0.01"},{"v":2.558,"d":"2.56"},"",{"v":0.32833333333332,"d":"0.33"},{"v":0.657499999999974,"d":"0.66"},"",536]
["Structural Framing","Structural Framing : W Shapes : W8X10","Module 7 structural model",591742,{"v":0.0827253208645605,"d":"0.08"},"TON",{"v":1800,"d":"1,800.00"},{"v":148.905577556209,"d":"148.91"},1,"",{"v":0.0125237486310298,"d":"0.01"},{"v":2.558,"d":"2.56"},"",{"v":0.32833333333332,"d":"0.33"},{"v":0.657499999999974,"d":"0.66"},"",536]
["Structural Framing","Structural Framing : W Shapes : W8X10","Module 7 structural model",591744,{"v":0.0967913334740875,"d":"0.10"},"TON",{"v":1800,"d":"1,800.00"},{"v":174.224400253358,"d":"174.22"},1,"",{"v":0.0146531958706606,"d":"0.01"},{"v":2.558,"d":"2.56"},"",{"v":0.32833333333332,"d":"0.33"},{"v":0.657499999999974,"d":"0.66"},"",536]
["Structural Framing","Structural Framing : W Shapes : W8X10","Module 7 structural model",591973,{"v":0.0067359618681271,"d":"0.01"},"TON",{"v":1800,"d":"1,800.00"},{"v":12.1247313626288,"d":"12.12"},1,"",{"v":0.00101975419790442,"d":"0.00"},{"v":2.558,"d":"2.56"},"",{"v":0.32833333333332,"d":"0.33"},{"v":0.657499999999974,"d":"0.66"},"",536]
["Structural Framing","Structural Framing : W Shapes : W8X10","Module 7 structural model",591975,{"v":0.0243518434634282,"d":"0.02"},"TON",{"v":1800,"d":"1,800.00"},{"v":43.8333182341707,"d":"43.83"},1,"",{"v":0.00368661448575672,"d":"0.00"},{"v":2.558,"d":"2.56"},"",{"v":0.32833333333332,"d":"0.33"},{"v":0.657499999999974,"d":"0.66"},"",536]
["Structural Framing","Structural Framing : W Shapes : W8X10","Module 7 structural model",591977,{"v":0.0355536939732234,"d":"0.04"},"TON",{"v":1800,"d":"1,800.00"},{"v":63.996649151802,"d":"64.00"},1,"",{"v":0.0053824575301945,"d":"0.01"},{"v":2.558,"d":"2.56"},"",{"v":0.32833333333332,"d":"0.33"},{"v":0.657499999999974,"d":"0.66"},"",536]
["Structural Framing","Structural Framing : W Shapes : W8X10","Module 7 structural model",591979,{"v":0.0467555444830186,"d":"0.05"},"TON",{"v":1800,"d":"1,800.00"},{"v":84.1599800694335,"d":"84.16"},1,"",{"v":0.00707830057463227,"d":"0.01"},{"v":2.558,"d":"2.56"},"",{"v":0.32833333333332,"d":"0.33"},{"v":0.657499999999974,"d":"0.66"},"",536]
["Structural Framing","Structural Framing : W Shapes : W8X10","Module 7 structural model",591981,{"v":0.057957394992814,"d":"0.06"},"TON",{"v":1800,"d":"1,800.00"},{"v":104.323310987065,"d":"104.32"},1,"",{"v":0.00877414361907007,"d":"0.01"},{"v":2.558,"d":"2.56"},"",{"v":0.32833333333332,"d":"0.33"},{"v":0.657499999999974,"d":"0.66"},"",536]
["Structural Framing","Structural Framing : W Shapes : W8X10","Module 7 structural model",592007,{"v":0.0480000796663729,"d":"0.05"},"TON",{"v":1800,"d":"1,800.00"},{"v":86.4001433994712,"d":"86.40"},1,"",{"v":0.00726671018895484,"d":"0.01"},{"v":2.558,"d":"2.56"},"",{"v":0.32833333333332,"d":"0.33"},{"v":0.657499999999974,"d":"0.66"},"",536]
["Structural Framing","Structural Framing : W Shapes : W8X10","Module 7 structural model",598304,{"v":0.0116685553293626,"d":"0.01"},"TON",{"v":1800,"d":"1,800.00"},{"v":21.0033995928527,"d":"21.00"},1,"",{"v":0.00176649727441317,"d":"0.00"},{"v":2.558,"d":"2.56"},"",{"v":0.32833333333332,"d":"0.33"},{"v":0.657499999999974,"d":"0.66"},"",536]
["Structural Framing","Structural Framing : W Shapes : W8X10","Module 7 structural model",598305,{"v":0.0966679522376915,"d":"0.10"},"TON",{"v":1800,"d":"1,800.00"},{"v":174.002314027845,"d":"174.00"},1,"",{"v":0.0146345172415026,"d":"0.01"},{"v":2.558,"d":"2.56"},"",{"v":0.32833333333332,"d":"0.33"},{"v":0.657499999999974,"d":"0.66"},"",536]
["Structural Framing","Structural Framing : W Shapes : W8X10","Module 7 structural model",598306,{"v":0.0985293754815005,"d":"0.10"},"TON",{"v":1800,"d":"1,800.00"},{"v":177.352875866701,"d":"177.35"},1,"",{"v":0.0149163172582059,"d":"0.01"},{"v":2.558,"d":"2.56"},"",{"v":0.32833333333332,"d":"0.33"},{"v":0.657499999999974,"d":"0.66"},"",536]
["Structural Framing","Structural Framing : W Shapes : W8X10","Module 7 structural model",598307,{"v":0.046288274995781,"d":"0.05"},"TON",{"v":1800,"d":"1,800.00"},{"v":83.3188949924057,"d":"83.32"},1,"",{"v":0.00701016030485171,"d":"0.01"},{"v":2.558,"d":"2.56"},"",{"v":0.32833333333332,"d":"0.33"},{"v":0.657499999999974,"d":"0.66"},"",536]
["Structural Framing","Structural Framing : W Shapes : W8X10","Module 7 structural model",598308,{"v":0.0326171555564363,"d":"0.03"},"TON",{"v":1800,"d":"1,800.00"},{"v":58.7108800015854,"d":"58.71"},1,"",{"v":0.00493789631734147,"d":"0.00"},{"v":2.558,"d":"2.56"},"",{"v":0.32833333333332,"d":"0.33"},{"v":0.657499999999974,"d":"0.66"},"",536]
["Structural Framing","Structural Framing : W Shapes : W8X10","Module 7 structural model",598309,{"v":0.0807008994752715,"d":"0.08"},"TON",{"v":1800,"d":"1,800.00"},{"v":145.261619055489,"d":"145.26"},1,"",{"v":0.0122172723993541,"d":"0.01"},{"v":2.558,"d":"2.56"},"",{"v":0.32833333333332,"d":"0.33"},{"v":0.657499999999974,"d":"0.66"},"",536]
["Structural Framing","Structural Framing : W Shapes : W8X10","Module 7 structural model",598310,{"v":0.063787454125157,"d":"0.06"},"TON",{"v":1800,"d":"1,800.00"},{"v":114.817417425283,"d":"114.82"},1,"",{"v":0.00965675361458822,"d":"0.01"},{"v":2.558,"d":"2.56"},"",{"v":0.32833333333332,"d":"0.33"},{"v":0.657499999999974,"d":"0.66"},"",536]
["Structural Framing","Structural Framing : W Shapes : W8X10","Module 7 structural model",598311,{"v":0.0103598364929029,"d":"0.01"},"TON",{"v":1800,"d":"1,800.00"},{"v":18.6477056872251,"d":"18.65"},1,"",{"v":0.00156895271111142,"d":"0.00"},{"v":2.558,"d":"2.56"},"",{"v":0.32833333333332,"d":"0.33"},{"v":0.657499999999974,"d":"0.66"},"",536]
["Structural Framing","Structural Framing : W Shapes : W8X10","Module 7 structural model",598312,{"v":0.0707962995002675,"d":"0.07"},"TON",{"v":1800,"d":"1,800.00"},{"v":127.433339100482,"d":"127.43"},1,"",{"v":0.0107217952825506,"d":"0.01"},{"v":2.558,"d":"2.56"},"",{"v":0.32833333333332,"d":"0.33"},{"v":0.657499999999974,"d":"0.66"},"",536]
["Structural Framing","Structural Framing : W Shapes : W8X10","Module 7 structural model",598313,{"v":0.0744869848218235,"d":"0.07"},"TON",{"v":1800,"d":"1,800.00"},{"v":134.076572679282,"d":"134.08"},1,"",{"v":0.0112807337122335,"d":"0.01"},{"v":2.558,"d":"2.56"},"",{"v":0.32833333333332,"d":"0.33"},{"v":0.657499999999974,"d":"0.66"},"",536]
["Structural Framing","Structural Framing : W Shapes : W8X10","Module 7 structural model",598314,{"v":0.073856011629523,"d":"0.07"},"TON",{"v":1800,"d":"1,800.00"},{"v":132.940820933141,"d":"132.94"},1,"",{"v":0.0111810279473308,"d":"0.01"},{"v":2.558,"d":"2.56"},"",{"v":0.32833333333332,"d":"0.33"},{"v":0.657499999999974,"d":"0.66"},"",536]
["Structural Framing","Structural Framing : W Shapes : W8X10","Module 7 structural model",598315,{"v":0.0996072597498355,"d":"0.10"},"TON",{"v":1800,"d":"1,800.00"},{"v":179.293067549704,"d":"179.29"},1,"",{"v":0.0150794976664399,"d":"0.02"},{"v":2.558,"d":"2.56"},"",{"v":0.32833333333332,"d":"0.33"},{"v":0.657499999999974,"d":"0.66"},"",536]
["Structural Framing","Structural Framing : W Shapes : W8X10","Module 7 structural model",598316,{"v":0.0088078545722331,"d":"0.01"},"TON",{"v":1800,"d":"1,800.00"},{"v":15.8541382300196,"d":"15.85"},1,"",{"v":0.00133341709029949,"d":"0.00"},{"v":2.558,"d":"2.56"},"",{"v":0.32833333333332,"d":"0.33"},{"v":0.657499999999974,"d":"0.66"},"",536]
["Structural Framing","Structural Framing : W Shapes : W8X10","Module 7 structural model",598317,{"v":0.0184148030735148,"d":"0.02"},"TON",{"v":1800,"d":"1,800.00"},{"v":33.1466455323266,"d":"33.15"},1,"",{"v":0.00278884278015071,"d":"0.00"},{"v":2.558,"d":"2.56"},"",{"v":0.32833333333332,"d":"0.33"},{"v":0.657499999999974,"d":"0.66"},"",536]
["Structural Framing","Structural Framing : W Shapes : W8X10","Module 7 structural model",598318,{"v":0.100264179143468,"d":"0.10"},"TON",{"v":1800,"d":"1,800.00"},{"v":180.475522458243,"d":"180.48"},1,"",{"v":0.0151845790039518,"d":"0.02"},{"v":2.558,"d":"2.56"},"",{"v":0.32833333333332,"d":"0.33"},{"v":0.657499999999974,"d":"0.66"},"",536]
["Structural Framing","Structural Framing : W Shapes : W8X10","Module 7 structural model",598319,{"v":0.0961211276121235,"d":"0.10"},"TON",{"v":1800,"d":"1,800.00"},{"v":173.018029701822,"d":"173.02"},1,"",{"v":0.0145517337106042,"d":"0.01"},{"v":2.558,"d":"2.56"},"",{"v":0.32833333333332,"d":"0.33"},{"v":0.657499999999974,"d":"0.66"},"",536]
["Structural Framing","Structural Framing : W Shapes : W8X10","Module 7 structural model",598320,{"v":0.0439726467335791,"d":"0.04"},"TON",{"v":1800,"d":"1,800.00"},{"v":79.1507641204424,"d":"79.15"},1,"",{"v":0.00665699895240105,"d":"0.01"},{"v":2.558,"d":"2.56"},"",{"v":0.32833333333332,"d":"0.33"},{"v":0.657499999999974,"d":"0.66"},"",536]
["Structural Framing","Structural Framing : W Shapes : W8X10","Module 7 structural model",598321,{"v":0.0243240339919158,"d":"0.02"},"TON",{"v":1800,"d":"1,800.00"},{"v":43.7832611854484,"d":"43.78"},1,"",{"v":0.00368377040534635,"d":"0.00"},{"v":2.558,"d":"2.56"},"",{"v":0.32833333333332,"d":"0.33"},{"v":0.657499999999974,"d":"0.66"},"",536]
["Structural Framing","Structural Framing : W Shapes : W8X10","Module 7 structural model",598322,{"v":0.0040478238609551,"d":"0.00"},"TON",{"v":1800,"d":"1,800.00"},{"v":7.28608294971919,"d":"7.29"},1,"",{"v":0.000612798209876797,"d":"0.00"},{"v":2.558,"d":"2.56"},"",{"v":0.32833333333332,"d":"0.33"},{"v":0.657499999999974,"d":"0.66"},"",536]
["Structural Framing","Structural Framing : W Shapes : W8X10","Module 7 structural model",598323,{"v":0.0434833932552942,"d":"0.04"},"TON",{"v":1800,"d":"1,800.00"},{"v":78.2701078595296,"d":"78.27"},1,"",{"v":0.00658293109125693,"d":"0.01"},{"v":2.558,"d":"2.56"},"",{"v":0.32833333333332,"d":"0.33"},{"v":0.657499999999974,"d":"0.66"},"",536]
["Structural Framing","Structural Framing : W Shapes : W8X10","Module 7 structural model",598324,{"v":0.130269006909352,"d":"0.13"},"TON",{"v":1800,"d":"1,800.00"},{"v":234.484212436833,"d":"234.48"},1,"",{"v":0.0197213655975739,"d":"0.02"},{"v":2.558,"d":"2.56"},"",{"v":0.32833333333332,"d":"0.33"},{"v":0.657499999999974,"d":"0.66"},"",536]
["Structural Framing","Structural Framing : W Shapes : W8X10","Module 7 structural model",598325,{"v":0.014126671666653,"d":"0.01"},"TON",{"v":1800,"d":"1,800.00"},{"v":25.4280089999755,"d":"25.43"},1,"",{"v":0.0021386303866492,"d":"0.00"},{"v":2.558,"d":"2.56"},"",{"v":0.32833333333332,"d":"0.33"},{"v":0.657499999999974,"d":"0.66"},"",536]
["Structural Framing","Structural Framing : W Shapes : W8X10","Module 7 structural model",598326,{"v":0.11835782884929,"d":"0.12"},"TON",{"v":1800,"d":"1,800.00"},{"v":213.044091928723,"d":"213.04"},1,"",{"v":0.0179181377785138,"d":"0.02"},{"v":2.558,"d":"2.56"},"",{"v":0.32833333333332,"d":"0.33"},{"v":0.657499999999974,"d":"0.66"},"",536]
["Structural Framing","Structural Framing : W Shapes : W8X10","Module 7 structural model",598327,{"v":0.105454194074116,"d":"0.11"},"TON",{"v":1800,"d":"1,800.00"},{"v":189.81754933341,"d":"189.82"},1,"",{"v":0.0159705844589344,"d":"0.02"},{"v":2.558,"d":"2.56"},"",{"v":0.32833333333332,"d":"0.33"},{"v":0.657499999999974,"d":"0.66"},"",536]
["Structural Framing","Structural Framing : W Shapes : W8X10","Module 7 structural model",598328,{"v":0.0630540031276075,"d":"0.06"},"TON",{"v":1800,"d":"1,800.00"},{"v":113.497205629694,"d":"113.50"},1,"",{"v":0.00954571680227376,"d":"0.01"},{"v":2.558,"d":"2.56"},"",{"v":0.32833333333332,"d":"0.33"},{"v":0.657499999999974,"d":"0.66"},"",536]
["Structural Framing","Structural Framing : W Shapes : W8X10","Module 7 structural model",598329,{"v":0.0313290704456385,"d":"0.03"},"TON",{"v":1800,"d":"1,800.00"},{"v":56.3923268021493,"d":"56.39"},1,"",{"v":0.00474465306918297,"d":"0.00"},{"v":2.558,"d":"2.56"},"",{"v":0.32833333333332,"d":"0.33"},{"v":0.657499999999974,"d":"0.66"},"",536]
["Structural Framing","Structural Framing : W Shapes : W8X10","Module 7 structural model",598330,{"v":0.058535981079361,"d":"0.06"},"TON",{"v":1800,"d":"1,800.00"},{"v":105.36476594285,"d":"105.36"},1,"",{"v":0.00886502275156049,"d":"0.01"},{"v":2.558,"d":"2.56"},"",{"v":0.32833333333332,"d":"0.33"},{"v":0.657499999999974,"d":"0.66"},"",536]
["Structural Framing","Structural Framing : W Shapes : W8X10","Module 7 structural model",598331,{"v":0.0402669765710597,"d":"0.04"},"TON",{"v":1800,"d":"1,800.00"},{"v":72.4805578279074,"d":"72.48"},1,"",{"v":0.00609599923502452,"d":"0.01"},{"v":2.558,"d":"2.56"},"",{"v":0.32833333333332,"d":"0.33"},{"v":0.657499999999974,"d":"0.66"},"",536]
["Structural Framing","Structural Framing : W Shapes : W8X10","Module 7 structural model",598332,{"v":0.0398750692641708,"d":"0.04"},"TON",{"v":1800,"d":"1,800.00"},{"v":71.7751246755075,"d":"71.78"},1,"",{"v":0.00603666856641126,"d":"0.01"},{"v":2.558,"d":"2.56"},"",{"v":0.32833333333332,"d":"0.33"},{"v":0.657499999999974,"d":"0.66"},"",536]
["Structural Framing","Structural Framing : W Shapes : W8X10","Module 7 structural model",598333,{"v":0.072355318474764,"d":"0.07"},"TON",{"v":1800,"d":"1,800.00"},{"v":130.239573254575,"d":"130.24"},1,"",{"v":0.0109579020057007,"d":"0.01"},{"v":2.558,"d":"2.56"},"",{"v":0.32833333333332,"d":"0.33"},{"v":0.657499999999974,"d":"0.66"},"",536]
["Structural Framing","Structural Framing : W Shapes : W8X10","Module 7 structural model",598334,{"v":0.0161711833919892,"d":"0.02"},"TON",{"v":1800,"d":"1,800.00"},{"v":29.1081301055805,"d":"29.11"},1,"",{"v":0.00244814808514473,"d":"0.00"},{"v":2.558,"d":"2.56"},"",{"v":0.32833333333332,"d":"0.33"},{"v":0.657499999999974,"d":"0.66"},"",536]
["Structural Framing","Structural Framing : W Shapes : W8X10","Module 7 structural model",598350,{"v":0.0479011230044255,"d":"0.05"},"TON",{"v":1800,"d":"1,800.00"},{"v":86.2220214079659,"d":"86.22"},1,"",{"v":0.00725172918499325,"d":"0.01"},{"v":2.558,"d":"2.56"},"",{"v":0.32833333333332,"d":"0.33"},{"v":0.657499999999974,"d":"0.66"},"",536]
["Structural Framing","Structural Framing : W Shapes : W8X10","Module 7 structural model",598351,{"v":0.0409771790711418,"d":"0.04"},"TON",{"v":1800,"d":"1,800.00"},{"v":73.7589223280553,"d":"73.76"},1,"",{"v":0.0062058176537255,"d":"0.01"},{"v":2.558,"d":"2.56"},"",{"v":0.32833333333332,"d":"0.33"},{"v":0.657499999999974,"d":"0.66"},"",536]
["Structural Framing","Structural Framing : W Shapes : W8X10","Module 7 structural model",598352,{"v":0.0340532351378582,"d":"0.03"},"TON",{"v":1800,"d":"1,800.00"},{"v":61.2958232481448,"d":"61.30"},1,"",{"v":0.0051572161035803,"d":"0.01"},{"v":2.558,"d":"2.56"},"",{"v":0.32833333333332,"d":"0.33"},{"v":0.657499999999974,"d":"0.66"},"",536]
["Structural Framing","Structural Framing : W Shapes : W8X10","Module 7 structural model",598353,{"v":0.0271292912045745,"d":"0.03"},"TON",{"v":1800,"d":"1,800.00"},{"v":48.8327241682341,"d":"48.83"},1,"",{"v":0.00410861455343507,"d":"0.00"},{"v":2.558,"d":"2.56"},"",{"v":0.32833333333332,"d":"0.33"},{"v":0.657499999999974,"d":"0.66"},"",536]
["Structural Framing","Structural Framing : W Shapes : W8X10","Module 7 structural model",598354,{"v":0.0202053472712909,"d":"0.02"},"TON",{"v":1800,"d":"1,800.00"},{"v":36.3696250883235,"d":"36.37"},1,"",{"v":0.00306001300328987,"d":"0.00"},{"v":2.558,"d":"2.56"},"",{"v":0.32833333333332,"d":"0.33"},{"v":0.657499999999974,"d":"0.66"},"",536]
["Structural Framing","Structural Framing : W Shapes : W8X10","Module 7 structural model",598373,{"v":0.000209330579148512,"d":"0.00"},"TON",{"v":1800,"d":"1,800.00"},{"v":0.376795042467322,"d":"0.38"},1,"",{"v":0.0000316904609936276,"d":"0.00"},{"v":2.558,"d":"2.56"},"",{"v":0.32833333333332,"d":"0.33"},{"v":0.657499999999974,"d":"0.66"},"",536]
["Structural Framing","Structural Framing : W Shapes : W8X10","Module 7 structural model",598374,{"v":0.0000799727185390545,"d":"0.00"},"TON",{"v":1800,"d":"1,800.00"},{"v":0.143950893370298,"d":"0.14"},1,"",{"v":0.000012107033419227,"d":"0.00"},{"v":2.558,"d":"2.56"},"",{"v":0.32833333333332,"d":"0.33"},{"v":0.657499999999974,"d":"0.66"},"",536]
["Structural Framing","Structural Framing : W Shapes : W8X10","Module 7 structural model",598375,{"v":0.06048576462098,"d":"0.06"},"TON",{"v":1800,"d":"1,800.00"},{"v":108.874376317764,"d":"108.87"},1,"",{"v":0.00916030908892684,"d":"0.01"},{"v":2.558,"d":"2.56"},"",{"v":0.32833333333332,"d":"0.33"},{"v":0.657499999999974,"d":"0.66"},"",536]
["Structural Framing","Structural Framing : W Shapes : W8X10","Module 7 structural model",598376,{"v":0.100841469695827,"d":"0.10"},"TON",{"v":1800,"d":"1,800.00"},{"v":181.514645452488,"d":"181.51"},1,"",{"v":0.0152663441477829,"d":"0.02"},{"v":2.558,"d":"2.56"},"",{"v":0.32833333333332,"d":"0.33"},{"v":0.657499999999974,"d":"0.66"},"",536]
["Structural Framing","Structural Framing : W Shapes : W8X10","Module 7 structural model",598377,{"v":0.100841469695827,"d":"0.10"},"TON",{"v":1800,"d":"1,800.00"},{"v":181.514645452488,"d":"181.51"},1,"",{"v":0.0152663441477829,"d":"0.02"},{"v":2.558,"d":"2.56"},"",{"v":0.32833333333332,"d":"0.33"},{"v":0.657499999999974,"d":"0.66"},"",536]
["Structural Framing","Structural Framing : W Shapes : W8X10","Module 7 structural model",598378,{"v":0.0805782415170605,"d":"0.08"},"TON",{"v":1800,"d":"1,800.00"},{"v":145.040834730709,"d":"145.04"},1,"",{"v":0.0122032283589988,"d":"0.01"},{"v":2.558,"d":"2.56"},"",{"v":0.32833333333332,"d":"0.33"},{"v":0.657499999999974,"d":"0.66"},"",536]
["Structural Framing","Structural Framing : W Shapes : W8X10","Module 7 structural model",598392,{"v":0.0763412543465535,"d":"0.08"},"TON",{"v":1800,"d":"1,800.00"},{"v":137.414257823796,"d":"137.41"},1,"",{"v":0.0115572677098353,"d":"0.01"},{"v":2.558,"d":"2.56"},"",{"v":0.32833333333332,"d":"0.33"},{"v":0.657499999999974,"d":"0.66"},"",536]
["Structural Framing","Structural Framing : W Shapes : W8X10","Module 7 structural model",598393,{"v":0.073558872350607,"d":"0.07"},"TON",{"v":1800,"d":"1,800.00"},{"v":132.405970231093,"d":"132.41"},1,"",{"v":0.0111360441672903,"d":"0.01"},{"v":2.558,"d":"2.56"},"",{"v":0.32833333333332,"d":"0.33"},{"v":0.657499999999974,"d":"0.66"},"",536]
["Structural Framing","Structural Framing : W Shapes : W8X10","Module 7 structural model",598394,{"v":0.068939236773433,"d":"0.07"},"TON",{"v":1800,"d":"1,800.00"},{"v":124.090626192179,"d":"124.09"},1,"",{"v":0.0104366796422472,"d":"0.01"},{"v":2.558,"d":"2.56"},"",{"v":0.32833333333332,"d":"0.33"},{"v":0.657499999999974,"d":"0.66"},"",536]
["Structural Framing","Structural Framing : W Shapes : W8X10","Module 7 structural model",598413,{"v":0.0294285941652714,"d":"0.03"},"TON",{"v":1800,"d":"1,800.00"},{"v":52.9714694974884,"d":"52.97"},1,"",{"v":0.00445518146123432,"d":"0.00"},{"v":2.558,"d":"2.56"},"",{"v":0.32833333333332,"d":"0.33"},{"v":0.657499999999974,"d":"0.66"},"",536]
["Structural Framing","Structural Framing : W Shapes : W8X10","Module 7 structural model",598414,{"v":0.0269800481924859,"d":"0.03"},"TON",{"v":1800,"d":"1,800.00"},{"v":48.5640867464746,"d":"48.56"},1,"",{"v":0.00408449720211984,"d":"0.00"},{"v":2.558,"d":"2.56"},"",{"v":0.32833333333332,"d":"0.33"},{"v":0.657499999999974,"d":"0.66"},"",536]
["Structural Framing","Structural Framing : W Shapes : W8X10","Module 7 structural model",598415,{"v":0.0245315022197004,"d":"0.02"},"TON",{"v":1800,"d":"1,800.00"},{"v":44.1567039954608,"d":"44.16"},1,"",{"v":0.00371381294300541,"d":"0.00"},{"v":2.558,"d":"2.56"},"",{"v":0.32833333333332,"d":"0.33"},{"v":0.657499999999974,"d":"0.66"},"",536]
["Structural Framing","Structural Framing : W Shapes : W8X10","Module 7 structural model",598416,{"v":0.0192193418811886,"d":"0.02"},"TON",{"v":1800,"d":"1,800.00"},{"v":34.5948153861396,"d":"34.59"},1,"",{"v":0.0029096074098994,"d":"0.00"},{"v":2.558,"d":"2.56"},"",{"v":0.32833333333332,"d":"0.33"},{"v":0.657499999999974,"d":"0.66"},"",536]
["Structural Framing","Structural Framing : W Shapes : W8X10","Module 7 structural model",598417,{"v":0.0167707959084032,"d":"0.02"},"TON",{"v":1800,"d":"1,800.00"},{"v":30.1874326351258,"d":"30.19"},1,"",{"v":0.00253892315078494,"d":"0.00"},{"v":2.558,"d":"2.56"},"",{"v":0.32833333333332,"d":"0.33"},{"v":0.657499999999974,"d":"0.66"},"",536]
["Structural Framing","Structural Framing : W Shapes : W8X10","Module 7 structural model",598418,{"v":0.0143222499356178,"d":"0.01"},"TON",{"v":1800,"d":"1,800.00"},{"v":25.780049884112,"d":"25.78"},1,"",{"v":0.00216823889167049,"d":"0.00"},{"v":2.558,"d":"2.56"},"",{"v":0.32833333333332,"d":"0.33"},{"v":0.657499999999974,"d":"0.66"},"",536]
["Structural Framing","Structural Framing : W Shapes : W8X10","Module 7 structural model",598419,{"v":0.016967175259133,"d":"0.02"},"TON",{"v":1800,"d":"1,800.00"},{"v":30.5409154664395,"d":"30.54"},1,"",{"v":0.00256865293120963,"d":"0.00"},{"v":2.558,"d":"2.56"},"",{"v":0.32833333333332,"d":"0.33"},{"v":0.657499999999974,"d":"0.66"},"",536]
["Structural Framing","Structural Framing : W Shapes : W8X10","Module 7 structural model",598420,{"v":0.0145186292863476,"d":"0.01"},"TON",{"v":1800,"d":"1,800.00"},{"v":26.1335327154256,"d":"26.13"},1,"",{"v":0.00219796867209517,"d":"0.00"},{"v":2.558,"d":"2.56"},"",{"v":0.32833333333332,"d":"0.33"},{"v":0.657499999999974,"d":"0.66"},"",536]
["Structural Framing","Structural Framing : W Shapes : W8X10","Module 7 structural model",598421,{"v":0.0120700833135621,"d":"0.01"},"TON",{"v":1800,"d":"1,800.00"},{"v":21.7261499644118,"d":"21.73"},1,"",{"v":0.00182728441298071,"d":"0.00"},{"v":2.558,"d":"2.56"},"",{"v":0.32833333333332,"d":"0.33"},{"v":0.657499999999974,"d":"0.66"},"",536]
["Structural Framing","Structural Framing : W Shapes : W8X10","Module 7 structural model",598441,{"v":0.096937118399288,"d":"0.10"},"TON",{"v":1800,"d":"1,800.00"},{"v":174.486813118718,"d":"174.49"},1,"",{"v":0.0146752661840583,"d":"0.01"},{"v":2.558,"d":"2.56"},"",{"v":0.32833333333332,"d":"0.33"},{"v":0.657499999999974,"d":"0.66"},"",536]
["Structural Framing","Structural Framing : W Shapes : W8X10","Module 7 structural model",598442,{"v":0.0753318269450395,"d":"0.08"},"TON",{"v":1800,"d":"1,800.00"},{"v":135.597288501071,"d":"135.60"},1,"",{"v":0.0114044509554762,"d":"0.01"},{"v":2.558,"d":"2.56"},"",{"v":0.32833333333332,"d":"0.33"},{"v":0.657499999999974,"d":"0.66"},"",536]
["Structural Framing","Structural Framing : W Shapes : W8X10","Module 7 structural model",598443,{"v":0.0753318269450395,"d":"0.08"},"TON",{"v":1800,"d":"1,800.00"},{"v":135.597288501071,"d":"135.60"},1,"",{"v":0.0114044509554762,"d":"0.01"},{"v":2.558,"d":"2.56"},"",{"v":0.32833333333332,"d":"0.33"},{"v":0.657499999999974,"d":"0.66"},"",536]
["Structural Framing","Structural Framing : W Shapes : W8X10","Module 7 structural model",598444,{"v":0.0753318269450395,"d":"0.08"},"TON",{"v":1800,"d":"1,800.00"},{"v":135.597288501071,"d":"135.60"},1,"",{"v":0.0114044509554762,"d":"0.01"},{"v":2.558,"d":"2.56"},"",{"v":0.32833333333332,"d":"0.33"},{"v":0.657499999999974,"d":"0.66"},"",536]
["Structural Framing","Structural Framing : W Shapes : W8X10","Module 7 structural model",598445,{"v":0.0753318269450395,"d":"0.08"},"TON",{"v":1800,"d":"1,800.00"},{"v":135.597288501071,"d":"135.60"},1,"",{"v":0.0114044509554762,"d":"0.01"},{"v":2.558,"d":"2.56"},"",{"v":0.32833333333332,"d":"0.33"},{"v":0.657499999999974,"d":"0.66"},"",536]
["Structural Framing","Structural Framing : W Shapes : W8X10","Module 7 structural model",598460,{"v":0.078272900040306,"d":"0.08"},"TON",{"v":1800,"d":"1,800.00"},{"v":140.891220072551,"d":"140.89"},1,"",{"v":0.0118496986712379,"d":"0.01"},{"v":2.558,"d":"2.56"},"",{"v":0.32833333333332,"d":"0.33"},{"v":0.657499999999974,"d":"0.66"},"",536]
["Structural Framing","Structural Framing : W Shapes : W8X10","Module 7 structural model",598461,{"v":0.086411783710734,"d":"0.09"},"TON",{"v":1800,"d":"1,800.00"},{"v":155.541210679321,"d":"155.54"},1,"",{"v":0.0130818405615368,"d":"0.01"},{"v":2.558,"d":"2.56"},"",{"v":0.32833333333332,"d":"0.33"},{"v":0.657499999999974,"d":"0.66"},"",536]
["Structural Framing","Structural Framing : W Shapes : W8X10","Module 7 structural model",598462,{"v":0.094550667381162,"d":"0.09"},"TON",{"v":1800,"d":"1,800.00"},{"v":170.191201286092,"d":"170.19"},1,"",{"v":0.0143139824518356,"d":"0.01"},{"v":2.558,"d":"2.56"},"",{"v":0.32833333333332,"d":"0.33"},{"v":0.657499999999974,"d":"0.66"},"",536]
["Structural Framing","Structural Framing : W Shapes : W8X10","Module 7 structural model",598463,{"v":0.07525103659109,"d":"0.08"},"TON",{"v":1800,"d":"1,800.00"},{"v":135.451865863962,"d":"135.45"},1,"",{"v":0.0113922201406048,"d":"0.01"},{"v":2.558,"d":"2.56"},"",{"v":0.32833333333332,"d":"0.33"},{"v":0.657499999999974,"d":"0.66"},"",536]
["Structural Framing","Structural Framing : W Shapes : W8X10","Module 7 structural model",598464,{"v":0.0217086550520544,"d":"0.02"},"TON",{"v":1800,"d":"1,800.00"},{"v":39.075579093698,"d":"39.08"},1,"",{"v":0.00328646339655524,"d":"0.00"},{"v":2.558,"d":"2.56"},"",{"v":0.32833333333332,"d":"0.33"},{"v":0.657499999999974,"d":"0.66"},"",536]
["Structural Framing","Structural Framing : W Shapes : W8X10","Module 7 structural model",598484,{"v":0.071391425783124,"d":"0.07"},"TON",{"v":1800,"d":"1,800.00"},{"v":128.504566409623,"d":"128.50"},1,"",{"v":0.0108079154190588,"d":"0.01"},{"v":2.558,"d":"2.56"},"",{"v":0.32833333333332,"d":"0.33"},{"v":0.657499999999974,"d":"0.66"},"",536]
["Structural Framing","Structural Framing : W Shapes : W8X10","Module 7 structural model",598485,{"v":0.063179523690765,"d":"0.06"},"TON",{"v":1800,"d":"1,800.00"},{"v":113.723142643377,"d":"113.72"},1,"",{"v":0.00956471930313543,"d":"0.01"},{"v":2.558,"d":"2.56"},"",{"v":0.32833333333332,"d":"0.33"},{"v":0.657499999999974,"d":"0.66"},"",536]
["Structural Framing","Structural Framing : W Shapes : W8X10","Module 7 structural model",598486,{"v":0.0549676215984065,"d":"0.05"},"TON",{"v":1800,"d":"1,800.00"},{"v":98.9417188771317,"d":"98.94"},1,"",{"v":0.00832152318721218,"d":"0.01"},{"v":2.558,"d":"2.56"},"",{"v":0.32833333333332,"d":"0.33"},{"v":0.657499999999974,"d":"0.66"},"",536]
["Structural Framing","Structural Framing : W Shapes : W8X10","Module 7 structural model",598487,{"v":0.048658053664405,"d":"0.05"},"TON",{"v":1800,"d":"1,800.00"},{"v":87.584496595929,"d":"87.58"},1,"",{"v":0.00736632057270422,"d":"0.01"},{"v":2.558,"d":"2.56"},"",{"v":0.32833333333332,"d":"0.33"},{"v":0.657499999999974,"d":"0.66"},"",536]
["Structural Framing","Structural Framing : W Shapes : W8X10","Module 7 structural model",598488,{"v":0.0404461515720462,"d":"0.04"},"TON",{"v":1800,"d":"1,800.00"},{"v":72.8030728296832,"d":"72.80"},1,"",{"v":0.0061231244567809,"d":"0.01"},{"v":2.558,"d":"2.56"},"",{"v":0.32833333333332,"d":"0.33"},{"v":0.657499999999974,"d":"0.66"},"",536]
["Structural Framing","Structural Framing : W Shapes : W8X10","Module 7 structural model",598502,{"v":0.0388795484553654,"d":"0.04"},"TON",{"v":1800,"d":"1,800.00"},{"v":69.9831872196577,"d":"69.98"},1,"",{"v":0.00588595712478566,"d":"0.01"},{"v":2.558,"d":"2.56"},"",{"v":0.32833333333332,"d":"0.33"},{"v":0.657499999999974,"d":"0.66"},"",536]
["Structural Framing","Structural Framing : W Shapes : W8X10","Module 7 structural model",598503,{"v":0.0187351044812044,"d":"0.02"},"TON",{"v":1800,"d":"1,800.00"},{"v":33.723188066168,"d":"33.72"},1,"",{"v":0.00283629893056362,"d":"0.00"},{"v":2.558,"d":"2.56"},"",{"v":0.32833333333332,"d":"0.33"},{"v":0.657499999999974,"d":"0.66"},"",536]
["Structural Framing","Structural Framing : W Shapes : W8X10","Module 7 structural model",598504,{"v":0.0065798521636186,"d":"0.01"},"TON",{"v":1800,"d":"1,800.00"},{"v":11.8437338945135,"d":"11.84"},1,"",{"v":0.000996120820871902,"d":"0.00"},{"v":2.558,"d":"2.56"},"",{"v":0.32833333333332,"d":"0.33"},{"v":0.657499999999974,"d":"0.66"},"",536]
["Structural Framing","Structural Framing : W Shapes : W8X10","Module 7 structural model",598505,{"v":0.0119775396584691,"d":"0.01"},"TON",{"v":1800,"d":"1,800.00"},{"v":21.5595713852444,"d":"21.56"},1,"",{"v":0.00181327427120466,"d":"0.00"},{"v":2.558,"d":"2.56"},"",{"v":0.32833333333332,"d":"0.33"},{"v":0.657499999999974,"d":"0.66"},"",536]
["Structural Framing","Structural Framing : W Shapes : W8X10","Module 7 structural model",598506,{"v":0.0173752271533196,"d":"0.02"},"TON",{"v":1800,"d":"1,800.00"},{"v":31.2754088759754,"d":"31.28"},1,"",{"v":0.00263042772153743,"d":"0.00"},{"v":2.558,"d":"2.56"},"",{"v":0.32833333333332,"d":"0.33"},{"v":0.657499999999974,"d":"0.66"},"",536]
["Structural Framing","Structural Framing : W Shapes : W8X10","Module 7 structural model",598507,{"v":0.0233429023088698,"d":"0.02"},"TON",{"v":1800,"d":"1,800.00"},{"v":42.0172241559656,"d":"42.02"},1,"",{"v":0.0035338713441027,"d":"0.00"},{"v":2.558,"d":"2.56"},"",{"v":0.32833333333332,"d":"0.33"},{"v":0.657499999999974,"d":"0.66"},"",536]
["Structural Framing","Structural Framing : W Shapes : W8X10","Module 7 structural model",598508,{"v":0.0287405898037204,"d":"0.03"},"TON",{"v":1800,"d":"1,800.00"},{"v":51.7330616466966,"d":"51.73"},1,"",{"v":0.00435102479443546,"d":"0.00"},{"v":2.558,"d":"2.56"},"",{"v":0.32833333333332,"d":"0.33"},{"v":0.657499999999974,"d":"0.66"},"",536]
["Structural Framing","Structural Framing : W Shapes : W8X10","Module 7 structural model",598509,{"v":0.0335682896378716,"d":"0.03"},"TON",{"v":1800,"d":"1,800.00"},{"v":60.422921348169,"d":"60.42"},1,"",{"v":0.00508188807253581,"d":"0.01"},{"v":2.558,"d":"2.56"},"",{"v":0.32833333333332,"d":"0.33"},{"v":0.657499999999974,"d":"0.66"},"",536]
["Structural Framing","Structural Framing : W Shapes : W8X10","Module 7 structural model",598510,{"v":0.0389659771327222,"d":"0.04"},"TON",{"v":1800,"d":"1,800.00"},{"v":70.1387588388999,"d":"70.14"},1,"",{"v":0.00589904152286858,"d":"0.01"},{"v":2.558,"d":"2.56"},"",{"v":0.32833333333332,"d":"0.33"},{"v":0.657499999999974,"d":"0.66"},"",536]
["Structural Framing","Structural Framing : W Shapes : W8X10","Module 7 structural model",598523,{"v":0.100382572902569,"d":"0.10"},"TON",{"v":1800,"d":"1,800.00"},{"v":180.688631224624,"d":"180.69"},1,"",{"v":0.0151968719713527,"d":"0.02"},{"v":2.558,"d":"2.56"},"",{"v":0.32833333333332,"d":"0.33"},{"v":0.657499999999974,"d":"0.66"},"",536]
["Structural Framing","Structural Framing : W Shapes : W8X10","Module 7 structural model",598524,{"v":0.102771194684996,"d":"0.10"},"TON",{"v":1800,"d":"1,800.00"},{"v":184.988150432992,"d":"184.99"},1,"",{"v":0.0155584843345938,"d":"0.02"},{"v":2.558,"d":"2.56"},"",{"v":0.32833333333332,"d":"0.33"},{"v":0.657499999999974,"d":"0.66"},"",536]
["Structural Framing","Structural Framing : W Shapes : W8X10","Module 7 structural model",598525,{"v":0.102771194684996,"d":"0.10"},"TON",{"v":1800,"d":"1,800.00"},{"v":184.988150432992,"d":"184.99"},1,"",{"v":0.0155584843345938,"d":"0.02"},{"v":2.558,"d":"2.56"},"",{"v":0.32833333333332,"d":"0.33"},{"v":0.657499999999974,"d":"0.66"},"",536]
["Structural Framing","Structural Framing : W Shapes : W8X10","Module 7 structural model",598526,{"v":0.102771194684996,"d":"0.10"},"TON",{"v":1800,"d":"1,800.00"},{"v":184.988150432992,"d":"184.99"},1,"",{"v":0.0155584843345938,"d":"0.02"},{"v":2.558,"d":"2.56"},"",{"v":0.32833333333332,"d":"0.33"},{"v":0.657499999999974,"d":"0.66"},"",536]
["Structural Framing","Structural Framing : W Shapes : W8X10","Module 7 structural model",598527,{"v":0.102771194684996,"d":"0.10"},"TON",{"v":1800,"d":"1,800.00"},{"v":184.988150432992,"d":"184.99"},1,"",{"v":0.0155584843345938,"d":"0.02"},{"v":2.558,"d":"2.56"},"",{"v":0.32833333333332,"d":"0.33"},{"v":0.657499999999974,"d":"0.66"},"",536]
["Structural Framing","Structural Framing : W Shapes : W8X10","Module 7 structural model",598571,{"v":0.0421716378655745,"d":"0.04"},"TON",{"v":1800,"d":"1,800.00"},{"v":75.9089481580341,"d":"75.91"},1,"",{"v":0.00638434504052232,"d":"0.01"},{"v":2.558,"d":"2.56"},"",{"v":0.32833333333332,"d":"0.33"},{"v":0.657499999999974,"d":"0.66"},"",536]
["Structural Framing","Structural Framing : W Shapes : W8X10","Module 7 structural model",598572,{"v":0.0484186258505756,"d":"0.05"},"TON",{"v":1800,"d":"1,800.00"},{"v":87.153526531036,"d":"87.15"},1,"",{"v":0.00733007370506633,"d":"0.01"},{"v":2.558,"d":"2.56"},"",{"v":0.32833333333332,"d":"0.33"},{"v":0.657499999999974,"d":"0.66"},"",536]
["Structural Framing","Structural Framing : W Shapes : W8X10","Module 7 structural model",598573,{"v":0.0544239616446665,"d":"0.05"},"TON",{"v":1800,"d":"1,800.00"},{"v":97.9631309603997,"d":"97.96"},1,"",{"v":0.00823921875453981,"d":"0.01"},{"v":2.558,"d":"2.56"},"",{"v":0.32833333333332,"d":"0.33"},{"v":0.657499999999974,"d":"0.66"},"",536]
["Structural Framing","Structural Framing : W Shapes : W8X10","Module 7 structural model",598574,{"v":0.0603193270521555,"d":"0.06"},"TON",{"v":1800,"d":"1,800.00"},{"v":108.57478869388,"d":"108.57"},1,"",{"v":0.0091317154372948,"d":"0.01"},{"v":2.558,"d":"2.56"},"",{"v":0.32833333333332,"d":"0.33"},{"v":0.657499999999974,"d":"0.66"},"",536]
["Structural Framing","Structural Framing : W Shapes : W8X10","Module 7 structural model",598575,{"v":0.0662146924596445,"d":"0.07"},"TON",{"v":1800,"d":"1,800.00"},{"v":119.18644642736,"d":"119.19"},1,"",{"v":0.0100242121200498,"d":"0.01"},{"v":2.558,"d":"2.56"},"",{"v":0.32833333333332,"d":"0.33"},{"v":0.657499999999974,"d":"0.66"},"",536]
["Structural Framing","Structural Framing : W Shapes : W8X10","Module 7 structural model",598576,{"v":0.082583806166436,"d":"0.08"},"TON",{"v":1800,"d":"1,800.00"},{"v":148.650851099585,"d":"148.65"},1,"",{"v":0.0125023247853634,"d":"0.01"},{"v":2.558,"d":"2.56"},"",{"v":0.32833333333332,"d":"0.33"},{"v":0.657499999999974,"d":"0.66"},"",536]
["Structural Framing","Structural Framing : W Shapes : W8X10","Module 7 structural model",598577,{"v":0.0538145586578095,"d":"0.05"},"TON",{"v":1800,"d":"1,800.00"},{"v":96.8662055840571,"d":"96.87"},1,"",{"v":0.00814696151404039,"d":"0.01"},{"v":2.558,"d":"2.56"},"",{"v":0.32833333333332,"d":"0.33"},{"v":0.657499999999974,"d":"0.66"},"",536]
["Structural Framing","Structural Framing : W Shapes : W8X10","Module 7 structural model",598578,{"v":0.0250453111491832,"d":"0.03"},"TON",{"v":1800,"d":"1,800.00"},{"v":45.0815600685297,"d":"45.08"},1,"",{"v":0.00379159824271738,"d":"0.00"},{"v":2.558,"d":"2.56"},"",{"v":0.32833333333332,"d":"0.33"},{"v":0.657499999999974,"d":"0.66"},"",536]
["Structural Framing","Structural Framing : W Shapes : W8X10","Module 7 structural model",598579,{"v":0.072613433845401,"d":"0.07"},"TON",{"v":1800,"d":"1,800.00"},{"v":130.704180921722,"d":"130.70"},1,"",{"v":0.0109929146627861,"d":"0.01"},{"v":2.558,"d":"2.56"},"",{"v":0.32833333333332,"d":"0.33"},{"v":0.657499999999974,"d":"0.66"},"",536]
["Structural Framing","Structural Framing : W Shapes : W8X10","Module 7 structural model",598580,{"v":0.00982661366633625,"d":"0.01"},"TON",{"v":1800,"d":"1,800.00"},{"v":17.6879045994052,"d":"17.69"},1,"",{"v":0.00148764656534756,"d":"0.00"},{"v":2.558,"d":"2.56"},"",{"v":0.32833333333332,"d":"0.33"},{"v":0.657499999999974,"d":"0.66"},"",536]
["Structural Framing","Structural Framing : W Shapes : W8X10","Module 7 structural model",598581,{"v":0.0438441863367743,"d":"0.04"},"TON",{"v":1800,"d":"1,800.00"},{"v":78.9195354061938,"d":"78.92"},1,"",{"v":0.00663755139146309,"d":"0.01"},{"v":2.558,"d":"2.56"},"",{"v":0.32833333333332,"d":"0.33"},{"v":0.657499999999974,"d":"0.66"},"",536]
["Structural Framing","Structural Framing : W Shapes : W8X10","Module 7 structural model",598582,{"v":0.0150749388281478,"d":"0.02"},"TON",{"v":1800,"d":"1,800.00"},{"v":27.134889890666,"d":"27.13"},1,"",{"v":0.00228218812014006,"d":"0.00"},{"v":2.558,"d":"2.56"},"",{"v":0.32833333333332,"d":"0.33"},{"v":0.657499999999974,"d":"0.66"},"",536]
["Structural Framing","Structural Framing : W Shapes : W8X10","Module 7 structural model",598598,{"v":0.0686593082550335,"d":"0.07"},"TON",{"v":1800,"d":"1,800.00"},{"v":123.58675485906,"d":"123.59"},1,"",{"v":0.010394301391399,"d":"0.01"},{"v":2.558,"d":"2.56"},"",{"v":0.32833333333332,"d":"0.33"},{"v":0.657499999999974,"d":"0.66"},"",536]
["Structural Framing","Structural Framing : W Shapes : W8X10","Module 7 structural model",598599,{"v":0.0827253208645605,"d":"0.08"},"TON",{"v":1800,"d":"1,800.00"},{"v":148.905577556209,"d":"148.91"},1,"",{"v":0.0125237486310298,"d":"0.01"},{"v":2.558,"d":"2.56"},"",{"v":0.32833333333332,"d":"0.33"},{"v":0.657499999999974,"d":"0.66"},"",536]
["Structural Framing","Structural Framing : W Shapes : W8X10","Module 7 structural model",598600,{"v":0.0967913334740875,"d":"0.10"},"TON",{"v":1800,"d":"1,800.00"},{"v":174.224400253358,"d":"174.22"},1,"",{"v":0.0146531958706606,"d":"0.01"},{"v":2.558,"d":"2.56"},"",{"v":0.32833333333332,"d":"0.33"},{"v":0.657499999999974,"d":"0.66"},"",536]
["Structural Framing","Structural Framing : W Shapes : W8X10","Module 7 structural model",598613,{"v":0.0067359618681271,"d":"0.01"},"TON",{"v":1800,"d":"1,800.00"},{"v":12.1247313626288,"d":"12.12"},1,"",{"v":0.00101975419790442,"d":"0.00"},{"v":2.558,"d":"2.56"},"",{"v":0.32833333333332,"d":"0.33"},{"v":0.657499999999974,"d":"0.66"},"",536]
["Structural Framing","Structural Framing : W Shapes : W8X10","Module 7 structural model",598614,{"v":0.0243518434634282,"d":"0.02"},"TON",{"v":1800,"d":"1,800.00"},{"v":43.8333182341707,"d":"43.83"},1,"",{"v":0.00368661448575672,"d":"0.00"},{"v":2.558,"d":"2.56"},"",{"v":0.32833333333332,"d":"0.33"},{"v":0.657499999999974,"d":"0.66"},"",536]
["Structural Framing","Structural Framing : W Shapes : W8X10","Module 7 structural model",598615,{"v":0.0355536939732234,"d":"0.04"},"TON",{"v":1800,"d":"1,800.00"},{"v":63.996649151802,"d":"64.00"},1,"",{"v":0.0053824575301945,"d":"0.01"},{"v":2.558,"d":"2.56"},"",{"v":0.32833333333332,"d":"0.33"},{"v":0.657499999999974,"d":"0.66"},"",536]
["Structural Framing","Structural Framing : W Shapes : W8X10","Module 7 structural model",598616,{"v":0.0467555444830186,"d":"0.05"},"TON",{"v":1800,"d":"1,800.00"},{"v":84.1599800694335,"d":"84.16"},1,"",{"v":0.00707830057463227,"d":"0.01"},{"v":2.558,"d":"2.56"},"",{"v":0.32833333333332,"d":"0.33"},{"v":0.657499999999974,"d":"0.66"},"",536]
["Structural Framing","Structural Framing : W Shapes : W8X10","Module 7 structural model",598617,{"v":0.057957394992814,"d":"0.06"},"TON",{"v":1800,"d":"1,800.00"},{"v":104.323310987065,"d":"104.32"},1,"",{"v":0.00877414361907007,"d":"0.01"},{"v":2.558,"d":"2.56"},"",{"v":0.32833333333332,"d":"0.33"},{"v":0.657499999999974,"d":"0.66"},"",536]
["Structural Framing","Structural Framing : W Shapes : W8X10","Module 7 structural model",598618,{"v":0.0480000796663729,"d":"0.05"},"TON",{"v":1800,"d":"1,800.00"},{"v":86.4001433994712,"d":"86.40"},1,"",{"v":0.00726671018895484,"d":"0.01"},{"v":2.558,"d":"2.56"},"",{"v":0.32833333333332,"d":"0.33"},{"v":0.657499999999974,"d":"0.66"},"",536]
["Structural Framing","Structural Framing : W Shapes : W8X10","Module 7 structural model",598814,{"v":0.0116685553293626,"d":"0.01"},"TON",{"v":1800,"d":"1,800.00"},{"v":21.0033995928527,"d":"21.00"},1,"",{"v":0.00176649727441317,"d":"0.00"},{"v":2.558,"d":"2.56"},"",{"v":0.32833333333332,"d":"0.33"},{"v":0.657499999999974,"d":"0.66"},"",536]
["Structural Framing","Structural Framing : W Shapes : W8X10","Module 7 structural model",598815,{"v":0.0966679522376915,"d":"0.10"},"TON",{"v":1800,"d":"1,800.00"},{"v":174.002314027845,"d":"174.00"},1,"",{"v":0.0146345172415026,"d":"0.01"},{"v":2.558,"d":"2.56"},"",{"v":0.32833333333332,"d":"0.33"},{"v":0.657499999999974,"d":"0.66"},"",536]
["Structural Framing","Structural Framing : W Shapes : W8X10","Module 7 structural model",598816,{"v":0.0985293754815005,"d":"0.10"},"TON",{"v":1800,"d":"1,800.00"},{"v":177.352875866701,"d":"177.35"},1,"",{"v":0.0149163172582059,"d":"0.01"},{"v":2.558,"d":"2.56"},"",{"v":0.32833333333332,"d":"0.33"},{"v":0.657499999999974,"d":"0.66"},"",536]
["Structural Framing","Structural Framing : W Shapes : W8X10","Module 7 structural model",598817,{"v":0.046288274995781,"d":"0.05"},"TON",{"v":1800,"d":"1,800.00"},{"v":83.3188949924057,"d":"83.32"},1,"",{"v":0.00701016030485171,"d":"0.01"},{"v":2.558,"d":"2.56"},"",{"v":0.32833333333332,"d":"0.33"},{"v":0.657499999999974,"d":"0.66"},"",536]
["Structural Framing","Structural Framing : W Shapes : W8X10","Module 7 structural model",598818,{"v":0.0326171555564363,"d":"0.03"},"TON",{"v":1800,"d":"1,800.00"},{"v":58.7108800015854,"d":"58.71"},1,"",{"v":0.00493789631734147,"d":"0.00"},{"v":2.558,"d":"2.56"},"",{"v":0.32833333333332,"d":"0.33"},{"v":0.657499999999974,"d":"0.66"},"",536]
["Structural Framing","Structural Framing : W Shapes : W8X10","Module 7 structural model",598819,{"v":0.0807008994752715,"d":"0.08"},"TON",{"v":1800,"d":"1,800.00"},{"v":145.261619055489,"d":"145.26"},1,"",{"v":0.0122172723993541,"d":"0.01"},{"v":2.558,"d":"2.56"},"",{"v":0.32833333333332,"d":"0.33"},{"v":0.657499999999974,"d":"0.66"},"",536]
["Structural Framing","Structural Framing : W Shapes : W8X10","Module 7 structural model",598820,{"v":0.063787454125157,"d":"0.06"},"TON",{"v":1800,"d":"1,800.00"},{"v":114.817417425283,"d":"114.82"},1,"",{"v":0.00965675361458822,"d":"0.01"},{"v":2.558,"d":"2.56"},"",{"v":0.32833333333332,"d":"0.33"},{"v":0.657499999999974,"d":"0.66"},"",536]
["Structural Framing","Structural Framing : W Shapes : W8X10","Module 7 structural model",598821,{"v":0.0103598364929029,"d":"0.01"},"TON",{"v":1800,"d":"1,800.00"},{"v":18.6477056872251,"d":"18.65"},1,"",{"v":0.00156895271111142,"d":"0.00"},{"v":2.558,"d":"2.56"},"",{"v":0.32833333333332,"d":"0.33"},{"v":0.657499999999974,"d":"0.66"},"",536]
["Structural Framing","Structural Framing : W Shapes : W8X10","Module 7 structural model",598822,{"v":0.0707962995002675,"d":"0.07"},"TON",{"v":1800,"d":"1,800.00"},{"v":127.433339100482,"d":"127.43"},1,"",{"v":0.0107217952825506,"d":"0.01"},{"v":2.558,"d":"2.56"},"",{"v":0.32833333333332,"d":"0.33"},{"v":0.657499999999974,"d":"0.66"},"",536]
["Structural Framing","Structural Framing : W Shapes : W8X10","Module 7 structural model",598823,{"v":0.0744869848218235,"d":"0.07"},"TON",{"v":1800,"d":"1,800.00"},{"v":134.076572679282,"d":"134.08"},1,"",{"v":0.0112807337122335,"d":"0.01"},{"v":2.558,"d":"2.56"},"",{"v":0.32833333333332,"d":"0.33"},{"v":0.657499999999974,"d":"0.66"},"",536]
["Structural Framing","Structural Framing : W Shapes : W8X10","Module 7 structural model",598824,{"v":0.073856011629523,"d":"0.07"},"TON",{"v":1800,"d":"1,800.00"},{"v":132.940820933141,"d":"132.94"},1,"",{"v":0.0111810279473308,"d":"0.01"},{"v":2.558,"d":"2.56"},"",{"v":0.32833333333332,"d":"0.33"},{"v":0.657499999999974,"d":"0.66"},"",536]
["Structural Framing","Structural Framing : W Shapes : W8X10","Module 7 structural model",598825,{"v":0.0996072597498355,"d":"0.10"},"TON",{"v":1800,"d":"1,800.00"},{"v":179.293067549704,"d":"179.29"},1,"",{"v":0.0150794976664399,"d":"0.02"},{"v":2.558,"d":"2.56"},"",{"v":0.32833333333332,"d":"0.33"},{"v":0.657499999999974,"d":"0.66"},"",536]
["Structural Framing","Structural Framing : W Shapes : W8X10","Module 7 structural model",598826,{"v":0.0088078545722331,"d":"0.01"},"TON",{"v":1800,"d":"1,800.00"},{"v":15.8541382300196,"d":"15.85"},1,"",{"v":0.00133341709029949,"d":"0.00"},{"v":2.558,"d":"2.56"},"",{"v":0.32833333333332,"d":"0.33"},{"v":0.657499999999974,"d":"0.66"},"",536]
["Structural Framing","Structural Framing : W Shapes : W8X10","Module 7 structural model",598827,{"v":0.0184148030735148,"d":"0.02"},"TON",{"v":1800,"d":"1,800.00"},{"v":33.1466455323266,"d":"33.15"},1,"",{"v":0.00278884278015071,"d":"0.00"},{"v":2.558,"d":"2.56"},"",{"v":0.32833333333332,"d":"0.33"},{"v":0.657499999999974,"d":"0.66"},"",536]
["Structural Framing","Structural Framing : W Shapes : W8X10","Module 7 structural model",598828,{"v":0.100264179143468,"d":"0.10"},"TON",{"v":1800,"d":"1,800.00"},{"v":180.475522458243,"d":"180.48"},1,"",{"v":0.0151845790039518,"d":"0.02"},{"v":2.558,"d":"2.56"},"",{"v":0.32833333333332,"d":"0.33"},{"v":0.657499999999974,"d":"0.66"},"",536]
["Structural Framing","Structural Framing : W Shapes : W8X10","Module 7 structural model",598829,{"v":0.0961211276121235,"d":"0.10"},"TON",{"v":1800,"d":"1,800.00"},{"v":173.018029701822,"d":"173.02"},1,"",{"v":0.0145517337106042,"d":"0.01"},{"v":2.558,"d":"2.56"},"",{"v":0.32833333333332,"d":"0.33"},{"v":0.657499999999974,"d":"0.66"},"",536]
["Structural Framing","Structural Framing : W Shapes : W8X10","Module 7 structural model",598830,{"v":0.0439726467335791,"d":"0.04"},"TON",{"v":1800,"d":"1,800.00"},{"v":79.1507641204424,"d":"79.15"},1,"",{"v":0.00665699895240105,"d":"0.01"},{"v":2.558,"d":"2.56"},"",{"v":0.32833333333332,"d":"0.33"},{"v":0.657499999999974,"d":"0.66"},"",536]
["Structural Framing","Structural Framing : W Shapes : W8X10","Module 7 structural model",598831,{"v":0.0243240339919158,"d":"0.02"},"TON",{"v":1800,"d":"1,800.00"},{"v":43.7832611854484,"d":"43.78"},1,"",{"v":0.00368377040534635,"d":"0.00"},{"v":2.558,"d":"2.56"},"",{"v":0.32833333333332,"d":"0.33"},{"v":0.657499999999974,"d":"0.66"},"",536]
["Structural Framing","Structural Framing : W Shapes : W8X10","Module 7 structural model",598832,{"v":0.0040478238609551,"d":"0.00"},"TON",{"v":1800,"d":"1,800.00"},{"v":7.28608294971919,"d":"7.29"},1,"",{"v":0.000612798209876797,"d":"0.00"},{"v":2.558,"d":"2.56"},"",{"v":0.32833333333332,"d":"0.33"},{"v":0.657499999999974,"d":"0.66"},"",536]
["Structural Framing","Structural Framing : W Shapes : W8X10","Module 7 structural model",598833,{"v":0.043722753076222,"d":"0.04"},"TON",{"v":1800,"d":"1,800.00"},{"v":78.7009555371996,"d":"78.70"},1,"",{"v":0.00661916766548042,"d":"0.01"},{"v":2.558,"d":"2.56"},"",{"v":0.32833333333332,"d":"0.33"},{"v":0.657499999999974,"d":"0.66"},"",536]
["Structural Framing","Structural Framing : W Shapes : W8X10","Module 7 structural model",598834,{"v":0.130269006909352,"d":"0.13"},"TON",{"v":1800,"d":"1,800.00"},{"v":234.484212436833,"d":"234.48"},1,"",{"v":0.0197213655975739,"d":"0.02"},{"v":2.558,"d":"2.56"},"",{"v":0.32833333333332,"d":"0.33"},{"v":0.657499999999974,"d":"0.66"},"",536]
["Structural Framing","Structural Framing : W Shapes : W8X10","Module 7 structural model",598835,{"v":0.014126671666653,"d":"0.01"},"TON",{"v":1800,"d":"1,800.00"},{"v":25.4280089999755,"d":"25.43"},1,"",{"v":0.0021386303866492,"d":"0.00"},{"v":2.558,"d":"2.56"},"",{"v":0.32833333333332,"d":"0.33"},{"v":0.657499999999974,"d":"0.66"},"",536]
["Structural Framing","Structural Framing : W Shapes : W8X10","Module 7 structural model",598836,{"v":0.11835782884929,"d":"0.12"},"TON",{"v":1800,"d":"1,800.00"},{"v":213.044091928723,"d":"213.04"},1,"",{"v":0.0179181377785138,"d":"0.02"},{"v":2.558,"d":"2.56"},"",{"v":0.32833333333332,"d":"0.33"},{"v":0.657499999999974,"d":"0.66"},"",536]
["Structural Framing","Structural Framing : W Shapes : W8X10","Module 7 structural model",598837,{"v":0.105454194074116,"d":"0.11"},"TON",{"v":1800,"d":"1,800.00"},{"v":189.81754933341,"d":"189.82"},1,"",{"v":0.0159705844589344,"d":"0.02"},{"v":2.558,"d":"2.56"},"",{"v":0.32833333333332,"d":"0.33"},{"v":0.657499999999974,"d":"0.66"},"",536]
["Structural Framing","Structural Framing : W Shapes : W8X10","Module 7 structural model",598838,{"v":0.0634221010877025,"d":"0.06"},"TON",{"v":1800,"d":"1,800.00"},{"v":114.159781957865,"d":"114.16"},1,"",{"v":0.00960144298472488,"d":"0.01"},{"v":2.558,"d":"2.56"},"",{"v":0.32833333333332,"d":"0.33"},{"v":0.657499999999974,"d":"0.66"},"",536]
["Structural Framing","Structural Framing : W Shapes : W8X10","Module 7 structural model",598839,{"v":0.0313290704456385,"d":"0.03"},"TON",{"v":1800,"d":"1,800.00"},{"v":56.3923268021493,"d":"56.39"},1,"",{"v":0.00474465306918297,"d":"0.00"},{"v":2.558,"d":"2.56"},"",{"v":0.32833333333332,"d":"0.33"},{"v":0.657499999999974,"d":"0.66"},"",536]
["Structural Framing","Structural Framing : W Shapes : W8X10","Module 7 structural model",598840,{"v":0.058535981079361,"d":"0.06"},"TON",{"v":1800,"d":"1,800.00"},{"v":105.36476594285,"d":"105.36"},1,"",{"v":0.00886502275156049,"d":"0.01"},{"v":2.558,"d":"2.56"},"",{"v":0.32833333333332,"d":"0.33"},{"v":0.657499999999974,"d":"0.66"},"",536]
["Structural Framing","Structural Framing : W Shapes : W8X10","Module 7 structural model",598841,{"v":0.0402669765710597,"d":"0.04"},"TON",{"v":1800,"d":"1,800.00"},{"v":72.4805578279074,"d":"72.48"},1,"",{"v":0.00609599923502452,"d":"0.01"},{"v":2.558,"d":"2.56"},"",{"v":0.32833333333332,"d":"0.33"},{"v":0.657499999999974,"d":"0.66"},"",536]
["Structural Framing","Structural Framing : W Shapes : W8X10","Module 7 structural model",598842,{"v":0.0398750692641708,"d":"0.04"},"TON",{"v":1800,"d":"1,800.00"},{"v":71.7751246755075,"d":"71.78"},1,"",{"v":0.00603666856641126,"d":"0.01"},{"v":2.558,"d":"2.56"},"",{"v":0.32833333333332,"d":"0.33"},{"v":0.657499999999974,"d":"0.66"},"",536]
["Structural Framing","Structural Framing : W Shapes : W8X10","Module 7 structural model",598843,{"v":0.072355318474764,"d":"0.07"},"TON",{"v":1800,"d":"1,800.00"},{"v":130.239573254575,"d":"130.24"},1,"",{"v":0.0109579020057007,"d":"0.01"},{"v":2.558,"d":"2.56"},"",{"v":0.32833333333332,"d":"0.33"},{"v":0.657499999999974,"d":"0.66"},"",536]
["Structural Framing","Structural Framing : W Shapes : W8X10","Module 7 structural model",598844,{"v":0.0161711833919892,"d":"0.02"},"TON",{"v":1800,"d":"1,800.00"},{"v":29.1081301055805,"d":"29.11"},1,"",{"v":0.00244814808514473,"d":"0.00"},{"v":2.558,"d":"2.56"},"",{"v":0.32833333333332,"d":"0.33"},{"v":0.657499999999974,"d":"0.66"},"",536]
["Structural Framing","Structural Framing : W Shapes : W8X10","Module 7 structural model",598860,{"v":0.0479011230044255,"d":"0.05"},"TON",{"v":1800,"d":"1,800.00"},{"v":86.2220214079659,"d":"86.22"},1,"",{"v":0.00725172918499325,"d":"0.01"},{"v":2.558,"d":"2.56"},"",{"v":0.32833333333332,"d":"0.33"},{"v":0.657499999999974,"d":"0.66"},"",536]
["Structural Framing","Structural Framing : W Shapes : W8X10","Module 7 structural model",598861,{"v":0.0409771790711418,"d":"0.04"},"TON",{"v":1800,"d":"1,800.00"},{"v":73.7589223280553,"d":"73.76"},1,"",{"v":0.0062058176537255,"d":"0.01"},{"v":2.558,"d":"2.56"},"",{"v":0.32833333333332,"d":"0.33"},{"v":0.657499999999974,"d":"0.66"},"",536]
["Structural Framing","Structural Framing : W Shapes : W8X10","Module 7 structural model",598862,{"v":0.0340532351378582,"d":"0.03"},"TON",{"v":1800,"d":"1,800.00"},{"v":61.2958232481448,"d":"61.30"},1,"",{"v":0.0051572161035803,"d":"0.01"},{"v":2.558,"d":"2.56"},"",{"v":0.32833333333332,"d":"0.33"},{"v":0.657499999999974,"d":"0.66"},"",536]
["Structural Framing","Structural Framing : W Shapes : W8X10","Module 7 structural model",598863,{"v":0.0271292912045745,"d":"0.03"},"TON",{"v":1800,"d":"1,800.00"},{"v":48.8327241682341,"d":"48.83"},1,"",{"v":0.00410861455343507,"d":"0.00"},{"v":2.558,"d":"2.56"},"",{"v":0.32833333333332,"d":"0.33"},{"v":0.657499999999974,"d":"0.66"},"",536]
["Structural Framing","Structural Framing : W Shapes : W8X10","Module 7 structural model",598864,{"v":0.0202053472712909,"d":"0.02"},"TON",{"v":1800,"d":"1,800.00"},{"v":36.3696250883235,"d":"36.37"},1,"",{"v":0.00306001300328987,"d":"0.00"},{"v":2.558,"d":"2.56"},"",{"v":0.32833333333332,"d":"0.33"},{"v":0.657499999999974,"d":"0.66"},"",536]
["Structural Framing","Structural Framing : W Shapes : W8X10","Module 7 structural model",598883,{"v":0.000209330579148512,"d":"0.00"},"TON",{"v":1800,"d":"1,800.00"},{"v":0.376795042467322,"d":"0.38"},1,"",{"v":0.0000316904609936276,"d":"0.00"},{"v":2.558,"d":"2.56"},"",{"v":0.32833333333332,"d":"0.33"},{"v":0.657499999999974,"d":"0.66"},"",536]
["Structural Framing","Structural Framing : W Shapes : W8X10","Module 7 structural model",598884,{"v":0.0000799727185390545,"d":"0.00"},"TON",{"v":1800,"d":"1,800.00"},{"v":0.143950893370298,"d":"0.14"},1,"",{"v":0.000012107033419227,"d":"0.00"},{"v":2.558,"d":"2.56"},"",{"v":0.32833333333332,"d":"0.33"},{"v":0.657499999999974,"d":"0.66"},"",536]
["Structural Framing","Structural Framing : W Shapes : W8X10","Module 7 structural model",598885,{"v":0.06048576462098,"d":"0.06"},"TON",{"v":1800,"d":"1,800.00"},{"v":108.874376317764,"d":"108.87"},1,"",{"v":0.00916030908892684,"d":"0.01"},{"v":2.558,"d":"2.56"},"",{"v":0.32833333333332,"d":"0.33"},{"v":0.657499999999974,"d":"0.66"},"",536]
["Structural Framing","Structural Framing : W Shapes : W8X10","Module 7 structural model",598886,{"v":0.100841469695827,"d":"0.10"},"TON",{"v":1800,"d":"1,800.00"},{"v":181.514645452488,"d":"181.51"},1,"",{"v":0.0152663441477829,"d":"0.02"},{"v":2.558,"d":"2.56"},"",{"v":0.32833333333332,"d":"0.33"},{"v":0.657499999999974,"d":"0.66"},"",536]
["Structural Framing","Structural Framing : W Shapes : W8X10","Module 7 structural model",598887,{"v":0.100841469695827,"d":"0.10"},"TON",{"v":1800,"d":"1,800.00"},{"v":181.514645452488,"d":"181.51"},1,"",{"v":0.0152663441477829,"d":"0.02"},{"v":2.558,"d":"2.56"},"",{"v":0.32833333333332,"d":"0.33"},{"v":0.657499999999974,"d":"0.66"},"",536]
["Structural Framing","Structural Framing : W Shapes : W8X10","Module 7 structural model",598888,{"v":0.0805782415170605,"d":"0.08"},"TON",{"v":1800,"d":"1,800.00"},{"v":145.040834730709,"d":"145.04"},1,"",{"v":0.0122032283589988,"d":"0.01"},{"v":2.558,"d":"2.56"},"",{"v":0.32833333333332,"d":"0.33"},{"v":0.657499999999974,"d":"0.66"},"",536]
["Structural Framing","Structural Framing : W Shapes : W8X10","Module 7 structural model",598902,{"v":0.0763412543465535,"d":"0.08"},"TON",{"v":1800,"d":"1,800.00"},{"v":137.414257823796,"d":"137.41"},1,"",{"v":0.0115572677098353,"d":"0.01"},{"v":2.558,"d":"2.56"},"",{"v":0.32833333333332,"d":"0.33"},{"v":0.657499999999974,"d":"0.66"},"",536]
["Structural Framing","Structural Framing : W Shapes : W8X10","Module 7 structural model",598903,{"v":0.073558872350607,"d":"0.07"},"TON",{"v":1800,"d":"1,800.00"},{"v":132.405970231093,"d":"132.41"},1,"",{"v":0.0111360441672903,"d":"0.01"},{"v":2.558,"d":"2.56"},"",{"v":0.32833333333332,"d":"0.33"},{"v":0.657499999999974,"d":"0.66"},"",536]
["Structural Framing","Structural Framing : W Shapes : W8X10","Module 7 structural model",598904,{"v":0.068939236773433,"d":"0.07"},"TON",{"v":1800,"d":"1,800.00"},{"v":124.090626192179,"d":"124.09"},1,"",{"v":0.0104366796422472,"d":"0.01"},{"v":2.558,"d":"2.56"},"",{"v":0.32833333333332,"d":"0.33"},{"v":0.657499999999974,"d":"0.66"},"",536]
["Structural Framing","Structural Framing : W Shapes : W8X10","Module 7 structural model",598923,{"v":0.0294285941652714,"d":"0.03"},"TON",{"v":1800,"d":"1,800.00"},{"v":52.9714694974884,"d":"52.97"},1,"",{"v":0.00445518146123432,"d":"0.00"},{"v":2.558,"d":"2.56"},"",{"v":0.32833333333332,"d":"0.33"},{"v":0.657499999999974,"d":"0.66"},"",536]
["Structural Framing","Structural Framing : W Shapes : W8X10","Module 7 structural model",598924,{"v":0.0269800481924859,"d":"0.03"},"TON",{"v":1800,"d":"1,800.00"},{"v":48.5640867464746,"d":"48.56"},1,"",{"v":0.00408449720211984,"d":"0.00"},{"v":2.558,"d":"2.56"},"",{"v":0.32833333333332,"d":"0.33"},{"v":0.657499999999974,"d":"0.66"},"",536]
["Structural Framing","Structural Framing : W Shapes : W8X10","Module 7 structural model",598925,{"v":0.0245315022197004,"d":"0.02"},"TON",{"v":1800,"d":"1,800.00"},{"v":44.1567039954608,"d":"44.16"},1,"",{"v":0.00371381294300541,"d":"0.00"},{"v":2.558,"d":"2.56"},"",{"v":0.32833333333332,"d":"0.33"},{"v":0.657499999999974,"d":"0.66"},"",536]
["Structural Framing","Structural Framing : W Shapes : W8X10","Module 7 structural model",598926,{"v":0.0192193418811886,"d":"0.02"},"TON",{"v":1800,"d":"1,800.00"},{"v":34.5948153861396,"d":"34.59"},1,"",{"v":0.0029096074098994,"d":"0.00"},{"v":2.558,"d":"2.56"},"",{"v":0.32833333333332,"d":"0.33"},{"v":0.657499999999974,"d":"0.66"},"",536]
["Structural Framing","Structural Framing : W Shapes : W8X10","Module 7 structural model",598927,{"v":0.0167707959084032,"d":"0.02"},"TON",{"v":1800,"d":"1,800.00"},{"v":30.1874326351258,"d":"30.19"},1,"",{"v":0.00253892315078494,"d":"0.00"},{"v":2.558,"d":"2.56"},"",{"v":0.32833333333332,"d":"0.33"},{"v":0.657499999999974,"d":"0.66"},"",536]
["Structural Framing","Structural Framing : W Shapes : W8X10","Module 7 structural model",598928,{"v":0.0143222499356178,"d":"0.01"},"TON",{"v":1800,"d":"1,800.00"},{"v":25.780049884112,"d":"25.78"},1,"",{"v":0.00216823889167049,"d":"0.00"},{"v":2.558,"d":"2.56"},"",{"v":0.32833333333332,"d":"0.33"},{"v":0.657499999999974,"d":"0.66"},"",536]
["Structural Framing","Structural Framing : W Shapes : W8X10","Module 7 structural model",598929,{"v":0.016967175259133,"d":"0.02"},"TON",{"v":1800,"d":"1,800.00"},{"v":30.5409154664395,"d":"30.54"},1,"",{"v":0.00256865293120963,"d":"0.00"},{"v":2.558,"d":"2.56"},"",{"v":0.32833333333332,"d":"0.33"},{"v":0.657499999999974,"d":"0.66"},"",536]
["Structural Framing","Structural Framing : W Shapes : W8X10","Module 7 structural model",598930,{"v":0.0145186292863476,"d":"0.01"},"TON",{"v":1800,"d":"1,800.00"},{"v":26.1335327154256,"d":"26.13"},1,"",{"v":0.00219796867209517,"d":"0.00"},{"v":2.558,"d":"2.56"},"",{"v":0.32833333333332,"d":"0.33"},{"v":0.657499999999974,"d":"0.66"},"",536]
["Structural Framing","Structural Framing : W Shapes : W8X10","Module 7 structural model",598931,{"v":0.0120700833135621,"d":"0.01"},"TON",{"v":1800,"d":"1,800.00"},{"v":21.7261499644118,"d":"21.73"},1,"",{"v":0.00182728441298071,"d":"0.00"},{"v":2.558,"d":"2.56"},"",{"v":0.32833333333332,"d":"0.33"},{"v":0.657499999999974,"d":"0.66"},"",536]
["Structural Framing","Structural Framing : W Shapes : W8X10","Module 7 structural model",598951,{"v":0.096937118399288,"d":"0.10"},"TON",{"v":1800,"d":"1,800.00"},{"v":174.486813118718,"d":"174.49"},1,"",{"v":0.0146752661840583,"d":"0.01"},{"v":2.558,"d":"2.56"},"",{"v":0.32833333333332,"d":"0.33"},{"v":0.657499999999974,"d":"0.66"},"",536]
["Structural Framing","Structural Framing : W Shapes : W8X10","Module 7 structural model",598952,{"v":0.0753318269450395,"d":"0.08"},"TON",{"v":1800,"d":"1,800.00"},{"v":135.597288501071,"d":"135.60"},1,"",{"v":0.0114044509554762,"d":"0.01"},{"v":2.558,"d":"2.56"},"",{"v":0.32833333333332,"d":"0.33"},{"v":0.657499999999974,"d":"0.66"},"",536]
["Structural Framing","Structural Framing : W Shapes : W8X10","Module 7 structural model",598953,{"v":0.0753318269450395,"d":"0.08"},"TON",{"v":1800,"d":"1,800.00"},{"v":135.597288501071,"d":"135.60"},1,"",{"v":0.0114044509554762,"d":"0.01"},{"v":2.558,"d":"2.56"},"",{"v":0.32833333333332,"d":"0.33"},{"v":0.657499999999974,"d":"0.66"},"",536]
["Structural Framing","Structural Framing : W Shapes : W8X10","Module 7 structural model",598954,{"v":0.0753318269450395,"d":"0.08"},"TON",{"v":1800,"d":"1,800.00"},{"v":135.597288501071,"d":"135.60"},1,"",{"v":0.0114044509554762,"d":"0.01"},{"v":2.558,"d":"2.56"},"",{"v":0.32833333333332,"d":"0.33"},{"v":0.657499999999974,"d":"0.66"},"",536]
["Structural Framing","Structural Framing : W Shapes : W8X10","Module 7 structural model",598955,{"v":0.0753318269450395,"d":"0.08"},"TON",{"v":1800,"d":"1,800.00"},{"v":135.597288501071,"d":"135.60"},1,"",{"v":0.0114044509554762,"d":"0.01"},{"v":2.558,"d":"2.56"},"",{"v":0.32833333333332,"d":"0.33"},{"v":0.657499999999974,"d":"0.66"},"",536]
["Structural Framing","Structural Framing : W Shapes : W8X10","Module 7 structural model",598970,{"v":0.078272900040306,"d":"0.08"},"TON",{"v":1800,"d":"1,800.00"},{"v":140.891220072551,"d":"140.89"},1,"",{"v":0.0118496986712379,"d":"0.01"},{"v":2.558,"d":"2.56"},"",{"v":0.32833333333332,"d":"0.33"},{"v":0.657499999999974,"d":"0.66"},"",536]
["Structural Framing","Structural Framing : W Shapes : W8X10","Module 7 structural model",598971,{"v":0.086411783710734,"d":"0.09"},"TON",{"v":1800,"d":"1,800.00"},{"v":155.541210679321,"d":"155.54"},1,"",{"v":0.0130818405615368,"d":"0.01"},{"v":2.558,"d":"2.56"},"",{"v":0.32833333333332,"d":"0.33"},{"v":0.657499999999974,"d":"0.66"},"",536]
["Structural Framing","Structural Framing : W Shapes : W8X10","Module 7 structural model",598972,{"v":0.094550667381162,"d":"0.09"},"TON",{"v":1800,"d":"1,800.00"},{"v":170.191201286092,"d":"170.19"},1,"",{"v":0.0143139824518356,"d":"0.01"},{"v":2.558,"d":"2.56"},"",{"v":0.32833333333332,"d":"0.33"},{"v":0.657499999999974,"d":"0.66"},"",536]
["Structural Framing","Structural Framing : W Shapes : W8X10","Module 7 structural model",598973,{"v":0.07525103659109,"d":"0.08"},"TON",{"v":1800,"d":"1,800.00"},{"v":135.451865863962,"d":"135.45"},1,"",{"v":0.0113922201406048,"d":"0.01"},{"v":2.558,"d":"2.56"},"",{"v":0.32833333333332,"d":"0.33"},{"v":0.657499999999974,"d":"0.66"},"",536]
["Structural Framing","Structural Framing : W Shapes : W8X10","Module 7 structural model",598974,{"v":0.0217086550520544,"d":"0.02"},"TON",{"v":1800,"d":"1,800.00"},{"v":39.075579093698,"d":"39.08"},1,"",{"v":0.00328646339655524,"d":"0.00"},{"v":2.558,"d":"2.56"},"",{"v":0.32833333333332,"d":"0.33"},{"v":0.657499999999974,"d":"0.66"},"",536]
["Structural Framing","Structural Framing : W Shapes : W8X10","Module 7 structural model",598994,{"v":0.071391425783124,"d":"0.07"},"TON",{"v":1800,"d":"1,800.00"},{"v":128.504566409623,"d":"128.50"},1,"",{"v":0.0108079154190588,"d":"0.01"},{"v":2.558,"d":"2.56"},"",{"v":0.32833333333332,"d":"0.33"},{"v":0.657499999999974,"d":"0.66"},"",536]
["Structural Framing","Structural Framing : W Shapes : W8X10","Module 7 structural model",598995,{"v":0.063179523690765,"d":"0.06"},"TON",{"v":1800,"d":"1,800.00"},{"v":113.723142643377,"d":"113.72"},1,"",{"v":0.00956471930313543,"d":"0.01"},{"v":2.558,"d":"2.56"},"",{"v":0.32833333333332,"d":"0.33"},{"v":0.657499999999974,"d":"0.66"},"",536]
["Structural Framing","Structural Framing : W Shapes : W8X10","Module 7 structural model",598996,{"v":0.0549676215984065,"d":"0.05"},"TON",{"v":1800,"d":"1,800.00"},{"v":98.9417188771317,"d":"98.94"},1,"",{"v":0.00832152318721218,"d":"0.01"},{"v":2.558,"d":"2.56"},"",{"v":0.32833333333332,"d":"0.33"},{"v":0.657499999999974,"d":"0.66"},"",536]
["Structural Framing","Structural Framing : W Shapes : W8X10","Module 7 structural model",598997,{"v":0.048658053664405,"d":"0.05"},"TON",{"v":1800,"d":"1,800.00"},{"v":87.584496595929,"d":"87.58"},1,"",{"v":0.00736632057270422,"d":"0.01"},{"v":2.558,"d":"2.56"},"",{"v":0.32833333333332,"d":"0.33"},{"v":0.657499999999974,"d":"0.66"},"",536]
["Structural Framing","Structural Framing : W Shapes : W8X10","Module 7 structural model",598998,{"v":0.0404461515720462,"d":"0.04"},"TON",{"v":1800,"d":"1,800.00"},{"v":72.8030728296832,"d":"72.80"},1,"",{"v":0.0061231244567809,"d":"0.01"},{"v":2.558,"d":"2.56"},"",{"v":0.32833333333332,"d":"0.33"},{"v":0.657499999999974,"d":"0.66"},"",536]
["Structural Framing","Structural Framing : W Shapes : W8X10","Module 7 structural model",599012,{"v":0.0388795484553654,"d":"0.04"},"TON",{"v":1800,"d":"1,800.00"},{"v":69.9831872196577,"d":"69.98"},1,"",{"v":0.00588595712478566,"d":"0.01"},{"v":2.558,"d":"2.56"},"",{"v":0.32833333333332,"d":"0.33"},{"v":0.657499999999974,"d":"0.66"},"",536]
["Structural Framing","Structural Framing : W Shapes : W8X10","Module 7 structural model",599013,{"v":0.0187351044812044,"d":"0.02"},"TON",{"v":1800,"d":"1,800.00"},{"v":33.723188066168,"d":"33.72"},1,"",{"v":0.00283629893056362,"d":"0.00"},{"v":2.558,"d":"2.56"},"",{"v":0.32833333333332,"d":"0.33"},{"v":0.657499999999974,"d":"0.66"},"",536]
["Structural Framing","Structural Framing : W Shapes : W8X10","Module 7 structural model",599014,{"v":0.0065798521636186,"d":"0.01"},"TON",{"v":1800,"d":"1,800.00"},{"v":11.8437338945135,"d":"11.84"},1,"",{"v":0.000996120820871902,"d":"0.00"},{"v":2.558,"d":"2.56"},"",{"v":0.32833333333332,"d":"0.33"},{"v":0.657499999999974,"d":"0.66"},"",536]
["Structural Framing","Structural Framing : W Shapes : W8X10","Module 7 structural model",599015,{"v":0.0119775396584691,"d":"0.01"},"TON",{"v":1800,"d":"1,800.00"},{"v":21.5595713852444,"d":"21.56"},1,"",{"v":0.00181327427120466,"d":"0.00"},{"v":2.558,"d":"2.56"},"",{"v":0.32833333333332,"d":"0.33"},{"v":0.657499999999974,"d":"0.66"},"",536]
["Structural Framing","Structural Framing : W Shapes : W8X10","Module 7 structural model",599016,{"v":0.0173752271533196,"d":"0.02"},"TON",{"v":1800,"d":"1,800.00"},{"v":31.2754088759754,"d":"31.28"},1,"",{"v":0.00263042772153743,"d":"0.00"},{"v":2.558,"d":"2.56"},"",{"v":0.32833333333332,"d":"0.33"},{"v":0.657499999999974,"d":"0.66"},"",536]
["Structural Framing","Structural Framing : W Shapes : W8X10","Module 7 structural model",599017,{"v":0.0233429023088698,"d":"0.02"},"TON",{"v":1800,"d":"1,800.00"},{"v":42.0172241559656,"d":"42.02"},1,"",{"v":0.0035338713441027,"d":"0.00"},{"v":2.558,"d":"2.56"},"",{"v":0.32833333333332,"d":"0.33"},{"v":0.657499999999974,"d":"0.66"},"",536]
["Structural Framing","Structural Framing : W Shapes : W8X10","Module 7 structural model",599018,{"v":0.0287405898037204,"d":"0.03"},"TON",{"v":1800,"d":"1,800.00"},{"v":51.7330616466966,"d":"51.73"},1,"",{"v":0.00435102479443546,"d":"0.00"},{"v":2.558,"d":"2.56"},"",{"v":0.32833333333332,"d":"0.33"},{"v":0.657499999999974,"d":"0.66"},"",536]
["Structural Framing","Structural Framing : W Shapes : W8X10","Module 7 structural model",599019,{"v":0.0335682896378716,"d":"0.03"},"TON",{"v":1800,"d":"1,800.00"},{"v":60.422921348169,"d":"60.42"},1,"",{"v":0.00508188807253581,"d":"0.01"},{"v":2.558,"d":"2.56"},"",{"v":0.32833333333332,"d":"0.33"},{"v":0.657499999999974,"d":"0.66"},"",536]
["Structural Framing","Structural Framing : W Shapes : W8X10","Module 7 structural model",599020,{"v":0.0389659771327222,"d":"0.04"},"TON",{"v":1800,"d":"1,800.00"},{"v":70.1387588388999,"d":"70.14"},1,"",{"v":0.00589904152286858,"d":"0.01"},{"v":2.558,"d":"2.56"},"",{"v":0.32833333333332,"d":"0.33"},{"v":0.657499999999974,"d":"0.66"},"",536]
["Structural Framing","Structural Framing : W Shapes : W8X10","Module 7 structural model",599033,{"v":0.100382572902569,"d":"0.10"},"TON",{"v":1800,"d":"1,800.00"},{"v":180.688631224624,"d":"180.69"},1,"",{"v":0.0151968719713527,"d":"0.02"},{"v":2.558,"d":"2.56"},"",{"v":0.32833333333332,"d":"0.33"},{"v":0.657499999999974,"d":"0.66"},"",536]
["Structural Framing","Structural Framing : W Shapes : W8X10","Module 7 structural model",599034,{"v":0.102771194684996,"d":"0.10"},"TON",{"v":1800,"d":"1,800.00"},{"v":184.988150432992,"d":"184.99"},1,"",{"v":0.0155584843345938,"d":"0.02"},{"v":2.558,"d":"2.56"},"",{"v":0.32833333333332,"d":"0.33"},{"v":0.657499999999974,"d":"0.66"},"",536]
["Structural Framing","Structural Framing : W Shapes : W8X10","Module 7 structural model",599035,{"v":0.102771194684996,"d":"0.10"},"TON",{"v":1800,"d":"1,800.00"},{"v":184.988150432992,"d":"184.99"},1,"",{"v":0.0155584843345938,"d":"0.02"},{"v":2.558,"d":"2.56"},"",{"v":0.32833333333332,"d":"0.33"},{"v":0.657499999999974,"d":"0.66"},"",536]
["Structural Framing","Structural Framing : W Shapes : W8X10","Module 7 structural model",599036,{"v":0.102771194684996,"d":"0.10"},"TON",{"v":1800,"d":"1,800.00"},{"v":184.988150432992,"d":"184.99"},1,"",{"v":0.0155584843345938,"d":"0.02"},{"v":2.558,"d":"2.56"},"",{"v":0.32833333333332,"d":"0.33"},{"v":0.657499999999974,"d":"0.66"},"",536]
["Structural Framing","Structural Framing : W Shapes : W8X10","Module 7 structural model",599037,{"v":0.102771194684996,"d":"0.10"},"TON",{"v":1800,"d":"1,800.00"},{"v":184.988150432992,"d":"184.99"},1,"",{"v":0.0155584843345938,"d":"0.02"},{"v":2.558,"d":"2.56"},"",{"v":0.32833333333332,"d":"0.33"},{"v":0.657499999999974,"d":"0.66"},"",536]
["Structural Framing","Structural Framing : W Shapes : W8X10","Module 7 structural model",599081,{"v":0.0421716378655745,"d":"0.04"},"TON",{"v":1800,"d":"1,800.00"},{"v":75.9089481580341,"d":"75.91"},1,"",{"v":0.00638434504052232,"d":"0.01"},{"v":2.558,"d":"2.56"},"",{"v":0.32833333333332,"d":"0.33"},{"v":0.657499999999974,"d":"0.66"},"",536]
["Structural Framing","Structural Framing : W Shapes : W8X10","Module 7 structural model",599082,{"v":0.0484186258505756,"d":"0.05"},"TON",{"v":1800,"d":"1,800.00"},{"v":87.153526531036,"d":"87.15"},1,"",{"v":0.00733007370506633,"d":"0.01"},{"v":2.558,"d":"2.56"},"",{"v":0.32833333333332,"d":"0.33"},{"v":0.657499999999974,"d":"0.66"},"",536]
["Structural Framing","Structural Framing : W Shapes : W8X10","Module 7 structural model",599083,{"v":0.0544239616446665,"d":"0.05"},"TON",{"v":1800,"d":"1,800.00"},{"v":97.9631309603997,"d":"97.96"},1,"",{"v":0.00823921875453981,"d":"0.01"},{"v":2.558,"d":"2.56"},"",{"v":0.32833333333332,"d":"0.33"},{"v":0.657499999999974,"d":"0.66"},"",536]
["Structural Framing","Structural Framing : W Shapes : W8X10","Module 7 structural model",599084,{"v":0.0603193270521555,"d":"0.06"},"TON",{"v":1800,"d":"1,800.00"},{"v":108.57478869388,"d":"108.57"},1,"",{"v":0.0091317154372948,"d":"0.01"},{"v":2.558,"d":"2.56"},"",{"v":0.32833333333332,"d":"0.33"},{"v":0.657499999999974,"d":"0.66"},"",536]
["Structural Framing","Structural Framing : W Shapes : W8X10","Module 7 structural model",599085,{"v":0.0662146924596445,"d":"0.07"},"TON",{"v":1800,"d":"1,800.00"},{"v":119.18644642736,"d":"119.19"},1,"",{"v":0.0100242121200498,"d":"0.01"},{"v":2.558,"d":"2.56"},"",{"v":0.32833333333332,"d":"0.33"},{"v":0.657499999999974,"d":"0.66"},"",536]
["Structural Framing","Structural Framing : W Shapes : W8X10","Module 7 structural model",599086,{"v":0.082583806166436,"d":"0.08"},"TON",{"v":1800,"d":"1,800.00"},{"v":148.650851099585,"d":"148.65"},1,"",{"v":0.0125023247853634,"d":"0.01"},{"v":2.558,"d":"2.56"},"",{"v":0.32833333333332,"d":"0.33"},{"v":0.657499999999974,"d":"0.66"},"",536]
["Structural Framing","Structural Framing : W Shapes : W8X10","Module 7 structural model",599087,{"v":0.0538145586578095,"d":"0.05"},"TON",{"v":1800,"d":"1,800.00"},{"v":96.8662055840571,"d":"96.87"},1,"",{"v":0.00814696151404039,"d":"0.01"},{"v":2.558,"d":"2.56"},"",{"v":0.32833333333332,"d":"0.33"},{"v":0.657499999999974,"d":"0.66"},"",536]
["Structural Framing","Structural Framing : W Shapes : W8X10","Module 7 structural model",599088,{"v":0.0250453111491832,"d":"0.03"},"TON",{"v":1800,"d":"1,800.00"},{"v":45.0815600685297,"d":"45.08"},1,"",{"v":0.00379159824271738,"d":"0.00"},{"v":2.558,"d":"2.56"},"",{"v":0.32833333333332,"d":"0.33"},{"v":0.657499999999974,"d":"0.66"},"",536]
["Structural Framing","Structural Framing : W Shapes : W8X10","Module 7 structural model",599089,{"v":0.072613433845401,"d":"0.07"},"TON",{"v":1800,"d":"1,800.00"},{"v":130.704180921722,"d":"130.70"},1,"",{"v":0.0109929146627861,"d":"0.01"},{"v":2.558,"d":"2.56"},"",{"v":0.32833333333332,"d":"0.33"},{"v":0.657499999999974,"d":"0.66"},"",536]
["Structural Framing","Structural Framing : W Shapes : W8X10","Module 7 structural model",599090,{"v":0.00982661366633625,"d":"0.01"},"TON",{"v":1800,"d":"1,800.00"},{"v":17.6879045994052,"d":"17.69"},1,"",{"v":0.00148764656534756,"d":"0.00"},{"v":2.558,"d":"2.56"},"",{"v":0.32833333333332,"d":"0.33"},{"v":0.657499999999974,"d":"0.66"},"",536]
["Structural Framing","Structural Framing : W Shapes : W8X10","Module 7 structural model",599091,{"v":0.0438441863367743,"d":"0.04"},"TON",{"v":1800,"d":"1,800.00"},{"v":78.9195354061938,"d":"78.92"},1,"",{"v":0.00663755139146309,"d":"0.01"},{"v":2.558,"d":"2.56"},"",{"v":0.32833333333332,"d":"0.33"},{"v":0.657499999999974,"d":"0.66"},"",536]
["Structural Framing","Structural Framing : W Shapes : W8X10","Module 7 structural model",599092,{"v":0.0150749388281478,"d":"0.02"},"TON",{"v":1800,"d":"1,800.00"},{"v":27.134889890666,"d":"27.13"},1,"",{"v":0.00228218812014006,"d":"0.00"},{"v":2.558,"d":"2.56"},"",{"v":0.32833333333332,"d":"0.33"},{"v":0.657499999999974,"d":"0.66"},"",536]
["Structural Framing","Structural Framing : W Shapes : W8X10","Module 7 structural model",599108,{"v":0.0686593082550335,"d":"0.07"},"TON",{"v":1800,"d":"1,800.00"},{"v":123.58675485906,"d":"123.59"},1,"",{"v":0.010394301391399,"d":"0.01"},{"v":2.558,"d":"2.56"},"",{"v":0.32833333333332,"d":"0.33"},{"v":0.657499999999974,"d":"0.66"},"",536]
["Structural Framing","Structural Framing : W Shapes : W8X10","Module 7 structural model",599109,{"v":0.0827253208645605,"d":"0.08"},"TON",{"v":1800,"d":"1,800.00"},{"v":148.905577556209,"d":"148.91"},1,"",{"v":0.0125237486310298,"d":"0.01"},{"v":2.558,"d":"2.56"},"",{"v":0.32833333333332,"d":"0.33"},{"v":0.657499999999974,"d":"0.66"},"",536]
["Structural Framing","Structural Framing : W Shapes : W8X10","Module 7 structural model",599110,{"v":0.0967913334740875,"d":"0.10"},"TON",{"v":1800,"d":"1,800.00"},{"v":174.224400253358,"d":"174.22"},1,"",{"v":0.0146531958706606,"d":"0.01"},{"v":2.558,"d":"2.56"},"",{"v":0.32833333333332,"d":"0.33"},{"v":0.657499999999974,"d":"0.66"},"",536]
["Structural Framing","Structural Framing : W Shapes : W8X10","Module 7 structural model",599123,{"v":0.0067359618681271,"d":"0.01"},"TON",{"v":1800,"d":"1,800.00"},{"v":12.1247313626288,"d":"12.12"},1,"",{"v":0.00101975419790442,"d":"0.00"},{"v":2.558,"d":"2.56"},"",{"v":0.32833333333332,"d":"0.33"},{"v":0.657499999999974,"d":"0.66"},"",536]
["Structural Framing","Structural Framing : W Shapes : W8X10","Module 7 structural model",599124,{"v":0.0243518434634282,"d":"0.02"},"TON",{"v":1800,"d":"1,800.00"},{"v":43.8333182341708,"d":"43.83"},1,"",{"v":0.00368661448575672,"d":"0.00"},{"v":2.558,"d":"2.56"},"",{"v":0.32833333333332,"d":"0.33"},{"v":0.657499999999974,"d":"0.66"},"",536]
["Structural Framing","Structural Framing : W Shapes : W8X10","Module 7 structural model",599125,{"v":0.0355536939732234,"d":"0.04"},"TON",{"v":1800,"d":"1,800.00"},{"v":63.996649151802,"d":"64.00"},1,"",{"v":0.0053824575301945,"d":"0.01"},{"v":2.558,"d":"2.56"},"",{"v":0.32833333333332,"d":"0.33"},{"v":0.657499999999974,"d":"0.66"},"",536]
["Structural Framing","Structural Framing : W Shapes : W8X10","Module 7 structural model",599126,{"v":0.0467555444830185,"d":"0.05"},"TON",{"v":1800,"d":"1,800.00"},{"v":84.1599800694334,"d":"84.16"},1,"",{"v":0.00707830057463227,"d":"0.01"},{"v":2.558,"d":"2.56"},"",{"v":0.32833333333332,"d":"0.33"},{"v":0.657499999999974,"d":"0.66"},"",536]
["Structural Framing","Structural Framing : W Shapes : W8X10","Module 7 structural model",599127,{"v":0.057957394992814,"d":"0.06"},"TON",{"v":1800,"d":"1,800.00"},{"v":104.323310987065,"d":"104.32"},1,"",{"v":0.00877414361907007,"d":"0.01"},{"v":2.558,"d":"2.56"},"",{"v":0.32833333333332,"d":"0.33"},{"v":0.657499999999974,"d":"0.66"},"",536]
["Structural Framing","Structural Framing : W Shapes : W8X10","Module 7 structural model",599128,{"v":0.0480000796663729,"d":"0.05"},"TON",{"v":1800,"d":"1,800.00"},{"v":86.4001433994712,"d":"86.40"},1,"",{"v":0.00726671018895484,"d":"0.01"},{"v":2.558,"d":"2.56"},"",{"v":0.32833333333332,"d":"0.33"},{"v":0.657499999999974,"d":"0.66"},"",536]
["Structural Framing","Structural Framing : W Shapes : W8X10","Module 7 structural model",599271,{"v":0.0116685553293626,"d":"0.01"},"TON",{"v":1800,"d":"1,800.00"},{"v":21.0033995928527,"d":"21.00"},1,"",{"v":0.00176649727441317,"d":"0.00"},{"v":2.558,"d":"2.56"},"",{"v":0.32833333333332,"d":"0.33"},{"v":0.657499999999974,"d":"0.66"},"",536]
["Structural Framing","Structural Framing : W Shapes : W8X10","Module 7 structural model",599272,{"v":0.0966679522376915,"d":"0.10"},"TON",{"v":1800,"d":"1,800.00"},{"v":174.002314027845,"d":"174.00"},1,"",{"v":0.0146345172415026,"d":"0.01"},{"v":2.558,"d":"2.56"},"",{"v":0.32833333333332,"d":"0.33"},{"v":0.657499999999974,"d":"0.66"},"",536]
["Structural Framing","Structural Framing : W Shapes : W8X10","Module 7 structural model",599273,{"v":0.0985293754815005,"d":"0.10"},"TON",{"v":1800,"d":"1,800.00"},{"v":177.352875866701,"d":"177.35"},1,"",{"v":0.0149163172582059,"d":"0.01"},{"v":2.558,"d":"2.56"},"",{"v":0.32833333333332,"d":"0.33"},{"v":0.657499999999974,"d":"0.66"},"",536]
["Structural Framing","Structural Framing : W Shapes : W8X10","Module 7 structural model",599274,{"v":0.046288274995781,"d":"0.05"},"TON",{"v":1800,"d":"1,800.00"},{"v":83.3188949924057,"d":"83.32"},1,"",{"v":0.00701016030485171,"d":"0.01"},{"v":2.558,"d":"2.56"},"",{"v":0.32833333333332,"d":"0.33"},{"v":0.657499999999974,"d":"0.66"},"",536]
["Structural Framing","Structural Framing : W Shapes : W8X10","Module 7 structural model",599275,{"v":0.0326171555564363,"d":"0.03"},"TON",{"v":1800,"d":"1,800.00"},{"v":58.7108800015854,"d":"58.71"},1,"",{"v":0.00493789631734147,"d":"0.00"},{"v":2.558,"d":"2.56"},"",{"v":0.32833333333332,"d":"0.33"},{"v":0.657499999999974,"d":"0.66"},"",536]
["Structural Framing","Structural Framing : W Shapes : W8X10","Module 7 structural model",599276,{"v":0.0807008994752715,"d":"0.08"},"TON",{"v":1800,"d":"1,800.00"},{"v":145.261619055489,"d":"145.26"},1,"",{"v":0.0122172723993541,"d":"0.01"},{"v":2.558,"d":"2.56"},"",{"v":0.32833333333332,"d":"0.33"},{"v":0.657499999999974,"d":"0.66"},"",536]
["Structural Framing","Structural Framing : W Shapes : W8X10","Module 7 structural model",599277,{"v":0.063787454125157,"d":"0.06"},"TON",{"v":1800,"d":"1,800.00"},{"v":114.817417425283,"d":"114.82"},1,"",{"v":0.00965675361458822,"d":"0.01"},{"v":2.558,"d":"2.56"},"",{"v":0.32833333333332,"d":"0.33"},{"v":0.657499999999974,"d":"0.66"},"",536]
["Structural Framing","Structural Framing : W Shapes : W8X10","Module 7 structural model",599278,{"v":0.0103598364929029,"d":"0.01"},"TON",{"v":1800,"d":"1,800.00"},{"v":18.6477056872251,"d":"18.65"},1,"",{"v":0.00156895271111142,"d":"0.00"},{"v":2.558,"d":"2.56"},"",{"v":0.32833333333332,"d":"0.33"},{"v":0.657499999999974,"d":"0.66"},"",536]
["Structural Framing","Structural Framing : W Shapes : W8X10","Module 7 structural model",599279,{"v":0.0707962995002675,"d":"0.07"},"TON",{"v":1800,"d":"1,800.00"},{"v":127.433339100482,"d":"127.43"},1,"",{"v":0.0107217952825506,"d":"0.01"},{"v":2.558,"d":"2.56"},"",{"v":0.32833333333332,"d":"0.33"},{"v":0.657499999999974,"d":"0.66"},"",536]
["Structural Framing","Structural Framing : W Shapes : W8X10","Module 7 structural model",599280,{"v":0.0744869848218235,"d":"0.07"},"TON",{"v":1800,"d":"1,800.00"},{"v":134.076572679282,"d":"134.08"},1,"",{"v":0.0112807337122335,"d":"0.01"},{"v":2.558,"d":"2.56"},"",{"v":0.32833333333332,"d":"0.33"},{"v":0.657499999999974,"d":"0.66"},"",536]
["Structural Framing","Structural Framing : W Shapes : W8X10","Module 7 structural model",599281,{"v":0.073856011629523,"d":"0.07"},"TON",{"v":1800,"d":"1,800.00"},{"v":132.940820933141,"d":"132.94"},1,"",{"v":0.0111810279473308,"d":"0.01"},{"v":2.558,"d":"2.56"},"",{"v":0.32833333333332,"d":"0.33"},{"v":0.657499999999974,"d":"0.66"},"",536]
["Structural Framing","Structural Framing : W Shapes : W8X10","Module 7 structural model",599282,{"v":0.0996072597498355,"d":"0.10"},"TON",{"v":1800,"d":"1,800.00"},{"v":179.293067549704,"d":"179.29"},1,"",{"v":0.0150794976664399,"d":"0.02"},{"v":2.558,"d":"2.56"},"",{"v":0.32833333333332,"d":"0.33"},{"v":0.657499999999974,"d":"0.66"},"",536]
["Structural Framing","Structural Framing : W Shapes : W8X10","Module 7 structural model",599283,{"v":0.0088078545722331,"d":"0.01"},"TON",{"v":1800,"d":"1,800.00"},{"v":15.8541382300196,"d":"15.85"},1,"",{"v":0.00133341709029949,"d":"0.00"},{"v":2.558,"d":"2.56"},"",{"v":0.32833333333332,"d":"0.33"},{"v":0.657499999999974,"d":"0.66"},"",536]
["Structural Framing","Structural Framing : W Shapes : W8X10","Module 7 structural model",599284,{"v":0.0184148030735148,"d":"0.02"},"TON",{"v":1800,"d":"1,800.00"},{"v":33.1466455323266,"d":"33.15"},1,"",{"v":0.00278884278015071,"d":"0.00"},{"v":2.558,"d":"2.56"},"",{"v":0.32833333333332,"d":"0.33"},{"v":0.657499999999974,"d":"0.66"},"",536]
["Structural Framing","Structural Framing : W Shapes : W8X10","Module 7 structural model",599285,{"v":0.100264179143468,"d":"0.10"},"TON",{"v":1800,"d":"1,800.00"},{"v":180.475522458243,"d":"180.48"},1,"",{"v":0.0151845790039518,"d":"0.02"},{"v":2.558,"d":"2.56"},"",{"v":0.32833333333332,"d":"0.33"},{"v":0.657499999999974,"d":"0.66"},"",536]
["Structural Framing","Structural Framing : W Shapes : W8X10","Module 7 structural model",599286,{"v":0.0961211276121235,"d":"0.10"},"TON",{"v":1800,"d":"1,800.00"},{"v":173.018029701822,"d":"173.02"},1,"",{"v":0.0145517337106042,"d":"0.01"},{"v":2.558,"d":"2.56"},"",{"v":0.32833333333332,"d":"0.33"},{"v":0.657499999999974,"d":"0.66"},"",536]
["Structural Framing","Structural Framing : W Shapes : W8X10","Module 7 structural model",599287,{"v":0.0439726467335791,"d":"0.04"},"TON",{"v":1800,"d":"1,800.00"},{"v":79.1507641204424,"d":"79.15"},1,"",{"v":0.00665699895240105,"d":"0.01"},{"v":2.558,"d":"2.56"},"",{"v":0.32833333333332,"d":"0.33"},{"v":0.657499999999974,"d":"0.66"},"",536]
["Structural Framing","Structural Framing : W Shapes : W8X10","Module 7 structural model",599288,{"v":0.0243240339919158,"d":"0.02"},"TON",{"v":1800,"d":"1,800.00"},{"v":43.7832611854484,"d":"43.78"},1,"",{"v":0.00368377040534635,"d":"0.00"},{"v":2.558,"d":"2.56"},"",{"v":0.32833333333332,"d":"0.33"},{"v":0.657499999999974,"d":"0.66"},"",536]
["Structural Framing","Structural Framing : W Shapes : W8X10","Module 7 structural model",599289,{"v":0.0040478238609551,"d":"0.00"},"TON",{"v":1800,"d":"1,800.00"},{"v":7.28608294971919,"d":"7.29"},1,"",{"v":0.000612798209876797,"d":"0.00"},{"v":2.558,"d":"2.56"},"",{"v":0.32833333333332,"d":"0.33"},{"v":0.657499999999974,"d":"0.66"},"",536]
["Structural Framing","Structural Framing : W Shapes : W8X10","Module 7 structural model",599290,{"v":0.043722753076222,"d":"0.04"},"TON",{"v":1800,"d":"1,800.00"},{"v":78.7009555371996,"d":"78.70"},1,"",{"v":0.00661916766548042,"d":"0.01"},{"v":2.558,"d":"2.56"},"",{"v":0.32833333333332,"d":"0.33"},{"v":0.657499999999974,"d":"0.66"},"",536]
["Structural Framing","Structural Framing : W Shapes : W8X10","Module 7 structural model",599291,{"v":0.130269006909352,"d":"0.13"},"TON",{"v":1800,"d":"1,800.00"},{"v":234.484212436833,"d":"234.48"},1,"",{"v":0.0197213655975739,"d":"0.02"},{"v":2.558,"d":"2.56"},"",{"v":0.32833333333332,"d":"0.33"},{"v":0.657499999999974,"d":"0.66"},"",536]
["Structural Framing","Structural Framing : W Shapes : W8X10","Module 7 structural model",599292,{"v":0.014126671666653,"d":"0.01"},"TON",{"v":1800,"d":"1,800.00"},{"v":25.4280089999755,"d":"25.43"},1,"",{"v":0.0021386303866492,"d":"0.00"},{"v":2.558,"d":"2.56"},"",{"v":0.32833333333332,"d":"0.33"},{"v":0.657499999999974,"d":"0.66"},"",536]
["Structural Framing","Structural Framing : W Shapes : W8X10","Module 7 structural model",599293,{"v":0.11835782884929,"d":"0.12"},"TON",{"v":1800,"d":"1,800.00"},{"v":213.044091928723,"d":"213.04"},1,"",{"v":0.0179181377785138,"d":"0.02"},{"v":2.558,"d":"2.56"},"",{"v":0.32833333333332,"d":"0.33"},{"v":0.657499999999974,"d":"0.66"},"",536]
["Structural Framing","Structural Framing : W Shapes : W8X10","Module 7 structural model",599294,{"v":0.105454194074116,"d":"0.11"},"TON",{"v":1800,"d":"1,800.00"},{"v":189.81754933341,"d":"189.82"},1,"",{"v":0.0159705844589344,"d":"0.02"},{"v":2.558,"d":"2.56"},"",{"v":0.32833333333332,"d":"0.33"},{"v":0.657499999999974,"d":"0.66"},"",536]
["Structural Framing","Structural Framing : W Shapes : W8X10","Module 7 structural model",599295,{"v":0.0634221010877025,"d":"0.06"},"TON",{"v":1800,"d":"1,800.00"},{"v":114.159781957865,"d":"114.16"},1,"",{"v":0.00960144298472488,"d":"0.01"},{"v":2.558,"d":"2.56"},"",{"v":0.32833333333332,"d":"0.33"},{"v":0.657499999999974,"d":"0.66"},"",536]
["Structural Framing","Structural Framing : W Shapes : W8X10","Module 7 structural model",599296,{"v":0.0313290704456385,"d":"0.03"},"TON",{"v":1800,"d":"1,800.00"},{"v":56.3923268021493,"d":"56.39"},1,"",{"v":0.00474465306918297,"d":"0.00"},{"v":2.558,"d":"2.56"},"",{"v":0.32833333333332,"d":"0.33"},{"v":0.657499999999974,"d":"0.66"},"",536]
["Structural Framing","Structural Framing : W Shapes : W8X10","Module 7 structural model",599297,{"v":0.058535981079361,"d":"0.06"},"TON",{"v":1800,"d":"1,800.00"},{"v":105.36476594285,"d":"105.36"},1,"",{"v":0.00886502275156049,"d":"0.01"},{"v":2.558,"d":"2.56"},"",{"v":0.32833333333332,"d":"0.33"},{"v":0.657499999999974,"d":"0.66"},"",536]
["Structural Framing","Structural Framing : W Shapes : W8X10","Module 7 structural model",599298,{"v":0.0402669765710597,"d":"0.04"},"TON",{"v":1800,"d":"1,800.00"},{"v":72.4805578279074,"d":"72.48"},1,"",{"v":0.00609599923502452,"d":"0.01"},{"v":2.558,"d":"2.56"},"",{"v":0.32833333333332,"d":"0.33"},{"v":0.657499999999974,"d":"0.66"},"",536]
["Structural Framing","Structural Framing : W Shapes : W8X10","Module 7 structural model",599299,{"v":0.0398750692641708,"d":"0.04"},"TON",{"v":1800,"d":"1,800.00"},{"v":71.7751246755075,"d":"71.78"},1,"",{"v":0.00603666856641126,"d":"0.01"},{"v":2.558,"d":"2.56"},"",{"v":0.32833333333332,"d":"0.33"},{"v":0.657499999999974,"d":"0.66"},"",536]
["Structural Framing","Structural Framing : W Shapes : W8X10","Module 7 structural model",599300,{"v":0.072355318474764,"d":"0.07"},"TON",{"v":1800,"d":"1,800.00"},{"v":130.239573254575,"d":"130.24"},1,"",{"v":0.0109579020057007,"d":"0.01"},{"v":2.558,"d":"2.56"},"",{"v":0.32833333333332,"d":"0.33"},{"v":0.657499999999974,"d":"0.66"},"",536]
["Structural Framing","Structural Framing : W Shapes : W8X10","Module 7 structural model",599301,{"v":0.0161711833919892,"d":"0.02"},"TON",{"v":1800,"d":"1,800.00"},{"v":29.1081301055805,"d":"29.11"},1,"",{"v":0.00244814808514473,"d":"0.00"},{"v":2.558,"d":"2.56"},"",{"v":0.32833333333332,"d":"0.33"},{"v":0.657499999999974,"d":"0.66"},"",536]
["Structural Framing","Structural Framing : W Shapes : W8X10","Module 7 structural model",599317,{"v":0.0479011230044255,"d":"0.05"},"TON",{"v":1800,"d":"1,800.00"},{"v":86.2220214079659,"d":"86.22"},1,"",{"v":0.00725172918499325,"d":"0.01"},{"v":2.558,"d":"2.56"},"",{"v":0.32833333333332,"d":"0.33"},{"v":0.657499999999974,"d":"0.66"},"",536]
["Structural Framing","Structural Framing : W Shapes : W8X10","Module 7 structural model",599318,{"v":0.0409771790711418,"d":"0.04"},"TON",{"v":1800,"d":"1,800.00"},{"v":73.7589223280553,"d":"73.76"},1,"",{"v":0.0062058176537255,"d":"0.01"},{"v":2.558,"d":"2.56"},"",{"v":0.32833333333332,"d":"0.33"},{"v":0.657499999999974,"d":"0.66"},"",536]
["Structural Framing","Structural Framing : W Shapes : W8X10","Module 7 structural model",599319,{"v":0.0340532351378582,"d":"0.03"},"TON",{"v":1800,"d":"1,800.00"},{"v":61.2958232481448,"d":"61.30"},1,"",{"v":0.0051572161035803,"d":"0.01"},{"v":2.558,"d":"2.56"},"",{"v":0.32833333333332,"d":"0.33"},{"v":0.657499999999974,"d":"0.66"},"",536]
["Structural Framing","Structural Framing : W Shapes : W8X10","Module 7 structural model",599320,{"v":0.0271292912045745,"d":"0.03"},"TON",{"v":1800,"d":"1,800.00"},{"v":48.8327241682341,"d":"48.83"},1,"",{"v":0.00410861455343507,"d":"0.00"},{"v":2.558,"d":"2.56"},"",{"v":0.32833333333332,"d":"0.33"},{"v":0.657499999999974,"d":"0.66"},"",536]
["Structural Framing","Structural Framing : W Shapes : W8X10","Module 7 structural model",599321,{"v":0.0202053472712909,"d":"0.02"},"TON",{"v":1800,"d":"1,800.00"},{"v":36.3696250883235,"d":"36.37"},1,"",{"v":0.00306001300328987,"d":"0.00"},{"v":2.558,"d":"2.56"},"",{"v":0.32833333333332,"d":"0.33"},{"v":0.657499999999974,"d":"0.66"},"",536]
["Structural Framing","Structural Framing : W Shapes : W8X10","Module 7 structural model",599340,{"v":0.000209330579148512,"d":"0.00"},"TON",{"v":1800,"d":"1,800.00"},{"v":0.376795042467322,"d":"0.38"},1,"",{"v":0.0000316904609936276,"d":"0.00"},{"v":2.558,"d":"2.56"},"",{"v":0.32833333333332,"d":"0.33"},{"v":0.657499999999974,"d":"0.66"},"",536]
["Structural Framing","Structural Framing : W Shapes : W8X10","Module 7 structural model",599341,{"v":0.0000799727185390545,"d":"0.00"},"TON",{"v":1800,"d":"1,800.00"},{"v":0.143950893370298,"d":"0.14"},1,"",{"v":0.000012107033419227,"d":"0.00"},{"v":2.558,"d":"2.56"},"",{"v":0.32833333333332,"d":"0.33"},{"v":0.657499999999974,"d":"0.66"},"",536]
["Structural Framing","Structural Framing : W Shapes : W8X10","Module 7 structural model",599342,{"v":0.06048576462098,"d":"0.06"},"TON",{"v":1800,"d":"1,800.00"},{"v":108.874376317764,"d":"108.87"},1,"",{"v":0.00916030908892684,"d":"0.01"},{"v":2.558,"d":"2.56"},"",{"v":0.32833333333332,"d":"0.33"},{"v":0.657499999999974,"d":"0.66"},"",536]
["Structural Framing","Structural Framing : W Shapes : W8X10","Module 7 structural model",599343,{"v":0.100841469695827,"d":"0.10"},"TON",{"v":1800,"d":"1,800.00"},{"v":181.514645452488,"d":"181.51"},1,"",{"v":0.0152663441477829,"d":"0.02"},{"v":2.558,"d":"2.56"},"",{"v":0.32833333333332,"d":"0.33"},{"v":0.657499999999974,"d":"0.66"},"",536]
["Structural Framing","Structural Framing : W Shapes : W8X10","Module 7 structural model",599344,{"v":0.100841469695827,"d":"0.10"},"TON",{"v":1800,"d":"1,800.00"},{"v":181.514645452488,"d":"181.51"},1,"",{"v":0.0152663441477829,"d":"0.02"},{"v":2.558,"d":"2.56"},"",{"v":0.32833333333332,"d":"0.33"},{"v":0.657499999999974,"d":"0.66"},"",536]
["Structural Framing","Structural Framing : W Shapes : W8X10","Module 7 structural model",599345,{"v":0.0805782415170605,"d":"0.08"},"TON",{"v":1800,"d":"1,800.00"},{"v":145.040834730709,"d":"145.04"},1,"",{"v":0.0122032283589988,"d":"0.01"},{"v":2.558,"d":"2.56"},"",{"v":0.32833333333332,"d":"0.33"},{"v":0.657499999999974,"d":"0.66"},"",536]
["Structural Framing","Structural Framing : W Shapes : W8X10","Module 7 structural model",599359,{"v":0.0763412543465535,"d":"0.08"},"TON",{"v":1800,"d":"1,800.00"},{"v":137.414257823796,"d":"137.41"},1,"",{"v":0.0115572677098353,"d":"0.01"},{"v":2.558,"d":"2.56"},"",{"v":0.32833333333332,"d":"0.33"},{"v":0.657499999999974,"d":"0.66"},"",536]
["Structural Framing","Structural Framing : W Shapes : W8X10","Module 7 structural model",599360,{"v":0.073558872350607,"d":"0.07"},"TON",{"v":1800,"d":"1,800.00"},{"v":132.405970231093,"d":"132.41"},1,"",{"v":0.0111360441672903,"d":"0.01"},{"v":2.558,"d":"2.56"},"",{"v":0.32833333333332,"d":"0.33"},{"v":0.657499999999974,"d":"0.66"},"",536]
["Structural Framing","Structural Framing : W Shapes : W8X10","Module 7 structural model",599361,{"v":0.068939236773433,"d":"0.07"},"TON",{"v":1800,"d":"1,800.00"},{"v":124.090626192179,"d":"124.09"},1,"",{"v":0.0104366796422472,"d":"0.01"},{"v":2.558,"d":"2.56"},"",{"v":0.32833333333332,"d":"0.33"},{"v":0.657499999999974,"d":"0.66"},"",536]
["Structural Framing","Structural Framing : W Shapes : W8X10","Module 7 structural model",599380,{"v":0.0294285941652714,"d":"0.03"},"TON",{"v":1800,"d":"1,800.00"},{"v":52.9714694974884,"d":"52.97"},1,"",{"v":0.00445518146123432,"d":"0.00"},{"v":2.558,"d":"2.56"},"",{"v":0.32833333333332,"d":"0.33"},{"v":0.657499999999974,"d":"0.66"},"",536]
["Structural Framing","Structural Framing : W Shapes : W8X10","Module 7 structural model",599381,{"v":0.0269800481924859,"d":"0.03"},"TON",{"v":1800,"d":"1,800.00"},{"v":48.5640867464746,"d":"48.56"},1,"",{"v":0.00408449720211984,"d":"0.00"},{"v":2.558,"d":"2.56"},"",{"v":0.32833333333332,"d":"0.33"},{"v":0.657499999999974,"d":"0.66"},"",536]
["Structural Framing","Structural Framing : W Shapes : W8X10","Module 7 structural model",599382,{"v":0.0245315022197004,"d":"0.02"},"TON",{"v":1800,"d":"1,800.00"},{"v":44.1567039954608,"d":"44.16"},1,"",{"v":0.00371381294300541,"d":"0.00"},{"v":2.558,"d":"2.56"},"",{"v":0.32833333333332,"d":"0.33"},{"v":0.657499999999974,"d":"0.66"},"",536]
["Structural Framing","Structural Framing : W Shapes : W8X10","Module 7 structural model",599383,{"v":0.0192193418811886,"d":"0.02"},"TON",{"v":1800,"d":"1,800.00"},{"v":34.5948153861396,"d":"34.59"},1,"",{"v":0.0029096074098994,"d":"0.00"},{"v":2.558,"d":"2.56"},"",{"v":0.32833333333332,"d":"0.33"},{"v":0.657499999999974,"d":"0.66"},"",536]
["Structural Framing","Structural Framing : W Shapes : W8X10","Module 7 structural model",599384,{"v":0.0167707959084032,"d":"0.02"},"TON",{"v":1800,"d":"1,800.00"},{"v":30.1874326351258,"d":"30.19"},1,"",{"v":0.00253892315078494,"d":"0.00"},{"v":2.558,"d":"2.56"},"",{"v":0.32833333333332,"d":"0.33"},{"v":0.657499999999974,"d":"0.66"},"",536]
["Structural Framing","Structural Framing : W Shapes : W8X10","Module 7 structural model",599385,{"v":0.0143222499356178,"d":"0.01"},"TON",{"v":1800,"d":"1,800.00"},{"v":25.780049884112,"d":"25.78"},1,"",{"v":0.00216823889167049,"d":"0.00"},{"v":2.558,"d":"2.56"},"",{"v":0.32833333333332,"d":"0.33"},{"v":0.657499999999974,"d":"0.66"},"",536]
["Structural Framing","Structural Framing : W Shapes : W8X10","Module 7 structural model",599386,{"v":0.016967175259133,"d":"0.02"},"TON",{"v":1800,"d":"1,800.00"},{"v":30.5409154664395,"d":"30.54"},1,"",{"v":0.00256865293120963,"d":"0.00"},{"v":2.558,"d":"2.56"},"",{"v":0.32833333333332,"d":"0.33"},{"v":0.657499999999974,"d":"0.66"},"",536]
["Structural Framing","Structural Framing : W Shapes : W8X10","Module 7 structural model",599387,{"v":0.0145186292863476,"d":"0.01"},"TON",{"v":1800,"d":"1,800.00"},{"v":26.1335327154256,"d":"26.13"},1,"",{"v":0.00219796867209517,"d":"0.00"},{"v":2.558,"d":"2.56"},"",{"v":0.32833333333332,"d":"0.33"},{"v":0.657499999999974,"d":"0.66"},"",536]
["Structural Framing","Structural Framing : W Shapes : W8X10","Module 7 structural model",599388,{"v":0.0120700833135621,"d":"0.01"},"TON",{"v":1800,"d":"1,800.00"},{"v":21.7261499644118,"d":"21.73"},1,"",{"v":0.00182728441298071,"d":"0.00"},{"v":2.558,"d":"2.56"},"",{"v":0.32833333333332,"d":"0.33"},{"v":0.657499999999974,"d":"0.66"},"",536]
["Structural Framing","Structural Framing : W Shapes : W8X10","Module 7 structural model",599408,{"v":0.096937118399288,"d":"0.10"},"TON",{"v":1800,"d":"1,800.00"},{"v":174.486813118718,"d":"174.49"},1,"",{"v":0.0146752661840583,"d":"0.01"},{"v":2.558,"d":"2.56"},"",{"v":0.32833333333332,"d":"0.33"},{"v":0.657499999999974,"d":"0.66"},"",536]
["Structural Framing","Structural Framing : W Shapes : W8X10","Module 7 structural model",599409,{"v":0.0753318269450395,"d":"0.08"},"TON",{"v":1800,"d":"1,800.00"},{"v":135.597288501071,"d":"135.60"},1,"",{"v":0.0114044509554762,"d":"0.01"},{"v":2.558,"d":"2.56"},"",{"v":0.32833333333332,"d":"0.33"},{"v":0.657499999999974,"d":"0.66"},"",536]
["Structural Framing","Structural Framing : W Shapes : W8X10","Module 7 structural model",599410,{"v":0.0753318269450395,"d":"0.08"},"TON",{"v":1800,"d":"1,800.00"},{"v":135.597288501071,"d":"135.60"},1,"",{"v":0.0114044509554762,"d":"0.01"},{"v":2.558,"d":"2.56"},"",{"v":0.32833333333332,"d":"0.33"},{"v":0.657499999999974,"d":"0.66"},"",536]
["Structural Framing","Structural Framing : W Shapes : W8X10","Module 7 structural model",599411,{"v":0.0753318269450395,"d":"0.08"},"TON",{"v":1800,"d":"1,800.00"},{"v":135.597288501071,"d":"135.60"},1,"",{"v":0.0114044509554762,"d":"0.01"},{"v":2.558,"d":"2.56"},"",{"v":0.32833333333332,"d":"0.33"},{"v":0.657499999999974,"d":"0.66"},"",536]
["Structural Framing","Structural Framing : W Shapes : W8X10","Module 7 structural model",599412,{"v":0.0753318269450395,"d":"0.08"},"TON",{"v":1800,"d":"1,800.00"},{"v":135.597288501071,"d":"135.60"},1,"",{"v":0.0114044509554762,"d":"0.01"},{"v":2.558,"d":"2.56"},"",{"v":0.32833333333332,"d":"0.33"},{"v":0.657499999999974,"d":"0.66"},"",536]
["Structural Framing","Structural Framing : W Shapes : W8X10","Module 7 structural model",599427,{"v":0.078272900040306,"d":"0.08"},"TON",{"v":1800,"d":"1,800.00"},{"v":140.891220072551,"d":"140.89"},1,"",{"v":0.0118496986712379,"d":"0.01"},{"v":2.558,"d":"2.56"},"",{"v":0.32833333333332,"d":"0.33"},{"v":0.657499999999974,"d":"0.66"},"",536]
["Structural Framing","Structural Framing : W Shapes : W8X10","Module 7 structural model",599428,{"v":0.086411783710734,"d":"0.09"},"TON",{"v":1800,"d":"1,800.00"},{"v":155.541210679321,"d":"155.54"},1,"",{"v":0.0130818405615368,"d":"0.01"},{"v":2.558,"d":"2.56"},"",{"v":0.32833333333332,"d":"0.33"},{"v":0.657499999999974,"d":"0.66"},"",536]
["Structural Framing","Structural Framing : W Shapes : W8X10","Module 7 structural model",599429,{"v":0.094550667381162,"d":"0.09"},"TON",{"v":1800,"d":"1,800.00"},{"v":170.191201286092,"d":"170.19"},1,"",{"v":0.0143139824518356,"d":"0.01"},{"v":2.558,"d":"2.56"},"",{"v":0.32833333333332,"d":"0.33"},{"v":0.657499999999974,"d":"0.66"},"",536]
["Structural Framing","Structural Framing : W Shapes : W8X10","Module 7 structural model",599430,{"v":0.07525103659109,"d":"0.08"},"TON",{"v":1800,"d":"1,800.00"},{"v":135.451865863962,"d":"135.45"},1,"",{"v":0.0113922201406048,"d":"0.01"},{"v":2.558,"d":"2.56"},"",{"v":0.32833333333332,"d":"0.33"},{"v":0.657499999999974,"d":"0.66"},"",536]
["Structural Framing","Structural Framing : W Shapes : W8X10","Module 7 structural model",599431,{"v":0.0217086550520544,"d":"0.02"},"TON",{"v":1800,"d":"1,800.00"},{"v":39.075579093698,"d":"39.08"},1,"",{"v":0.00328646339655524,"d":"0.00"},{"v":2.558,"d":"2.56"},"",{"v":0.32833333333332,"d":"0.33"},{"v":0.657499999999974,"d":"0.66"},"",536]
["Structural Framing","Structural Framing : W Shapes : W8X10","Module 7 structural model",599451,{"v":0.071391425783124,"d":"0.07"},"TON",{"v":1800,"d":"1,800.00"},{"v":128.504566409623,"d":"128.50"},1,"",{"v":0.0108079154190588,"d":"0.01"},{"v":2.558,"d":"2.56"},"",{"v":0.32833333333332,"d":"0.33"},{"v":0.657499999999974,"d":"0.66"},"",536]
["Structural Framing","Structural Framing : W Shapes : W8X10","Module 7 structural model",599452,{"v":0.063179523690765,"d":"0.06"},"TON",{"v":1800,"d":"1,800.00"},{"v":113.723142643377,"d":"113.72"},1,"",{"v":0.00956471930313543,"d":"0.01"},{"v":2.558,"d":"2.56"},"",{"v":0.32833333333332,"d":"0.33"},{"v":0.657499999999974,"d":"0.66"},"",536]
["Structural Framing","Structural Framing : W Shapes : W8X10","Module 7 structural model",599453,{"v":0.0549676215984065,"d":"0.05"},"TON",{"v":1800,"d":"1,800.00"},{"v":98.9417188771317,"d":"98.94"},1,"",{"v":0.00832152318721218,"d":"0.01"},{"v":2.558,"d":"2.56"},"",{"v":0.32833333333332,"d":"0.33"},{"v":0.657499999999974,"d":"0.66"},"",536]
["Structural Framing","Structural Framing : W Shapes : W8X10","Module 7 structural model",599454,{"v":0.048658053664405,"d":"0.05"},"TON",{"v":1800,"d":"1,800.00"},{"v":87.584496595929,"d":"87.58"},1,"",{"v":0.00736632057270422,"d":"0.01"},{"v":2.558,"d":"2.56"},"",{"v":0.32833333333332,"d":"0.33"},{"v":0.657499999999974,"d":"0.66"},"",536]
["Structural Framing","Structural Framing : W Shapes : W8X10","Module 7 structural model",599455,{"v":0.0404461515720462,"d":"0.04"},"TON",{"v":1800,"d":"1,800.00"},{"v":72.8030728296832,"d":"72.80"},1,"",{"v":0.0061231244567809,"d":"0.01"},{"v":2.558,"d":"2.56"},"",{"v":0.32833333333332,"d":"0.33"},{"v":0.657499999999974,"d":"0.66"},"",536]
["Structural Framing","Structural Framing : W Shapes : W8X10","Module 7 structural model",599469,{"v":0.0388795484553654,"d":"0.04"},"TON",{"v":1800,"d":"1,800.00"},{"v":69.9831872196577,"d":"69.98"},1,"",{"v":0.00588595712478566,"d":"0.01"},{"v":2.558,"d":"2.56"},"",{"v":0.32833333333332,"d":"0.33"},{"v":0.657499999999974,"d":"0.66"},"",536]
["Structural Framing","Structural Framing : W Shapes : W8X10","Module 7 structural model",599470,{"v":0.0187351044812044,"d":"0.02"},"TON",{"v":1800,"d":"1,800.00"},{"v":33.723188066168,"d":"33.72"},1,"",{"v":0.00283629893056362,"d":"0.00"},{"v":2.558,"d":"2.56"},"",{"v":0.32833333333332,"d":"0.33"},{"v":0.657499999999974,"d":"0.66"},"",536]
["Structural Framing","Structural Framing : W Shapes : W8X10","Module 7 structural model",599471,{"v":0.0065798521636186,"d":"0.01"},"TON",{"v":1800,"d":"1,800.00"},{"v":11.8437338945135,"d":"11.84"},1,"",{"v":0.000996120820871902,"d":"0.00"},{"v":2.558,"d":"2.56"},"",{"v":0.32833333333332,"d":"0.33"},{"v":0.657499999999974,"d":"0.66"},"",536]
["Structural Framing","Structural Framing : W Shapes : W8X10","Module 7 structural model",599472,{"v":0.0119775396584691,"d":"0.01"},"TON",{"v":1800,"d":"1,800.00"},{"v":21.5595713852444,"d":"21.56"},1,"",{"v":0.00181327427120466,"d":"0.00"},{"v":2.558,"d":"2.56"},"",{"v":0.32833333333332,"d":"0.33"},{"v":0.657499999999974,"d":"0.66"},"",536]
["Structural Framing","Structural Framing : W Shapes : W8X10","Module 7 structural model",599473,{"v":0.0173752271533196,"d":"0.02"},"TON",{"v":1800,"d":"1,800.00"},{"v":31.2754088759754,"d":"31.28"},1,"",{"v":0.00263042772153743,"d":"0.00"},{"v":2.558,"d":"2.56"},"",{"v":0.32833333333332,"d":"0.33"},{"v":0.657499999999974,"d":"0.66"},"",536]
["Structural Framing","Structural Framing : W Shapes : W8X10","Module 7 structural model",599474,{"v":0.0233429023088698,"d":"0.02"},"TON",{"v":1800,"d":"1,800.00"},{"v":42.0172241559656,"d":"42.02"},1,"",{"v":0.0035338713441027,"d":"0.00"},{"v":2.558,"d":"2.56"},"",{"v":0.32833333333332,"d":"0.33"},{"v":0.657499999999974,"d":"0.66"},"",536]
["Structural Framing","Structural Framing : W Shapes : W8X10","Module 7 structural model",599475,{"v":0.0287405898037204,"d":"0.03"},"TON",{"v":1800,"d":"1,800.00"},{"v":51.7330616466966,"d":"51.73"},1,"",{"v":0.00435102479443546,"d":"0.00"},{"v":2.558,"d":"2.56"},"",{"v":0.32833333333332,"d":"0.33"},{"v":0.657499999999974,"d":"0.66"},"",536]
["Structural Framing","Structural Framing : W Shapes : W8X10","Module 7 structural model",599476,{"v":0.0335682896378716,"d":"0.03"},"TON",{"v":1800,"d":"1,800.00"},{"v":60.422921348169,"d":"60.42"},1,"",{"v":0.00508188807253581,"d":"0.01"},{"v":2.558,"d":"2.56"},"",{"v":0.32833333333332,"d":"0.33"},{"v":0.657499999999974,"d":"0.66"},"",536]
["Structural Framing","Structural Framing : W Shapes : W8X10","Module 7 structural model",599477,{"v":0.0389659771327222,"d":"0.04"},"TON",{"v":1800,"d":"1,800.00"},{"v":70.1387588388999,"d":"70.14"},1,"",{"v":0.00589904152286858,"d":"0.01"},{"v":2.558,"d":"2.56"},"",{"v":0.32833333333332,"d":"0.33"},{"v":0.657499999999974,"d":"0.66"},"",536]
["Structural Framing","Structural Framing : W Shapes : W8X10","Module 7 structural model",599490,{"v":0.100382572902569,"d":"0.10"},"TON",{"v":1800,"d":"1,800.00"},{"v":180.688631224624,"d":"180.69"},1,"",{"v":0.0151968719713527,"d":"0.02"},{"v":2.558,"d":"2.56"},"",{"v":0.32833333333332,"d":"0.33"},{"v":0.657499999999974,"d":"0.66"},"",536]
["Structural Framing","Structural Framing : W Shapes : W8X10","Module 7 structural model",599491,{"v":0.102771194684996,"d":"0.10"},"TON",{"v":1800,"d":"1,800.00"},{"v":184.988150432992,"d":"184.99"},1,"",{"v":0.0155584843345938,"d":"0.02"},{"v":2.558,"d":"2.56"},"",{"v":0.32833333333332,"d":"0.33"},{"v":0.657499999999974,"d":"0.66"},"",536]
["Structural Framing","Structural Framing : W Shapes : W8X10","Module 7 structural model",599492,{"v":0.102771194684996,"d":"0.10"},"TON",{"v":1800,"d":"1,800.00"},{"v":184.988150432992,"d":"184.99"},1,"",{"v":0.0155584843345938,"d":"0.02"},{"v":2.558,"d":"2.56"},"",{"v":0.32833333333332,"d":"0.33"},{"v":0.657499999999974,"d":"0.66"},"",536]
["Structural Framing","Structural Framing : W Shapes : W8X10","Module 7 structural model",599493,{"v":0.102771194684996,"d":"0.10"},"TON",{"v":1800,"d":"1,800.00"},{"v":184.988150432992,"d":"184.99"},1,"",{"v":0.0155584843345938,"d":"0.02"},{"v":2.558,"d":"2.56"},"",{"v":0.32833333333332,"d":"0.33"},{"v":0.657499999999974,"d":"0.66"},"",536]
["Structural Framing","Structural Framing : W Shapes : W8X10","Module 7 structural model",599494,{"v":0.102771194684996,"d":"0.10"},"TON",{"v":1800,"d":"1,800.00"},{"v":184.988150432992,"d":"184.99"},1,"",{"v":0.0155584843345938,"d":"0.02"},{"v":2.558,"d":"2.56"},"",{"v":0.32833333333332,"d":"0.33"},{"v":0.657499999999974,"d":"0.66"},"",536]
["Structural Framing","Structural Framing : W Shapes : W8X10","Module 7 structural model",599538,{"v":0.0421716378655745,"d":"0.04"},"TON",{"v":1800,"d":"1,800.00"},{"v":75.9089481580341,"d":"75.91"},1,"",{"v":0.00638434504052232,"d":"0.01"},{"v":2.558,"d":"2.56"},"",{"v":0.32833333333332,"d":"0.33"},{"v":0.657499999999974,"d":"0.66"},"",536]
["Structural Framing","Structural Framing : W Shapes : W8X10","Module 7 structural model",599539,{"v":0.0484186258505756,"d":"0.05"},"TON",{"v":1800,"d":"1,800.00"},{"v":87.153526531036,"d":"87.15"},1,"",{"v":0.00733007370506633,"d":"0.01"},{"v":2.558,"d":"2.56"},"",{"v":0.32833333333332,"d":"0.33"},{"v":0.657499999999974,"d":"0.66"},"",536]
["Structural Framing","Structural Framing : W Shapes : W8X10","Module 7 structural model",599540,{"v":0.0544239616446665,"d":"0.05"},"TON",{"v":1800,"d":"1,800.00"},{"v":97.9631309603997,"d":"97.96"},1,"",{"v":0.00823921875453981,"d":"0.01"},{"v":2.558,"d":"2.56"},"",{"v":0.32833333333332,"d":"0.33"},{"v":0.657499999999974,"d":"0.66"},"",536]
["Structural Framing","Structural Framing : W Shapes : W8X10","Module 7 structural model",599541,{"v":0.0603193270521555,"d":"0.06"},"TON",{"v":1800,"d":"1,800.00"},{"v":108.57478869388,"d":"108.57"},1,"",{"v":0.0091317154372948,"d":"0.01"},{"v":2.558,"d":"2.56"},"",{"v":0.32833333333332,"d":"0.33"},{"v":0.657499999999974,"d":"0.66"},"",536]
["Structural Framing","Structural Framing : W Shapes : W8X10","Module 7 structural model",599542,{"v":0.0662146924596445,"d":"0.07"},"TON",{"v":1800,"d":"1,800.00"},{"v":119.18644642736,"d":"119.19"},1,"",{"v":0.0100242121200498,"d":"0.01"},{"v":2.558,"d":"2.56"},"",{"v":0.32833333333332,"d":"0.33"},{"v":0.657499999999974,"d":"0.66"},"",536]
["Structural Framing","Structural Framing : W Shapes : W8X10","Module 7 structural model",599543,{"v":0.082583806166436,"d":"0.08"},"TON",{"v":1800,"d":"1,800.00"},{"v":148.650851099585,"d":"148.65"},1,"",{"v":0.0125023247853634,"d":"0.01"},{"v":2.558,"d":"2.56"},"",{"v":0.32833333333332,"d":"0.33"},{"v":0.657499999999974,"d":"0.66"},"",536]
["Structural Framing","Structural Framing : W Shapes : W8X10","Module 7 structural model",599544,{"v":0.0538145586578095,"d":"0.05"},"TON",{"v":1800,"d":"1,800.00"},{"v":96.8662055840571,"d":"96.87"},1,"",{"v":0.00814696151404039,"d":"0.01"},{"v":2.558,"d":"2.56"},"",{"v":0.32833333333332,"d":"0.33"},{"v":0.657499999999974,"d":"0.66"},"",536]
["Structural Framing","Structural Framing : W Shapes : W8X10","Module 7 structural model",599545,{"v":0.0250453111491832,"d":"0.03"},"TON",{"v":1800,"d":"1,800.00"},{"v":45.0815600685297,"d":"45.08"},1,"",{"v":0.00379159824271738,"d":"0.00"},{"v":2.558,"d":"2.56"},"",{"v":0.32833333333332,"d":"0.33"},{"v":0.657499999999974,"d":"0.66"},"",536]
["Structural Framing","Structural Framing : W Shapes : W8X10","Module 7 structural model",599546,{"v":0.072613433845401,"d":"0.07"},"TON",{"v":1800,"d":"1,800.00"},{"v":130.704180921722,"d":"130.70"},1,"",{"v":0.0109929146627861,"d":"0.01"},{"v":2.558,"d":"2.56"},"",{"v":0.32833333333332,"d":"0.33"},{"v":0.657499999999974,"d":"0.66"},"",536]
["Structural Framing","Structural Framing : W Shapes : W8X10","Module 7 structural model",599547,{"v":0.00982661366633625,"d":"0.01"},"TON",{"v":1800,"d":"1,800.00"},{"v":17.6879045994052,"d":"17.69"},1,"",{"v":0.00148764656534756,"d":"0.00"},{"v":2.558,"d":"2.56"},"",{"v":0.32833333333332,"d":"0.33"},{"v":0.657499999999974,"d":"0.66"},"",536]
["Structural Framing","Structural Framing : W Shapes : W8X10","Module 7 structural model",599548,{"v":0.0438441863367743,"d":"0.04"},"TON",{"v":1800,"d":"1,800.00"},{"v":78.9195354061938,"d":"78.92"},1,"",{"v":0.00663755139146309,"d":"0.01"},{"v":2.558,"d":"2.56"},"",{"v":0.32833333333332,"d":"0.33"},{"v":0.657499999999974,"d":"0.66"},"",536]
["Structural Framing","Structural Framing : W Shapes : W8X10","Module 7 structural model",599549,{"v":0.0150749388281478,"d":"0.02"},"TON",{"v":1800,"d":"1,800.00"},{"v":27.134889890666,"d":"27.13"},1,"",{"v":0.00228218812014006,"d":"0.00"},{"v":2.558,"d":"2.56"},"",{"v":0.32833333333332,"d":"0.33"},{"v":0.657499999999974,"d":"0.66"},"",536]
["Structural Framing","Structural Framing : W Shapes : W8X10","Module 7 structural model",599565,{"v":0.0686593082550335,"d":"0.07"},"TON",{"v":1800,"d":"1,800.00"},{"v":123.58675485906,"d":"123.59"},1,"",{"v":0.010394301391399,"d":"0.01"},{"v":2.558,"d":"2.56"},"",{"v":0.32833333333332,"d":"0.33"},{"v":0.657499999999974,"d":"0.66"},"",536]
["Structural Framing","Structural Framing : W Shapes : W8X10","Module 7 structural model",599566,{"v":0.0827253208645605,"d":"0.08"},"TON",{"v":1800,"d":"1,800.00"},{"v":148.905577556209,"d":"148.91"},1,"",{"v":0.0125237486310298,"d":"0.01"},{"v":2.558,"d":"2.56"},"",{"v":0.32833333333332,"d":"0.33"},{"v":0.657499999999974,"d":"0.66"},"",536]
["Structural Framing","Structural Framing : W Shapes : W8X10","Module 7 structural model",599567,{"v":0.0967913334740875,"d":"0.10"},"TON",{"v":1800,"d":"1,800.00"},{"v":174.224400253358,"d":"174.22"},1,"",{"v":0.0146531958706606,"d":"0.01"},{"v":2.558,"d":"2.56"},"",{"v":0.32833333333332,"d":"0.33"},{"v":0.657499999999974,"d":"0.66"},"",536]
["Structural Framing","Structural Framing : W Shapes : W8X10","Module 7 structural model",599580,{"v":0.0067359618681271,"d":"0.01"},"TON",{"v":1800,"d":"1,800.00"},{"v":12.1247313626288,"d":"12.12"},1,"",{"v":0.00101975419790442,"d":"0.00"},{"v":2.558,"d":"2.56"},"",{"v":0.32833333333332,"d":"0.33"},{"v":0.657499999999974,"d":"0.66"},"",536]
["Structural Framing","Structural Framing : W Shapes : W8X10","Module 7 structural model",599581,{"v":0.0243518434634282,"d":"0.02"},"TON",{"v":1800,"d":"1,800.00"},{"v":43.8333182341708,"d":"43.83"},1,"",{"v":0.00368661448575672,"d":"0.00"},{"v":2.558,"d":"2.56"},"",{"v":0.32833333333332,"d":"0.33"},{"v":0.657499999999974,"d":"0.66"},"",536]
["Structural Framing","Structural Framing : W Shapes : W8X10","Module 7 structural model",599582,{"v":0.0355536939732234,"d":"0.04"},"TON",{"v":1800,"d":"1,800.00"},{"v":63.996649151802,"d":"64.00"},1,"",{"v":0.0053824575301945,"d":"0.01"},{"v":2.558,"d":"2.56"},"",{"v":0.32833333333332,"d":"0.33"},{"v":0.657499999999974,"d":"0.66"},"",536]
["Structural Framing","Structural Framing : W Shapes : W8X10","Module 7 structural model",599583,{"v":0.0467555444830185,"d":"0.05"},"TON",{"v":1800,"d":"1,800.00"},{"v":84.1599800694334,"d":"84.16"},1,"",{"v":0.00707830057463227,"d":"0.01"},{"v":2.558,"d":"2.56"},"",{"v":0.32833333333332,"d":"0.33"},{"v":0.657499999999974,"d":"0.66"},"",536]
["Structural Framing","Structural Framing : W Shapes : W8X10","Module 7 structural model",599584,{"v":0.057957394992814,"d":"0.06"},"TON",{"v":1800,"d":"1,800.00"},{"v":104.323310987065,"d":"104.32"},1,"",{"v":0.00877414361907007,"d":"0.01"},{"v":2.558,"d":"2.56"},"",{"v":0.32833333333332,"d":"0.33"},{"v":0.657499999999974,"d":"0.66"},"",536]
["Structural Framing","Structural Framing : W Shapes : W8X10","Module 7 structural model",599585,{"v":0.0480000796663729,"d":"0.05"},"TON",{"v":1800,"d":"1,800.00"},{"v":86.4001433994712,"d":"86.40"},1,"",{"v":0.00726671018895484,"d":"0.01"},{"v":2.558,"d":"2.56"},"",{"v":0.32833333333332,"d":"0.33"},{"v":0.657499999999974,"d":"0.66"},"",536]
["Structural Framing","Structural Framing : W Shapes : W8X10","Module 7 structural model",599728,{"v":0.0116685553293626,"d":"0.01"},"TON",{"v":1800,"d":"1,800.00"},{"v":21.0033995928527,"d":"21.00"},1,"",{"v":0.00176649727441317,"d":"0.00"},{"v":2.558,"d":"2.56"},"",{"v":0.32833333333332,"d":"0.33"},{"v":0.657499999999974,"d":"0.66"},"",536]
["Structural Framing","Structural Framing : W Shapes : W8X10","Module 7 structural model",599729,{"v":0.0966679522376915,"d":"0.10"},"TON",{"v":1800,"d":"1,800.00"},{"v":174.002314027845,"d":"174.00"},1,"",{"v":0.0146345172415026,"d":"0.01"},{"v":2.558,"d":"2.56"},"",{"v":0.32833333333332,"d":"0.33"},{"v":0.657499999999974,"d":"0.66"},"",536]
["Structural Framing","Structural Framing : W Shapes : W8X10","Module 7 structural model",599730,{"v":0.0985293754815005,"d":"0.10"},"TON",{"v":1800,"d":"1,800.00"},{"v":177.352875866701,"d":"177.35"},1,"",{"v":0.0149163172582059,"d":"0.01"},{"v":2.558,"d":"2.56"},"",{"v":0.32833333333332,"d":"0.33"},{"v":0.657499999999974,"d":"0.66"},"",536]
["Structural Framing","Structural Framing : W Shapes : W8X10","Module 7 structural model",599731,{"v":0.046288274995781,"d":"0.05"},"TON",{"v":1800,"d":"1,800.00"},{"v":83.3188949924057,"d":"83.32"},1,"",{"v":0.00701016030485171,"d":"0.01"},{"v":2.558,"d":"2.56"},"",{"v":0.32833333333332,"d":"0.33"},{"v":0.657499999999974,"d":"0.66"},"",536]
["Structural Framing","Structural Framing : W Shapes : W8X10","Module 7 structural model",599732,{"v":0.0326171555564363,"d":"0.03"},"TON",{"v":1800,"d":"1,800.00"},{"v":58.7108800015854,"d":"58.71"},1,"",{"v":0.00493789631734147,"d":"0.00"},{"v":2.558,"d":"2.56"},"",{"v":0.32833333333332,"d":"0.33"},{"v":0.657499999999974,"d":"0.66"},"",536]
["Structural Framing","Structural Framing : W Shapes : W8X10","Module 7 structural model",599733,{"v":0.0807008994752715,"d":"0.08"},"TON",{"v":1800,"d":"1,800.00"},{"v":145.261619055489,"d":"145.26"},1,"",{"v":0.0122172723993541,"d":"0.01"},{"v":2.558,"d":"2.56"},"",{"v":0.32833333333332,"d":"0.33"},{"v":0.657499999999974,"d":"0.66"},"",536]
["Structural Framing","Structural Framing : W Shapes : W8X10","Module 7 structural model",599734,{"v":0.063787454125157,"d":"0.06"},"TON",{"v":1800,"d":"1,800.00"},{"v":114.817417425283,"d":"114.82"},1,"",{"v":0.00965675361458822,"d":"0.01"},{"v":2.558,"d":"2.56"},"",{"v":0.32833333333332,"d":"0.33"},{"v":0.657499999999974,"d":"0.66"},"",536]
["Structural Framing","Structural Framing : W Shapes : W8X10","Module 7 structural model",599735,{"v":0.0103598364929029,"d":"0.01"},"TON",{"v":1800,"d":"1,800.00"},{"v":18.6477056872251,"d":"18.65"},1,"",{"v":0.00156895271111142,"d":"0.00"},{"v":2.558,"d":"2.56"},"",{"v":0.32833333333332,"d":"0.33"},{"v":0.657499999999974,"d":"0.66"},"",536]
["Structural Framing","Structural Framing : W Shapes : W8X10","Module 7 structural model",599736,{"v":0.0707962995002675,"d":"0.07"},"TON",{"v":1800,"d":"1,800.00"},{"v":127.433339100482,"d":"127.43"},1,"",{"v":0.0107217952825506,"d":"0.01"},{"v":2.558,"d":"2.56"},"",{"v":0.32833333333332,"d":"0.33"},{"v":0.657499999999974,"d":"0.66"},"",536]
["Structural Framing","Structural Framing : W Shapes : W8X10","Module 7 structural model",599737,{"v":0.0744869848218235,"d":"0.07"},"TON",{"v":1800,"d":"1,800.00"},{"v":134.076572679282,"d":"134.08"},1,"",{"v":0.0112807337122335,"d":"0.01"},{"v":2.558,"d":"2.56"},"",{"v":0.32833333333332,"d":"0.33"},{"v":0.657499999999974,"d":"0.66"},"",536]
["Structural Framing","Structural Framing : W Shapes : W8X10","Module 7 structural model",599738,{"v":0.073856011629523,"d":"0.07"},"TON",{"v":1800,"d":"1,800.00"},{"v":132.940820933141,"d":"132.94"},1,"",{"v":0.0111810279473308,"d":"0.01"},{"v":2.558,"d":"2.56"},"",{"v":0.32833333333332,"d":"0.33"},{"v":0.657499999999974,"d":"0.66"},"",536]
["Structural Framing","Structural Framing : W Shapes : W8X10","Module 7 structural model",599739,{"v":0.0996072597498355,"d":"0.10"},"TON",{"v":1800,"d":"1,800.00"},{"v":179.293067549704,"d":"179.29"},1,"",{"v":0.0150794976664399,"d":"0.02"},{"v":2.558,"d":"2.56"},"",{"v":0.32833333333332,"d":"0.33"},{"v":0.657499999999974,"d":"0.66"},"",536]
["Structural Framing","Structural Framing : W Shapes : W8X10","Module 7 structural model",599740,{"v":0.0088078545722331,"d":"0.01"},"TON",{"v":1800,"d":"1,800.00"},{"v":15.8541382300196,"d":"15.85"},1,"",{"v":0.00133341709029949,"d":"0.00"},{"v":2.558,"d":"2.56"},"",{"v":0.32833333333332,"d":"0.33"},{"v":0.657499999999974,"d":"0.66"},"",536]
["Structural Framing","Structural Framing : W Shapes : W8X10","Module 7 structural model",599741,{"v":0.0184148030735148,"d":"0.02"},"TON",{"v":1800,"d":"1,800.00"},{"v":33.1466455323266,"d":"33.15"},1,"",{"v":0.00278884278015071,"d":"0.00"},{"v":2.558,"d":"2.56"},"",{"v":0.32833333333332,"d":"0.33"},{"v":0.657499999999974,"d":"0.66"},"",536]
["Structural Framing","Structural Framing : W Shapes : W8X10","Module 7 structural model",599742,{"v":0.100264179143468,"d":"0.10"},"TON",{"v":1800,"d":"1,800.00"},{"v":180.475522458243,"d":"180.48"},1,"",{"v":0.0151845790039518,"d":"0.02"},{"v":2.558,"d":"2.56"},"",{"v":0.32833333333332,"d":"0.33"},{"v":0.657499999999974,"d":"0.66"},"",536]
["Structural Framing","Structural Framing : W Shapes : W8X10","Module 7 structural model",599743,{"v":0.0961211276121235,"d":"0.10"},"TON",{"v":1800,"d":"1,800.00"},{"v":173.018029701822,"d":"173.02"},1,"",{"v":0.0145517337106042,"d":"0.01"},{"v":2.558,"d":"2.56"},"",{"v":0.32833333333332,"d":"0.33"},{"v":0.657499999999974,"d":"0.66"},"",536]
["Structural Framing","Structural Framing : W Shapes : W8X10","Module 7 structural model",599744,{"v":0.0439726467335791,"d":"0.04"},"TON",{"v":1800,"d":"1,800.00"},{"v":79.1507641204424,"d":"79.15"},1,"",{"v":0.00665699895240105,"d":"0.01"},{"v":2.558,"d":"2.56"},"",{"v":0.32833333333332,"d":"0.33"},{"v":0.657499999999974,"d":"0.66"},"",536]
["Structural Framing","Structural Framing : W Shapes : W8X10","Module 7 structural model",599745,{"v":0.0243240339919158,"d":"0.02"},"TON",{"v":1800,"d":"1,800.00"},{"v":43.7832611854484,"d":"43.78"},1,"",{"v":0.00368377040534635,"d":"0.00"},{"v":2.558,"d":"2.56"},"",{"v":0.32833333333332,"d":"0.33"},{"v":0.657499999999974,"d":"0.66"},"",536]
["Structural Framing","Structural Framing : W Shapes : W8X10","Module 7 structural model",599746,{"v":0.0040478238609551,"d":"0.00"},"TON",{"v":1800,"d":"1,800.00"},{"v":7.28608294971919,"d":"7.29"},1,"",{"v":0.000612798209876797,"d":"0.00"},{"v":2.558,"d":"2.56"},"",{"v":0.32833333333332,"d":"0.33"},{"v":0.657499999999974,"d":"0.66"},"",536]
["Structural Framing","Structural Framing : W Shapes : W8X10","Module 7 structural model",599747,{"v":0.043722753076222,"d":"0.04"},"TON",{"v":1800,"d":"1,800.00"},{"v":78.7009555371996,"d":"78.70"},1,"",{"v":0.00661916766548042,"d":"0.01"},{"v":2.558,"d":"2.56"},"",{"v":0.32833333333332,"d":"0.33"},{"v":0.657499999999974,"d":"0.66"},"",536]
["Structural Framing","Structural Framing : W Shapes : W8X10","Module 7 structural model",599748,{"v":0.130269006909352,"d":"0.13"},"TON",{"v":1800,"d":"1,800.00"},{"v":234.484212436833,"d":"234.48"},1,"",{"v":0.0197213655975739,"d":"0.02"},{"v":2.558,"d":"2.56"},"",{"v":0.32833333333332,"d":"0.33"},{"v":0.657499999999974,"d":"0.66"},"",536]
["Structural Framing","Structural Framing : W Shapes : W8X10","Module 7 structural model",599749,{"v":0.014126671666653,"d":"0.01"},"TON",{"v":1800,"d":"1,800.00"},{"v":25.4280089999755,"d":"25.43"},1,"",{"v":0.0021386303866492,"d":"0.00"},{"v":2.558,"d":"2.56"},"",{"v":0.32833333333332,"d":"0.33"},{"v":0.657499999999974,"d":"0.66"},"",536]
["Structural Framing","Structural Framing : W Shapes : W8X10","Module 7 structural model",599750,{"v":0.11835782884929,"d":"0.12"},"TON",{"v":1800,"d":"1,800.00"},{"v":213.044091928723,"d":"213.04"},1,"",{"v":0.0179181377785138,"d":"0.02"},{"v":2.558,"d":"2.56"},"",{"v":0.32833333333332,"d":"0.33"},{"v":0.657499999999974,"d":"0.66"},"",536]
["Structural Framing","Structural Framing : W Shapes : W8X10","Module 7 structural model",599751,{"v":0.105454194074116,"d":"0.11"},"TON",{"v":1800,"d":"1,800.00"},{"v":189.81754933341,"d":"189.82"},1,"",{"v":0.0159705844589344,"d":"0.02"},{"v":2.558,"d":"2.56"},"",{"v":0.32833333333332,"d":"0.33"},{"v":0.657499999999974,"d":"0.66"},"",536]
["Structural Framing","Structural Framing : W Shapes : W8X10","Module 7 structural model",599752,{"v":0.0634221010877025,"d":"0.06"},"TON",{"v":1800,"d":"1,800.00"},{"v":114.159781957865,"d":"114.16"},1,"",{"v":0.00960144298472488,"d":"0.01"},{"v":2.558,"d":"2.56"},"",{"v":0.32833333333332,"d":"0.33"},{"v":0.657499999999974,"d":"0.66"},"",536]
["Structural Framing","Structural Framing : W Shapes : W8X10","Module 7 structural model",599753,{"v":0.0313290704456385,"d":"0.03"},"TON",{"v":1800,"d":"1,800.00"},{"v":56.3923268021493,"d":"56.39"},1,"",{"v":0.00474465306918297,"d":"0.00"},{"v":2.558,"d":"2.56"},"",{"v":0.32833333333332,"d":"0.33"},{"v":0.657499999999974,"d":"0.66"},"",536]
["Structural Framing","Structural Framing : W Shapes : W8X10","Module 7 structural model",599754,{"v":0.058535981079361,"d":"0.06"},"TON",{"v":1800,"d":"1,800.00"},{"v":105.36476594285,"d":"105.36"},1,"",{"v":0.00886502275156049,"d":"0.01"},{"v":2.558,"d":"2.56"},"",{"v":0.32833333333332,"d":"0.33"},{"v":0.657499999999974,"d":"0.66"},"",536]
["Structural Framing","Structural Framing : W Shapes : W8X10","Module 7 structural model",599755,{"v":0.0402669765710597,"d":"0.04"},"TON",{"v":1800,"d":"1,800.00"},{"v":72.4805578279074,"d":"72.48"},1,"",{"v":0.00609599923502452,"d":"0.01"},{"v":2.558,"d":"2.56"},"",{"v":0.32833333333332,"d":"0.33"},{"v":0.657499999999974,"d":"0.66"},"",536]
["Structural Framing","Structural Framing : W Shapes : W8X10","Module 7 structural model",599756,{"v":0.0398750692641708,"d":"0.04"},"TON",{"v":1800,"d":"1,800.00"},{"v":71.7751246755075,"d":"71.78"},1,"",{"v":0.00603666856641126,"d":"0.01"},{"v":2.558,"d":"2.56"},"",{"v":0.32833333333332,"d":"0.33"},{"v":0.657499999999974,"d":"0.66"},"",536]
["Structural Framing","Structural Framing : W Shapes : W8X10","Module 7 structural model",599757,{"v":0.072355318474764,"d":"0.07"},"TON",{"v":1800,"d":"1,800.00"},{"v":130.239573254575,"d":"130.24"},1,"",{"v":0.0109579020057007,"d":"0.01"},{"v":2.558,"d":"2.56"},"",{"v":0.32833333333332,"d":"0.33"},{"v":0.657499999999974,"d":"0.66"},"",536]
["Structural Framing","Structural Framing : W Shapes : W8X10","Module 7 structural model",599758,{"v":0.0161711833919892,"d":"0.02"},"TON",{"v":1800,"d":"1,800.00"},{"v":29.1081301055805,"d":"29.11"},1,"",{"v":0.00244814808514473,"d":"0.00"},{"v":2.558,"d":"2.56"},"",{"v":0.32833333333332,"d":"0.33"},{"v":0.657499999999974,"d":"0.66"},"",536]
["Structural Framing","Structural Framing : W Shapes : W8X10","Module 7 structural model",599774,{"v":0.0479011230044255,"d":"0.05"},"TON",{"v":1800,"d":"1,800.00"},{"v":86.2220214079659,"d":"86.22"},1,"",{"v":0.00725172918499325,"d":"0.01"},{"v":2.558,"d":"2.56"},"",{"v":0.32833333333332,"d":"0.33"},{"v":0.657499999999974,"d":"0.66"},"",536]
["Structural Framing","Structural Framing : W Shapes : W8X10","Module 7 structural model",599775,{"v":0.0409771790711418,"d":"0.04"},"TON",{"v":1800,"d":"1,800.00"},{"v":73.7589223280553,"d":"73.76"},1,"",{"v":0.0062058176537255,"d":"0.01"},{"v":2.558,"d":"2.56"},"",{"v":0.32833333333332,"d":"0.33"},{"v":0.657499999999974,"d":"0.66"},"",536]
["Structural Framing","Structural Framing : W Shapes : W8X10","Module 7 structural model",599776,{"v":0.0340532351378582,"d":"0.03"},"TON",{"v":1800,"d":"1,800.00"},{"v":61.2958232481448,"d":"61.30"},1,"",{"v":0.0051572161035803,"d":"0.01"},{"v":2.558,"d":"2.56"},"",{"v":0.32833333333332,"d":"0.33"},{"v":0.657499999999974,"d":"0.66"},"",536]
["Structural Framing","Structural Framing : W Shapes : W8X10","Module 7 structural model",599777,{"v":0.0271292912045745,"d":"0.03"},"TON",{"v":1800,"d":"1,800.00"},{"v":48.8327241682341,"d":"48.83"},1,"",{"v":0.00410861455343507,"d":"0.00"},{"v":2.558,"d":"2.56"},"",{"v":0.32833333333332,"d":"0.33"},{"v":0.657499999999974,"d":"0.66"},"",536]
["Structural Framing","Structural Framing : W Shapes : W8X10","Module 7 structural model",599778,{"v":0.0202053472712909,"d":"0.02"},"TON",{"v":1800,"d":"1,800.00"},{"v":36.3696250883235,"d":"36.37"},1,"",{"v":0.00306001300328987,"d":"0.00"},{"v":2.558,"d":"2.56"},"",{"v":0.32833333333332,"d":"0.33"},{"v":0.657499999999974,"d":"0.66"},"",536]
["Structural Framing","Structural Framing : W Shapes : W8X10","Module 7 structural model",599797,{"v":0.000209330579148512,"d":"0.00"},"TON",{"v":1800,"d":"1,800.00"},{"v":0.376795042467322,"d":"0.38"},1,"",{"v":0.0000316904609936276,"d":"0.00"},{"v":2.558,"d":"2.56"},"",{"v":0.32833333333332,"d":"0.33"},{"v":0.657499999999974,"d":"0.66"},"",536]
["Structural Framing","Structural Framing : W Shapes : W8X10","Module 7 structural model",599798,{"v":0.0000799727185390545,"d":"0.00"},"TON",{"v":1800,"d":"1,800.00"},{"v":0.143950893370298,"d":"0.14"},1,"",{"v":0.000012107033419227,"d":"0.00"},{"v":2.558,"d":"2.56"},"",{"v":0.32833333333332,"d":"0.33"},{"v":0.657499999999974,"d":"0.66"},"",536]
["Structural Framing","Structural Framing : W Shapes : W8X10","Module 7 structural model",599799,{"v":0.06048576462098,"d":"0.06"},"TON",{"v":1800,"d":"1,800.00"},{"v":108.874376317764,"d":"108.87"},1,"",{"v":0.00916030908892684,"d":"0.01"},{"v":2.558,"d":"2.56"},"",{"v":0.32833333333332,"d":"0.33"},{"v":0.657499999999974,"d":"0.66"},"",536]
["Structural Framing","Structural Framing : W Shapes : W8X10","Module 7 structural model",599800,{"v":0.100841469695827,"d":"0.10"},"TON",{"v":1800,"d":"1,800.00"},{"v":181.514645452488,"d":"181.51"},1,"",{"v":0.0152663441477829,"d":"0.02"},{"v":2.558,"d":"2.56"},"",{"v":0.32833333333332,"d":"0.33"},{"v":0.657499999999974,"d":"0.66"},"",536]
["Structural Framing","Structural Framing : W Shapes : W8X10","Module 7 structural model",599801,{"v":0.100841469695827,"d":"0.10"},"TON",{"v":1800,"d":"1,800.00"},{"v":181.514645452488,"d":"181.51"},1,"",{"v":0.0152663441477829,"d":"0.02"},{"v":2.558,"d":"2.56"},"",{"v":0.32833333333332,"d":"0.33"},{"v":0.657499999999974,"d":"0.66"},"",536]
["Structural Framing","Structural Framing : W Shapes : W8X10","Module 7 structural model",599802,{"v":0.0805782415170605,"d":"0.08"},"TON",{"v":1800,"d":"1,800.00"},{"v":145.040834730709,"d":"145.04"},1,"",{"v":0.0122032283589988,"d":"0.01"},{"v":2.558,"d":"2.56"},"",{"v":0.32833333333332,"d":"0.33"},{"v":0.657499999999974,"d":"0.66"},"",536]
["Structural Framing","Structural Framing : W Shapes : W8X10","Module 7 structural model",599816,{"v":0.0763412543465535,"d":"0.08"},"TON",{"v":1800,"d":"1,800.00"},{"v":137.414257823796,"d":"137.41"},1,"",{"v":0.0115572677098353,"d":"0.01"},{"v":2.558,"d":"2.56"},"",{"v":0.32833333333332,"d":"0.33"},{"v":0.657499999999974,"d":"0.66"},"",536]
["Structural Framing","Structural Framing : W Shapes : W8X10","Module 7 structural model",599817,{"v":0.073558872350607,"d":"0.07"},"TON",{"v":1800,"d":"1,800.00"},{"v":132.405970231093,"d":"132.41"},1,"",{"v":0.0111360441672903,"d":"0.01"},{"v":2.558,"d":"2.56"},"",{"v":0.32833333333332,"d":"0.33"},{"v":0.657499999999974,"d":"0.66"},"",536]
["Structural Framing","Structural Framing : W Shapes : W8X10","Module 7 structural model",599818,{"v":0.068939236773433,"d":"0.07"},"TON",{"v":1800,"d":"1,800.00"},{"v":124.090626192179,"d":"124.09"},1,"",{"v":0.0104366796422472,"d":"0.01"},{"v":2.558,"d":"2.56"},"",{"v":0.32833333333332,"d":"0.33"},{"v":0.657499999999974,"d":"0.66"},"",536]
["Structural Framing","Structural Framing : W Shapes : W8X10","Module 7 structural model",599837,{"v":0.0294285941652714,"d":"0.03"},"TON",{"v":1800,"d":"1,800.00"},{"v":52.9714694974884,"d":"52.97"},1,"",{"v":0.00445518146123432,"d":"0.00"},{"v":2.558,"d":"2.56"},"",{"v":0.32833333333332,"d":"0.33"},{"v":0.657499999999974,"d":"0.66"},"",536]
["Structural Framing","Structural Framing : W Shapes : W8X10","Module 7 structural model",599838,{"v":0.0269800481924859,"d":"0.03"},"TON",{"v":1800,"d":"1,800.00"},{"v":48.5640867464746,"d":"48.56"},1,"",{"v":0.00408449720211984,"d":"0.00"},{"v":2.558,"d":"2.56"},"",{"v":0.32833333333332,"d":"0.33"},{"v":0.657499999999974,"d":"0.66"},"",536]
["Structural Framing","Structural Framing : W Shapes : W8X10","Module 7 structural model",599839,{"v":0.0245315022197004,"d":"0.02"},"TON",{"v":1800,"d":"1,800.00"},{"v":44.1567039954608,"d":"44.16"},1,"",{"v":0.00371381294300541,"d":"0.00"},{"v":2.558,"d":"2.56"},"",{"v":0.32833333333332,"d":"0.33"},{"v":0.657499999999974,"d":"0.66"},"",536]
["Structural Framing","Structural Framing : W Shapes : W8X10","Module 7 structural model",599840,{"v":0.0192193418811886,"d":"0.02"},"TON",{"v":1800,"d":"1,800.00"},{"v":34.5948153861396,"d":"34.59"},1,"",{"v":0.0029096074098994,"d":"0.00"},{"v":2.558,"d":"2.56"},"",{"v":0.32833333333332,"d":"0.33"},{"v":0.657499999999974,"d":"0.66"},"",536]
["Structural Framing","Structural Framing : W Shapes : W8X10","Module 7 structural model",599841,{"v":0.0167707959084032,"d":"0.02"},"TON",{"v":1800,"d":"1,800.00"},{"v":30.1874326351258,"d":"30.19"},1,"",{"v":0.00253892315078494,"d":"0.00"},{"v":2.558,"d":"2.56"},"",{"v":0.32833333333332,"d":"0.33"},{"v":0.657499999999974,"d":"0.66"},"",536]
["Structural Framing","Structural Framing : W Shapes : W8X10","Module 7 structural model",599842,{"v":0.0143222499356178,"d":"0.01"},"TON",{"v":1800,"d":"1,800.00"},{"v":25.780049884112,"d":"25.78"},1,"",{"v":0.00216823889167049,"d":"0.00"},{"v":2.558,"d":"2.56"},"",{"v":0.32833333333332,"d":"0.33"},{"v":0.657499999999974,"d":"0.66"},"",536]
["Structural Framing","Structural Framing : W Shapes : W8X10","Module 7 structural model",599843,{"v":0.016967175259133,"d":"0.02"},"TON",{"v":1800,"d":"1,800.00"},{"v":30.5409154664395,"d":"30.54"},1,"",{"v":0.00256865293120963,"d":"0.00"},{"v":2.558,"d":"2.56"},"",{"v":0.32833333333332,"d":"0.33"},{"v":0.657499999999974,"d":"0.66"},"",536]
["Structural Framing","Structural Framing : W Shapes : W8X10","Module 7 structural model",599844,{"v":0.0145186292863476,"d":"0.01"},"TON",{"v":1800,"d":"1,800.00"},{"v":26.1335327154256,"d":"26.13"},1,"",{"v":0.00219796867209517,"d":"0.00"},{"v":2.558,"d":"2.56"},"",{"v":0.32833333333332,"d":"0.33"},{"v":0.657499999999974,"d":"0.66"},"",536]
["Structural Framing","Structural Framing : W Shapes : W8X10","Module 7 structural model",599845,{"v":0.0120700833135621,"d":"0.01"},"TON",{"v":1800,"d":"1,800.00"},{"v":21.7261499644118,"d":"21.73"},1,"",{"v":0.00182728441298071,"d":"0.00"},{"v":2.558,"d":"2.56"},"",{"v":0.32833333333332,"d":"0.33"},{"v":0.657499999999974,"d":"0.66"},"",536]
["Structural Framing","Structural Framing : W Shapes : W8X10","Module 7 structural model",599865,{"v":0.096937118399288,"d":"0.10"},"TON",{"v":1800,"d":"1,800.00"},{"v":174.486813118718,"d":"174.49"},1,"",{"v":0.0146752661840583,"d":"0.01"},{"v":2.558,"d":"2.56"},"",{"v":0.32833333333332,"d":"0.33"},{"v":0.657499999999974,"d":"0.66"},"",536]
["Structural Framing","Structural Framing : W Shapes : W8X10","Module 7 structural model",599866,{"v":0.0753318269450395,"d":"0.08"},"TON",{"v":1800,"d":"1,800.00"},{"v":135.597288501071,"d":"135.60"},1,"",{"v":0.0114044509554762,"d":"0.01"},{"v":2.558,"d":"2.56"},"",{"v":0.32833333333332,"d":"0.33"},{"v":0.657499999999974,"d":"0.66"},"",536]
["Structural Framing","Structural Framing : W Shapes : W8X10","Module 7 structural model",599867,{"v":0.0753318269450395,"d":"0.08"},"TON",{"v":1800,"d":"1,800.00"},{"v":135.597288501071,"d":"135.60"},1,"",{"v":0.0114044509554762,"d":"0.01"},{"v":2.558,"d":"2.56"},"",{"v":0.32833333333332,"d":"0.33"},{"v":0.657499999999974,"d":"0.66"},"",536]
["Structural Framing","Structural Framing : W Shapes : W8X10","Module 7 structural model",599868,{"v":0.0753318269450395,"d":"0.08"},"TON",{"v":1800,"d":"1,800.00"},{"v":135.597288501071,"d":"135.60"},1,"",{"v":0.0114044509554762,"d":"0.01"},{"v":2.558,"d":"2.56"},"",{"v":0.32833333333332,"d":"0.33"},{"v":0.657499999999974,"d":"0.66"},"",536]
["Structural Framing","Structural Framing : W Shapes : W8X10","Module 7 structural model",599869,{"v":0.0753318269450395,"d":"0.08"},"TON",{"v":1800,"d":"1,800.00"},{"v":135.597288501071,"d":"135.60"},1,"",{"v":0.0114044509554762,"d":"0.01"},{"v":2.558,"d":"2.56"},"",{"v":0.32833333333332,"d":"0.33"},{"v":0.657499999999974,"d":"0.66"},"",536]
["Structural Framing","Structural Framing : W Shapes : W8X10","Module 7 structural model",599884,{"v":0.078272900040306,"d":"0.08"},"TON",{"v":1800,"d":"1,800.00"},{"v":140.891220072551,"d":"140.89"},1,"",{"v":0.0118496986712379,"d":"0.01"},{"v":2.558,"d":"2.56"},"",{"v":0.32833333333332,"d":"0.33"},{"v":0.657499999999974,"d":"0.66"},"",536]
["Structural Framing","Structural Framing : W Shapes : W8X10","Module 7 structural model",599885,{"v":0.086411783710734,"d":"0.09"},"TON",{"v":1800,"d":"1,800.00"},{"v":155.541210679321,"d":"155.54"},1,"",{"v":0.0130818405615368,"d":"0.01"},{"v":2.558,"d":"2.56"},"",{"v":0.32833333333332,"d":"0.33"},{"v":0.657499999999974,"d":"0.66"},"",536]
["Structural Framing","Structural Framing : W Shapes : W8X10","Module 7 structural model",599886,{"v":0.094550667381162,"d":"0.09"},"TON",{"v":1800,"d":"1,800.00"},{"v":170.191201286092,"d":"170.19"},1,"",{"v":0.0143139824518356,"d":"0.01"},{"v":2.558,"d":"2.56"},"",{"v":0.32833333333332,"d":"0.33"},{"v":0.657499999999974,"d":"0.66"},"",536]
["Structural Framing","Structural Framing : W Shapes : W8X10","Module 7 structural model",599887,{"v":0.07525103659109,"d":"0.08"},"TON",{"v":1800,"d":"1,800.00"},{"v":135.451865863962,"d":"135.45"},1,"",{"v":0.0113922201406048,"d":"0.01"},{"v":2.558,"d":"2.56"},"",{"v":0.32833333333332,"d":"0.33"},{"v":0.657499999999974,"d":"0.66"},"",536]
["Structural Framing","Structural Framing : W Shapes : W8X10","Module 7 structural model",599888,{"v":0.0217086550520544,"d":"0.02"},"TON",{"v":1800,"d":"1,800.00"},{"v":39.075579093698,"d":"39.08"},1,"",{"v":0.00328646339655524,"d":"0.00"},{"v":2.558,"d":"2.56"},"",{"v":0.32833333333332,"d":"0.33"},{"v":0.657499999999974,"d":"0.66"},"",536]
["Structural Framing","Structural Framing : W Shapes : W8X10","Module 7 structural model",599908,{"v":0.071391425783124,"d":"0.07"},"TON",{"v":1800,"d":"1,800.00"},{"v":128.504566409623,"d":"128.50"},1,"",{"v":0.0108079154190588,"d":"0.01"},{"v":2.558,"d":"2.56"},"",{"v":0.32833333333332,"d":"0.33"},{"v":0.657499999999974,"d":"0.66"},"",536]
["Structural Framing","Structural Framing : W Shapes : W8X10","Module 7 structural model",599909,{"v":0.063179523690765,"d":"0.06"},"TON",{"v":1800,"d":"1,800.00"},{"v":113.723142643377,"d":"113.72"},1,"",{"v":0.00956471930313543,"d":"0.01"},{"v":2.558,"d":"2.56"},"",{"v":0.32833333333332,"d":"0.33"},{"v":0.657499999999974,"d":"0.66"},"",536]
["Structural Framing","Structural Framing : W Shapes : W8X10","Module 7 structural model",599910,{"v":0.0549676215984065,"d":"0.05"},"TON",{"v":1800,"d":"1,800.00"},{"v":98.9417188771317,"d":"98.94"},1,"",{"v":0.00832152318721218,"d":"0.01"},{"v":2.558,"d":"2.56"},"",{"v":0.32833333333332,"d":"0.33"},{"v":0.657499999999974,"d":"0.66"},"",536]
["Structural Framing","Structural Framing : W Shapes : W8X10","Module 7 structural model",599911,{"v":0.048658053664405,"d":"0.05"},"TON",{"v":1800,"d":"1,800.00"},{"v":87.584496595929,"d":"87.58"},1,"",{"v":0.00736632057270422,"d":"0.01"},{"v":2.558,"d":"2.56"},"",{"v":0.32833333333332,"d":"0.33"},{"v":0.657499999999974,"d":"0.66"},"",536]
["Structural Framing","Structural Framing : W Shapes : W8X10","Module 7 structural model",599912,{"v":0.0404461515720462,"d":"0.04"},"TON",{"v":1800,"d":"1,800.00"},{"v":72.8030728296832,"d":"72.80"},1,"",{"v":0.0061231244567809,"d":"0.01"},{"v":2.558,"d":"2.56"},"",{"v":0.32833333333332,"d":"0.33"},{"v":0.657499999999974,"d":"0.66"},"",536]
["Structural Framing","Structural Framing : W Shapes : W8X10","Module 7 structural model",599926,{"v":0.0388795484553654,"d":"0.04"},"TON",{"v":1800,"d":"1,800.00"},{"v":69.9831872196577,"d":"69.98"},1,"",{"v":0.00588595712478566,"d":"0.01"},{"v":2.558,"d":"2.56"},"",{"v":0.32833333333332,"d":"0.33"},{"v":0.657499999999974,"d":"0.66"},"",536]
["Structural Framing","Structural Framing : W Shapes : W8X10","Module 7 structural model",599927,{"v":0.0187351044812044,"d":"0.02"},"TON",{"v":1800,"d":"1,800.00"},{"v":33.723188066168,"d":"33.72"},1,"",{"v":0.00283629893056362,"d":"0.00"},{"v":2.558,"d":"2.56"},"",{"v":0.32833333333332,"d":"0.33"},{"v":0.657499999999974,"d":"0.66"},"",536]
["Structural Framing","Structural Framing : W Shapes : W8X10","Module 7 structural model",599928,{"v":0.0065798521636186,"d":"0.01"},"TON",{"v":1800,"d":"1,800.00"},{"v":11.8437338945135,"d":"11.84"},1,"",{"v":0.000996120820871902,"d":"0.00"},{"v":2.558,"d":"2.56"},"",{"v":0.32833333333332,"d":"0.33"},{"v":0.657499999999974,"d":"0.66"},"",536]
["Structural Framing","Structural Framing : W Shapes : W8X10","Module 7 structural model",599929,{"v":0.0119775396584691,"d":"0.01"},"TON",{"v":1800,"d":"1,800.00"},{"v":21.5595713852444,"d":"21.56"},1,"",{"v":0.00181327427120466,"d":"0.00"},{"v":2.558,"d":"2.56"},"",{"v":0.32833333333332,"d":"0.33"},{"v":0.657499999999974,"d":"0.66"},"",536]
["Structural Framing","Structural Framing : W Shapes : W8X10","Module 7 structural model",599930,{"v":0.0173752271533196,"d":"0.02"},"TON",{"v":1800,"d":"1,800.00"},{"v":31.2754088759754,"d":"31.28"},1,"",{"v":0.00263042772153743,"d":"0.00"},{"v":2.558,"d":"2.56"},"",{"v":0.32833333333332,"d":"0.33"},{"v":0.657499999999974,"d":"0.66"},"",536]
["Structural Framing","Structural Framing : W Shapes : W8X10","Module 7 structural model",599931,{"v":0.0233429023088698,"d":"0.02"},"TON",{"v":1800,"d":"1,800.00"},{"v":42.0172241559656,"d":"42.02"},1,"",{"v":0.0035338713441027,"d":"0.00"},{"v":2.558,"d":"2.56"},"",{"v":0.32833333333332,"d":"0.33"},{"v":0.657499999999974,"d":"0.66"},"",536]
["Structural Framing","Structural Framing : W Shapes : W8X10","Module 7 structural model",599932,{"v":0.0287405898037204,"d":"0.03"},"TON",{"v":1800,"d":"1,800.00"},{"v":51.7330616466966,"d":"51.73"},1,"",{"v":0.00435102479443546,"d":"0.00"},{"v":2.558,"d":"2.56"},"",{"v":0.32833333333332,"d":"0.33"},{"v":0.657499999999974,"d":"0.66"},"",536]
["Structural Framing","Structural Framing : W Shapes : W8X10","Module 7 structural model",599933,{"v":0.0335682896378716,"d":"0.03"},"TON",{"v":1800,"d":"1,800.00"},{"v":60.422921348169,"d":"60.42"},1,"",{"v":0.00508188807253581,"d":"0.01"},{"v":2.558,"d":"2.56"},"",{"v":0.32833333333332,"d":"0.33"},{"v":0.657499999999974,"d":"0.66"},"",536]
["Structural Framing","Structural Framing : W Shapes : W8X10","Module 7 structural model",599934,{"v":0.0389659771327222,"d":"0.04"},"TON",{"v":1800,"d":"1,800.00"},{"v":70.1387588388999,"d":"70.14"},1,"",{"v":0.00589904152286858,"d":"0.01"},{"v":2.558,"d":"2.56"},"",{"v":0.32833333333332,"d":"0.33"},{"v":0.657499999999974,"d":"0.66"},"",536]
["Structural Framing","Structural Framing : W Shapes : W8X10","Module 7 structural model",599947,{"v":0.100382572902569,"d":"0.10"},"TON",{"v":1800,"d":"1,800.00"},{"v":180.688631224624,"d":"180.69"},1,"",{"v":0.0151968719713527,"d":"0.02"},{"v":2.558,"d":"2.56"},"",{"v":0.32833333333332,"d":"0.33"},{"v":0.657499999999974,"d":"0.66"},"",536]
["Structural Framing","Structural Framing : W Shapes : W8X10","Module 7 structural model",599948,{"v":0.102771194684996,"d":"0.10"},"TON",{"v":1800,"d":"1,800.00"},{"v":184.988150432992,"d":"184.99"},1,"",{"v":0.0155584843345938,"d":"0.02"},{"v":2.558,"d":"2.56"},"",{"v":0.32833333333332,"d":"0.33"},{"v":0.657499999999974,"d":"0.66"},"",536]
["Structural Framing","Structural Framing : W Shapes : W8X10","Module 7 structural model",599949,{"v":0.102771194684996,"d":"0.10"},"TON",{"v":1800,"d":"1,800.00"},{"v":184.988150432992,"d":"184.99"},1,"",{"v":0.0155584843345938,"d":"0.02"},{"v":2.558,"d":"2.56"},"",{"v":0.32833333333332,"d":"0.33"},{"v":0.657499999999974,"d":"0.66"},"",536]
["Structural Framing","Structural Framing : W Shapes : W8X10","Module 7 structural model",599950,{"v":0.102771194684996,"d":"0.10"},"TON",{"v":1800,"d":"1,800.00"},{"v":184.988150432992,"d":"184.99"},1,"",{"v":0.0155584843345938,"d":"0.02"},{"v":2.558,"d":"2.56"},"",{"v":0.32833333333332,"d":"0.33"},{"v":0.657499999999974,"d":"0.66"},"",536]
["Structural Framing","Structural Framing : W Shapes : W8X10","Module 7 structural model",599951,{"v":0.102771194684996,"d":"0.10"},"TON",{"v":1800,"d":"1,800.00"},{"v":184.988150432992,"d":"184.99"},1,"",{"v":0.0155584843345938,"d":"0.02"},{"v":2.558,"d":"2.56"},"",{"v":0.32833333333332,"d":"0.33"},{"v":0.657499999999974,"d":"0.66"},"",536]
["Structural Framing","Structural Framing : W Shapes : W8X10","Module 7 structural model",599995,{"v":0.0421716378655745,"d":"0.04"},"TON",{"v":1800,"d":"1,800.00"},{"v":75.9089481580341,"d":"75.91"},1,"",{"v":0.00638434504052232,"d":"0.01"},{"v":2.558,"d":"2.56"},"",{"v":0.32833333333332,"d":"0.33"},{"v":0.657499999999974,"d":"0.66"},"",536]
["Structural Framing","Structural Framing : W Shapes : W8X10","Module 7 structural model",599996,{"v":0.0484186258505756,"d":"0.05"},"TON",{"v":1800,"d":"1,800.00"},{"v":87.153526531036,"d":"87.15"},1,"",{"v":0.00733007370506633,"d":"0.01"},{"v":2.558,"d":"2.56"},"",{"v":0.32833333333332,"d":"0.33"},{"v":0.657499999999974,"d":"0.66"},"",536]
["Structural Framing","Structural Framing : W Shapes : W8X10","Module 7 structural model",599997,{"v":0.0544239616446665,"d":"0.05"},"TON",{"v":1800,"d":"1,800.00"},{"v":97.9631309603997,"d":"97.96"},1,"",{"v":0.00823921875453981,"d":"0.01"},{"v":2.558,"d":"2.56"},"",{"v":0.32833333333332,"d":"0.33"},{"v":0.657499999999974,"d":"0.66"},"",536]
["Structural Framing","Structural Framing : W Shapes : W8X10","Module 7 structural model",599998,{"v":0.0603193270521555,"d":"0.06"},"TON",{"v":1800,"d":"1,800.00"},{"v":108.57478869388,"d":"108.57"},1,"",{"v":0.0091317154372948,"d":"0.01"},{"v":2.558,"d":"2.56"},"",{"v":0.32833333333332,"d":"0.33"},{"v":0.657499999999974,"d":"0.66"},"",536]
["Structural Framing","Structural Framing : W Shapes : W8X10","Module 7 structural model",599999,{"v":0.0662146924596445,"d":"0.07"},"TON",{"v":1800,"d":"1,800.00"},{"v":119.18644642736,"d":"119.19"},1,"",{"v":0.0100242121200498,"d":"0.01"},{"v":2.558,"d":"2.56"},"",{"v":0.32833333333332,"d":"0.33"},{"v":0.657499999999974,"d":"0.66"},"",536]
["Structural Framing","Structural Framing : W Shapes : W8X10","Module 7 structural model",600000,{"v":0.082583806166436,"d":"0.08"},"TON",{"v":1800,"d":"1,800.00"},{"v":148.650851099585,"d":"148.65"},1,"",{"v":0.0125023247853634,"d":"0.01"},{"v":2.558,"d":"2.56"},"",{"v":0.32833333333332,"d":"0.33"},{"v":0.657499999999974,"d":"0.66"},"",536]
["Structural Framing","Structural Framing : W Shapes : W8X10","Module 7 structural model",600001,{"v":0.0538145586578095,"d":"0.05"},"TON",{"v":1800,"d":"1,800.00"},{"v":96.8662055840571,"d":"96.87"},1,"",{"v":0.00814696151404039,"d":"0.01"},{"v":2.558,"d":"2.56"},"",{"v":0.32833333333332,"d":"0.33"},{"v":0.657499999999974,"d":"0.66"},"",536]
["Structural Framing","Structural Framing : W Shapes : W8X10","Module 7 structural model",600002,{"v":0.0250453111491832,"d":"0.03"},"TON",{"v":1800,"d":"1,800.00"},{"v":45.0815600685297,"d":"45.08"},1,"",{"v":0.00379159824271738,"d":"0.00"},{"v":2.558,"d":"2.56"},"",{"v":0.32833333333332,"d":"0.33"},{"v":0.657499999999974,"d":"0.66"},"",536]
["Structural Framing","Structural Framing : W Shapes : W8X10","Module 7 structural model",600003,{"v":0.072613433845401,"d":"0.07"},"TON",{"v":1800,"d":"1,800.00"},{"v":130.704180921722,"d":"130.70"},1,"",{"v":0.0109929146627861,"d":"0.01"},{"v":2.558,"d":"2.56"},"",{"v":0.32833333333332,"d":"0.33"},{"v":0.657499999999974,"d":"0.66"},"",536]
["Structural Framing","Structural Framing : W Shapes : W8X10","Module 7 structural model",600004,{"v":0.00982661366633625,"d":"0.01"},"TON",{"v":1800,"d":"1,800.00"},{"v":17.6879045994052,"d":"17.69"},1,"",{"v":0.00148764656534756,"d":"0.00"},{"v":2.558,"d":"2.56"},"",{"v":0.32833333333332,"d":"0.33"},{"v":0.657499999999974,"d":"0.66"},"",536]
["Structural Framing","Structural Framing : W Shapes : W8X10","Module 7 structural model",600005,{"v":0.0438441863367743,"d":"0.04"},"TON",{"v":1800,"d":"1,800.00"},{"v":78.9195354061938,"d":"78.92"},1,"",{"v":0.00663755139146309,"d":"0.01"},{"v":2.558,"d":"2.56"},"",{"v":0.32833333333332,"d":"0.33"},{"v":0.657499999999974,"d":"0.66"},"",536]
["Structural Framing","Structural Framing : W Shapes : W8X10","Module 7 structural model",600006,{"v":0.0150749388281478,"d":"0.02"},"TON",{"v":1800,"d":"1,800.00"},{"v":27.134889890666,"d":"27.13"},1,"",{"v":0.00228218812014006,"d":"0.00"},{"v":2.558,"d":"2.56"},"",{"v":0.32833333333332,"d":"0.33"},{"v":0.657499999999974,"d":"0.66"},"",536]
["Structural Framing","Structural Framing : W Shapes : W8X10","Module 7 structural model",600022,{"v":0.0686593082550335,"d":"0.07"},"TON",{"v":1800,"d":"1,800.00"},{"v":123.58675485906,"d":"123.59"},1,"",{"v":0.010394301391399,"d":"0.01"},{"v":2.558,"d":"2.56"},"",{"v":0.32833333333332,"d":"0.33"},{"v":0.657499999999974,"d":"0.66"},"",536]
["Structural Framing","Structural Framing : W Shapes : W8X10","Module 7 structural model",600023,{"v":0.0827253208645605,"d":"0.08"},"TON",{"v":1800,"d":"1,800.00"},{"v":148.905577556209,"d":"148.91"},1,"",{"v":0.0125237486310298,"d":"0.01"},{"v":2.558,"d":"2.56"},"",{"v":0.32833333333332,"d":"0.33"},{"v":0.657499999999974,"d":"0.66"},"",536]
["Structural Framing","Structural Framing : W Shapes : W8X10","Module 7 structural model",600024,{"v":0.0967913334740875,"d":"0.10"},"TON",{"v":1800,"d":"1,800.00"},{"v":174.224400253358,"d":"174.22"},1,"",{"v":0.0146531958706606,"d":"0.01"},{"v":2.558,"d":"2.56"},"",{"v":0.32833333333332,"d":"0.33"},{"v":0.657499999999974,"d":"0.66"},"",536]
["Structural Framing","Structural Framing : W Shapes : W8X10","Module 7 structural model",600037,{"v":0.0067359618681271,"d":"0.01"},"TON",{"v":1800,"d":"1,800.00"},{"v":12.1247313626288,"d":"12.12"},1,"",{"v":0.00101975419790442,"d":"0.00"},{"v":2.558,"d":"2.56"},"",{"v":0.32833333333332,"d":"0.33"},{"v":0.657499999999974,"d":"0.66"},"",536]
["Structural Framing","Structural Framing : W Shapes : W8X10","Module 7 structural model",600038,{"v":0.0243518434634282,"d":"0.02"},"TON",{"v":1800,"d":"1,800.00"},{"v":43.8333182341708,"d":"43.83"},1,"",{"v":0.00368661448575672,"d":"0.00"},{"v":2.558,"d":"2.56"},"",{"v":0.32833333333332,"d":"0.33"},{"v":0.657499999999974,"d":"0.66"},"",536]
["Structural Framing","Structural Framing : W Shapes : W8X10","Module 7 structural model",600039,{"v":0.0355536939732234,"d":"0.04"},"TON",{"v":1800,"d":"1,800.00"},{"v":63.996649151802,"d":"64.00"},1,"",{"v":0.0053824575301945,"d":"0.01"},{"v":2.558,"d":"2.56"},"",{"v":0.32833333333332,"d":"0.33"},{"v":0.657499999999974,"d":"0.66"},"",536]
["Structural Framing","Structural Framing : W Shapes : W8X10","Module 7 structural model",600040,{"v":0.0467555444830185,"d":"0.05"},"TON",{"v":1800,"d":"1,800.00"},{"v":84.1599800694334,"d":"84.16"},1,"",{"v":0.00707830057463227,"d":"0.01"},{"v":2.558,"d":"2.56"},"",{"v":0.32833333333332,"d":"0.33"},{"v":0.657499999999974,"d":"0.66"},"",536]
["Structural Framing","Structural Framing : W Shapes : W8X10","Module 7 structural model",600041,{"v":0.057957394992814,"d":"0.06"},"TON",{"v":1800,"d":"1,800.00"},{"v":104.323310987065,"d":"104.32"},1,"",{"v":0.00877414361907007,"d":"0.01"},{"v":2.558,"d":"2.56"},"",{"v":0.32833333333332,"d":"0.33"},{"v":0.657499999999974,"d":"0.66"},"",536]
["Structural Framing","Structural Framing : W Shapes : W8X10","Module 7 structural model",600042,{"v":0.0480000796663729,"d":"0.05"},"TON",{"v":1800,"d":"1,800.00"},{"v":86.4001433994712,"d":"86.40"},1,"",{"v":0.00726671018895484,"d":"0.01"},{"v":2.558,"d":"2.56"},"",{"v":0.32833333333332,"d":"0.33"},{"v":0.657499999999974,"d":"0.66"},"",536]
["Structural Framing","Structural Framing : W Shapes : W8X10","Module 7 structural model",600185,{"v":0.0116685553293626,"d":"0.01"},"TON",{"v":1800,"d":"1,800.00"},{"v":21.0033995928527,"d":"21.00"},1,"",{"v":0.00176649727441317,"d":"0.00"},{"v":2.558,"d":"2.56"},"",{"v":0.32833333333332,"d":"0.33"},{"v":0.657499999999974,"d":"0.66"},"",536]
["Structural Framing","Structural Framing : W Shapes : W8X10","Module 7 structural model",600186,{"v":0.0966679522376915,"d":"0.10"},"TON",{"v":1800,"d":"1,800.00"},{"v":174.002314027845,"d":"174.00"},1,"",{"v":0.0146345172415026,"d":"0.01"},{"v":2.558,"d":"2.56"},"",{"v":0.32833333333332,"d":"0.33"},{"v":0.657499999999974,"d":"0.66"},"",536]
["Structural Framing","Structural Framing : W Shapes : W8X10","Module 7 structural model",600187,{"v":0.0985293754815005,"d":"0.10"},"TON",{"v":1800,"d":"1,800.00"},{"v":177.352875866701,"d":"177.35"},1,"",{"v":0.0149163172582059,"d":"0.01"},{"v":2.558,"d":"2.56"},"",{"v":0.32833333333332,"d":"0.33"},{"v":0.657499999999974,"d":"0.66"},"",536]
["Structural Framing","Structural Framing : W Shapes : W8X10","Module 7 structural model",600188,{"v":0.046288274995781,"d":"0.05"},"TON",{"v":1800,"d":"1,800.00"},{"v":83.3188949924057,"d":"83.32"},1,"",{"v":0.00701016030485171,"d":"0.01"},{"v":2.558,"d":"2.56"},"",{"v":0.32833333333332,"d":"0.33"},{"v":0.657499999999974,"d":"0.66"},"",536]
["Structural Framing","Structural Framing : W Shapes : W8X10","Module 7 structural model",600189,{"v":0.0326171555564363,"d":"0.03"},"TON",{"v":1800,"d":"1,800.00"},{"v":58.7108800015854,"d":"58.71"},1,"",{"v":0.00493789631734147,"d":"0.00"},{"v":2.558,"d":"2.56"},"",{"v":0.32833333333332,"d":"0.33"},{"v":0.657499999999974,"d":"0.66"},"",536]
["Structural Framing","Structural Framing : W Shapes : W8X10","Module 7 structural model",600190,{"v":0.0807008994752715,"d":"0.08"},"TON",{"v":1800,"d":"1,800.00"},{"v":145.261619055489,"d":"145.26"},1,"",{"v":0.0122172723993541,"d":"0.01"},{"v":2.558,"d":"2.56"},"",{"v":0.32833333333332,"d":"0.33"},{"v":0.657499999999974,"d":"0.66"},"",536]
["Structural Framing","Structural Framing : W Shapes : W8X10","Module 7 structural model",600191,{"v":0.063787454125157,"d":"0.06"},"TON",{"v":1800,"d":"1,800.00"},{"v":114.817417425283,"d":"114.82"},1,"",{"v":0.00965675361458822,"d":"0.01"},{"v":2.558,"d":"2.56"},"",{"v":0.32833333333332,"d":"0.33"},{"v":0.657499999999974,"d":"0.66"},"",536]
["Structural Framing","Structural Framing : W Shapes : W8X10","Module 7 structural model",600192,{"v":0.0103598364929029,"d":"0.01"},"TON",{"v":1800,"d":"1,800.00"},{"v":18.6477056872251,"d":"18.65"},1,"",{"v":0.00156895271111142,"d":"0.00"},{"v":2.558,"d":"2.56"},"",{"v":0.32833333333332,"d":"0.33"},{"v":0.657499999999974,"d":"0.66"},"",536]
["Structural Framing","Structural Framing : W Shapes : W8X10","Module 7 structural model",600193,{"v":0.0707962995002675,"d":"0.07"},"TON",{"v":1800,"d":"1,800.00"},{"v":127.433339100482,"d":"127.43"},1,"",{"v":0.0107217952825506,"d":"0.01"},{"v":2.558,"d":"2.56"},"",{"v":0.32833333333332,"d":"0.33"},{"v":0.657499999999974,"d":"0.66"},"",536]
["Structural Framing","Structural Framing : W Shapes : W8X10","Module 7 structural model",600194,{"v":0.0744869848218235,"d":"0.07"},"TON",{"v":1800,"d":"1,800.00"},{"v":134.076572679282,"d":"134.08"},1,"",{"v":0.0112807337122335,"d":"0.01"},{"v":2.558,"d":"2.56"},"",{"v":0.32833333333332,"d":"0.33"},{"v":0.657499999999974,"d":"0.66"},"",536]
["Structural Framing","Structural Framing : W Shapes : W8X10","Module 7 structural model",600195,{"v":0.073856011629523,"d":"0.07"},"TON",{"v":1800,"d":"1,800.00"},{"v":132.940820933141,"d":"132.94"},1,"",{"v":0.0111810279473308,"d":"0.01"},{"v":2.558,"d":"2.56"},"",{"v":0.32833333333332,"d":"0.33"},{"v":0.657499999999974,"d":"0.66"},"",536]
["Structural Framing","Structural Framing : W Shapes : W8X10","Module 7 structural model",600196,{"v":0.0996072597498355,"d":"0.10"},"TON",{"v":1800,"d":"1,800.00"},{"v":179.293067549704,"d":"179.29"},1,"",{"v":0.0150794976664399,"d":"0.02"},{"v":2.558,"d":"2.56"},"",{"v":0.32833333333332,"d":"0.33"},{"v":0.657499999999974,"d":"0.66"},"",536]
["Structural Framing","Structural Framing : W Shapes : W8X10","Module 7 structural model",600197,{"v":0.0088078545722331,"d":"0.01"},"TON",{"v":1800,"d":"1,800.00"},{"v":15.8541382300196,"d":"15.85"},1,"",{"v":0.00133341709029949,"d":"0.00"},{"v":2.558,"d":"2.56"},"",{"v":0.32833333333332,"d":"0.33"},{"v":0.657499999999974,"d":"0.66"},"",536]
["Structural Framing","Structural Framing : W Shapes : W8X10","Module 7 structural model",600198,{"v":0.0184148030735148,"d":"0.02"},"TON",{"v":1800,"d":"1,800.00"},{"v":33.1466455323266,"d":"33.15"},1,"",{"v":0.00278884278015071,"d":"0.00"},{"v":2.558,"d":"2.56"},"",{"v":0.32833333333332,"d":"0.33"},{"v":0.657499999999974,"d":"0.66"},"",536]
["Structural Framing","Structural Framing : W Shapes : W8X10","Module 7 structural model",600199,{"v":0.100264179143468,"d":"0.10"},"TON",{"v":1800,"d":"1,800.00"},{"v":180.475522458243,"d":"180.48"},1,"",{"v":0.0151845790039518,"d":"0.02"},{"v":2.558,"d":"2.56"},"",{"v":0.32833333333332,"d":"0.33"},{"v":0.657499999999974,"d":"0.66"},"",536]
["Structural Framing","Structural Framing : W Shapes : W8X10","Module 7 structural model",600200,{"v":0.0961211276121235,"d":"0.10"},"TON",{"v":1800,"d":"1,800.00"},{"v":173.018029701822,"d":"173.02"},1,"",{"v":0.0145517337106042,"d":"0.01"},{"v":2.558,"d":"2.56"},"",{"v":0.32833333333332,"d":"0.33"},{"v":0.657499999999974,"d":"0.66"},"",536]
["Structural Framing","Structural Framing : W Shapes : W8X10","Module 7 structural model",600201,{"v":0.0439726467335791,"d":"0.04"},"TON",{"v":1800,"d":"1,800.00"},{"v":79.1507641204424,"d":"79.15"},1,"",{"v":0.00665699895240105,"d":"0.01"},{"v":2.558,"d":"2.56"},"",{"v":0.32833333333332,"d":"0.33"},{"v":0.657499999999974,"d":"0.66"},"",536]
["Structural Framing","Structural Framing : W Shapes : W8X10","Module 7 structural model",600202,{"v":0.0243240339919158,"d":"0.02"},"TON",{"v":1800,"d":"1,800.00"},{"v":43.7832611854484,"d":"43.78"},1,"",{"v":0.00368377040534635,"d":"0.00"},{"v":2.558,"d":"2.56"},"",{"v":0.32833333333332,"d":"0.33"},{"v":0.657499999999974,"d":"0.66"},"",536]
["Structural Framing","Structural Framing : W Shapes : W8X10","Module 7 structural model",600203,{"v":0.0040478238609551,"d":"0.00"},"TON",{"v":1800,"d":"1,800.00"},{"v":7.28608294971919,"d":"7.29"},1,"",{"v":0.000612798209876797,"d":"0.00"},{"v":2.558,"d":"2.56"},"",{"v":0.32833333333332,"d":"0.33"},{"v":0.657499999999974,"d":"0.66"},"",536]
["Structural Framing","Structural Framing : W Shapes : W8X10","Module 7 structural model",600204,{"v":0.043722753076222,"d":"0.04"},"TON",{"v":1800,"d":"1,800.00"},{"v":78.7009555371996,"d":"78.70"},1,"",{"v":0.00661916766548042,"d":"0.01"},{"v":2.558,"d":"2.56"},"",{"v":0.32833333333332,"d":"0.33"},{"v":0.657499999999974,"d":"0.66"},"",536]
["Structural Framing","Structural Framing : W Shapes : W8X10","Module 7 structural model",600205,{"v":0.130269006909352,"d":"0.13"},"TON",{"v":1800,"d":"1,800.00"},{"v":234.484212436833,"d":"234.48"},1,"",{"v":0.0197213655975739,"d":"0.02"},{"v":2.558,"d":"2.56"},"",{"v":0.32833333333332,"d":"0.33"},{"v":0.657499999999974,"d":"0.66"},"",536]
["Structural Framing","Structural Framing : W Shapes : W8X10","Module 7 structural model",600206,{"v":0.014126671666653,"d":"0.01"},"TON",{"v":1800,"d":"1,800.00"},{"v":25.4280089999755,"d":"25.43"},1,"",{"v":0.0021386303866492,"d":"0.00"},{"v":2.558,"d":"2.56"},"",{"v":0.32833333333332,"d":"0.33"},{"v":0.657499999999974,"d":"0.66"},"",536]
["Structural Framing","Structural Framing : W Shapes : W8X10","Module 7 structural model",600207,{"v":0.11835782884929,"d":"0.12"},"TON",{"v":1800,"d":"1,800.00"},{"v":213.044091928723,"d":"213.04"},1,"",{"v":0.0179181377785138,"d":"0.02"},{"v":2.558,"d":"2.56"},"",{"v":0.32833333333332,"d":"0.33"},{"v":0.657499999999974,"d":"0.66"},"",536]
["Structural Framing","Structural Framing : W Shapes : W8X10","Module 7 structural model",600208,{"v":0.105454194074116,"d":"0.11"},"TON",{"v":1800,"d":"1,800.00"},{"v":189.81754933341,"d":"189.82"},1,"",{"v":0.0159705844589344,"d":"0.02"},{"v":2.558,"d":"2.56"},"",{"v":0.32833333333332,"d":"0.33"},{"v":0.657499999999974,"d":"0.66"},"",536]
["Structural Framing","Structural Framing : W Shapes : W8X10","Module 7 structural model",600209,{"v":0.0634221010877025,"d":"0.06"},"TON",{"v":1800,"d":"1,800.00"},{"v":114.159781957865,"d":"114.16"},1,"",{"v":0.00960144298472488,"d":"0.01"},{"v":2.558,"d":"2.56"},"",{"v":0.32833333333332,"d":"0.33"},{"v":0.657499999999974,"d":"0.66"},"",536]
["Structural Framing","Structural Framing : W Shapes : W8X10","Module 7 structural model",600210,{"v":0.0313290704456385,"d":"0.03"},"TON",{"v":1800,"d":"1,800.00"},{"v":56.3923268021493,"d":"56.39"},1,"",{"v":0.00474465306918297,"d":"0.00"},{"v":2.558,"d":"2.56"},"",{"v":0.32833333333332,"d":"0.33"},{"v":0.657499999999974,"d":"0.66"},"",536]
["Structural Framing","Structural Framing : W Shapes : W8X10","Module 7 structural model",600211,{"v":0.058535981079361,"d":"0.06"},"TON",{"v":1800,"d":"1,800.00"},{"v":105.36476594285,"d":"105.36"},1,"",{"v":0.00886502275156049,"d":"0.01"},{"v":2.558,"d":"2.56"},"",{"v":0.32833333333332,"d":"0.33"},{"v":0.657499999999974,"d":"0.66"},"",536]
["Structural Framing","Structural Framing : W Shapes : W8X10","Module 7 structural model",600212,{"v":0.0402669765710597,"d":"0.04"},"TON",{"v":1800,"d":"1,800.00"},{"v":72.4805578279074,"d":"72.48"},1,"",{"v":0.00609599923502452,"d":"0.01"},{"v":2.558,"d":"2.56"},"",{"v":0.32833333333332,"d":"0.33"},{"v":0.657499999999974,"d":"0.66"},"",536]
["Structural Framing","Structural Framing : W Shapes : W8X10","Module 7 structural model",600213,{"v":0.0398750692641708,"d":"0.04"},"TON",{"v":1800,"d":"1,800.00"},{"v":71.7751246755075,"d":"71.78"},1,"",{"v":0.00603666856641126,"d":"0.01"},{"v":2.558,"d":"2.56"},"",{"v":0.32833333333332,"d":"0.33"},{"v":0.657499999999974,"d":"0.66"},"",536]
["Structural Framing","Structural Framing : W Shapes : W8X10","Module 7 structural model",600214,{"v":0.072355318474764,"d":"0.07"},"TON",{"v":1800,"d":"1,800.00"},{"v":130.239573254575,"d":"130.24"},1,"",{"v":0.0109579020057007,"d":"0.01"},{"v":2.558,"d":"2.56"},"",{"v":0.32833333333332,"d":"0.33"},{"v":0.657499999999974,"d":"0.66"},"",536]
["Structural Framing","Structural Framing : W Shapes : W8X10","Module 7 structural model",600215,{"v":0.0161711833919892,"d":"0.02"},"TON",{"v":1800,"d":"1,800.00"},{"v":29.1081301055805,"d":"29.11"},1,"",{"v":0.00244814808514473,"d":"0.00"},{"v":2.558,"d":"2.56"},"",{"v":0.32833333333332,"d":"0.33"},{"v":0.657499999999974,"d":"0.66"},"",536]
["Structural Framing","Structural Framing : W Shapes : W8X10","Module 7 structural model",600231,{"v":0.0479011230044255,"d":"0.05"},"TON",{"v":1800,"d":"1,800.00"},{"v":86.2220214079659,"d":"86.22"},1,"",{"v":0.00725172918499325,"d":"0.01"},{"v":2.558,"d":"2.56"},"",{"v":0.32833333333332,"d":"0.33"},{"v":0.657499999999974,"d":"0.66"},"",536]
["Structural Framing","Structural Framing : W Shapes : W8X10","Module 7 structural model",600232,{"v":0.0409771790711418,"d":"0.04"},"TON",{"v":1800,"d":"1,800.00"},{"v":73.7589223280553,"d":"73.76"},1,"",{"v":0.0062058176537255,"d":"0.01"},{"v":2.558,"d":"2.56"},"",{"v":0.32833333333332,"d":"0.33"},{"v":0.657499999999974,"d":"0.66"},"",536]
["Structural Framing","Structural Framing : W Shapes : W8X10","Module 7 structural model",600233,{"v":0.0340532351378582,"d":"0.03"},"TON",{"v":1800,"d":"1,800.00"},{"v":61.2958232481448,"d":"61.30"},1,"",{"v":0.0051572161035803,"d":"0.01"},{"v":2.558,"d":"2.56"},"",{"v":0.32833333333332,"d":"0.33"},{"v":0.657499999999974,"d":"0.66"},"",536]
["Structural Framing","Structural Framing : W Shapes : W8X10","Module 7 structural model",600234,{"v":0.0271292912045745,"d":"0.03"},"TON",{"v":1800,"d":"1,800.00"},{"v":48.8327241682341,"d":"48.83"},1,"",{"v":0.00410861455343507,"d":"0.00"},{"v":2.558,"d":"2.56"},"",{"v":0.32833333333332,"d":"0.33"},{"v":0.657499999999974,"d":"0.66"},"",536]
["Structural Framing","Structural Framing : W Shapes : W8X10","Module 7 structural model",600235,{"v":0.0202053472712909,"d":"0.02"},"TON",{"v":1800,"d":"1,800.00"},{"v":36.3696250883235,"d":"36.37"},1,"",{"v":0.00306001300328987,"d":"0.00"},{"v":2.558,"d":"2.56"},"",{"v":0.32833333333332,"d":"0.33"},{"v":0.657499999999974,"d":"0.66"},"",536]
["Structural Framing","Structural Framing : W Shapes : W8X10","Module 7 structural model",600254,{"v":0.000209330579148512,"d":"0.00"},"TON",{"v":1800,"d":"1,800.00"},{"v":0.376795042467322,"d":"0.38"},1,"",{"v":0.0000316904609936276,"d":"0.00"},{"v":2.558,"d":"2.56"},"",{"v":0.32833333333332,"d":"0.33"},{"v":0.657499999999974,"d":"0.66"},"",536]
["Structural Framing","Structural Framing : W Shapes : W8X10","Module 7 structural model",600255,{"v":0.0000799727185390545,"d":"0.00"},"TON",{"v":1800,"d":"1,800.00"},{"v":0.143950893370298,"d":"0.14"},1,"",{"v":0.000012107033419227,"d":"0.00"},{"v":2.558,"d":"2.56"},"",{"v":0.32833333333332,"d":"0.33"},{"v":0.657499999999974,"d":"0.66"},"",536]
["Structural Framing","Structural Framing : W Shapes : W8X10","Module 7 structural model",600256,{"v":0.06048576462098,"d":"0.06"},"TON",{"v":1800,"d":"1,800.00"},{"v":108.874376317764,"d":"108.87"},1,"",{"v":0.00916030908892684,"d":"0.01"},{"v":2.558,"d":"2.56"},"",{"v":0.32833333333332,"d":"0.33"},{"v":0.657499999999974,"d":"0.66"},"",536]
["Structural Framing","Structural Framing : W Shapes : W8X10","Module 7 structural model",600257,{"v":0.100841469695827,"d":"0.10"},"TON",{"v":1800,"d":"1,800.00"},{"v":181.514645452488,"d":"181.51"},1,"",{"v":0.0152663441477829,"d":"0.02"},{"v":2.558,"d":"2.56"},"",{"v":0.32833333333332,"d":"0.33"},{"v":0.657499999999974,"d":"0.66"},"",536]
["Structural Framing","Structural Framing : W Shapes : W8X10","Module 7 structural model",600258,{"v":0.100841469695827,"d":"0.10"},"TON",{"v":1800,"d":"1,800.00"},{"v":181.514645452488,"d":"181.51"},1,"",{"v":0.0152663441477829,"d":"0.02"},{"v":2.558,"d":"2.56"},"",{"v":0.32833333333332,"d":"0.33"},{"v":0.657499999999974,"d":"0.66"},"",536]
["Structural Framing","Structural Framing : W Shapes : W8X10","Module 7 structural model",600259,{"v":0.0805782415170605,"d":"0.08"},"TON",{"v":1800,"d":"1,800.00"},{"v":145.040834730709,"d":"145.04"},1,"",{"v":0.0122032283589988,"d":"0.01"},{"v":2.558,"d":"2.56"},"",{"v":0.32833333333332,"d":"0.33"},{"v":0.657499999999974,"d":"0.66"},"",536]
["Structural Framing","Structural Framing : W Shapes : W8X10","Module 7 structural model",600273,{"v":0.0763412543465535,"d":"0.08"},"TON",{"v":1800,"d":"1,800.00"},{"v":137.414257823796,"d":"137.41"},1,"",{"v":0.0115572677098353,"d":"0.01"},{"v":2.558,"d":"2.56"},"",{"v":0.32833333333332,"d":"0.33"},{"v":0.657499999999974,"d":"0.66"},"",536]
["Structural Framing","Structural Framing : W Shapes : W8X10","Module 7 structural model",600274,{"v":0.073558872350607,"d":"0.07"},"TON",{"v":1800,"d":"1,800.00"},{"v":132.405970231093,"d":"132.41"},1,"",{"v":0.0111360441672903,"d":"0.01"},{"v":2.558,"d":"2.56"},"",{"v":0.32833333333332,"d":"0.33"},{"v":0.657499999999974,"d":"0.66"},"",536]
["Structural Framing","Structural Framing : W Shapes : W8X10","Module 7 structural model",600275,{"v":0.068939236773433,"d":"0.07"},"TON",{"v":1800,"d":"1,800.00"},{"v":124.090626192179,"d":"124.09"},1,"",{"v":0.0104366796422472,"d":"0.01"},{"v":2.558,"d":"2.56"},"",{"v":0.32833333333332,"d":"0.33"},{"v":0.657499999999974,"d":"0.66"},"",536]
["Structural Framing","Structural Framing : W Shapes : W8X10","Module 7 structural model",600294,{"v":0.0294285941652714,"d":"0.03"},"TON",{"v":1800,"d":"1,800.00"},{"v":52.9714694974884,"d":"52.97"},1,"",{"v":0.00445518146123432,"d":"0.00"},{"v":2.558,"d":"2.56"},"",{"v":0.32833333333332,"d":"0.33"},{"v":0.657499999999974,"d":"0.66"},"",536]
["Structural Framing","Structural Framing : W Shapes : W8X10","Module 7 structural model",600295,{"v":0.0269800481924859,"d":"0.03"},"TON",{"v":1800,"d":"1,800.00"},{"v":48.5640867464746,"d":"48.56"},1,"",{"v":0.00408449720211984,"d":"0.00"},{"v":2.558,"d":"2.56"},"",{"v":0.32833333333332,"d":"0.33"},{"v":0.657499999999974,"d":"0.66"},"",536]
["Structural Framing","Structural Framing : W Shapes : W8X10","Module 7 structural model",600296,{"v":0.0245315022197004,"d":"0.02"},"TON",{"v":1800,"d":"1,800.00"},{"v":44.1567039954608,"d":"44.16"},1,"",{"v":0.00371381294300541,"d":"0.00"},{"v":2.558,"d":"2.56"},"",{"v":0.32833333333332,"d":"0.33"},{"v":0.657499999999974,"d":"0.66"},"",536]
["Structural Framing","Structural Framing : W Shapes : W8X10","Module 7 structural model",600297,{"v":0.0192193418811886,"d":"0.02"},"TON",{"v":1800,"d":"1,800.00"},{"v":34.5948153861396,"d":"34.59"},1,"",{"v":0.0029096074098994,"d":"0.00"},{"v":2.558,"d":"2.56"},"",{"v":0.32833333333332,"d":"0.33"},{"v":0.657499999999974,"d":"0.66"},"",536]
["Structural Framing","Structural Framing : W Shapes : W8X10","Module 7 structural model",600298,{"v":0.0167707959084032,"d":"0.02"},"TON",{"v":1800,"d":"1,800.00"},{"v":30.1874326351258,"d":"30.19"},1,"",{"v":0.00253892315078494,"d":"0.00"},{"v":2.558,"d":"2.56"},"",{"v":0.32833333333332,"d":"0.33"},{"v":0.657499999999974,"d":"0.66"},"",536]
["Structural Framing","Structural Framing : W Shapes : W8X10","Module 7 structural model",600299,{"v":0.0143222499356178,"d":"0.01"},"TON",{"v":1800,"d":"1,800.00"},{"v":25.780049884112,"d":"25.78"},1,"",{"v":0.00216823889167049,"d":"0.00"},{"v":2.558,"d":"2.56"},"",{"v":0.32833333333332,"d":"0.33"},{"v":0.657499999999974,"d":"0.66"},"",536]
["Structural Framing","Structural Framing : W Shapes : W8X10","Module 7 structural model",600300,{"v":0.016967175259133,"d":"0.02"},"TON",{"v":1800,"d":"1,800.00"},{"v":30.5409154664395,"d":"30.54"},1,"",{"v":0.00256865293120963,"d":"0.00"},{"v":2.558,"d":"2.56"},"",{"v":0.32833333333332,"d":"0.33"},{"v":0.657499999999974,"d":"0.66"},"",536]
["Structural Framing","Structural Framing : W Shapes : W8X10","Module 7 structural model",600301,{"v":0.0145186292863476,"d":"0.01"},"TON",{"v":1800,"d":"1,800.00"},{"v":26.1335327154256,"d":"26.13"},1,"",{"v":0.00219796867209517,"d":"0.00"},{"v":2.558,"d":"2.56"},"",{"v":0.32833333333332,"d":"0.33"},{"v":0.657499999999974,"d":"0.66"},"",536]
["Structural Framing","Structural Framing : W Shapes : W8X10","Module 7 structural model",600302,{"v":0.0120700833135621,"d":"0.01"},"TON",{"v":1800,"d":"1,800.00"},{"v":21.7261499644118,"d":"21.73"},1,"",{"v":0.00182728441298071,"d":"0.00"},{"v":2.558,"d":"2.56"},"",{"v":0.32833333333332,"d":"0.33"},{"v":0.657499999999974,"d":"0.66"},"",536]
["Structural Framing","Structural Framing : W Shapes : W8X10","Module 7 structural model",600322,{"v":0.096937118399288,"d":"0.10"},"TON",{"v":1800,"d":"1,800.00"},{"v":174.486813118718,"d":"174.49"},1,"",{"v":0.0146752661840583,"d":"0.01"},{"v":2.558,"d":"2.56"},"",{"v":0.32833333333332,"d":"0.33"},{"v":0.657499999999974,"d":"0.66"},"",536]
["Structural Framing","Structural Framing : W Shapes : W8X10","Module 7 structural model",600323,{"v":0.0753318269450395,"d":"0.08"},"TON",{"v":1800,"d":"1,800.00"},{"v":135.597288501071,"d":"135.60"},1,"",{"v":0.0114044509554762,"d":"0.01"},{"v":2.558,"d":"2.56"},"",{"v":0.32833333333332,"d":"0.33"},{"v":0.657499999999974,"d":"0.66"},"",536]
["Structural Framing","Structural Framing : W Shapes : W8X10","Module 7 structural model",600324,{"v":0.0753318269450395,"d":"0.08"},"TON",{"v":1800,"d":"1,800.00"},{"v":135.597288501071,"d":"135.60"},1,"",{"v":0.0114044509554762,"d":"0.01"},{"v":2.558,"d":"2.56"},"",{"v":0.32833333333332,"d":"0.33"},{"v":0.657499999999974,"d":"0.66"},"",536]
["Structural Framing","Structural Framing : W Shapes : W8X10","Module 7 structural model",600325,{"v":0.0753318269450395,"d":"0.08"},"TON",{"v":1800,"d":"1,800.00"},{"v":135.597288501071,"d":"135.60"},1,"",{"v":0.0114044509554762,"d":"0.01"},{"v":2.558,"d":"2.56"},"",{"v":0.32833333333332,"d":"0.33"},{"v":0.657499999999974,"d":"0.66"},"",536]
["Structural Framing","Structural Framing : W Shapes : W8X10","Module 7 structural model",600326,{"v":0.0753318269450395,"d":"0.08"},"TON",{"v":1800,"d":"1,800.00"},{"v":135.597288501071,"d":"135.60"},1,"",{"v":0.0114044509554762,"d":"0.01"},{"v":2.558,"d":"2.56"},"",{"v":0.32833333333332,"d":"0.33"},{"v":0.657499999999974,"d":"0.66"},"",536]
["Structural Framing","Structural Framing : W Shapes : W8X10","Module 7 structural model",600341,{"v":0.078272900040306,"d":"0.08"},"TON",{"v":1800,"d":"1,800.00"},{"v":140.891220072551,"d":"140.89"},1,"",{"v":0.0118496986712379,"d":"0.01"},{"v":2.558,"d":"2.56"},"",{"v":0.32833333333332,"d":"0.33"},{"v":0.657499999999974,"d":"0.66"},"",536]
["Structural Framing","Structural Framing : W Shapes : W8X10","Module 7 structural model",600342,{"v":0.086411783710734,"d":"0.09"},"TON",{"v":1800,"d":"1,800.00"},{"v":155.541210679321,"d":"155.54"},1,"",{"v":0.0130818405615368,"d":"0.01"},{"v":2.558,"d":"2.56"},"",{"v":0.32833333333332,"d":"0.33"},{"v":0.657499999999974,"d":"0.66"},"",536]
["Structural Framing","Structural Framing : W Shapes : W8X10","Module 7 structural model",600343,{"v":0.094550667381162,"d":"0.09"},"TON",{"v":1800,"d":"1,800.00"},{"v":170.191201286092,"d":"170.19"},1,"",{"v":0.0143139824518356,"d":"0.01"},{"v":2.558,"d":"2.56"},"",{"v":0.32833333333332,"d":"0.33"},{"v":0.657499999999974,"d":"0.66"},"",536]
["Structural Framing","Structural Framing : W Shapes : W8X10","Module 7 structural model",600344,{"v":0.07525103659109,"d":"0.08"},"TON",{"v":1800,"d":"1,800.00"},{"v":135.451865863962,"d":"135.45"},1,"",{"v":0.0113922201406048,"d":"0.01"},{"v":2.558,"d":"2.56"},"",{"v":0.32833333333332,"d":"0.33"},{"v":0.657499999999974,"d":"0.66"},"",536]
["Structural Framing","Structural Framing : W Shapes : W8X10","Module 7 structural model",600345,{"v":0.0217086550520544,"d":"0.02"},"TON",{"v":1800,"d":"1,800.00"},{"v":39.075579093698,"d":"39.08"},1,"",{"v":0.00328646339655524,"d":"0.00"},{"v":2.558,"d":"2.56"},"",{"v":0.32833333333332,"d":"0.33"},{"v":0.657499999999974,"d":"0.66"},"",536]
["Structural Framing","Structural Framing : W Shapes : W8X10","Module 7 structural model",600365,{"v":0.071391425783124,"d":"0.07"},"TON",{"v":1800,"d":"1,800.00"},{"v":128.504566409623,"d":"128.50"},1,"",{"v":0.0108079154190588,"d":"0.01"},{"v":2.558,"d":"2.56"},"",{"v":0.32833333333332,"d":"0.33"},{"v":0.657499999999974,"d":"0.66"},"",536]
["Structural Framing","Structural Framing : W Shapes : W8X10","Module 7 structural model",600366,{"v":0.063179523690765,"d":"0.06"},"TON",{"v":1800,"d":"1,800.00"},{"v":113.723142643377,"d":"113.72"},1,"",{"v":0.00956471930313543,"d":"0.01"},{"v":2.558,"d":"2.56"},"",{"v":0.32833333333332,"d":"0.33"},{"v":0.657499999999974,"d":"0.66"},"",536]
["Structural Framing","Structural Framing : W Shapes : W8X10","Module 7 structural model",600367,{"v":0.0549676215984065,"d":"0.05"},"TON",{"v":1800,"d":"1,800.00"},{"v":98.9417188771317,"d":"98.94"},1,"",{"v":0.00832152318721218,"d":"0.01"},{"v":2.558,"d":"2.56"},"",{"v":0.32833333333332,"d":"0.33"},{"v":0.657499999999974,"d":"0.66"},"",536]
["Structural Framing","Structural Framing : W Shapes : W8X10","Module 7 structural model",600368,{"v":0.048658053664405,"d":"0.05"},"TON",{"v":1800,"d":"1,800.00"},{"v":87.584496595929,"d":"87.58"},1,"",{"v":0.00736632057270422,"d":"0.01"},{"v":2.558,"d":"2.56"},"",{"v":0.32833333333332,"d":"0.33"},{"v":0.657499999999974,"d":"0.66"},"",536]
["Structural Framing","Structural Framing : W Shapes : W8X10","Module 7 structural model",600369,{"v":0.0404461515720462,"d":"0.04"},"TON",{"v":1800,"d":"1,800.00"},{"v":72.8030728296832,"d":"72.80"},1,"",{"v":0.0061231244567809,"d":"0.01"},{"v":2.558,"d":"2.56"},"",{"v":0.32833333333332,"d":"0.33"},{"v":0.657499999999974,"d":"0.66"},"",536]
["Structural Framing","Structural Framing : W Shapes : W8X10","Module 7 structural model",600383,{"v":0.0388795484553654,"d":"0.04"},"TON",{"v":1800,"d":"1,800.00"},{"v":69.9831872196577,"d":"69.98"},1,"",{"v":0.00588595712478566,"d":"0.01"},{"v":2.558,"d":"2.56"},"",{"v":0.32833333333332,"d":"0.33"},{"v":0.657499999999974,"d":"0.66"},"",536]
["Structural Framing","Structural Framing : W Shapes : W8X10","Module 7 structural model",600384,{"v":0.0187351044812044,"d":"0.02"},"TON",{"v":1800,"d":"1,800.00"},{"v":33.723188066168,"d":"33.72"},1,"",{"v":0.00283629893056362,"d":"0.00"},{"v":2.558,"d":"2.56"},"",{"v":0.32833333333332,"d":"0.33"},{"v":0.657499999999974,"d":"0.66"},"",536]
["Structural Framing","Structural Framing : W Shapes : W8X10","Module 7 structural model",600385,{"v":0.0065798521636186,"d":"0.01"},"TON",{"v":1800,"d":"1,800.00"},{"v":11.8437338945135,"d":"11.84"},1,"",{"v":0.000996120820871902,"d":"0.00"},{"v":2.558,"d":"2.56"},"",{"v":0.32833333333332,"d":"0.33"},{"v":0.657499999999974,"d":"0.66"},"",536]
["Structural Framing","Structural Framing : W Shapes : W8X10","Module 7 structural model",600386,{"v":0.0119775396584691,"d":"0.01"},"TON",{"v":1800,"d":"1,800.00"},{"v":21.5595713852444,"d":"21.56"},1,"",{"v":0.00181327427120466,"d":"0.00"},{"v":2.558,"d":"2.56"},"",{"v":0.32833333333332,"d":"0.33"},{"v":0.657499999999974,"d":"0.66"},"",536]
["Structural Framing","Structural Framing : W Shapes : W8X10","Module 7 structural model",600387,{"v":0.0173752271533196,"d":"0.02"},"TON",{"v":1800,"d":"1,800.00"},{"v":31.2754088759754,"d":"31.28"},1,"",{"v":0.00263042772153743,"d":"0.00"},{"v":2.558,"d":"2.56"},"",{"v":0.32833333333332,"d":"0.33"},{"v":0.657499999999974,"d":"0.66"},"",536]
["Structural Framing","Structural Framing : W Shapes : W8X10","Module 7 structural model",600388,{"v":0.0233429023088698,"d":"0.02"},"TON",{"v":1800,"d":"1,800.00"},{"v":42.0172241559656,"d":"42.02"},1,"",{"v":0.0035338713441027,"d":"0.00"},{"v":2.558,"d":"2.56"},"",{"v":0.32833333333332,"d":"0.33"},{"v":0.657499999999974,"d":"0.66"},"",536]
["Structural Framing","Structural Framing : W Shapes : W8X10","Module 7 structural model",600389,{"v":0.0287405898037204,"d":"0.03"},"TON",{"v":1800,"d":"1,800.00"},{"v":51.7330616466966,"d":"51.73"},1,"",{"v":0.00435102479443546,"d":"0.00"},{"v":2.558,"d":"2.56"},"",{"v":0.32833333333332,"d":"0.33"},{"v":0.657499999999974,"d":"0.66"},"",536]
["Structural Framing","Structural Framing : W Shapes : W8X10","Module 7 structural model",600390,{"v":0.0335682896378716,"d":"0.03"},"TON",{"v":1800,"d":"1,800.00"},{"v":60.422921348169,"d":"60.42"},1,"",{"v":0.00508188807253581,"d":"0.01"},{"v":2.558,"d":"2.56"},"",{"v":0.32833333333332,"d":"0.33"},{"v":0.657499999999974,"d":"0.66"},"",536]
["Structural Framing","Structural Framing : W Shapes : W8X10","Module 7 structural model",600391,{"v":0.0389659771327222,"d":"0.04"},"TON",{"v":1800,"d":"1,800.00"},{"v":70.1387588388999,"d":"70.14"},1,"",{"v":0.00589904152286858,"d":"0.01"},{"v":2.558,"d":"2.56"},"",{"v":0.32833333333332,"d":"0.33"},{"v":0.657499999999974,"d":"0.66"},"",536]
["Structural Framing","Structural Framing : W Shapes : W8X10","Module 7 structural model",600404,{"v":0.100382572902569,"d":"0.10"},"TON",{"v":1800,"d":"1,800.00"},{"v":180.688631224624,"d":"180.69"},1,"",{"v":0.0151968719713527,"d":"0.02"},{"v":2.558,"d":"2.56"},"",{"v":0.32833333333332,"d":"0.33"},{"v":0.657499999999974,"d":"0.66"},"",536]
["Structural Framing","Structural Framing : W Shapes : W8X10","Module 7 structural model",600405,{"v":0.102771194684996,"d":"0.10"},"TON",{"v":1800,"d":"1,800.00"},{"v":184.988150432992,"d":"184.99"},1,"",{"v":0.0155584843345938,"d":"0.02"},{"v":2.558,"d":"2.56"},"",{"v":0.32833333333332,"d":"0.33"},{"v":0.657499999999974,"d":"0.66"},"",536]
["Structural Framing","Structural Framing : W Shapes : W8X10","Module 7 structural model",600406,{"v":0.102771194684996,"d":"0.10"},"TON",{"v":1800,"d":"1,800.00"},{"v":184.988150432992,"d":"184.99"},1,"",{"v":0.0155584843345938,"d":"0.02"},{"v":2.558,"d":"2.56"},"",{"v":0.32833333333332,"d":"0.33"},{"v":0.657499999999974,"d":"0.66"},"",536]
["Structural Framing","Structural Framing : W Shapes : W8X10","Module 7 structural model",600407,{"v":0.102771194684996,"d":"0.10"},"TON",{"v":1800,"d":"1,800.00"},{"v":184.988150432992,"d":"184.99"},1,"",{"v":0.0155584843345938,"d":"0.02"},{"v":2.558,"d":"2.56"},"",{"v":0.32833333333332,"d":"0.33"},{"v":0.657499999999974,"d":"0.66"},"",536]
["Structural Framing","Structural Framing : W Shapes : W8X10","Module 7 structural model",600408,{"v":0.102771194684996,"d":"0.10"},"TON",{"v":1800,"d":"1,800.00"},{"v":184.988150432992,"d":"184.99"},1,"",{"v":0.0155584843345938,"d":"0.02"},{"v":2.558,"d":"2.56"},"",{"v":0.32833333333332,"d":"0.33"},{"v":0.657499999999974,"d":"0.66"},"",536]
["Structural Framing","Structural Framing : W Shapes : W8X10","Module 7 structural model",600452,{"v":0.0421716378655745,"d":"0.04"},"TON",{"v":1800,"d":"1,800.00"},{"v":75.9089481580341,"d":"75.91"},1,"",{"v":0.00638434504052232,"d":"0.01"},{"v":2.558,"d":"2.56"},"",{"v":0.32833333333332,"d":"0.33"},{"v":0.657499999999974,"d":"0.66"},"",536]
["Structural Framing","Structural Framing : W Shapes : W8X10","Module 7 structural model",600453,{"v":0.0484186258505756,"d":"0.05"},"TON",{"v":1800,"d":"1,800.00"},{"v":87.153526531036,"d":"87.15"},1,"",{"v":0.00733007370506633,"d":"0.01"},{"v":2.558,"d":"2.56"},"",{"v":0.32833333333332,"d":"0.33"},{"v":0.657499999999974,"d":"0.66"},"",536]
["Structural Framing","Structural Framing : W Shapes : W8X10","Module 7 structural model",600454,{"v":0.0544239616446665,"d":"0.05"},"TON",{"v":1800,"d":"1,800.00"},{"v":97.9631309603997,"d":"97.96"},1,"",{"v":0.00823921875453981,"d":"0.01"},{"v":2.558,"d":"2.56"},"",{"v":0.32833333333332,"d":"0.33"},{"v":0.657499999999974,"d":"0.66"},"",536]
["Structural Framing","Structural Framing : W Shapes : W8X10","Module 7 structural model",600455,{"v":0.0603193270521555,"d":"0.06"},"TON",{"v":1800,"d":"1,800.00"},{"v":108.57478869388,"d":"108.57"},1,"",{"v":0.0091317154372948,"d":"0.01"},{"v":2.558,"d":"2.56"},"",{"v":0.32833333333332,"d":"0.33"},{"v":0.657499999999974,"d":"0.66"},"",536]
["Structural Framing","Structural Framing : W Shapes : W8X10","Module 7 structural model",600456,{"v":0.0662146924596445,"d":"0.07"},"TON",{"v":1800,"d":"1,800.00"},{"v":119.18644642736,"d":"119.19"},1,"",{"v":0.0100242121200498,"d":"0.01"},{"v":2.558,"d":"2.56"},"",{"v":0.32833333333332,"d":"0.33"},{"v":0.657499999999974,"d":"0.66"},"",536]
["Structural Framing","Structural Framing : W Shapes : W8X10","Module 7 structural model",600457,{"v":0.082583806166436,"d":"0.08"},"TON",{"v":1800,"d":"1,800.00"},{"v":148.650851099585,"d":"148.65"},1,"",{"v":0.0125023247853634,"d":"0.01"},{"v":2.558,"d":"2.56"},"",{"v":0.32833333333332,"d":"0.33"},{"v":0.657499999999974,"d":"0.66"},"",536]
["Structural Framing","Structural Framing : W Shapes : W8X10","Module 7 structural model",600458,{"v":0.0538145586578095,"d":"0.05"},"TON",{"v":1800,"d":"1,800.00"},{"v":96.8662055840571,"d":"96.87"},1,"",{"v":0.00814696151404039,"d":"0.01"},{"v":2.558,"d":"2.56"},"",{"v":0.32833333333332,"d":"0.33"},{"v":0.657499999999974,"d":"0.66"},"",536]
["Structural Framing","Structural Framing : W Shapes : W8X10","Module 7 structural model",600459,{"v":0.0250453111491832,"d":"0.03"},"TON",{"v":1800,"d":"1,800.00"},{"v":45.0815600685297,"d":"45.08"},1,"",{"v":0.00379159824271738,"d":"0.00"},{"v":2.558,"d":"2.56"},"",{"v":0.32833333333332,"d":"0.33"},{"v":0.657499999999974,"d":"0.66"},"",536]
["Structural Framing","Structural Framing : W Shapes : W8X10","Module 7 structural model",600460,{"v":0.072613433845401,"d":"0.07"},"TON",{"v":1800,"d":"1,800.00"},{"v":130.704180921722,"d":"130.70"},1,"",{"v":0.0109929146627861,"d":"0.01"},{"v":2.558,"d":"2.56"},"",{"v":0.32833333333332,"d":"0.33"},{"v":0.657499999999974,"d":"0.66"},"",536]
["Structural Framing","Structural Framing : W Shapes : W8X10","Module 7 structural model",600461,{"v":0.00982661366633625,"d":"0.01"},"TON",{"v":1800,"d":"1,800.00"},{"v":17.6879045994052,"d":"17.69"},1,"",{"v":0.00148764656534756,"d":"0.00"},{"v":2.558,"d":"2.56"},"",{"v":0.32833333333332,"d":"0.33"},{"v":0.657499999999974,"d":"0.66"},"",536]
["Structural Framing","Structural Framing : W Shapes : W8X10","Module 7 structural model",600462,{"v":0.0438441863367743,"d":"0.04"},"TON",{"v":1800,"d":"1,800.00"},{"v":78.9195354061938,"d":"78.92"},1,"",{"v":0.00663755139146309,"d":"0.01"},{"v":2.558,"d":"2.56"},"",{"v":0.32833333333332,"d":"0.33"},{"v":0.657499999999974,"d":"0.66"},"",536]
["Structural Framing","Structural Framing : W Shapes : W8X10","Module 7 structural model",600463,{"v":0.0150749388281478,"d":"0.02"},"TON",{"v":1800,"d":"1,800.00"},{"v":27.134889890666,"d":"27.13"},1,"",{"v":0.00228218812014006,"d":"0.00"},{"v":2.558,"d":"2.56"},"",{"v":0.32833333333332,"d":"0.33"},{"v":0.657499999999974,"d":"0.66"},"",536]
["Structural Framing","Structural Framing : W Shapes : W8X10","Module 7 structural model",600479,{"v":0.0686593082550335,"d":"0.07"},"TON",{"v":1800,"d":"1,800.00"},{"v":123.58675485906,"d":"123.59"},1,"",{"v":0.010394301391399,"d":"0.01"},{"v":2.558,"d":"2.56"},"",{"v":0.32833333333332,"d":"0.33"},{"v":0.657499999999974,"d":"0.66"},"",536]
["Structural Framing","Structural Framing : W Shapes : W8X10","Module 7 structural model",600480,{"v":0.0827253208645605,"d":"0.08"},"TON",{"v":1800,"d":"1,800.00"},{"v":148.905577556209,"d":"148.91"},1,"",{"v":0.0125237486310298,"d":"0.01"},{"v":2.558,"d":"2.56"},"",{"v":0.32833333333332,"d":"0.33"},{"v":0.657499999999974,"d":"0.66"},"",536]
["Structural Framing","Structural Framing : W Shapes : W8X10","Module 7 structural model",600481,{"v":0.0967913334740875,"d":"0.10"},"TON",{"v":1800,"d":"1,800.00"},{"v":174.224400253358,"d":"174.22"},1,"",{"v":0.0146531958706606,"d":"0.01"},{"v":2.558,"d":"2.56"},"",{"v":0.32833333333332,"d":"0.33"},{"v":0.657499999999974,"d":"0.66"},"",536]
["Structural Framing","Structural Framing : W Shapes : W8X10","Module 7 structural model",600494,{"v":0.0067359618681271,"d":"0.01"},"TON",{"v":1800,"d":"1,800.00"},{"v":12.1247313626288,"d":"12.12"},1,"",{"v":0.00101975419790442,"d":"0.00"},{"v":2.558,"d":"2.56"},"",{"v":0.32833333333332,"d":"0.33"},{"v":0.657499999999974,"d":"0.66"},"",536]
["Structural Framing","Structural Framing : W Shapes : W8X10","Module 7 structural model",600495,{"v":0.0243518434634282,"d":"0.02"},"TON",{"v":1800,"d":"1,800.00"},{"v":43.8333182341708,"d":"43.83"},1,"",{"v":0.00368661448575672,"d":"0.00"},{"v":2.558,"d":"2.56"},"",{"v":0.32833333333332,"d":"0.33"},{"v":0.657499999999974,"d":"0.66"},"",536]
["Structural Framing","Structural Framing : W Shapes : W8X10","Module 7 structural model",600496,{"v":0.0355536939732234,"d":"0.04"},"TON",{"v":1800,"d":"1,800.00"},{"v":63.996649151802,"d":"64.00"},1,"",{"v":0.0053824575301945,"d":"0.01"},{"v":2.558,"d":"2.56"},"",{"v":0.32833333333332,"d":"0.33"},{"v":0.657499999999974,"d":"0.66"},"",536]
["Structural Framing","Structural Framing : W Shapes : W8X10","Module 7 structural model",600497,{"v":0.0467555444830185,"d":"0.05"},"TON",{"v":1800,"d":"1,800.00"},{"v":84.1599800694334,"d":"84.16"},1,"",{"v":0.00707830057463227,"d":"0.01"},{"v":2.558,"d":"2.56"},"",{"v":0.32833333333332,"d":"0.33"},{"v":0.657499999999974,"d":"0.66"},"",536]
["Structural Framing","Structural Framing : W Shapes : W8X10","Module 7 structural model",600498,{"v":0.057957394992814,"d":"0.06"},"TON",{"v":1800,"d":"1,800.00"},{"v":104.323310987065,"d":"104.32"},1,"",{"v":0.00877414361907007,"d":"0.01"},{"v":2.558,"d":"2.56"},"",{"v":0.32833333333332,"d":"0.33"},{"v":0.657499999999974,"d":"0.66"},"",536]
["Structural Framing","Structural Framing : W Shapes : W8X10","Module 7 structural model",600499,{"v":0.0480000796663729,"d":"0.05"},"TON",{"v":1800,"d":"1,800.00"},{"v":86.4001433994712,"d":"86.40"},1,"",{"v":0.00726671018895484,"d":"0.01"},{"v":2.558,"d":"2.56"},"",{"v":0.32833333333332,"d":"0.33"},{"v":0.657499999999974,"d":"0.66"},"",536]
["Structural Framing","Structural Framing : W Shapes : W8X10","Module 7 structural model",601517,{"v":0.0990677741776795,"d":"0.10"},"TON",{"v":1800,"d":"1,800.00"},{"v":178.321993519823,"d":"178.32"},1,"",{"v":0.0149978251914935,"d":"0.01"},{"v":2.558,"d":"2.56"},"",{"v":0.32833333333332,"d":"0.33"},{"v":0.657499999999974,"d":"0.66"},"",536]
["Structural Framing","Structural Framing : W Shapes : W8X10","Module 7 structural model",601542,{"v":0.10682590707874,"d":"0.11"},"TON",{"v":1800,"d":"1,800.00"},{"v":192.286632741731,"d":"192.29"},1,"",{"v":0.0161723253963107,"d":"0.02"},{"v":2.558,"d":"2.56"},"",{"v":0.32833333333332,"d":"0.33"},{"v":0.657499999999974,"d":"0.66"},"",536]
["Structural Framing","Structural Framing : W Shapes : W8X10","Module 7 structural model",601565,{"v":0.067629267980851,"d":"0.07"},"TON",{"v":1800,"d":"1,800.00"},{"v":121.732682365532,"d":"121.73"},1,"",{"v":0.0102383640636391,"d":"0.01"},{"v":2.558,"d":"2.56"},"",{"v":0.32833333333332,"d":"0.33"},{"v":0.657499999999974,"d":"0.66"},"",536]
["Structural Framing","Structural Framing : W Shapes : W8X10","Module 7 structural model",601593,{"v":0.0181224435657577,"d":"0.02"},"TON",{"v":1800,"d":"1,800.00"},{"v":32.620398418364,"d":"32.62"},1,"",{"v":0.00274354847373949,"d":"0.00"},{"v":2.558,"d":"2.56"},"",{"v":0.32833333333332,"d":"0.33"},{"v":0.657499999999974,"d":"0.66"},"",536]
["Structural Framing","Structural Framing : W Shapes : W8X10","Module 7 structural model",601618,{"v":0.0451762643041885,"d":"0.05"},"TON",{"v":1800,"d":"1,800.00"},{"v":81.3172757475393,"d":"81.32"},1,"",{"v":0.00683921406797469,"d":"0.01"},{"v":2.558,"d":"2.56"},"",{"v":0.32833333333332,"d":"0.33"},{"v":0.657499999999974,"d":"0.66"},"",536]
["Structural Framing","Structural Framing : W Shapes : W8X10","Module 7 structural model",601644,{"v":0.0649544233780145,"d":"0.06"},"TON",{"v":1800,"d":"1,800.00"},{"v":116.917962080426,"d":"116.92"},1,"",{"v":0.0098334205580366,"d":"0.01"},{"v":2.558,"d":"2.56"},"",{"v":0.32833333333332,"d":"0.33"},{"v":0.657499999999974,"d":"0.66"},"",536]
["Structural Framing","Structural Framing : W Shapes : W8X10","Module 7 structural model",601667,{"v":0.084480389926083,"d":"0.08"},"TON",{"v":1800,"d":"1,800.00"},{"v":152.064701866949,"d":"152.06"},1,"",{"v":0.0127894477365382,"d":"0.01"},{"v":2.558,"d":"2.56"},"",{"v":0.32833333333332,"d":"0.33"},{"v":0.657499999999974,"d":"0.66"},"",536]
["Structural Framing","Structural Framing : W Shapes : W8X10","Module 7 structural model",601683,{"v":0.0980890204884445,"d":"0.10"},"TON",{"v":1800,"d":"1,800.00"},{"v":176.5602368792,"d":"176.56"},1,"",{"v":0.0148496521164596,"d":"0.01"},{"v":2.558,"d":"2.56"},"",{"v":0.32833333333332,"d":"0.33"},{"v":0.657499999999974,"d":"0.66"},"",536]
["Structural Framing","Structural Framing : W Shapes : W8X10","Module 7 structural model",601930,{"v":0.0990677741776795,"d":"0.10"},"TON",{"v":1800,"d":"1,800.00"},{"v":178.321993519823,"d":"178.32"},1,"",{"v":0.0149978251914935,"d":"0.01"},{"v":2.558,"d":"2.56"},"",{"v":0.32833333333332,"d":"0.33"},{"v":0.657499999999974,"d":"0.66"},"",536]
["Structural Framing","Structural Framing : W Shapes : W8X10","Module 7 structural model",601931,{"v":0.10682590707874,"d":"0.11"},"TON",{"v":1800,"d":"1,800.00"},{"v":192.286632741731,"d":"192.29"},1,"",{"v":0.0161723253963107,"d":"0.02"},{"v":2.558,"d":"2.56"},"",{"v":0.32833333333332,"d":"0.33"},{"v":0.657499999999974,"d":"0.66"},"",536]
["Structural Framing","Structural Framing : W Shapes : W8X10","Module 7 structural model",601932,{"v":0.067629267980851,"d":"0.07"},"TON",{"v":1800,"d":"1,800.00"},{"v":121.732682365532,"d":"121.73"},1,"",{"v":0.0102383640636391,"d":"0.01"},{"v":2.558,"d":"2.56"},"",{"v":0.32833333333332,"d":"0.33"},{"v":0.657499999999974,"d":"0.66"},"",536]
["Structural Framing","Structural Framing : W Shapes : W8X10","Module 7 structural model",601933,{"v":0.0181224435657577,"d":"0.02"},"TON",{"v":1800,"d":"1,800.00"},{"v":32.620398418364,"d":"32.62"},1,"",{"v":0.00274354847373949,"d":"0.00"},{"v":2.558,"d":"2.56"},"",{"v":0.32833333333332,"d":"0.33"},{"v":0.657499999999974,"d":"0.66"},"",536]
["Structural Framing","Structural Framing : W Shapes : W8X10","Module 7 structural model",601934,{"v":0.0451762643041885,"d":"0.05"},"TON",{"v":1800,"d":"1,800.00"},{"v":81.3172757475393,"d":"81.32"},1,"",{"v":0.00683921406797469,"d":"0.01"},{"v":2.558,"d":"2.56"},"",{"v":0.32833333333332,"d":"0.33"},{"v":0.657499999999974,"d":"0.66"},"",536]
["Structural Framing","Structural Framing : W Shapes : W8X10","Module 7 structural model",601935,{"v":0.0649544233780145,"d":"0.06"},"TON",{"v":1800,"d":"1,800.00"},{"v":116.917962080426,"d":"116.92"},1,"",{"v":0.0098334205580366,"d":"0.01"},{"v":2.558,"d":"2.56"},"",{"v":0.32833333333332,"d":"0.33"},{"v":0.657499999999974,"d":"0.66"},"",536]
["Structural Framing","Structural Framing : W Shapes : W8X10","Module 7 structural model",601936,{"v":0.084480389926083,"d":"0.08"},"TON",{"v":1800,"d":"1,800.00"},{"v":152.064701866949,"d":"152.06"},1,"",{"v":0.0127894477365382,"d":"0.01"},{"v":2.558,"d":"2.56"},"",{"v":0.32833333333332,"d":"0.33"},{"v":0.657499999999974,"d":"0.66"},"",536]
["Structural Framing","Structural Framing : W Shapes : W8X10","Module 7 structural model",601937,{"v":0.0980890204884445,"d":"0.10"},"TON",{"v":1800,"d":"1,800.00"},{"v":176.5602368792,"d":"176.56"},1,"",{"v":0.0148496521164596,"d":"0.01"},{"v":2.558,"d":"2.56"},"",{"v":0.32833333333332,"d":"0.33"},{"v":0.657499999999974,"d":"0.66"},"",536]
["Structural Framing","Structural Framing : W Shapes : W8X10","Module 7 structural model",601945,{"v":0.0990677741776795,"d":"0.10"},"TON",{"v":1800,"d":"1,800.00"},{"v":178.321993519823,"d":"178.32"},1,"",{"v":0.0149978251914935,"d":"0.01"},{"v":2.558,"d":"2.56"},"",{"v":0.32833333333332,"d":"0.33"},{"v":0.657499999999974,"d":"0.66"},"",536]
["Structural Framing","Structural Framing : W Shapes : W8X10","Module 7 structural model",601946,{"v":0.10682590707874,"d":"0.11"},"TON",{"v":1800,"d":"1,800.00"},{"v":192.286632741731,"d":"192.29"},1,"",{"v":0.0161723253963107,"d":"0.02"},{"v":2.558,"d":"2.56"},"",{"v":0.32833333333332,"d":"0.33"},{"v":0.657499999999974,"d":"0.66"},"",536]
["Structural Framing","Structural Framing : W Shapes : W8X10","Module 7 structural model",601947,{"v":0.067629267980851,"d":"0.07"},"TON",{"v":1800,"d":"1,800.00"},{"v":121.732682365532,"d":"121.73"},1,"",{"v":0.0102383640636391,"d":"0.01"},{"v":2.558,"d":"2.56"},"",{"v":0.32833333333332,"d":"0.33"},{"v":0.657499999999974,"d":"0.66"},"",536]
["Structural Framing","Structural Framing : W Shapes : W8X10","Module 7 structural model",601948,{"v":0.0181224435657577,"d":"0.02"},"TON",{"v":1800,"d":"1,800.00"},{"v":32.620398418364,"d":"32.62"},1,"",{"v":0.00274354847373949,"d":"0.00"},{"v":2.558,"d":"2.56"},"",{"v":0.32833333333332,"d":"0.33"},{"v":0.657499999999974,"d":"0.66"},"",536]
["Structural Framing","Structural Framing : W Shapes : W8X10","Module 7 structural model",601949,{"v":0.0451762643041885,"d":"0.05"},"TON",{"v":1800,"d":"1,800.00"},{"v":81.3172757475393,"d":"81.32"},1,"",{"v":0.00683921406797469,"d":"0.01"},{"v":2.558,"d":"2.56"},"",{"v":0.32833333333332,"d":"0.33"},{"v":0.657499999999974,"d":"0.66"},"",536]
["Structural Framing","Structural Framing : W Shapes : W8X10","Module 7 structural model",601950,{"v":0.0649544233780145,"d":"0.06"},"TON",{"v":1800,"d":"1,800.00"},{"v":116.917962080426,"d":"116.92"},1,"",{"v":0.0098334205580366,"d":"0.01"},{"v":2.558,"d":"2.56"},"",{"v":0.32833333333332,"d":"0.33"},{"v":0.657499999999974,"d":"0.66"},"",536]
["Structural Framing","Structural Framing : W Shapes : W8X10","Module 7 structural model",601951,{"v":0.084480389926083,"d":"0.08"},"TON",{"v":1800,"d":"1,800.00"},{"v":152.064701866949,"d":"152.06"},1,"",{"v":0.0127894477365382,"d":"0.01"},{"v":2.558,"d":"2.56"},"",{"v":0.32833333333332,"d":"0.33"},{"v":0.657499999999974,"d":"0.66"},"",536]
["Structural Framing","Structural Framing : W Shapes : W8X10","Module 7 structural model",601952,{"v":0.0980890204884445,"d":"0.10"},"TON",{"v":1800,"d":"1,800.00"},{"v":176.5602368792,"d":"176.56"},1,"",{"v":0.0148496521164596,"d":"0.01"},{"v":2.558,"d":"2.56"},"",{"v":0.32833333333332,"d":"0.33"},{"v":0.657499999999974,"d":"0.66"},"",536]
["Structural Framing","Structural Framing : W Shapes : W8X10","Module 7 structural model",601960,{"v":0.0990677741776795,"d":"0.10"},"TON",{"v":1800,"d":"1,800.00"},{"v":178.321993519823,"d":"178.32"},1,"",{"v":0.0149978251914935,"d":"0.01"},{"v":2.558,"d":"2.56"},"",{"v":0.32833333333332,"d":"0.33"},{"v":0.657499999999974,"d":"0.66"},"",536]
["Structural Framing","Structural Framing : W Shapes : W8X10","Module 7 structural model",601961,{"v":0.10682590707874,"d":"0.11"},"TON",{"v":1800,"d":"1,800.00"},{"v":192.286632741731,"d":"192.29"},1,"",{"v":0.0161723253963107,"d":"0.02"},{"v":2.558,"d":"2.56"},"",{"v":0.32833333333332,"d":"0.33"},{"v":0.657499999999974,"d":"0.66"},"",536]
["Structural Framing","Structural Framing : W Shapes : W8X10","Module 7 structural model",601962,{"v":0.067629267980851,"d":"0.07"},"TON",{"v":1800,"d":"1,800.00"},{"v":121.732682365532,"d":"121.73"},1,"",{"v":0.0102383640636391,"d":"0.01"},{"v":2.558,"d":"2.56"},"",{"v":0.32833333333332,"d":"0.33"},{"v":0.657499999999974,"d":"0.66"},"",536]
["Structural Framing","Structural Framing : W Shapes : W8X10","Module 7 structural model",601963,{"v":0.0181224435657577,"d":"0.02"},"TON",{"v":1800,"d":"1,800.00"},{"v":32.620398418364,"d":"32.62"},1,"",{"v":0.00274354847373949,"d":"0.00"},{"v":2.558,"d":"2.56"},"",{"v":0.32833333333332,"d":"0.33"},{"v":0.657499999999974,"d":"0.66"},"",536]
["Structural Framing","Structural Framing : W Shapes : W8X10","Module 7 structural model",601964,{"v":0.0451762643041885,"d":"0.05"},"TON",{"v":1800,"d":"1,800.00"},{"v":81.3172757475393,"d":"81.32"},1,"",{"v":0.00683921406797469,"d":"0.01"},{"v":2.558,"d":"2.56"},"",{"v":0.32833333333332,"d":"0.33"},{"v":0.657499999999974,"d":"0.66"},"",536]
["Structural Framing","Structural Framing : W Shapes : W8X10","Module 7 structural model",601965,{"v":0.0649544233780145,"d":"0.06"},"TON",{"v":1800,"d":"1,800.00"},{"v":116.917962080426,"d":"116.92"},1,"",{"v":0.0098334205580366,"d":"0.01"},{"v":2.558,"d":"2.56"},"",{"v":0.32833333333332,"d":"0.33"},{"v":0.657499999999974,"d":"0.66"},"",536]
["Structural Framing","Structural Framing : W Shapes : W8X10","Module 7 structural model",601966,{"v":0.084480389926083,"d":"0.08"},"TON",{"v":1800,"d":"1,800.00"},{"v":152.064701866949,"d":"152.06"},1,"",{"v":0.0127894477365382,"d":"0.01"},{"v":2.558,"d":"2.56"},"",{"v":0.32833333333332,"d":"0.33"},{"v":0.657499999999974,"d":"0.66"},"",536]
["Structural Framing","Structural Framing : W Shapes : W8X10","Module 7 structural model",601967,{"v":0.0980890204884445,"d":"0.10"},"TON",{"v":1800,"d":"1,800.00"},{"v":176.5602368792,"d":"176.56"},1,"",{"v":0.0148496521164596,"d":"0.01"},{"v":2.558,"d":"2.56"},"",{"v":0.32833333333332,"d":"0.33"},{"v":0.657499999999974,"d":"0.66"},"",536]
["Structural Framing","Structural Framing : W Shapes : W8X10","Module 7 structural model",601991,{"v":0.0990677741776795,"d":"0.10"},"TON",{"v":1800,"d":"1,800.00"},{"v":178.321993519823,"d":"178.32"},1,"",{"v":0.0149978251914935,"d":"0.01"},{"v":2.558,"d":"2.56"},"",{"v":0.32833333333332,"d":"0.33"},{"v":0.657499999999974,"d":"0.66"},"",536]
["Structural Framing","Structural Framing : W Shapes : W8X10","Module 7 structural model",601992,{"v":0.10682590707874,"d":"0.11"},"TON",{"v":1800,"d":"1,800.00"},{"v":192.286632741731,"d":"192.29"},1,"",{"v":0.0161723253963107,"d":"0.02"},{"v":2.558,"d":"2.56"},"",{"v":0.32833333333332,"d":"0.33"},{"v":0.657499999999974,"d":"0.66"},"",536]
["Structural Framing","Structural Framing : W Shapes : W8X10","Module 7 structural model",601993,{"v":0.067629267980851,"d":"0.07"},"TON",{"v":1800,"d":"1,800.00"},{"v":121.732682365532,"d":"121.73"},1,"",{"v":0.0102383640636391,"d":"0.01"},{"v":2.558,"d":"2.56"},"",{"v":0.32833333333332,"d":"0.33"},{"v":0.657499999999974,"d":"0.66"},"",536]
["Structural Framing","Structural Framing : W Shapes : W8X10","Module 7 structural model",601994,{"v":0.0181224435657577,"d":"0.02"},"TON",{"v":1800,"d":"1,800.00"},{"v":32.620398418364,"d":"32.62"},1,"",{"v":0.00274354847373949,"d":"0.00"},{"v":2.558,"d":"2.56"},"",{"v":0.32833333333332,"d":"0.33"},{"v":0.657499999999974,"d":"0.66"},"",536]
["Structural Framing","Structural Framing : W Shapes : W8X10","Module 7 structural model",601995,{"v":0.0451762643041885,"d":"0.05"},"TON",{"v":1800,"d":"1,800.00"},{"v":81.3172757475393,"d":"81.32"},1,"",{"v":0.00683921406797469,"d":"0.01"},{"v":2.558,"d":"2.56"},"",{"v":0.32833333333332,"d":"0.33"},{"v":0.657499999999974,"d":"0.66"},"",536]
["Structural Framing","Structural Framing : W Shapes : W8X10","Module 7 structural model",601996,{"v":0.0649544233780145,"d":"0.06"},"TON",{"v":1800,"d":"1,800.00"},{"v":116.917962080426,"d":"116.92"},1,"",{"v":0.0098334205580366,"d":"0.01"},{"v":2.558,"d":"2.56"},"",{"v":0.32833333333332,"d":"0.33"},{"v":0.657499999999974,"d":"0.66"},"",536]
["Structural Framing","Structural Framing : W Shapes : W8X10","Module 7 structural model",601997,{"v":0.084480389926083,"d":"0.08"},"TON",{"v":1800,"d":"1,800.00"},{"v":152.064701866949,"d":"152.06"},1,"",{"v":0.0127894477365382,"d":"0.01"},{"v":2.558,"d":"2.56"},"",{"v":0.32833333333332,"d":"0.33"},{"v":0.657499999999974,"d":"0.66"},"",536]
["Structural Framing","Structural Framing : W Shapes : W8X10","Module 7 structural model",601998,{"v":0.0980890204884445,"d":"0.10"},"TON",{"v":1800,"d":"1,800.00"},{"v":176.5602368792,"d":"176.56"},1,"",{"v":0.0148496521164596,"d":"0.01"},{"v":2.558,"d":"2.56"},"",{"v":0.32833333333332,"d":"0.33"},{"v":0.657499999999974,"d":"0.66"},"",536]
["Structural Framing","Structural Framing : W Shapes : W8X10","Module 7 structural model",603547,{"v":0.184682699260483,"d":"0.18"},"TON",{"v":1800,"d":"1,800.00"},{"v":332.428858668869,"d":"332.43"},1,"",{"v":0.0279590296884448,"d":"0.03"},{"v":2.558,"d":"2.56"},"",{"v":0.32833333333332,"d":"0.33"},{"v":0.657499999999974,"d":"0.66"},"",536]
["Structural Framing","Structural Framing : W Shapes : W8X10","Module 7 structural model",603581,{"v":0.0269491466166391,"d":"0.03"},"TON",{"v":1800,"d":"1,800.00"},{"v":48.5084639099504,"d":"48.51"},1,"",{"v":0.00407981902663303,"d":"0.00"},{"v":2.558,"d":"2.56"},"",{"v":0.32833333333332,"d":"0.33"},{"v":0.657499999999974,"d":"0.66"},"",536]
["Structural Framing","Structural Framing : W Shapes : W8X10","Module 7 structural model",603615,{"v":0.0350905268731702,"d":"0.04"},"TON",{"v":1800,"d":"1,800.00"},{"v":63.1629483717064,"d":"63.16"},1,"",{"v":0.00531233887396439,"d":"0.01"},{"v":2.558,"d":"2.56"},"",{"v":0.32833333333332,"d":"0.33"},{"v":0.657499999999974,"d":"0.66"},"",536]
["Structural Framing","Structural Framing : W Shapes : W8X10","Module 7 structural model",603635,{"v":0.0320067138986701,"d":"0.03"},"TON",{"v":1800,"d":"1,800.00"},{"v":57.6120850176062,"d":"57.61"},1,"",{"v":0.00484548183292639,"d":"0.00"},{"v":2.558,"d":"2.56"},"",{"v":0.32833333333332,"d":"0.33"},{"v":0.657499999999974,"d":"0.66"},"",536]
["Structural Framing","Structural Framing : W Shapes : W8X10","Module 7 structural model",603655,{"v":0.0315685726699872,"d":"0.03"},"TON",{"v":1800,"d":"1,800.00"},{"v":56.823430805977,"d":"56.82"},1,"",{"v":0.00477915183195968,"d":"0.00"},{"v":2.558,"d":"2.56"},"",{"v":0.32833333333332,"d":"0.33"},{"v":0.657499999999974,"d":"0.66"},"",536]
["Structural Framing","Structural Framing : W Shapes : W8X10","Module 7 structural model",603673,{"v":0.0315685726699872,"d":"0.03"},"TON",{"v":1800,"d":"1,800.00"},{"v":56.823430805977,"d":"56.82"},1,"",{"v":0.00477915183195968,"d":"0.00"},{"v":2.558,"d":"2.56"},"",{"v":0.32833333333332,"d":"0.33"},{"v":0.657499999999974,"d":"0.66"},"",536]
["Structural Framing","Structural Framing : W Shapes : W8X10","Module 7 structural model",603691,{"v":0.0315685726699872,"d":"0.03"},"TON",{"v":1800,"d":"1,800.00"},{"v":56.823430805977,"d":"56.82"},1,"",{"v":0.00477915183195968,"d":"0.00"},{"v":2.558,"d":"2.56"},"",{"v":0.32833333333332,"d":"0.33"},{"v":0.657499999999974,"d":"0.66"},"",536]
["Structural Framing","Structural Framing : W Shapes : W8X10","Module 7 structural model",603707,{"v":0.0401252486954433,"d":"0.04"},"TON",{"v":1800,"d":"1,800.00"},{"v":72.2254476517979,"d":"72.23"},1,"",{"v":0.00607454311651474,"d":"0.01"},{"v":2.558,"d":"2.56"},"",{"v":0.32833333333332,"d":"0.33"},{"v":0.657499999999974,"d":"0.66"},"",536]
["Structural Framing","Structural Framing : W Shapes : W8X10","Module 7 structural model",603737,{"v":0.0344023870643008,"d":"0.03"},"TON",{"v":1800,"d":"1,800.00"},{"v":61.9242967157414,"d":"61.92"},1,"",{"v":0.00520816170185771,"d":"0.01"},{"v":2.558,"d":"2.56"},"",{"v":0.32833333333332,"d":"0.33"},{"v":0.657499999999974,"d":"0.66"},"",536]
["Structural Framing","Structural Framing : W Shapes : W8X10","Module 7 structural model",603764,{"v":0.0280886317616727,"d":"0.03"},"TON",{"v":1800,"d":"1,800.00"},{"v":50.5595371710109,"d":"50.56"},1,"",{"v":0.00425232516352138,"d":"0.00"},{"v":2.558,"d":"2.56"},"",{"v":0.32833333333332,"d":"0.33"},{"v":0.657499999999974,"d":"0.66"},"",536]
["Structural Framing","Structural Framing : W Shapes : W8X10","Module 7 structural model",603790,{"v":0.17988114335714,"d":"0.18"},"TON",{"v":1800,"d":"1,800.00"},{"v":323.786058042851,"d":"323.79"},1,"",{"v":0.0272321243281167,"d":"0.03"},{"v":2.558,"d":"2.56"},"",{"v":0.32833333333332,"d":"0.33"},{"v":0.657499999999974,"d":"0.66"},"",536]
["Structural Framing","Structural Framing : W Shapes : W8X10","Module 7 structural model",603849,{"v":0.0479239422651124,"d":"0.05"},"TON",{"v":1800,"d":"1,800.00"},{"v":86.2630960772022,"d":"86.26"},1,"",{"v":0.0072551837824708,"d":"0.01"},{"v":2.558,"d":"2.56"},"",{"v":0.32833333333332,"d":"0.33"},{"v":0.657499999999974,"d":"0.66"},"",536]
["Structural Framing","Structural Framing : W Shapes : W8X10","Module 7 structural model",603899,{"v":0.0429322952851952,"d":"0.04"},"TON",{"v":1800,"d":"1,800.00"},{"v":77.2781315133514,"d":"77.28"},1,"",{"v":0.00649950062067722,"d":"0.01"},{"v":2.558,"d":"2.56"},"",{"v":0.32833333333332,"d":"0.33"},{"v":0.657499999999974,"d":"0.66"},"",536]
["Structural Framing","Structural Framing : W Shapes : W8X10","Module 7 structural model",603952,{"v":0.069649307792979,"d":"0.07"},"TON",{"v":1800,"d":"1,800.00"},{"v":125.368754027362,"d":"125.37"},1,"",{"v":0.010544176970345,"d":"0.01"},{"v":2.558,"d":"2.56"},"",{"v":0.32833333333332,"d":"0.33"},{"v":0.657499999999974,"d":"0.66"},"",536]
["Structural Framing","Structural Framing : W Shapes : W8X10","Module 7 structural model",603971,{"v":0.0672901019896885,"d":"0.07"},"TON",{"v":1800,"d":"1,800.00"},{"v":121.122183581439,"d":"121.12"},1,"",{"v":0.0101870178787816,"d":"0.01"},{"v":2.558,"d":"2.56"},"",{"v":0.32833333333332,"d":"0.33"},{"v":0.657499999999974,"d":"0.66"},"",536]
["Structural Framing","Structural Framing : W Shapes : W8X10","Module 7 structural model",604005,{"v":0.0672901019896885,"d":"0.07"},"TON",{"v":1800,"d":"1,800.00"},{"v":121.122183581439,"d":"121.12"},1,"",{"v":0.0101870178787816,"d":"0.01"},{"v":2.558,"d":"2.56"},"",{"v":0.32833333333332,"d":"0.33"},{"v":0.657499999999974,"d":"0.66"},"",536]
["Structural Framing","Structural Framing : W Shapes : W8X10","Module 7 structural model",604031,{"v":0.078213684889332,"d":"0.08"},"TON",{"v":1800,"d":"1,800.00"},{"v":140.784632800798,"d":"140.78"},1,"",{"v":0.011840734116514,"d":"0.01"},{"v":2.558,"d":"2.56"},"",{"v":0.32833333333332,"d":"0.33"},{"v":0.657499999999974,"d":"0.66"},"",536]
["Structural Framing","Structural Framing : W Shapes : W8X10","Module 7 structural model",604052,{"v":0.0672901019896885,"d":"0.07"},"TON",{"v":1800,"d":"1,800.00"},{"v":121.122183581439,"d":"121.12"},1,"",{"v":0.0101870178787816,"d":"0.01"},{"v":2.558,"d":"2.56"},"",{"v":0.32833333333332,"d":"0.33"},{"v":0.657499999999974,"d":"0.66"},"",536]
["Structural Framing","Structural Framing : W Shapes : W8X10","Module 7 structural model",604103,{"v":0.080838932221817,"d":"0.08"},"TON",{"v":1800,"d":"1,800.00"},{"v":145.510077999271,"d":"145.51"},1,"",{"v":0.0122381691139576,"d":"0.01"},{"v":2.558,"d":"2.56"},"",{"v":0.32833333333332,"d":"0.33"},{"v":0.657499999999974,"d":"0.66"},"",536]
["Structural Framing","Structural Framing : W Shapes : W8X10","Module 7 structural model",604124,{"v":0.0605874635865475,"d":"0.06"},"TON",{"v":1800,"d":"1,800.00"},{"v":109.057434455786,"d":"109.06"},1,"",{"v":0.00917230850505722,"d":"0.01"},{"v":2.558,"d":"2.56"},"",{"v":0.32833333333332,"d":"0.33"},{"v":0.657499999999974,"d":"0.66"},"",536]
["Structural Framing","Structural Framing : W Shapes : W8X10","Module 7 structural model",604147,{"v":0.073768987111789,"d":"0.07"},"TON",{"v":1800,"d":"1,800.00"},{"v":132.78417680122,"d":"132.78"},1,"",{"v":0.0111678533452447,"d":"0.01"},{"v":2.558,"d":"2.56"},"",{"v":0.32833333333332,"d":"0.33"},{"v":0.657499999999974,"d":"0.66"},"",536]
["Structural Framing","Structural Framing : W Shapes : W8X10","Module 7 structural model",604186,{"v":0.170051887990373,"d":"0.17"},"TON",{"v":1800,"d":"1,800.00"},{"v":306.093398382671,"d":"306.09"},1,"",{"v":0.0257440778369446,"d":"0.03"},{"v":2.558,"d":"2.56"},"",{"v":0.32833333333332,"d":"0.33"},{"v":0.657499999999974,"d":"0.66"},"",536]
["Structural Framing","Structural Framing : W Shapes : W8X10","Module 7 structural model",604239,{"v":0.0786198304006825,"d":"0.08"},"TON",{"v":1800,"d":"1,800.00"},{"v":141.515694721228,"d":"141.52"},1,"",{"v":0.0119022203004129,"d":"0.01"},{"v":2.558,"d":"2.56"},"",{"v":0.32833333333332,"d":"0.33"},{"v":0.657499999999974,"d":"0.66"},"",536]
["Structural Framing","Structural Framing : W Shapes : W8X10","Module 7 structural model",604262,{"v":0.0724428816099575,"d":"0.07"},"TON",{"v":1800,"d":"1,800.00"},{"v":130.397186897923,"d":"130.40"},1,"",{"v":0.0109670948375763,"d":"0.01"},{"v":2.558,"d":"2.56"},"",{"v":0.32833333333332,"d":"0.33"},{"v":0.657499999999974,"d":"0.66"},"",536]
["Structural Framing","Structural Framing : W Shapes : W8X10","Module 7 structural model",604309,{"v":0.18248136182137,"d":"0.18"},"TON",{"v":1800,"d":"1,800.00"},{"v":328.466451278467,"d":"328.47"},1,"",{"v":0.0276257702165999,"d":"0.03"},{"v":2.558,"d":"2.56"},"",{"v":0.32833333333332,"d":"0.33"},{"v":0.657499999999974,"d":"0.66"},"",536]
["Structural Framing","Structural Framing : W Shapes : W8X10","Module 7 structural model",604439,{"v":0.0786198304006825,"d":"0.08"},"TON",{"v":1800,"d":"1,800.00"},{"v":141.515694721228,"d":"141.52"},1,"",{"v":0.0119022203004129,"d":"0.01"},{"v":2.558,"d":"2.56"},"",{"v":0.32833333333332,"d":"0.33"},{"v":0.657499999999974,"d":"0.66"},"",536]
["Structural Framing","Structural Framing : W Shapes : W8X10","Module 7 structural model",604470,{"v":0.085802828563346,"d":"0.09"},"TON",{"v":1800,"d":"1,800.00"},{"v":154.445091414023,"d":"154.45"},1,"",{"v":0.0129896511192505,"d":"0.01"},{"v":2.558,"d":"2.56"},"",{"v":0.32833333333332,"d":"0.33"},{"v":0.657499999999974,"d":"0.66"},"",536]
["Structural Framing","Structural Framing : W Shapes : W8X10","Module 7 structural model",604490,{"v":0.042961512314975,"d":"0.04"},"TON",{"v":1800,"d":"1,800.00"},{"v":77.330722166955,"d":"77.33"},1,"",{"v":0.00650392377350252,"d":"0.01"},{"v":2.558,"d":"2.56"},"",{"v":0.32833333333332,"d":"0.33"},{"v":0.657499999999974,"d":"0.66"},"",536]
["Structural Framing","Structural Framing : W Shapes : W8X10","Module 7 structural model",604514,{"v":0.036024072785861,"d":"0.04"},"TON",{"v":1800,"d":"1,800.00"},{"v":64.8433310145497,"d":"64.84"},1,"",{"v":0.0054536679643067,"d":"0.01"},{"v":2.558,"d":"2.56"},"",{"v":0.32833333333332,"d":"0.33"},{"v":0.657499999999974,"d":"0.66"},"",536]
["Structural Framing","Structural Framing : W Shapes : W8X10","Module 7 structural model",604541,{"v":0.0312529213239467,"d":"0.03"},"TON",{"v":1800,"d":"1,800.00"},{"v":56.2552583831041,"d":"56.26"},1,"",{"v":0.00473136551851245,"d":"0.00"},{"v":2.558,"d":"2.56"},"",{"v":0.32833333333332,"d":"0.33"},{"v":0.657499999999974,"d":"0.66"},"",536]
["Structural Framing","Structural Framing : W Shapes : W8X10","Module 7 structural model",604564,{"v":0.047441226482555,"d":"0.05"},"TON",{"v":1800,"d":"1,800.00"},{"v":85.3942076685989,"d":"85.39"},1,"",{"v":0.00718210566010394,"d":"0.01"},{"v":2.558,"d":"2.56"},"",{"v":0.32833333333332,"d":"0.33"},{"v":0.657499999999974,"d":"0.66"},"",536]
["Structural Framing","Structural Framing : W Shapes : W8X10","Module 7 structural model",604599,{"v":0.169035337876657,"d":"0.17"},"TON",{"v":1800,"d":"1,800.00"},{"v":304.263608177983,"d":"304.26"},1,"",{"v":0.0255901827784309,"d":"0.03"},{"v":2.558,"d":"2.56"},"",{"v":0.32833333333332,"d":"0.33"},{"v":0.657499999999974,"d":"0.66"},"",536]
["Structural Framing","Structural Framing : W Shapes : W8X10","Module 7 structural model",604629,{"v":0.0851421785462035,"d":"0.09"},"TON",{"v":1800,"d":"1,800.00"},{"v":153.255921383166,"d":"153.26"},1,"",{"v":0.0128896356141874,"d":"0.01"},{"v":2.558,"d":"2.56"},"",{"v":0.32833333333332,"d":"0.33"},{"v":0.657499999999974,"d":"0.66"},"",536]
["Structural Framing","Structural Framing : W Shapes : W8X10","Module 7 structural model",604672,{"v":0.090128985510083,"d":"0.09"},"TON",{"v":1800,"d":"1,800.00"},{"v":162.232173918149,"d":"162.23"},1,"",{"v":0.0136445860481584,"d":"0.01"},{"v":2.558,"d":"2.56"},"",{"v":0.32833333333332,"d":"0.33"},{"v":0.657499999999974,"d":"0.66"},"",536]
["Structural Framing","Structural Framing : W Shapes : W8X10","Module 7 structural model",604691,{"v":0.037514393140853,"d":"0.04"},"TON",{"v":1800,"d":"1,800.00"},{"v":67.5259076535354,"d":"67.53"},1,"",{"v":0.0056792868837689,"d":"0.01"},{"v":2.558,"d":"2.56"},"",{"v":0.32833333333332,"d":"0.33"},{"v":0.657499999999974,"d":"0.66"},"",536]
["Structural Framing","Structural Framing : W Shapes : W8X10","Module 7 structural model",604712,{"v":0.057275958643568,"d":"0.06"},"TON",{"v":1800,"d":"1,800.00"},{"v":103.096725558422,"d":"103.10"},1,"",{"v":0.00867098128066136,"d":"0.01"},{"v":2.558,"d":"2.56"},"",{"v":0.32833333333332,"d":"0.33"},{"v":0.657499999999974,"d":"0.66"},"",536]
["Structural Framing","Structural Framing : W Shapes : W8X10","Module 7 structural model",604743,{"v":0.120330873272691,"d":"0.12"},"TON",{"v":1800,"d":"1,800.00"},{"v":216.595571890844,"d":"216.60"},1,"",{"v":0.0182168360747342,"d":"0.02"},{"v":2.558,"d":"2.56"},"",{"v":0.32833333333332,"d":"0.33"},{"v":0.657499999999974,"d":"0.66"},"",536]
["Structural Framing","Structural Framing : W Shapes : W8X10","Module 7 structural model",604759,{"v":0.170202795242973,"d":"0.17"},"TON",{"v":1800,"d":"1,800.00"},{"v":306.365031437351,"d":"306.37"},1,"",{"v":0.0257669236171534,"d":"0.03"},{"v":2.558,"d":"2.56"},"",{"v":0.32833333333332,"d":"0.33"},{"v":0.657499999999974,"d":"0.66"},"",536]
["Structural Framing","Structural Framing : W Shapes : W8X10","Module 7 structural model",604781,{"v":0.0283135146692626,"d":"0.03"},"TON",{"v":1800,"d":"1,800.00"},{"v":50.9643264046727,"d":"50.96"},1,"",{"v":0.00428637008443116,"d":"0.00"},{"v":2.558,"d":"2.56"},"",{"v":0.32833333333332,"d":"0.33"},{"v":0.657499999999974,"d":"0.66"},"",536]
["Structural Framing","Structural Framing : W Shapes : W8X10","Module 7 structural model",604801,{"v":0.026920846544353,"d":"0.03"},"TON",{"v":1800,"d":"1,800.00"},{"v":48.4575237798355,"d":"48.46"},1,"",{"v":0.00407553469158488,"d":"0.00"},{"v":2.558,"d":"2.56"},"",{"v":0.32833333333332,"d":"0.33"},{"v":0.657499999999974,"d":"0.66"},"",536]
["Structural Framing","Structural Framing : W Shapes : W8X10","Module 7 structural model",604815,{"v":0.0292619142543346,"d":"0.03"},"TON",{"v":1800,"d":"1,800.00"},{"v":52.6714456578022,"d":"52.67"},1,"",{"v":0.00442994786546702,"d":"0.00"},{"v":2.558,"d":"2.56"},"",{"v":0.32833333333332,"d":"0.33"},{"v":0.657499999999974,"d":"0.66"},"",536]
["Structural Framing","Structural Framing : W Shapes : W8X10","Module 7 structural model",604836,{"v":0.0308190929101676,"d":"0.03"},"TON",{"v":1800,"d":"1,800.00"},{"v":55.4743672383018,"d":"55.47"},1,"",{"v":0.00466568843262889,"d":"0.00"},{"v":2.558,"d":"2.56"},"",{"v":0.32833333333332,"d":"0.33"},{"v":0.657499999999974,"d":"0.66"},"",536]
["Structural Framing","Structural Framing : W Shapes : W8X10","Module 7 structural model",604873,{"v":0.0709926818374255,"d":"0.07"},"TON",{"v":1800,"d":"1,800.00"},{"v":127.786827307366,"d":"127.79"},1,"",{"v":0.0107475497548113,"d":"0.01"},{"v":2.558,"d":"2.56"},"",{"v":0.32833333333332,"d":"0.33"},{"v":0.657499999999974,"d":"0.66"},"",536]
["Structural Framing","Structural Framing : W Shapes : W8X10","Module 7 structural model",604897,{"v":0.08518513930995,"d":"0.09"},"TON",{"v":1800,"d":"1,800.00"},{"v":153.33325075791,"d":"153.33"},1,"",{"v":0.0128961394246354,"d":"0.01"},{"v":2.558,"d":"2.56"},"",{"v":0.32833333333332,"d":"0.33"},{"v":0.657499999999974,"d":"0.66"},"",536]
["Structural Framing","Structural Framing : W Shapes : W8X10","Module 7 structural model",604919,{"v":0.104480097186218,"d":"0.10"},"TON",{"v":1800,"d":"1,800.00"},{"v":188.064174935192,"d":"188.06"},1,"",{"v":0.0158171943055746,"d":"0.02"},{"v":2.558,"d":"2.56"},"",{"v":0.32833333333332,"d":"0.33"},{"v":0.657499999999974,"d":"0.66"},"",536]
["Structural Framing","Structural Framing : W Shapes : W8X10","Module 7 structural model",604940,{"v":0.12557378010067,"d":"0.13"},"TON",{"v":1800,"d":"1,800.00"},{"v":226.032804181206,"d":"226.03"},1,"",{"v":0.0190105573504367,"d":"0.02"},{"v":2.558,"d":"2.56"},"",{"v":0.32833333333332,"d":"0.33"},{"v":0.657499999999974,"d":"0.66"},"",536]
["Structural Framing","Structural Framing : W Shapes : W8X10","Module 7 structural model",604967,{"v":0.069066907167028,"d":"0.07"},"TON",{"v":1800,"d":"1,800.00"},{"v":124.32043290065,"d":"124.32"},1,"",{"v":0.0104560076049591,"d":"0.01"},{"v":2.558,"d":"2.56"},"",{"v":0.32833333333332,"d":"0.33"},{"v":0.657499999999974,"d":"0.66"},"",536]
["Structural Framing","Structural Framing : W Shapes : W8X10","Module 7 structural model",604989,{"v":0.052004654849356,"d":"0.05"},"TON",{"v":1800,"d":"1,800.00"},{"v":93.6083787288408,"d":"93.61"},1,"",{"v":0.00787296100118019,"d":"0.01"},{"v":2.558,"d":"2.56"},"",{"v":0.32833333333332,"d":"0.33"},{"v":0.657499999999974,"d":"0.66"},"",536]
["Structural Framing","Structural Framing : W Shapes : W8X10","Module 7 structural model",605010,{"v":0.0343389902972232,"d":"0.03"},"TON",{"v":1800,"d":"1,800.00"},{"v":61.8101825350018,"d":"61.81"},1,"",{"v":0.00519856409417723,"d":"0.01"},{"v":2.558,"d":"2.56"},"",{"v":0.32833333333332,"d":"0.33"},{"v":0.657499999999974,"d":"0.66"},"",536]
["Structural Framing","Structural Framing : W Shapes : W8X10","Module 7 structural model",605030,{"v":0.0158811260403464,"d":"0.02"},"TON",{"v":1800,"d":"1,800.00"},{"v":28.5860268726235,"d":"28.59"},1,"",{"v":0.00240423643484718,"d":"0.00"},{"v":2.558,"d":"2.56"},"",{"v":0.32833333333332,"d":"0.33"},{"v":0.657499999999974,"d":"0.66"},"",536]
["Structural Framing","Structural Framing : W Shapes : W8X10","Module 7 structural model",605634,{"v":0.0116685553293626,"d":"0.01"},"TON",{"v":1800,"d":"1,800.00"},{"v":21.0033995928527,"d":"21.00"},1,"",{"v":0.00176649727441317,"d":"0.00"},{"v":2.558,"d":"2.56"},"",{"v":0.32833333333332,"d":"0.33"},{"v":0.657499999999974,"d":"0.66"},"",536]
["Structural Framing","Structural Framing : W Shapes : W8X10","Module 7 structural model",605635,{"v":0.0966679522376915,"d":"0.10"},"TON",{"v":1800,"d":"1,800.00"},{"v":174.002314027845,"d":"174.00"},1,"",{"v":0.0146345172415026,"d":"0.01"},{"v":2.558,"d":"2.56"},"",{"v":0.32833333333332,"d":"0.33"},{"v":0.657499999999974,"d":"0.66"},"",536]
["Structural Framing","Structural Framing : W Shapes : W8X10","Module 7 structural model",605636,{"v":0.0985293754815005,"d":"0.10"},"TON",{"v":1800,"d":"1,800.00"},{"v":177.352875866701,"d":"177.35"},1,"",{"v":0.0149163172582059,"d":"0.01"},{"v":2.558,"d":"2.56"},"",{"v":0.32833333333332,"d":"0.33"},{"v":0.657499999999974,"d":"0.66"},"",536]
["Structural Framing","Structural Framing : W Shapes : W8X10","Module 7 structural model",605637,{"v":0.046288274995781,"d":"0.05"},"TON",{"v":1800,"d":"1,800.00"},{"v":83.3188949924057,"d":"83.32"},1,"",{"v":0.00701016030485171,"d":"0.01"},{"v":2.558,"d":"2.56"},"",{"v":0.32833333333332,"d":"0.33"},{"v":0.657499999999974,"d":"0.66"},"",536]
["Structural Framing","Structural Framing : W Shapes : W8X10","Module 7 structural model",605638,{"v":0.0326171555564363,"d":"0.03"},"TON",{"v":1800,"d":"1,800.00"},{"v":58.7108800015854,"d":"58.71"},1,"",{"v":0.00493789631734147,"d":"0.00"},{"v":2.558,"d":"2.56"},"",{"v":0.32833333333332,"d":"0.33"},{"v":0.657499999999974,"d":"0.66"},"",536]
["Structural Framing","Structural Framing : W Shapes : W8X10","Module 7 structural model",605639,{"v":0.0807008994752715,"d":"0.08"},"TON",{"v":1800,"d":"1,800.00"},{"v":145.261619055489,"d":"145.26"},1,"",{"v":0.0122172723993541,"d":"0.01"},{"v":2.558,"d":"2.56"},"",{"v":0.32833333333332,"d":"0.33"},{"v":0.657499999999974,"d":"0.66"},"",536]
["Structural Framing","Structural Framing : W Shapes : W8X10","Module 7 structural model",605640,{"v":0.063787454125157,"d":"0.06"},"TON",{"v":1800,"d":"1,800.00"},{"v":114.817417425283,"d":"114.82"},1,"",{"v":0.00965675361458822,"d":"0.01"},{"v":2.558,"d":"2.56"},"",{"v":0.32833333333332,"d":"0.33"},{"v":0.657499999999974,"d":"0.66"},"",536]
["Structural Framing","Structural Framing : W Shapes : W8X10","Module 7 structural model",605641,{"v":0.0103598364929029,"d":"0.01"},"TON",{"v":1800,"d":"1,800.00"},{"v":18.6477056872251,"d":"18.65"},1,"",{"v":0.00156895271111142,"d":"0.00"},{"v":2.558,"d":"2.56"},"",{"v":0.32833333333332,"d":"0.33"},{"v":0.657499999999974,"d":"0.66"},"",536]
["Structural Framing","Structural Framing : W Shapes : W8X10","Module 7 structural model",605642,{"v":0.0707962995002675,"d":"0.07"},"TON",{"v":1800,"d":"1,800.00"},{"v":127.433339100482,"d":"127.43"},1,"",{"v":0.0107217952825506,"d":"0.01"},{"v":2.558,"d":"2.56"},"",{"v":0.32833333333332,"d":"0.33"},{"v":0.657499999999974,"d":"0.66"},"",536]
["Structural Framing","Structural Framing : W Shapes : W8X10","Module 7 structural model",605643,{"v":0.0744869848218235,"d":"0.07"},"TON",{"v":1800,"d":"1,800.00"},{"v":134.076572679282,"d":"134.08"},1,"",{"v":0.0112807337122335,"d":"0.01"},{"v":2.558,"d":"2.56"},"",{"v":0.32833333333332,"d":"0.33"},{"v":0.657499999999974,"d":"0.66"},"",536]
["Structural Framing","Structural Framing : W Shapes : W8X10","Module 7 structural model",605644,{"v":0.073856011629523,"d":"0.07"},"TON",{"v":1800,"d":"1,800.00"},{"v":132.940820933141,"d":"132.94"},1,"",{"v":0.0111810279473308,"d":"0.01"},{"v":2.558,"d":"2.56"},"",{"v":0.32833333333332,"d":"0.33"},{"v":0.657499999999974,"d":"0.66"},"",536]
["Structural Framing","Structural Framing : W Shapes : W8X10","Module 7 structural model",605645,{"v":0.0996072597498355,"d":"0.10"},"TON",{"v":1800,"d":"1,800.00"},{"v":179.293067549704,"d":"179.29"},1,"",{"v":0.0150794976664399,"d":"0.02"},{"v":2.558,"d":"2.56"},"",{"v":0.32833333333332,"d":"0.33"},{"v":0.657499999999974,"d":"0.66"},"",536]
["Structural Framing","Structural Framing : W Shapes : W8X10","Module 7 structural model",605646,{"v":0.0088078545722331,"d":"0.01"},"TON",{"v":1800,"d":"1,800.00"},{"v":15.8541382300196,"d":"15.85"},1,"",{"v":0.00133341709029949,"d":"0.00"},{"v":2.558,"d":"2.56"},"",{"v":0.32833333333332,"d":"0.33"},{"v":0.657499999999974,"d":"0.66"},"",536]
["Structural Framing","Structural Framing : W Shapes : W8X10","Module 7 structural model",605647,{"v":0.0184148030735148,"d":"0.02"},"TON",{"v":1800,"d":"1,800.00"},{"v":33.1466455323266,"d":"33.15"},1,"",{"v":0.00278884278015071,"d":"0.00"},{"v":2.558,"d":"2.56"},"",{"v":0.32833333333332,"d":"0.33"},{"v":0.657499999999974,"d":"0.66"},"",536]
["Structural Framing","Structural Framing : W Shapes : W8X10","Module 7 structural model",605648,{"v":0.100264179143468,"d":"0.10"},"TON",{"v":1800,"d":"1,800.00"},{"v":180.475522458243,"d":"180.48"},1,"",{"v":0.0151845790039518,"d":"0.02"},{"v":2.558,"d":"2.56"},"",{"v":0.32833333333332,"d":"0.33"},{"v":0.657499999999974,"d":"0.66"},"",536]
["Structural Framing","Structural Framing : W Shapes : W8X10","Module 7 structural model",605649,{"v":0.0961211276121235,"d":"0.10"},"TON",{"v":1800,"d":"1,800.00"},{"v":173.018029701822,"d":"173.02"},1,"",{"v":0.0145517337106042,"d":"0.01"},{"v":2.558,"d":"2.56"},"",{"v":0.32833333333332,"d":"0.33"},{"v":0.657499999999974,"d":"0.66"},"",536]
["Structural Framing","Structural Framing : W Shapes : W8X10","Module 7 structural model",605650,{"v":0.0439726467335791,"d":"0.04"},"TON",{"v":1800,"d":"1,800.00"},{"v":79.1507641204424,"d":"79.15"},1,"",{"v":0.00665699895240105,"d":"0.01"},{"v":2.558,"d":"2.56"},"",{"v":0.32833333333332,"d":"0.33"},{"v":0.657499999999974,"d":"0.66"},"",536]
["Structural Framing","Structural Framing : W Shapes : W8X10","Module 7 structural model",605651,{"v":0.0243240339919158,"d":"0.02"},"TON",{"v":1800,"d":"1,800.00"},{"v":43.7832611854484,"d":"43.78"},1,"",{"v":0.00368377040534635,"d":"0.00"},{"v":2.558,"d":"2.56"},"",{"v":0.32833333333332,"d":"0.33"},{"v":0.657499999999974,"d":"0.66"},"",536]
["Structural Framing","Structural Framing : W Shapes : W8X10","Module 7 structural model",605652,{"v":0.0040478238609551,"d":"0.00"},"TON",{"v":1800,"d":"1,800.00"},{"v":7.28608294971919,"d":"7.29"},1,"",{"v":0.000612798209876797,"d":"0.00"},{"v":2.558,"d":"2.56"},"",{"v":0.32833333333332,"d":"0.33"},{"v":0.657499999999974,"d":"0.66"},"",536]
["Structural Framing","Structural Framing : W Shapes : W8X10","Module 7 structural model",605653,{"v":0.0434833932552942,"d":"0.04"},"TON",{"v":1800,"d":"1,800.00"},{"v":78.2701078595296,"d":"78.27"},1,"",{"v":0.00658293109125693,"d":"0.01"},{"v":2.558,"d":"2.56"},"",{"v":0.32833333333332,"d":"0.33"},{"v":0.657499999999974,"d":"0.66"},"",536]
["Structural Framing","Structural Framing : W Shapes : W8X10","Module 7 structural model",605654,{"v":0.134260452273535,"d":"0.13"},"TON",{"v":1800,"d":"1,800.00"},{"v":241.668814092363,"d":"241.67"},1,"",{"v":0.0203331684562701,"d":"0.02"},{"v":2.558,"d":"2.56"},"",{"v":0.32833333333332,"d":"0.33"},{"v":0.657499999999974,"d":"0.66"},"",536]
["Structural Framing","Structural Framing : W Shapes : W8X10","Module 7 structural model",605655,{"v":0.014126671666653,"d":"0.01"},"TON",{"v":1800,"d":"1,800.00"},{"v":25.4280089999755,"d":"25.43"},1,"",{"v":0.0021386303866492,"d":"0.00"},{"v":2.558,"d":"2.56"},"",{"v":0.32833333333332,"d":"0.33"},{"v":0.657499999999974,"d":"0.66"},"",536]
["Structural Framing","Structural Framing : W Shapes : W8X10","Module 7 structural model",605656,{"v":0.11835782884929,"d":"0.12"},"TON",{"v":1800,"d":"1,800.00"},{"v":213.044091928723,"d":"213.04"},1,"",{"v":0.0179181377785138,"d":"0.02"},{"v":2.558,"d":"2.56"},"",{"v":0.32833333333332,"d":"0.33"},{"v":0.657499999999974,"d":"0.66"},"",536]
["Structural Framing","Structural Framing : W Shapes : W8X10","Module 7 structural model",605657,{"v":0.105454194074116,"d":"0.11"},"TON",{"v":1800,"d":"1,800.00"},{"v":189.81754933341,"d":"189.82"},1,"",{"v":0.0159705844589344,"d":"0.02"},{"v":2.558,"d":"2.56"},"",{"v":0.32833333333332,"d":"0.33"},{"v":0.657499999999974,"d":"0.66"},"",536]
["Structural Framing","Structural Framing : W Shapes : W8X10","Module 7 structural model",605658,{"v":0.0630540031276075,"d":"0.06"},"TON",{"v":1800,"d":"1,800.00"},{"v":113.497205629694,"d":"113.50"},1,"",{"v":0.00954571680227376,"d":"0.01"},{"v":2.558,"d":"2.56"},"",{"v":0.32833333333332,"d":"0.33"},{"v":0.657499999999974,"d":"0.66"},"",536]
["Structural Framing","Structural Framing : W Shapes : W8X10","Module 7 structural model",605659,{"v":0.0313290704456385,"d":"0.03"},"TON",{"v":1800,"d":"1,800.00"},{"v":56.3923268021493,"d":"56.39"},1,"",{"v":0.00474465306918297,"d":"0.00"},{"v":2.558,"d":"2.56"},"",{"v":0.32833333333332,"d":"0.33"},{"v":0.657499999999974,"d":"0.66"},"",536]
["Structural Framing","Structural Framing : W Shapes : W8X10","Module 7 structural model",605660,{"v":0.058535981079361,"d":"0.06"},"TON",{"v":1800,"d":"1,800.00"},{"v":105.36476594285,"d":"105.36"},1,"",{"v":0.00886502275156049,"d":"0.01"},{"v":2.558,"d":"2.56"},"",{"v":0.32833333333332,"d":"0.33"},{"v":0.657499999999974,"d":"0.66"},"",536]
["Structural Framing","Structural Framing : W Shapes : W8X10","Module 7 structural model",605661,{"v":0.0402669765710597,"d":"0.04"},"TON",{"v":1800,"d":"1,800.00"},{"v":72.4805578279074,"d":"72.48"},1,"",{"v":0.00609599923502452,"d":"0.01"},{"v":2.558,"d":"2.56"},"",{"v":0.32833333333332,"d":"0.33"},{"v":0.657499999999974,"d":"0.66"},"",536]
["Structural Framing","Structural Framing : W Shapes : W8X10","Module 7 structural model",605662,{"v":0.0398750692641708,"d":"0.04"},"TON",{"v":1800,"d":"1,800.00"},{"v":71.7751246755075,"d":"71.78"},1,"",{"v":0.00603666856641126,"d":"0.01"},{"v":2.558,"d":"2.56"},"",{"v":0.32833333333332,"d":"0.33"},{"v":0.657499999999974,"d":"0.66"},"",536]
["Structural Framing","Structural Framing : W Shapes : W8X10","Module 7 structural model",605663,{"v":0.072355318474764,"d":"0.07"},"TON",{"v":1800,"d":"1,800.00"},{"v":130.239573254575,"d":"130.24"},1,"",{"v":0.0109579020057007,"d":"0.01"},{"v":2.558,"d":"2.56"},"",{"v":0.32833333333332,"d":"0.33"},{"v":0.657499999999974,"d":"0.66"},"",536]
["Structural Framing","Structural Framing : W Shapes : W8X10","Module 7 structural model",605664,{"v":0.0161711833919892,"d":"0.02"},"TON",{"v":1800,"d":"1,800.00"},{"v":29.1081301055805,"d":"29.11"},1,"",{"v":0.00244814808514473,"d":"0.00"},{"v":2.558,"d":"2.56"},"",{"v":0.32833333333332,"d":"0.33"},{"v":0.657499999999974,"d":"0.66"},"",536]
["Structural Framing","Structural Framing : W Shapes : W8X10","Module 7 structural model",605680,{"v":0.0479011230044255,"d":"0.05"},"TON",{"v":1800,"d":"1,800.00"},{"v":86.2220214079659,"d":"86.22"},1,"",{"v":0.00725172918499325,"d":"0.01"},{"v":2.558,"d":"2.56"},"",{"v":0.32833333333332,"d":"0.33"},{"v":0.657499999999974,"d":"0.66"},"",536]
["Structural Framing","Structural Framing : W Shapes : W8X10","Module 7 structural model",605681,{"v":0.0409771790711418,"d":"0.04"},"TON",{"v":1800,"d":"1,800.00"},{"v":73.7589223280553,"d":"73.76"},1,"",{"v":0.0062058176537255,"d":"0.01"},{"v":2.558,"d":"2.56"},"",{"v":0.32833333333332,"d":"0.33"},{"v":0.657499999999974,"d":"0.66"},"",536]
["Structural Framing","Structural Framing : W Shapes : W8X10","Module 7 structural model",605682,{"v":0.0340532351378582,"d":"0.03"},"TON",{"v":1800,"d":"1,800.00"},{"v":61.2958232481448,"d":"61.30"},1,"",{"v":0.0051572161035803,"d":"0.01"},{"v":2.558,"d":"2.56"},"",{"v":0.32833333333332,"d":"0.33"},{"v":0.657499999999974,"d":"0.66"},"",536]
["Structural Framing","Structural Framing : W Shapes : W8X10","Module 7 structural model",605683,{"v":0.0271292912045745,"d":"0.03"},"TON",{"v":1800,"d":"1,800.00"},{"v":48.8327241682341,"d":"48.83"},1,"",{"v":0.00410861455343507,"d":"0.00"},{"v":2.558,"d":"2.56"},"",{"v":0.32833333333332,"d":"0.33"},{"v":0.657499999999974,"d":"0.66"},"",536]
["Structural Framing","Structural Framing : W Shapes : W8X10","Module 7 structural model",605684,{"v":0.0202053472712909,"d":"0.02"},"TON",{"v":1800,"d":"1,800.00"},{"v":36.3696250883235,"d":"36.37"},1,"",{"v":0.00306001300328987,"d":"0.00"},{"v":2.558,"d":"2.56"},"",{"v":0.32833333333332,"d":"0.33"},{"v":0.657499999999974,"d":"0.66"},"",536]
["Structural Framing","Structural Framing : W Shapes : W8X10","Module 7 structural model",605703,{"v":0.000209330579148512,"d":"0.00"},"TON",{"v":1800,"d":"1,800.00"},{"v":0.376795042467322,"d":"0.38"},1,"",{"v":0.0000316904609936276,"d":"0.00"},{"v":2.558,"d":"2.56"},"",{"v":0.32833333333332,"d":"0.33"},{"v":0.657499999999974,"d":"0.66"},"",536]
["Structural Framing","Structural Framing : W Shapes : W8X10","Module 7 structural model",605704,{"v":0.0000799727185390545,"d":"0.00"},"TON",{"v":1800,"d":"1,800.00"},{"v":0.143950893370298,"d":"0.14"},1,"",{"v":0.000012107033419227,"d":"0.00"},{"v":2.558,"d":"2.56"},"",{"v":0.32833333333332,"d":"0.33"},{"v":0.657499999999974,"d":"0.66"},"",536]
["Structural Framing","Structural Framing : W Shapes : W8X10","Module 7 structural model",605705,{"v":0.06048576462098,"d":"0.06"},"TON",{"v":1800,"d":"1,800.00"},{"v":108.874376317764,"d":"108.87"},1,"",{"v":0.00916030908892684,"d":"0.01"},{"v":2.558,"d":"2.56"},"",{"v":0.32833333333332,"d":"0.33"},{"v":0.657499999999974,"d":"0.66"},"",536]
["Structural Framing","Structural Framing : W Shapes : W8X10","Module 7 structural model",605706,{"v":0.100841469695827,"d":"0.10"},"TON",{"v":1800,"d":"1,800.00"},{"v":181.514645452488,"d":"181.51"},1,"",{"v":0.0152663441477829,"d":"0.02"},{"v":2.558,"d":"2.56"},"",{"v":0.32833333333332,"d":"0.33"},{"v":0.657499999999974,"d":"0.66"},"",536]
["Structural Framing","Structural Framing : W Shapes : W8X10","Module 7 structural model",605707,{"v":0.100841469695827,"d":"0.10"},"TON",{"v":1800,"d":"1,800.00"},{"v":181.514645452488,"d":"181.51"},1,"",{"v":0.0152663441477829,"d":"0.02"},{"v":2.558,"d":"2.56"},"",{"v":0.32833333333332,"d":"0.33"},{"v":0.657499999999974,"d":"0.66"},"",536]
["Structural Framing","Structural Framing : W Shapes : W8X10","Module 7 structural model",605708,{"v":0.0805782415170605,"d":"0.08"},"TON",{"v":1800,"d":"1,800.00"},{"v":145.040834730709,"d":"145.04"},1,"",{"v":0.0122032283589988,"d":"0.01"},{"v":2.558,"d":"2.56"},"",{"v":0.32833333333332,"d":"0.33"},{"v":0.657499999999974,"d":"0.66"},"",536]
["Structural Framing","Structural Framing : W Shapes : W8X10","Module 7 structural model",605722,{"v":0.0763412543465535,"d":"0.08"},"TON",{"v":1800,"d":"1,800.00"},{"v":137.414257823796,"d":"137.41"},1,"",{"v":0.0115572677098353,"d":"0.01"},{"v":2.558,"d":"2.56"},"",{"v":0.32833333333332,"d":"0.33"},{"v":0.657499999999974,"d":"0.66"},"",536]
["Structural Framing","Structural Framing : W Shapes : W8X10","Module 7 structural model",605723,{"v":0.073558872350607,"d":"0.07"},"TON",{"v":1800,"d":"1,800.00"},{"v":132.405970231093,"d":"132.41"},1,"",{"v":0.0111360441672903,"d":"0.01"},{"v":2.558,"d":"2.56"},"",{"v":0.32833333333332,"d":"0.33"},{"v":0.657499999999974,"d":"0.66"},"",536]
["Structural Framing","Structural Framing : W Shapes : W8X10","Module 7 structural model",605724,{"v":0.068939236773433,"d":"0.07"},"TON",{"v":1800,"d":"1,800.00"},{"v":124.090626192179,"d":"124.09"},1,"",{"v":0.0104366796422472,"d":"0.01"},{"v":2.558,"d":"2.56"},"",{"v":0.32833333333332,"d":"0.33"},{"v":0.657499999999974,"d":"0.66"},"",536]
["Structural Framing","Structural Framing : W Shapes : W8X10","Module 7 structural model",605743,{"v":0.0294285941652714,"d":"0.03"},"TON",{"v":1800,"d":"1,800.00"},{"v":52.9714694974884,"d":"52.97"},1,"",{"v":0.00445518146123432,"d":"0.00"},{"v":2.558,"d":"2.56"},"",{"v":0.32833333333332,"d":"0.33"},{"v":0.657499999999974,"d":"0.66"},"",536]
["Structural Framing","Structural Framing : W Shapes : W8X10","Module 7 structural model",605744,{"v":0.0269800481924859,"d":"0.03"},"TON",{"v":1800,"d":"1,800.00"},{"v":48.5640867464746,"d":"48.56"},1,"",{"v":0.00408449720211984,"d":"0.00"},{"v":2.558,"d":"2.56"},"",{"v":0.32833333333332,"d":"0.33"},{"v":0.657499999999974,"d":"0.66"},"",536]
["Structural Framing","Structural Framing : W Shapes : W8X10","Module 7 structural model",605745,{"v":0.0245315022197004,"d":"0.02"},"TON",{"v":1800,"d":"1,800.00"},{"v":44.1567039954608,"d":"44.16"},1,"",{"v":0.00371381294300541,"d":"0.00"},{"v":2.558,"d":"2.56"},"",{"v":0.32833333333332,"d":"0.33"},{"v":0.657499999999974,"d":"0.66"},"",536]
["Structural Framing","Structural Framing : W Shapes : W8X10","Module 7 structural model",605746,{"v":0.0192193418811886,"d":"0.02"},"TON",{"v":1800,"d":"1,800.00"},{"v":34.5948153861396,"d":"34.59"},1,"",{"v":0.0029096074098994,"d":"0.00"},{"v":2.558,"d":"2.56"},"",{"v":0.32833333333332,"d":"0.33"},{"v":0.657499999999974,"d":"0.66"},"",536]
["Structural Framing","Structural Framing : W Shapes : W8X10","Module 7 structural model",605747,{"v":0.0167707959084032,"d":"0.02"},"TON",{"v":1800,"d":"1,800.00"},{"v":30.1874326351258,"d":"30.19"},1,"",{"v":0.00253892315078494,"d":"0.00"},{"v":2.558,"d":"2.56"},"",{"v":0.32833333333332,"d":"0.33"},{"v":0.657499999999974,"d":"0.66"},"",536]
["Structural Framing","Structural Framing : W Shapes : W8X10","Module 7 structural model",605748,{"v":0.0143222499356178,"d":"0.01"},"TON",{"v":1800,"d":"1,800.00"},{"v":25.780049884112,"d":"25.78"},1,"",{"v":0.00216823889167049,"d":"0.00"},{"v":2.558,"d":"2.56"},"",{"v":0.32833333333332,"d":"0.33"},{"v":0.657499999999974,"d":"0.66"},"",536]
["Structural Framing","Structural Framing : W Shapes : W8X10","Module 7 structural model",605749,{"v":0.016967175259133,"d":"0.02"},"TON",{"v":1800,"d":"1,800.00"},{"v":30.5409154664395,"d":"30.54"},1,"",{"v":0.00256865293120963,"d":"0.00"},{"v":2.558,"d":"2.56"},"",{"v":0.32833333333332,"d":"0.33"},{"v":0.657499999999974,"d":"0.66"},"",536]
["Structural Framing","Structural Framing : W Shapes : W8X10","Module 7 structural model",605750,{"v":0.0145186292863476,"d":"0.01"},"TON",{"v":1800,"d":"1,800.00"},{"v":26.1335327154256,"d":"26.13"},1,"",{"v":0.00219796867209517,"d":"0.00"},{"v":2.558,"d":"2.56"},"",{"v":0.32833333333332,"d":"0.33"},{"v":0.657499999999974,"d":"0.66"},"",536]
["Structural Framing","Structural Framing : W Shapes : W8X10","Module 7 structural model",605751,{"v":0.0120700833135621,"d":"0.01"},"TON",{"v":1800,"d":"1,800.00"},{"v":21.7261499644118,"d":"21.73"},1,"",{"v":0.00182728441298071,"d":"0.00"},{"v":2.558,"d":"2.56"},"",{"v":0.32833333333332,"d":"0.33"},{"v":0.657499999999974,"d":"0.66"},"",536]
["Structural Framing","Structural Framing : W Shapes : W8X10","Module 7 structural model",605771,{"v":0.096937118399288,"d":"0.10"},"TON",{"v":1800,"d":"1,800.00"},{"v":174.486813118718,"d":"174.49"},1,"",{"v":0.0146752661840583,"d":"0.01"},{"v":2.558,"d":"2.56"},"",{"v":0.32833333333332,"d":"0.33"},{"v":0.657499999999974,"d":"0.66"},"",536]
["Structural Framing","Structural Framing : W Shapes : W8X10","Module 7 structural model",605772,{"v":0.0753318269450395,"d":"0.08"},"TON",{"v":1800,"d":"1,800.00"},{"v":135.597288501071,"d":"135.60"},1,"",{"v":0.0114044509554762,"d":"0.01"},{"v":2.558,"d":"2.56"},"",{"v":0.32833333333332,"d":"0.33"},{"v":0.657499999999974,"d":"0.66"},"",536]
["Structural Framing","Structural Framing : W Shapes : W8X10","Module 7 structural model",605773,{"v":0.0753318269450395,"d":"0.08"},"TON",{"v":1800,"d":"1,800.00"},{"v":135.597288501071,"d":"135.60"},1,"",{"v":0.0114044509554762,"d":"0.01"},{"v":2.558,"d":"2.56"},"",{"v":0.32833333333332,"d":"0.33"},{"v":0.657499999999974,"d":"0.66"},"",536]
["Structural Framing","Structural Framing : W Shapes : W8X10","Module 7 structural model",605774,{"v":0.0753318269450395,"d":"0.08"},"TON",{"v":1800,"d":"1,800.00"},{"v":135.597288501071,"d":"135.60"},1,"",{"v":0.0114044509554762,"d":"0.01"},{"v":2.558,"d":"2.56"},"",{"v":0.32833333333332,"d":"0.33"},{"v":0.657499999999974,"d":"0.66"},"",536]
["Structural Framing","Structural Framing : W Shapes : W8X10","Module 7 structural model",605775,{"v":0.0753318269450395,"d":"0.08"},"TON",{"v":1800,"d":"1,800.00"},{"v":135.597288501071,"d":"135.60"},1,"",{"v":0.0114044509554762,"d":"0.01"},{"v":2.558,"d":"2.56"},"",{"v":0.32833333333332,"d":"0.33"},{"v":0.657499999999974,"d":"0.66"},"",536]
["Structural Framing","Structural Framing : W Shapes : W8X10","Module 7 structural model",605790,{"v":0.078272900040306,"d":"0.08"},"TON",{"v":1800,"d":"1,800.00"},{"v":140.891220072551,"d":"140.89"},1,"",{"v":0.0118496986712379,"d":"0.01"},{"v":2.558,"d":"2.56"},"",{"v":0.32833333333332,"d":"0.33"},{"v":0.657499999999974,"d":"0.66"},"",536]
["Structural Framing","Structural Framing : W Shapes : W8X10","Module 7 structural model",605791,{"v":0.086411783710734,"d":"0.09"},"TON",{"v":1800,"d":"1,800.00"},{"v":155.541210679321,"d":"155.54"},1,"",{"v":0.0130818405615368,"d":"0.01"},{"v":2.558,"d":"2.56"},"",{"v":0.32833333333332,"d":"0.33"},{"v":0.657499999999974,"d":"0.66"},"",536]
["Structural Framing","Structural Framing : W Shapes : W8X10","Module 7 structural model",605792,{"v":0.094550667381162,"d":"0.09"},"TON",{"v":1800,"d":"1,800.00"},{"v":170.191201286092,"d":"170.19"},1,"",{"v":0.0143139824518356,"d":"0.01"},{"v":2.558,"d":"2.56"},"",{"v":0.32833333333332,"d":"0.33"},{"v":0.657499999999974,"d":"0.66"},"",536]
["Structural Framing","Structural Framing : W Shapes : W8X10","Module 7 structural model",605793,{"v":0.07525103659109,"d":"0.08"},"TON",{"v":1800,"d":"1,800.00"},{"v":135.451865863962,"d":"135.45"},1,"",{"v":0.0113922201406048,"d":"0.01"},{"v":2.558,"d":"2.56"},"",{"v":0.32833333333332,"d":"0.33"},{"v":0.657499999999974,"d":"0.66"},"",536]
["Structural Framing","Structural Framing : W Shapes : W8X10","Module 7 structural model",605794,{"v":0.0217086550520544,"d":"0.02"},"TON",{"v":1800,"d":"1,800.00"},{"v":39.075579093698,"d":"39.08"},1,"",{"v":0.00328646339655524,"d":"0.00"},{"v":2.558,"d":"2.56"},"",{"v":0.32833333333332,"d":"0.33"},{"v":0.657499999999974,"d":"0.66"},"",536]
["Structural Framing","Structural Framing : W Shapes : W8X10","Module 7 structural model",605814,{"v":0.071391425783124,"d":"0.07"},"TON",{"v":1800,"d":"1,800.00"},{"v":128.504566409623,"d":"128.50"},1,"",{"v":0.0108079154190588,"d":"0.01"},{"v":2.558,"d":"2.56"},"",{"v":0.32833333333332,"d":"0.33"},{"v":0.657499999999974,"d":"0.66"},"",536]
["Structural Framing","Structural Framing : W Shapes : W8X10","Module 7 structural model",605815,{"v":0.063179523690765,"d":"0.06"},"TON",{"v":1800,"d":"1,800.00"},{"v":113.723142643377,"d":"113.72"},1,"",{"v":0.00956471930313543,"d":"0.01"},{"v":2.558,"d":"2.56"},"",{"v":0.32833333333332,"d":"0.33"},{"v":0.657499999999974,"d":"0.66"},"",536]
["Structural Framing","Structural Framing : W Shapes : W8X10","Module 7 structural model",605816,{"v":0.0549676215984065,"d":"0.05"},"TON",{"v":1800,"d":"1,800.00"},{"v":98.9417188771317,"d":"98.94"},1,"",{"v":0.00832152318721218,"d":"0.01"},{"v":2.558,"d":"2.56"},"",{"v":0.32833333333332,"d":"0.33"},{"v":0.657499999999974,"d":"0.66"},"",536]
["Structural Framing","Structural Framing : W Shapes : W8X10","Module 7 structural model",605817,{"v":0.048658053664405,"d":"0.05"},"TON",{"v":1800,"d":"1,800.00"},{"v":87.584496595929,"d":"87.58"},1,"",{"v":0.00736632057270422,"d":"0.01"},{"v":2.558,"d":"2.56"},"",{"v":0.32833333333332,"d":"0.33"},{"v":0.657499999999974,"d":"0.66"},"",536]
["Structural Framing","Structural Framing : W Shapes : W8X10","Module 7 structural model",605818,{"v":0.0404461515720462,"d":"0.04"},"TON",{"v":1800,"d":"1,800.00"},{"v":72.8030728296832,"d":"72.80"},1,"",{"v":0.0061231244567809,"d":"0.01"},{"v":2.558,"d":"2.56"},"",{"v":0.32833333333332,"d":"0.33"},{"v":0.657499999999974,"d":"0.66"},"",536]
["Structural Framing","Structural Framing : W Shapes : W8X10","Module 7 structural model",605832,{"v":0.0388795484553654,"d":"0.04"},"TON",{"v":1800,"d":"1,800.00"},{"v":69.9831872196577,"d":"69.98"},1,"",{"v":0.00588595712478566,"d":"0.01"},{"v":2.558,"d":"2.56"},"",{"v":0.32833333333332,"d":"0.33"},{"v":0.657499999999974,"d":"0.66"},"",536]
["Structural Framing","Structural Framing : W Shapes : W8X10","Module 7 structural model",605833,{"v":0.0187351044812044,"d":"0.02"},"TON",{"v":1800,"d":"1,800.00"},{"v":33.723188066168,"d":"33.72"},1,"",{"v":0.00283629893056362,"d":"0.00"},{"v":2.558,"d":"2.56"},"",{"v":0.32833333333332,"d":"0.33"},{"v":0.657499999999974,"d":"0.66"},"",536]
["Structural Framing","Structural Framing : W Shapes : W8X10","Module 7 structural model",605834,{"v":0.0065798521636186,"d":"0.01"},"TON",{"v":1800,"d":"1,800.00"},{"v":11.8437338945135,"d":"11.84"},1,"",{"v":0.000996120820871902,"d":"0.00"},{"v":2.558,"d":"2.56"},"",{"v":0.32833333333332,"d":"0.33"},{"v":0.657499999999974,"d":"0.66"},"",536]
["Structural Framing","Structural Framing : W Shapes : W8X10","Module 7 structural model",605835,{"v":0.0119775396584691,"d":"0.01"},"TON",{"v":1800,"d":"1,800.00"},{"v":21.5595713852444,"d":"21.56"},1,"",{"v":0.00181327427120466,"d":"0.00"},{"v":2.558,"d":"2.56"},"",{"v":0.32833333333332,"d":"0.33"},{"v":0.657499999999974,"d":"0.66"},"",536]
["Structural Framing","Structural Framing : W Shapes : W8X10","Module 7 structural model",605836,{"v":0.0173752271533196,"d":"0.02"},"TON",{"v":1800,"d":"1,800.00"},{"v":31.2754088759754,"d":"31.28"},1,"",{"v":0.00263042772153743,"d":"0.00"},{"v":2.558,"d":"2.56"},"",{"v":0.32833333333332,"d":"0.33"},{"v":0.657499999999974,"d":"0.66"},"",536]
["Structural Framing","Structural Framing : W Shapes : W8X10","Module 7 structural model",605837,{"v":0.0233429023088698,"d":"0.02"},"TON",{"v":1800,"d":"1,800.00"},{"v":42.0172241559656,"d":"42.02"},1,"",{"v":0.0035338713441027,"d":"0.00"},{"v":2.558,"d":"2.56"},"",{"v":0.32833333333332,"d":"0.33"},{"v":0.657499999999974,"d":"0.66"},"",536]
["Structural Framing","Structural Framing : W Shapes : W8X10","Module 7 structural model",605838,{"v":0.0287405898037204,"d":"0.03"},"TON",{"v":1800,"d":"1,800.00"},{"v":51.7330616466966,"d":"51.73"},1,"",{"v":0.00435102479443546,"d":"0.00"},{"v":2.558,"d":"2.56"},"",{"v":0.32833333333332,"d":"0.33"},{"v":0.657499999999974,"d":"0.66"},"",536]
["Structural Framing","Structural Framing : W Shapes : W8X10","Module 7 structural model",605839,{"v":0.0335682896378716,"d":"0.03"},"TON",{"v":1800,"d":"1,800.00"},{"v":60.422921348169,"d":"60.42"},1,"",{"v":0.00508188807253581,"d":"0.01"},{"v":2.558,"d":"2.56"},"",{"v":0.32833333333332,"d":"0.33"},{"v":0.657499999999974,"d":"0.66"},"",536]
["Structural Framing","Structural Framing : W Shapes : W8X10","Module 7 structural model",605840,{"v":0.0389659771327222,"d":"0.04"},"TON",{"v":1800,"d":"1,800.00"},{"v":70.1387588388999,"d":"70.14"},1,"",{"v":0.00589904152286858,"d":"0.01"},{"v":2.558,"d":"2.56"},"",{"v":0.32833333333332,"d":"0.33"},{"v":0.657499999999974,"d":"0.66"},"",536]
["Structural Framing","Structural Framing : W Shapes : W8X10","Module 7 structural model",605853,{"v":0.100382572902569,"d":"0.10"},"TON",{"v":1800,"d":"1,800.00"},{"v":180.688631224624,"d":"180.69"},1,"",{"v":0.0151968719713527,"d":"0.02"},{"v":2.558,"d":"2.56"},"",{"v":0.32833333333332,"d":"0.33"},{"v":0.657499999999974,"d":"0.66"},"",536]
["Structural Framing","Structural Framing : W Shapes : W8X10","Module 7 structural model",605854,{"v":0.102771194684996,"d":"0.10"},"TON",{"v":1800,"d":"1,800.00"},{"v":184.988150432992,"d":"184.99"},1,"",{"v":0.0155584843345938,"d":"0.02"},{"v":2.558,"d":"2.56"},"",{"v":0.32833333333332,"d":"0.33"},{"v":0.657499999999974,"d":"0.66"},"",536]
["Structural Framing","Structural Framing : W Shapes : W8X10","Module 7 structural model",605855,{"v":0.102771194684996,"d":"0.10"},"TON",{"v":1800,"d":"1,800.00"},{"v":184.988150432992,"d":"184.99"},1,"",{"v":0.0155584843345938,"d":"0.02"},{"v":2.558,"d":"2.56"},"",{"v":0.32833333333332,"d":"0.33"},{"v":0.657499999999974,"d":"0.66"},"",536]
["Structural Framing","Structural Framing : W Shapes : W8X10","Module 7 structural model",605856,{"v":0.102771194684996,"d":"0.10"},"TON",{"v":1800,"d":"1,800.00"},{"v":184.988150432992,"d":"184.99"},1,"",{"v":0.0155584843345938,"d":"0.02"},{"v":2.558,"d":"2.56"},"",{"v":0.32833333333332,"d":"0.33"},{"v":0.657499999999974,"d":"0.66"},"",536]
["Structural Framing","Structural Framing : W Shapes : W8X10","Module 7 structural model",605857,{"v":0.102771194684996,"d":"0.10"},"TON",{"v":1800,"d":"1,800.00"},{"v":184.988150432992,"d":"184.99"},1,"",{"v":0.0155584843345938,"d":"0.02"},{"v":2.558,"d":"2.56"},"",{"v":0.32833333333332,"d":"0.33"},{"v":0.657499999999974,"d":"0.66"},"",536]
["Structural Framing","Structural Framing : W Shapes : W8X10","Module 7 structural model",605901,{"v":0.0421716378655745,"d":"0.04"},"TON",{"v":1800,"d":"1,800.00"},{"v":75.9089481580341,"d":"75.91"},1,"",{"v":0.00638434504052232,"d":"0.01"},{"v":2.558,"d":"2.56"},"",{"v":0.32833333333332,"d":"0.33"},{"v":0.657499999999974,"d":"0.66"},"",536]
["Structural Framing","Structural Framing : W Shapes : W8X10","Module 7 structural model",605902,{"v":0.0484186258505756,"d":"0.05"},"TON",{"v":1800,"d":"1,800.00"},{"v":87.153526531036,"d":"87.15"},1,"",{"v":0.00733007370506633,"d":"0.01"},{"v":2.558,"d":"2.56"},"",{"v":0.32833333333332,"d":"0.33"},{"v":0.657499999999974,"d":"0.66"},"",536]
["Structural Framing","Structural Framing : W Shapes : W8X10","Module 7 structural model",605903,{"v":0.0544239616446665,"d":"0.05"},"TON",{"v":1800,"d":"1,800.00"},{"v":97.9631309603997,"d":"97.96"},1,"",{"v":0.00823921875453981,"d":"0.01"},{"v":2.558,"d":"2.56"},"",{"v":0.32833333333332,"d":"0.33"},{"v":0.657499999999974,"d":"0.66"},"",536]
["Structural Framing","Structural Framing : W Shapes : W8X10","Module 7 structural model",605904,{"v":0.0603193270521555,"d":"0.06"},"TON",{"v":1800,"d":"1,800.00"},{"v":108.57478869388,"d":"108.57"},1,"",{"v":0.0091317154372948,"d":"0.01"},{"v":2.558,"d":"2.56"},"",{"v":0.32833333333332,"d":"0.33"},{"v":0.657499999999974,"d":"0.66"},"",536]
["Structural Framing","Structural Framing : W Shapes : W8X10","Module 7 structural model",605905,{"v":0.0662146924596445,"d":"0.07"},"TON",{"v":1800,"d":"1,800.00"},{"v":119.18644642736,"d":"119.19"},1,"",{"v":0.0100242121200498,"d":"0.01"},{"v":2.558,"d":"2.56"},"",{"v":0.32833333333332,"d":"0.33"},{"v":0.657499999999974,"d":"0.66"},"",536]
["Structural Framing","Structural Framing : W Shapes : W8X10","Module 7 structural model",605906,{"v":0.082583806166436,"d":"0.08"},"TON",{"v":1800,"d":"1,800.00"},{"v":148.650851099585,"d":"148.65"},1,"",{"v":0.0125023247853634,"d":"0.01"},{"v":2.558,"d":"2.56"},"",{"v":0.32833333333332,"d":"0.33"},{"v":0.657499999999974,"d":"0.66"},"",536]
["Structural Framing","Structural Framing : W Shapes : W8X10","Module 7 structural model",605907,{"v":0.0538145586578095,"d":"0.05"},"TON",{"v":1800,"d":"1,800.00"},{"v":96.8662055840571,"d":"96.87"},1,"",{"v":0.00814696151404039,"d":"0.01"},{"v":2.558,"d":"2.56"},"",{"v":0.32833333333332,"d":"0.33"},{"v":0.657499999999974,"d":"0.66"},"",536]
["Structural Framing","Structural Framing : W Shapes : W8X10","Module 7 structural model",605908,{"v":0.0250453111491832,"d":"0.03"},"TON",{"v":1800,"d":"1,800.00"},{"v":45.0815600685297,"d":"45.08"},1,"",{"v":0.00379159824271738,"d":"0.00"},{"v":2.558,"d":"2.56"},"",{"v":0.32833333333332,"d":"0.33"},{"v":0.657499999999974,"d":"0.66"},"",536]
["Structural Framing","Structural Framing : W Shapes : W8X10","Module 7 structural model",605909,{"v":0.072613433845401,"d":"0.07"},"TON",{"v":1800,"d":"1,800.00"},{"v":130.704180921722,"d":"130.70"},1,"",{"v":0.0109929146627861,"d":"0.01"},{"v":2.558,"d":"2.56"},"",{"v":0.32833333333332,"d":"0.33"},{"v":0.657499999999974,"d":"0.66"},"",536]
["Structural Framing","Structural Framing : W Shapes : W8X10","Module 7 structural model",605910,{"v":0.00982661366633625,"d":"0.01"},"TON",{"v":1800,"d":"1,800.00"},{"v":17.6879045994052,"d":"17.69"},1,"",{"v":0.00148764656534756,"d":"0.00"},{"v":2.558,"d":"2.56"},"",{"v":0.32833333333332,"d":"0.33"},{"v":0.657499999999974,"d":"0.66"},"",536]
["Structural Framing","Structural Framing : W Shapes : W8X10","Module 7 structural model",605911,{"v":0.0438441863367743,"d":"0.04"},"TON",{"v":1800,"d":"1,800.00"},{"v":78.9195354061938,"d":"78.92"},1,"",{"v":0.00663755139146309,"d":"0.01"},{"v":2.558,"d":"2.56"},"",{"v":0.32833333333332,"d":"0.33"},{"v":0.657499999999974,"d":"0.66"},"",536]
["Structural Framing","Structural Framing : W Shapes : W8X10","Module 7 structural model",605912,{"v":0.0150749388281478,"d":"0.02"},"TON",{"v":1800,"d":"1,800.00"},{"v":27.134889890666,"d":"27.13"},1,"",{"v":0.00228218812014006,"d":"0.00"},{"v":2.558,"d":"2.56"},"",{"v":0.32833333333332,"d":"0.33"},{"v":0.657499999999974,"d":"0.66"},"",536]
["Structural Framing","Structural Framing : W Shapes : W8X10","Module 7 structural model",605928,{"v":0.0686593082550335,"d":"0.07"},"TON",{"v":1800,"d":"1,800.00"},{"v":123.58675485906,"d":"123.59"},1,"",{"v":0.010394301391399,"d":"0.01"},{"v":2.558,"d":"2.56"},"",{"v":0.32833333333332,"d":"0.33"},{"v":0.657499999999974,"d":"0.66"},"",536]
["Structural Framing","Structural Framing : W Shapes : W8X10","Module 7 structural model",605929,{"v":0.0827253208645605,"d":"0.08"},"TON",{"v":1800,"d":"1,800.00"},{"v":148.905577556209,"d":"148.91"},1,"",{"v":0.0125237486310298,"d":"0.01"},{"v":2.558,"d":"2.56"},"",{"v":0.32833333333332,"d":"0.33"},{"v":0.657499999999974,"d":"0.66"},"",536]
["Structural Framing","Structural Framing : W Shapes : W8X10","Module 7 structural model",605930,{"v":0.0967913334740875,"d":"0.10"},"TON",{"v":1800,"d":"1,800.00"},{"v":174.224400253358,"d":"174.22"},1,"",{"v":0.0146531958706606,"d":"0.01"},{"v":2.558,"d":"2.56"},"",{"v":0.32833333333332,"d":"0.33"},{"v":0.657499999999974,"d":"0.66"},"",536]
["Structural Framing","Structural Framing : W Shapes : W8X10","Module 7 structural model",605943,{"v":0.0067359618681271,"d":"0.01"},"TON",{"v":1800,"d":"1,800.00"},{"v":12.1247313626288,"d":"12.12"},1,"",{"v":0.00101975419790442,"d":"0.00"},{"v":2.558,"d":"2.56"},"",{"v":0.32833333333332,"d":"0.33"},{"v":0.657499999999974,"d":"0.66"},"",536]
["Structural Framing","Structural Framing : W Shapes : W8X10","Module 7 structural model",605944,{"v":0.0243518434634282,"d":"0.02"},"TON",{"v":1800,"d":"1,800.00"},{"v":43.8333182341708,"d":"43.83"},1,"",{"v":0.00368661448575672,"d":"0.00"},{"v":2.558,"d":"2.56"},"",{"v":0.32833333333332,"d":"0.33"},{"v":0.657499999999974,"d":"0.66"},"",536]
["Structural Framing","Structural Framing : W Shapes : W8X10","Module 7 structural model",605945,{"v":0.0355536939732234,"d":"0.04"},"TON",{"v":1800,"d":"1,800.00"},{"v":63.996649151802,"d":"64.00"},1,"",{"v":0.0053824575301945,"d":"0.01"},{"v":2.558,"d":"2.56"},"",{"v":0.32833333333332,"d":"0.33"},{"v":0.657499999999974,"d":"0.66"},"",536]
["Structural Framing","Structural Framing : W Shapes : W8X10","Module 7 structural model",605946,{"v":0.0467555444830185,"d":"0.05"},"TON",{"v":1800,"d":"1,800.00"},{"v":84.1599800694334,"d":"84.16"},1,"",{"v":0.00707830057463227,"d":"0.01"},{"v":2.558,"d":"2.56"},"",{"v":0.32833333333332,"d":"0.33"},{"v":0.657499999999974,"d":"0.66"},"",536]
["Structural Framing","Structural Framing : W Shapes : W8X10","Module 7 structural model",605947,{"v":0.057957394992814,"d":"0.06"},"TON",{"v":1800,"d":"1,800.00"},{"v":104.323310987065,"d":"104.32"},1,"",{"v":0.00877414361907007,"d":"0.01"},{"v":2.558,"d":"2.56"},"",{"v":0.32833333333332,"d":"0.33"},{"v":0.657499999999974,"d":"0.66"},"",536]
["Structural Framing","Structural Framing : W Shapes : W8X10","Module 7 structural model",605948,{"v":0.0480000796663729,"d":"0.05"},"TON",{"v":1800,"d":"1,800.00"},{"v":86.4001433994712,"d":"86.40"},1,"",{"v":0.00726671018895484,"d":"0.01"},{"v":2.558,"d":"2.56"},"",{"v":0.32833333333332,"d":"0.33"},{"v":0.657499999999974,"d":"0.66"},"",536]
["Structural Framing","Structural Framing : W Shapes : W8X10","Module 7 structural model",605966,{"v":0.0116685553293626,"d":"0.01"},"TON",{"v":1800,"d":"1,800.00"},{"v":21.0033995928527,"d":"21.00"},1,"",{"v":0.00176649727441317,"d":"0.00"},{"v":2.558,"d":"2.56"},"",{"v":0.32833333333332,"d":"0.33"},{"v":0.657499999999974,"d":"0.66"},"",536]
["Structural Framing","Structural Framing : W Shapes : W8X10","Module 7 structural model",605967,{"v":0.0966679522376915,"d":"0.10"},"TON",{"v":1800,"d":"1,800.00"},{"v":174.002314027845,"d":"174.00"},1,"",{"v":0.0146345172415026,"d":"0.01"},{"v":2.558,"d":"2.56"},"",{"v":0.32833333333332,"d":"0.33"},{"v":0.657499999999974,"d":"0.66"},"",536]
["Structural Framing","Structural Framing : W Shapes : W8X10","Module 7 structural model",605968,{"v":0.0985293754815005,"d":"0.10"},"TON",{"v":1800,"d":"1,800.00"},{"v":177.352875866701,"d":"177.35"},1,"",{"v":0.0149163172582059,"d":"0.01"},{"v":2.558,"d":"2.56"},"",{"v":0.32833333333332,"d":"0.33"},{"v":0.657499999999974,"d":"0.66"},"",536]
["Structural Framing","Structural Framing : W Shapes : W8X10","Module 7 structural model",605969,{"v":0.046288274995781,"d":"0.05"},"TON",{"v":1800,"d":"1,800.00"},{"v":83.3188949924057,"d":"83.32"},1,"",{"v":0.00701016030485171,"d":"0.01"},{"v":2.558,"d":"2.56"},"",{"v":0.32833333333332,"d":"0.33"},{"v":0.657499999999974,"d":"0.66"},"",536]
["Structural Framing","Structural Framing : W Shapes : W8X10","Module 7 structural model",605970,{"v":0.0326171555564363,"d":"0.03"},"TON",{"v":1800,"d":"1,800.00"},{"v":58.7108800015854,"d":"58.71"},1,"",{"v":0.00493789631734147,"d":"0.00"},{"v":2.558,"d":"2.56"},"",{"v":0.32833333333332,"d":"0.33"},{"v":0.657499999999974,"d":"0.66"},"",536]
["Structural Framing","Structural Framing : W Shapes : W8X10","Module 7 structural model",605971,{"v":0.0807008994752715,"d":"0.08"},"TON",{"v":1800,"d":"1,800.00"},{"v":145.261619055489,"d":"145.26"},1,"",{"v":0.0122172723993541,"d":"0.01"},{"v":2.558,"d":"2.56"},"",{"v":0.32833333333332,"d":"0.33"},{"v":0.657499999999974,"d":"0.66"},"",536]
["Structural Framing","Structural Framing : W Shapes : W8X10","Module 7 structural model",605972,{"v":0.063787454125157,"d":"0.06"},"TON",{"v":1800,"d":"1,800.00"},{"v":114.817417425283,"d":"114.82"},1,"",{"v":0.00965675361458822,"d":"0.01"},{"v":2.558,"d":"2.56"},"",{"v":0.32833333333332,"d":"0.33"},{"v":0.657499999999974,"d":"0.66"},"",536]
["Structural Framing","Structural Framing : W Shapes : W8X10","Module 7 structural model",605973,{"v":0.0103598364929029,"d":"0.01"},"TON",{"v":1800,"d":"1,800.00"},{"v":18.6477056872251,"d":"18.65"},1,"",{"v":0.00156895271111142,"d":"0.00"},{"v":2.558,"d":"2.56"},"",{"v":0.32833333333332,"d":"0.33"},{"v":0.657499999999974,"d":"0.66"},"",536]
["Structural Framing","Structural Framing : W Shapes : W8X10","Module 7 structural model",605974,{"v":0.0707962995002675,"d":"0.07"},"TON",{"v":1800,"d":"1,800.00"},{"v":127.433339100482,"d":"127.43"},1,"",{"v":0.0107217952825506,"d":"0.01"},{"v":2.558,"d":"2.56"},"",{"v":0.32833333333332,"d":"0.33"},{"v":0.657499999999974,"d":"0.66"},"",536]
["Structural Framing","Structural Framing : W Shapes : W8X10","Module 7 structural model",605975,{"v":0.0744869848218235,"d":"0.07"},"TON",{"v":1800,"d":"1,800.00"},{"v":134.076572679282,"d":"134.08"},1,"",{"v":0.0112807337122335,"d":"0.01"},{"v":2.558,"d":"2.56"},"",{"v":0.32833333333332,"d":"0.33"},{"v":0.657499999999974,"d":"0.66"},"",536]
["Structural Framing","Structural Framing : W Shapes : W8X10","Module 7 structural model",605976,{"v":0.073856011629523,"d":"0.07"},"TON",{"v":1800,"d":"1,800.00"},{"v":132.940820933141,"d":"132.94"},1,"",{"v":0.0111810279473308,"d":"0.01"},{"v":2.558,"d":"2.56"},"",{"v":0.32833333333332,"d":"0.33"},{"v":0.657499999999974,"d":"0.66"},"",536]
["Structural Framing","Structural Framing : W Shapes : W8X10","Module 7 structural model",605977,{"v":0.0996072597498355,"d":"0.10"},"TON",{"v":1800,"d":"1,800.00"},{"v":179.293067549704,"d":"179.29"},1,"",{"v":0.0150794976664399,"d":"0.02"},{"v":2.558,"d":"2.56"},"",{"v":0.32833333333332,"d":"0.33"},{"v":0.657499999999974,"d":"0.66"},"",536]
["Structural Framing","Structural Framing : W Shapes : W8X10","Module 7 structural model",605978,{"v":0.0088078545722331,"d":"0.01"},"TON",{"v":1800,"d":"1,800.00"},{"v":15.8541382300196,"d":"15.85"},1,"",{"v":0.00133341709029949,"d":"0.00"},{"v":2.558,"d":"2.56"},"",{"v":0.32833333333332,"d":"0.33"},{"v":0.657499999999974,"d":"0.66"},"",536]
["Structural Framing","Structural Framing : W Shapes : W8X10","Module 7 structural model",605979,{"v":0.0184148030735148,"d":"0.02"},"TON",{"v":1800,"d":"1,800.00"},{"v":33.1466455323266,"d":"33.15"},1,"",{"v":0.00278884278015071,"d":"0.00"},{"v":2.558,"d":"2.56"},"",{"v":0.32833333333332,"d":"0.33"},{"v":0.657499999999974,"d":"0.66"},"",536]
["Structural Framing","Structural Framing : W Shapes : W8X10","Module 7 structural model",605980,{"v":0.100264179143468,"d":"0.10"},"TON",{"v":1800,"d":"1,800.00"},{"v":180.475522458243,"d":"180.48"},1,"",{"v":0.0151845790039518,"d":"0.02"},{"v":2.558,"d":"2.56"},"",{"v":0.32833333333332,"d":"0.33"},{"v":0.657499999999974,"d":"0.66"},"",536]
["Structural Framing","Structural Framing : W Shapes : W8X10","Module 7 structural model",605981,{"v":0.0961211276121235,"d":"0.10"},"TON",{"v":1800,"d":"1,800.00"},{"v":173.018029701822,"d":"173.02"},1,"",{"v":0.0145517337106042,"d":"0.01"},{"v":2.558,"d":"2.56"},"",{"v":0.32833333333332,"d":"0.33"},{"v":0.657499999999974,"d":"0.66"},"",536]
["Structural Framing","Structural Framing : W Shapes : W8X10","Module 7 structural model",605982,{"v":0.0439726467335791,"d":"0.04"},"TON",{"v":1800,"d":"1,800.00"},{"v":79.1507641204424,"d":"79.15"},1,"",{"v":0.00665699895240105,"d":"0.01"},{"v":2.558,"d":"2.56"},"",{"v":0.32833333333332,"d":"0.33"},{"v":0.657499999999974,"d":"0.66"},"",536]
["Structural Framing","Structural Framing : W Shapes : W8X10","Module 7 structural model",605983,{"v":0.0243240339919158,"d":"0.02"},"TON",{"v":1800,"d":"1,800.00"},{"v":43.7832611854484,"d":"43.78"},1,"",{"v":0.00368377040534635,"d":"0.00"},{"v":2.558,"d":"2.56"},"",{"v":0.32833333333332,"d":"0.33"},{"v":0.657499999999974,"d":"0.66"},"",536]
["Structural Framing","Structural Framing : W Shapes : W8X10","Module 7 structural model",605984,{"v":0.0040478238609551,"d":"0.00"},"TON",{"v":1800,"d":"1,800.00"},{"v":7.28608294971919,"d":"7.29"},1,"",{"v":0.000612798209876797,"d":"0.00"},{"v":2.558,"d":"2.56"},"",{"v":0.32833333333332,"d":"0.33"},{"v":0.657499999999974,"d":"0.66"},"",536]
["Structural Framing","Structural Framing : W Shapes : W8X10","Module 7 structural model",605985,{"v":0.0434833932552942,"d":"0.04"},"TON",{"v":1800,"d":"1,800.00"},{"v":78.2701078595296,"d":"78.27"},1,"",{"v":0.00658293109125693,"d":"0.01"},{"v":2.558,"d":"2.56"},"",{"v":0.32833333333332,"d":"0.33"},{"v":0.657499999999974,"d":"0.66"},"",536]
["Structural Framing","Structural Framing : W Shapes : W8X10","Module 7 structural model",605986,{"v":0.134260452273535,"d":"0.13"},"TON",{"v":1800,"d":"1,800.00"},{"v":241.668814092363,"d":"241.67"},1,"",{"v":0.0203331684562701,"d":"0.02"},{"v":2.558,"d":"2.56"},"",{"v":0.32833333333332,"d":"0.33"},{"v":0.657499999999974,"d":"0.66"},"",536]
["Structural Framing","Structural Framing : W Shapes : W8X10","Module 7 structural model",605987,{"v":0.014126671666653,"d":"0.01"},"TON",{"v":1800,"d":"1,800.00"},{"v":25.4280089999755,"d":"25.43"},1,"",{"v":0.0021386303866492,"d":"0.00"},{"v":2.558,"d":"2.56"},"",{"v":0.32833333333332,"d":"0.33"},{"v":0.657499999999974,"d":"0.66"},"",536]
["Structural Framing","Structural Framing : W Shapes : W8X10","Module 7 structural model",605988,{"v":0.11835782884929,"d":"0.12"},"TON",{"v":1800,"d":"1,800.00"},{"v":213.044091928723,"d":"213.04"},1,"",{"v":0.0179181377785138,"d":"0.02"},{"v":2.558,"d":"2.56"},"",{"v":0.32833333333332,"d":"0.33"},{"v":0.657499999999974,"d":"0.66"},"",536]
["Structural Framing","Structural Framing : W Shapes : W8X10","Module 7 structural model",605989,{"v":0.105454194074116,"d":"0.11"},"TON",{"v":1800,"d":"1,800.00"},{"v":189.81754933341,"d":"189.82"},1,"",{"v":0.0159705844589344,"d":"0.02"},{"v":2.558,"d":"2.56"},"",{"v":0.32833333333332,"d":"0.33"},{"v":0.657499999999974,"d":"0.66"},"",536]
["Structural Framing","Structural Framing : W Shapes : W8X10","Module 7 structural model",605990,{"v":0.0630540031276075,"d":"0.06"},"TON",{"v":1800,"d":"1,800.00"},{"v":113.497205629694,"d":"113.50"},1,"",{"v":0.00954571680227376,"d":"0.01"},{"v":2.558,"d":"2.56"},"",{"v":0.32833333333332,"d":"0.33"},{"v":0.657499999999974,"d":"0.66"},"",536]
["Structural Framing","Structural Framing : W Shapes : W8X10","Module 7 structural model",605991,{"v":0.0313290704456385,"d":"0.03"},"TON",{"v":1800,"d":"1,800.00"},{"v":56.3923268021493,"d":"56.39"},1,"",{"v":0.00474465306918297,"d":"0.00"},{"v":2.558,"d":"2.56"},"",{"v":0.32833333333332,"d":"0.33"},{"v":0.657499999999974,"d":"0.66"},"",536]
["Structural Framing","Structural Framing : W Shapes : W8X10","Module 7 structural model",605992,{"v":0.058535981079361,"d":"0.06"},"TON",{"v":1800,"d":"1,800.00"},{"v":105.36476594285,"d":"105.36"},1,"",{"v":0.00886502275156049,"d":"0.01"},{"v":2.558,"d":"2.56"},"",{"v":0.32833333333332,"d":"0.33"},{"v":0.657499999999974,"d":"0.66"},"",536]
["Structural Framing","Structural Framing : W Shapes : W8X10","Module 7 structural model",605993,{"v":0.0402669765710597,"d":"0.04"},"TON",{"v":1800,"d":"1,800.00"},{"v":72.4805578279074,"d":"72.48"},1,"",{"v":0.00609599923502452,"d":"0.01"},{"v":2.558,"d":"2.56"},"",{"v":0.32833333333332,"d":"0.33"},{"v":0.657499999999974,"d":"0.66"},"",536]
["Structural Framing","Structural Framing : W Shapes : W8X10","Module 7 structural model",605994,{"v":0.0398750692641708,"d":"0.04"},"TON",{"v":1800,"d":"1,800.00"},{"v":71.7751246755075,"d":"71.78"},1,"",{"v":0.00603666856641126,"d":"0.01"},{"v":2.558,"d":"2.56"},"",{"v":0.32833333333332,"d":"0.33"},{"v":0.657499999999974,"d":"0.66"},"",536]
["Structural Framing","Structural Framing : W Shapes : W8X10","Module 7 structural model",605995,{"v":0.072355318474764,"d":"0.07"},"TON",{"v":1800,"d":"1,800.00"},{"v":130.239573254575,"d":"130.24"},1,"",{"v":0.0109579020057007,"d":"0.01"},{"v":2.558,"d":"2.56"},"",{"v":0.32833333333332,"d":"0.33"},{"v":0.657499999999974,"d":"0.66"},"",536]
["Structural Framing","Structural Framing : W Shapes : W8X10","Module 7 structural model",605996,{"v":0.0161711833919892,"d":"0.02"},"TON",{"v":1800,"d":"1,800.00"},{"v":29.1081301055805,"d":"29.11"},1,"",{"v":0.00244814808514473,"d":"0.00"},{"v":2.558,"d":"2.56"},"",{"v":0.32833333333332,"d":"0.33"},{"v":0.657499999999974,"d":"0.66"},"",536]
["Structural Framing","Structural Framing : W Shapes : W8X10","Module 7 structural model",606006,{"v":0.0479011230044255,"d":"0.05"},"TON",{"v":1800,"d":"1,800.00"},{"v":86.2220214079659,"d":"86.22"},1,"",{"v":0.00725172918499325,"d":"0.01"},{"v":2.558,"d":"2.56"},"",{"v":0.32833333333332,"d":"0.33"},{"v":0.657499999999974,"d":"0.66"},"",536]
["Structural Framing","Structural Framing : W Shapes : W8X10","Module 7 structural model",606007,{"v":0.0409771790711418,"d":"0.04"},"TON",{"v":1800,"d":"1,800.00"},{"v":73.7589223280553,"d":"73.76"},1,"",{"v":0.0062058176537255,"d":"0.01"},{"v":2.558,"d":"2.56"},"",{"v":0.32833333333332,"d":"0.33"},{"v":0.657499999999974,"d":"0.66"},"",536]
["Structural Framing","Structural Framing : W Shapes : W8X10","Module 7 structural model",606008,{"v":0.0340532351378582,"d":"0.03"},"TON",{"v":1800,"d":"1,800.00"},{"v":61.2958232481448,"d":"61.30"},1,"",{"v":0.0051572161035803,"d":"0.01"},{"v":2.558,"d":"2.56"},"",{"v":0.32833333333332,"d":"0.33"},{"v":0.657499999999974,"d":"0.66"},"",536]
["Structural Framing","Structural Framing : W Shapes : W8X10","Module 7 structural model",606009,{"v":0.0271292912045745,"d":"0.03"},"TON",{"v":1800,"d":"1,800.00"},{"v":48.8327241682341,"d":"48.83"},1,"",{"v":0.00410861455343507,"d":"0.00"},{"v":2.558,"d":"2.56"},"",{"v":0.32833333333332,"d":"0.33"},{"v":0.657499999999974,"d":"0.66"},"",536]
["Structural Framing","Structural Framing : W Shapes : W8X10","Module 7 structural model",606010,{"v":0.0202053472712909,"d":"0.02"},"TON",{"v":1800,"d":"1,800.00"},{"v":36.3696250883235,"d":"36.37"},1,"",{"v":0.00306001300328987,"d":"0.00"},{"v":2.558,"d":"2.56"},"",{"v":0.32833333333332,"d":"0.33"},{"v":0.657499999999974,"d":"0.66"},"",536]
["Structural Framing","Structural Framing : W Shapes : W8X10","Module 7 structural model",606022,{"v":0.000209330579148512,"d":"0.00"},"TON",{"v":1800,"d":"1,800.00"},{"v":0.376795042467322,"d":"0.38"},1,"",{"v":0.0000316904609936276,"d":"0.00"},{"v":2.558,"d":"2.56"},"",{"v":0.32833333333332,"d":"0.33"},{"v":0.657499999999974,"d":"0.66"},"",536]
["Structural Framing","Structural Framing : W Shapes : W8X10","Module 7 structural model",606023,{"v":0.0000799727185390545,"d":"0.00"},"TON",{"v":1800,"d":"1,800.00"},{"v":0.143950893370298,"d":"0.14"},1,"",{"v":0.000012107033419227,"d":"0.00"},{"v":2.558,"d":"2.56"},"",{"v":0.32833333333332,"d":"0.33"},{"v":0.657499999999974,"d":"0.66"},"",536]
["Structural Framing","Structural Framing : W Shapes : W8X10","Module 7 structural model",606024,{"v":0.06048576462098,"d":"0.06"},"TON",{"v":1800,"d":"1,800.00"},{"v":108.874376317764,"d":"108.87"},1,"",{"v":0.00916030908892684,"d":"0.01"},{"v":2.558,"d":"2.56"},"",{"v":0.32833333333332,"d":"0.33"},{"v":0.657499999999974,"d":"0.66"},"",536]
["Structural Framing","Structural Framing : W Shapes : W8X10","Module 7 structural model",606025,{"v":0.100841469695827,"d":"0.10"},"TON",{"v":1800,"d":"1,800.00"},{"v":181.514645452488,"d":"181.51"},1,"",{"v":0.0152663441477829,"d":"0.02"},{"v":2.558,"d":"2.56"},"",{"v":0.32833333333332,"d":"0.33"},{"v":0.657499999999974,"d":"0.66"},"",536]
["Structural Framing","Structural Framing : W Shapes : W8X10","Module 7 structural model",606026,{"v":0.100841469695827,"d":"0.10"},"TON",{"v":1800,"d":"1,800.00"},{"v":181.514645452488,"d":"181.51"},1,"",{"v":0.0152663441477829,"d":"0.02"},{"v":2.558,"d":"2.56"},"",{"v":0.32833333333332,"d":"0.33"},{"v":0.657499999999974,"d":"0.66"},"",536]
["Structural Framing","Structural Framing : W Shapes : W8X10","Module 7 structural model",606027,{"v":0.0805782415170605,"d":"0.08"},"TON",{"v":1800,"d":"1,800.00"},{"v":145.040834730709,"d":"145.04"},1,"",{"v":0.0122032283589988,"d":"0.01"},{"v":2.558,"d":"2.56"},"",{"v":0.32833333333332,"d":"0.33"},{"v":0.657499999999974,"d":"0.66"},"",536]
["Structural Framing","Structural Framing : W Shapes : W8X10","Module 7 structural model",606036,{"v":0.0763412543465535,"d":"0.08"},"TON",{"v":1800,"d":"1,800.00"},{"v":137.414257823796,"d":"137.41"},1,"",{"v":0.0115572677098353,"d":"0.01"},{"v":2.558,"d":"2.56"},"",{"v":0.32833333333332,"d":"0.33"},{"v":0.657499999999974,"d":"0.66"},"",536]
["Structural Framing","Structural Framing : W Shapes : W8X10","Module 7 structural model",606037,{"v":0.073558872350607,"d":"0.07"},"TON",{"v":1800,"d":"1,800.00"},{"v":132.405970231093,"d":"132.41"},1,"",{"v":0.0111360441672903,"d":"0.01"},{"v":2.558,"d":"2.56"},"",{"v":0.32833333333332,"d":"0.33"},{"v":0.657499999999974,"d":"0.66"},"",536]
["Structural Framing","Structural Framing : W Shapes : W8X10","Module 7 structural model",606038,{"v":0.068939236773433,"d":"0.07"},"TON",{"v":1800,"d":"1,800.00"},{"v":124.090626192179,"d":"124.09"},1,"",{"v":0.0104366796422472,"d":"0.01"},{"v":2.558,"d":"2.56"},"",{"v":0.32833333333332,"d":"0.33"},{"v":0.657499999999974,"d":"0.66"},"",536]
["Structural Framing","Structural Framing : W Shapes : W8X10","Module 7 structural model",606050,{"v":0.0294285941652714,"d":"0.03"},"TON",{"v":1800,"d":"1,800.00"},{"v":52.9714694974884,"d":"52.97"},1,"",{"v":0.00445518146123432,"d":"0.00"},{"v":2.558,"d":"2.56"},"",{"v":0.32833333333332,"d":"0.33"},{"v":0.657499999999974,"d":"0.66"},"",536]
["Structural Framing","Structural Framing : W Shapes : W8X10","Module 7 structural model",606051,{"v":0.0269800481924859,"d":"0.03"},"TON",{"v":1800,"d":"1,800.00"},{"v":48.5640867464746,"d":"48.56"},1,"",{"v":0.00408449720211984,"d":"0.00"},{"v":2.558,"d":"2.56"},"",{"v":0.32833333333332,"d":"0.33"},{"v":0.657499999999974,"d":"0.66"},"",536]
["Structural Framing","Structural Framing : W Shapes : W8X10","Module 7 structural model",606052,{"v":0.0245315022197004,"d":"0.02"},"TON",{"v":1800,"d":"1,800.00"},{"v":44.1567039954608,"d":"44.16"},1,"",{"v":0.00371381294300541,"d":"0.00"},{"v":2.558,"d":"2.56"},"",{"v":0.32833333333332,"d":"0.33"},{"v":0.657499999999974,"d":"0.66"},"",536]
["Structural Framing","Structural Framing : W Shapes : W8X10","Module 7 structural model",606053,{"v":0.0192193418811886,"d":"0.02"},"TON",{"v":1800,"d":"1,800.00"},{"v":34.5948153861396,"d":"34.59"},1,"",{"v":0.0029096074098994,"d":"0.00"},{"v":2.558,"d":"2.56"},"",{"v":0.32833333333332,"d":"0.33"},{"v":0.657499999999974,"d":"0.66"},"",536]
["Structural Framing","Structural Framing : W Shapes : W8X10","Module 7 structural model",606054,{"v":0.0167707959084032,"d":"0.02"},"TON",{"v":1800,"d":"1,800.00"},{"v":30.1874326351258,"d":"30.19"},1,"",{"v":0.00253892315078494,"d":"0.00"},{"v":2.558,"d":"2.56"},"",{"v":0.32833333333332,"d":"0.33"},{"v":0.657499999999974,"d":"0.66"},"",536]
["Structural Framing","Structural Framing : W Shapes : W8X10","Module 7 structural model",606055,{"v":0.0143222499356178,"d":"0.01"},"TON",{"v":1800,"d":"1,800.00"},{"v":25.780049884112,"d":"25.78"},1,"",{"v":0.00216823889167049,"d":"0.00"},{"v":2.558,"d":"2.56"},"",{"v":0.32833333333332,"d":"0.33"},{"v":0.657499999999974,"d":"0.66"},"",536]
["Structural Framing","Structural Framing : W Shapes : W8X10","Module 7 structural model",606056,{"v":0.016967175259133,"d":"0.02"},"TON",{"v":1800,"d":"1,800.00"},{"v":30.5409154664395,"d":"30.54"},1,"",{"v":0.00256865293120963,"d":"0.00"},{"v":2.558,"d":"2.56"},"",{"v":0.32833333333332,"d":"0.33"},{"v":0.657499999999974,"d":"0.66"},"",536]
["Structural Framing","Structural Framing : W Shapes : W8X10","Module 7 structural model",606057,{"v":0.0145186292863476,"d":"0.01"},"TON",{"v":1800,"d":"1,800.00"},{"v":26.1335327154256,"d":"26.13"},1,"",{"v":0.00219796867209517,"d":"0.00"},{"v":2.558,"d":"2.56"},"",{"v":0.32833333333332,"d":"0.33"},{"v":0.657499999999974,"d":"0.66"},"",536]
["Structural Framing","Structural Framing : W Shapes : W8X10","Module 7 structural model",606058,{"v":0.0120700833135621,"d":"0.01"},"TON",{"v":1800,"d":"1,800.00"},{"v":21.7261499644118,"d":"21.73"},1,"",{"v":0.00182728441298071,"d":"0.00"},{"v":2.558,"d":"2.56"},"",{"v":0.32833333333332,"d":"0.33"},{"v":0.657499999999974,"d":"0.66"},"",536]
["Structural Framing","Structural Framing : W Shapes : W8X10","Module 7 structural model",606070,{"v":0.096937118399288,"d":"0.10"},"TON",{"v":1800,"d":"1,800.00"},{"v":174.486813118718,"d":"174.49"},1,"",{"v":0.0146752661840583,"d":"0.01"},{"v":2.558,"d":"2.56"},"",{"v":0.32833333333332,"d":"0.33"},{"v":0.657499999999974,"d":"0.66"},"",536]
["Structural Framing","Structural Framing : W Shapes : W8X10","Module 7 structural model",606071,{"v":0.0753318269450395,"d":"0.08"},"TON",{"v":1800,"d":"1,800.00"},{"v":135.597288501071,"d":"135.60"},1,"",{"v":0.0114044509554762,"d":"0.01"},{"v":2.558,"d":"2.56"},"",{"v":0.32833333333332,"d":"0.33"},{"v":0.657499999999974,"d":"0.66"},"",536]
["Structural Framing","Structural Framing : W Shapes : W8X10","Module 7 structural model",606072,{"v":0.0753318269450395,"d":"0.08"},"TON",{"v":1800,"d":"1,800.00"},{"v":135.597288501071,"d":"135.60"},1,"",{"v":0.0114044509554762,"d":"0.01"},{"v":2.558,"d":"2.56"},"",{"v":0.32833333333332,"d":"0.33"},{"v":0.657499999999974,"d":"0.66"},"",536]
["Structural Framing","Structural Framing : W Shapes : W8X10","Module 7 structural model",606073,{"v":0.0753318269450395,"d":"0.08"},"TON",{"v":1800,"d":"1,800.00"},{"v":135.597288501071,"d":"135.60"},1,"",{"v":0.0114044509554762,"d":"0.01"},{"v":2.558,"d":"2.56"},"",{"v":0.32833333333332,"d":"0.33"},{"v":0.657499999999974,"d":"0.66"},"",536]
["Structural Framing","Structural Framing : W Shapes : W8X10","Module 7 structural model",606074,{"v":0.0753318269450395,"d":"0.08"},"TON",{"v":1800,"d":"1,800.00"},{"v":135.597288501071,"d":"135.60"},1,"",{"v":0.0114044509554762,"d":"0.01"},{"v":2.558,"d":"2.56"},"",{"v":0.32833333333332,"d":"0.33"},{"v":0.657499999999974,"d":"0.66"},"",536]
["Structural Framing","Structural Framing : W Shapes : W8X10","Module 7 structural model",606083,{"v":0.078272900040306,"d":"0.08"},"TON",{"v":1800,"d":"1,800.00"},{"v":140.891220072551,"d":"140.89"},1,"",{"v":0.0118496986712379,"d":"0.01"},{"v":2.558,"d":"2.56"},"",{"v":0.32833333333332,"d":"0.33"},{"v":0.657499999999974,"d":"0.66"},"",536]
["Structural Framing","Structural Framing : W Shapes : W8X10","Module 7 structural model",606084,{"v":0.086411783710734,"d":"0.09"},"TON",{"v":1800,"d":"1,800.00"},{"v":155.541210679321,"d":"155.54"},1,"",{"v":0.0130818405615368,"d":"0.01"},{"v":2.558,"d":"2.56"},"",{"v":0.32833333333332,"d":"0.33"},{"v":0.657499999999974,"d":"0.66"},"",536]
["Structural Framing","Structural Framing : W Shapes : W8X10","Module 7 structural model",606085,{"v":0.094550667381162,"d":"0.09"},"TON",{"v":1800,"d":"1,800.00"},{"v":170.191201286092,"d":"170.19"},1,"",{"v":0.0143139824518356,"d":"0.01"},{"v":2.558,"d":"2.56"},"",{"v":0.32833333333332,"d":"0.33"},{"v":0.657499999999974,"d":"0.66"},"",536]
["Structural Framing","Structural Framing : W Shapes : W8X10","Module 7 structural model",606086,{"v":0.07525103659109,"d":"0.08"},"TON",{"v":1800,"d":"1,800.00"},{"v":135.451865863962,"d":"135.45"},1,"",{"v":0.0113922201406048,"d":"0.01"},{"v":2.558,"d":"2.56"},"",{"v":0.32833333333332,"d":"0.33"},{"v":0.657499999999974,"d":"0.66"},"",536]
["Structural Framing","Structural Framing : W Shapes : W8X10","Module 7 structural model",606087,{"v":0.0217086550520544,"d":"0.02"},"TON",{"v":1800,"d":"1,800.00"},{"v":39.075579093698,"d":"39.08"},1,"",{"v":0.00328646339655524,"d":"0.00"},{"v":2.558,"d":"2.56"},"",{"v":0.32833333333332,"d":"0.33"},{"v":0.657499999999974,"d":"0.66"},"",536]
["Structural Framing","Structural Framing : W Shapes : W8X10","Module 7 structural model",606098,{"v":0.071391425783124,"d":"0.07"},"TON",{"v":1800,"d":"1,800.00"},{"v":128.504566409623,"d":"128.50"},1,"",{"v":0.0108079154190588,"d":"0.01"},{"v":2.558,"d":"2.56"},"",{"v":0.32833333333332,"d":"0.33"},{"v":0.657499999999974,"d":"0.66"},"",536]
["Structural Framing","Structural Framing : W Shapes : W8X10","Module 7 structural model",606099,{"v":0.063179523690765,"d":"0.06"},"TON",{"v":1800,"d":"1,800.00"},{"v":113.723142643377,"d":"113.72"},1,"",{"v":0.00956471930313543,"d":"0.01"},{"v":2.558,"d":"2.56"},"",{"v":0.32833333333332,"d":"0.33"},{"v":0.657499999999974,"d":"0.66"},"",536]
["Structural Framing","Structural Framing : W Shapes : W8X10","Module 7 structural model",606100,{"v":0.0549676215984065,"d":"0.05"},"TON",{"v":1800,"d":"1,800.00"},{"v":98.9417188771317,"d":"98.94"},1,"",{"v":0.00832152318721218,"d":"0.01"},{"v":2.558,"d":"2.56"},"",{"v":0.32833333333332,"d":"0.33"},{"v":0.657499999999974,"d":"0.66"},"",536]
["Structural Framing","Structural Framing : W Shapes : W8X10","Module 7 structural model",606101,{"v":0.048658053664405,"d":"0.05"},"TON",{"v":1800,"d":"1,800.00"},{"v":87.584496595929,"d":"87.58"},1,"",{"v":0.00736632057270422,"d":"0.01"},{"v":2.558,"d":"2.56"},"",{"v":0.32833333333332,"d":"0.33"},{"v":0.657499999999974,"d":"0.66"},"",536]
["Structural Framing","Structural Framing : W Shapes : W8X10","Module 7 structural model",606102,{"v":0.0404461515720462,"d":"0.04"},"TON",{"v":1800,"d":"1,800.00"},{"v":72.8030728296832,"d":"72.80"},1,"",{"v":0.0061231244567809,"d":"0.01"},{"v":2.558,"d":"2.56"},"",{"v":0.32833333333332,"d":"0.33"},{"v":0.657499999999974,"d":"0.66"},"",536]
["Structural Framing","Structural Framing : W Shapes : W8X10","Module 7 structural model",606111,{"v":0.0388795484553654,"d":"0.04"},"TON",{"v":1800,"d":"1,800.00"},{"v":69.9831872196577,"d":"69.98"},1,"",{"v":0.00588595712478566,"d":"0.01"},{"v":2.558,"d":"2.56"},"",{"v":0.32833333333332,"d":"0.33"},{"v":0.657499999999974,"d":"0.66"},"",536]
["Structural Framing","Structural Framing : W Shapes : W8X10","Module 7 structural model",606112,{"v":0.0187351044812044,"d":"0.02"},"TON",{"v":1800,"d":"1,800.00"},{"v":33.723188066168,"d":"33.72"},1,"",{"v":0.00283629893056362,"d":"0.00"},{"v":2.558,"d":"2.56"},"",{"v":0.32833333333332,"d":"0.33"},{"v":0.657499999999974,"d":"0.66"},"",536]
["Structural Framing","Structural Framing : W Shapes : W8X10","Module 7 structural model",606113,{"v":0.0065798521636186,"d":"0.01"},"TON",{"v":1800,"d":"1,800.00"},{"v":11.8437338945135,"d":"11.84"},1,"",{"v":0.000996120820871902,"d":"0.00"},{"v":2.558,"d":"2.56"},"",{"v":0.32833333333332,"d":"0.33"},{"v":0.657499999999974,"d":"0.66"},"",536]
["Structural Framing","Structural Framing : W Shapes : W8X10","Module 7 structural model",606114,{"v":0.0119775396584691,"d":"0.01"},"TON",{"v":1800,"d":"1,800.00"},{"v":21.5595713852444,"d":"21.56"},1,"",{"v":0.00181327427120466,"d":"0.00"},{"v":2.558,"d":"2.56"},"",{"v":0.32833333333332,"d":"0.33"},{"v":0.657499999999974,"d":"0.66"},"",536]
["Structural Framing","Structural Framing : W Shapes : W8X10","Module 7 structural model",606115,{"v":0.0173752271533196,"d":"0.02"},"TON",{"v":1800,"d":"1,800.00"},{"v":31.2754088759754,"d":"31.28"},1,"",{"v":0.00263042772153743,"d":"0.00"},{"v":2.558,"d":"2.56"},"",{"v":0.32833333333332,"d":"0.33"},{"v":0.657499999999974,"d":"0.66"},"",536]
["Structural Framing","Structural Framing : W Shapes : W8X10","Module 7 structural model",606116,{"v":0.0233429023088698,"d":"0.02"},"TON",{"v":1800,"d":"1,800.00"},{"v":42.0172241559656,"d":"42.02"},1,"",{"v":0.0035338713441027,"d":"0.00"},{"v":2.558,"d":"2.56"},"",{"v":0.32833333333332,"d":"0.33"},{"v":0.657499999999974,"d":"0.66"},"",536]
["Structural Framing","Structural Framing : W Shapes : W8X10","Module 7 structural model",606117,{"v":0.0287405898037204,"d":"0.03"},"TON",{"v":1800,"d":"1,800.00"},{"v":51.7330616466966,"d":"51.73"},1,"",{"v":0.00435102479443546,"d":"0.00"},{"v":2.558,"d":"2.56"},"",{"v":0.32833333333332,"d":"0.33"},{"v":0.657499999999974,"d":"0.66"},"",536]
["Structural Framing","Structural Framing : W Shapes : W8X10","Module 7 structural model",606118,{"v":0.0335682896378716,"d":"0.03"},"TON",{"v":1800,"d":"1,800.00"},{"v":60.422921348169,"d":"60.42"},1,"",{"v":0.00508188807253581,"d":"0.01"},{"v":2.558,"d":"2.56"},"",{"v":0.32833333333332,"d":"0.33"},{"v":0.657499999999974,"d":"0.66"},"",536]
["Structural Framing","Structural Framing : W Shapes : W8X10","Module 7 structural model",606119,{"v":0.0389659771327222,"d":"0.04"},"TON",{"v":1800,"d":"1,800.00"},{"v":70.1387588388999,"d":"70.14"},1,"",{"v":0.00589904152286858,"d":"0.01"},{"v":2.558,"d":"2.56"},"",{"v":0.32833333333332,"d":"0.33"},{"v":0.657499999999974,"d":"0.66"},"",536]
["Structural Framing","Structural Framing : W Shapes : W8X10","Module 7 structural model",606128,{"v":0.100382572902569,"d":"0.10"},"TON",{"v":1800,"d":"1,800.00"},{"v":180.688631224624,"d":"180.69"},1,"",{"v":0.0151968719713527,"d":"0.02"},{"v":2.558,"d":"2.56"},"",{"v":0.32833333333332,"d":"0.33"},{"v":0.657499999999974,"d":"0.66"},"",536]
["Structural Framing","Structural Framing : W Shapes : W8X10","Module 7 structural model",606129,{"v":0.102771194684996,"d":"0.10"},"TON",{"v":1800,"d":"1,800.00"},{"v":184.988150432992,"d":"184.99"},1,"",{"v":0.0155584843345938,"d":"0.02"},{"v":2.558,"d":"2.56"},"",{"v":0.32833333333332,"d":"0.33"},{"v":0.657499999999974,"d":"0.66"},"",536]
["Structural Framing","Structural Framing : W Shapes : W8X10","Module 7 structural model",606130,{"v":0.102771194684996,"d":"0.10"},"TON",{"v":1800,"d":"1,800.00"},{"v":184.988150432992,"d":"184.99"},1,"",{"v":0.0155584843345938,"d":"0.02"},{"v":2.558,"d":"2.56"},"",{"v":0.32833333333332,"d":"0.33"},{"v":0.657499999999974,"d":"0.66"},"",536]
["Structural Framing","Structural Framing : W Shapes : W8X10","Module 7 structural model",606131,{"v":0.102771194684996,"d":"0.10"},"TON",{"v":1800,"d":"1,800.00"},{"v":184.988150432992,"d":"184.99"},1,"",{"v":0.0155584843345938,"d":"0.02"},{"v":2.558,"d":"2.56"},"",{"v":0.32833333333332,"d":"0.33"},{"v":0.657499999999974,"d":"0.66"},"",536]
["Structural Framing","Structural Framing : W Shapes : W8X10","Module 7 structural model",606132,{"v":0.102771194684996,"d":"0.10"},"TON",{"v":1800,"d":"1,800.00"},{"v":184.988150432992,"d":"184.99"},1,"",{"v":0.0155584843345938,"d":"0.02"},{"v":2.558,"d":"2.56"},"",{"v":0.32833333333332,"d":"0.33"},{"v":0.657499999999974,"d":"0.66"},"",536]
["Structural Framing","Structural Framing : W Shapes : W8X10","Module 7 structural model",606153,{"v":0.0421716378655745,"d":"0.04"},"TON",{"v":1800,"d":"1,800.00"},{"v":75.9089481580341,"d":"75.91"},1,"",{"v":0.00638434504052232,"d":"0.01"},{"v":2.558,"d":"2.56"},"",{"v":0.32833333333332,"d":"0.33"},{"v":0.657499999999974,"d":"0.66"},"",536]
["Structural Framing","Structural Framing : W Shapes : W8X10","Module 7 structural model",606154,{"v":0.0484186258505756,"d":"0.05"},"TON",{"v":1800,"d":"1,800.00"},{"v":87.153526531036,"d":"87.15"},1,"",{"v":0.00733007370506633,"d":"0.01"},{"v":2.558,"d":"2.56"},"",{"v":0.32833333333332,"d":"0.33"},{"v":0.657499999999974,"d":"0.66"},"",536]
["Structural Framing","Structural Framing : W Shapes : W8X10","Module 7 structural model",606155,{"v":0.0544239616446665,"d":"0.05"},"TON",{"v":1800,"d":"1,800.00"},{"v":97.9631309603997,"d":"97.96"},1,"",{"v":0.00823921875453981,"d":"0.01"},{"v":2.558,"d":"2.56"},"",{"v":0.32833333333332,"d":"0.33"},{"v":0.657499999999974,"d":"0.66"},"",536]
["Structural Framing","Structural Framing : W Shapes : W8X10","Module 7 structural model",606156,{"v":0.0603193270521555,"d":"0.06"},"TON",{"v":1800,"d":"1,800.00"},{"v":108.57478869388,"d":"108.57"},1,"",{"v":0.0091317154372948,"d":"0.01"},{"v":2.558,"d":"2.56"},"",{"v":0.32833333333332,"d":"0.33"},{"v":0.657499999999974,"d":"0.66"},"",536]
["Structural Framing","Structural Framing : W Shapes : W8X10","Module 7 structural model",606157,{"v":0.0662146924596445,"d":"0.07"},"TON",{"v":1800,"d":"1,800.00"},{"v":119.18644642736,"d":"119.19"},1,"",{"v":0.0100242121200498,"d":"0.01"},{"v":2.558,"d":"2.56"},"",{"v":0.32833333333332,"d":"0.33"},{"v":0.657499999999974,"d":"0.66"},"",536]
["Structural Framing","Structural Framing : W Shapes : W8X10","Module 7 structural model",606158,{"v":0.082583806166436,"d":"0.08"},"TON",{"v":1800,"d":"1,800.00"},{"v":148.650851099585,"d":"148.65"},1,"",{"v":0.0125023247853634,"d":"0.01"},{"v":2.558,"d":"2.56"},"",{"v":0.32833333333332,"d":"0.33"},{"v":0.657499999999974,"d":"0.66"},"",536]
["Structural Framing","Structural Framing : W Shapes : W8X10","Module 7 structural model",606159,{"v":0.0538145586578095,"d":"0.05"},"TON",{"v":1800,"d":"1,800.00"},{"v":96.8662055840571,"d":"96.87"},1,"",{"v":0.00814696151404039,"d":"0.01"},{"v":2.558,"d":"2.56"},"",{"v":0.32833333333332,"d":"0.33"},{"v":0.657499999999974,"d":"0.66"},"",536]
["Structural Framing","Structural Framing : W Shapes : W8X10","Module 7 structural model",606160,{"v":0.0250453111491832,"d":"0.03"},"TON",{"v":1800,"d":"1,800.00"},{"v":45.0815600685297,"d":"45.08"},1,"",{"v":0.00379159824271738,"d":"0.00"},{"v":2.558,"d":"2.56"},"",{"v":0.32833333333332,"d":"0.33"},{"v":0.657499999999974,"d":"0.66"},"",536]
["Structural Framing","Structural Framing : W Shapes : W8X10","Module 7 structural model",606161,{"v":0.072613433845401,"d":"0.07"},"TON",{"v":1800,"d":"1,800.00"},{"v":130.704180921722,"d":"130.70"},1,"",{"v":0.0109929146627861,"d":"0.01"},{"v":2.558,"d":"2.56"},"",{"v":0.32833333333332,"d":"0.33"},{"v":0.657499999999974,"d":"0.66"},"",536]
["Structural Framing","Structural Framing : W Shapes : W8X10","Module 7 structural model",606162,{"v":0.00982661366633625,"d":"0.01"},"TON",{"v":1800,"d":"1,800.00"},{"v":17.6879045994052,"d":"17.69"},1,"",{"v":0.00148764656534756,"d":"0.00"},{"v":2.558,"d":"2.56"},"",{"v":0.32833333333332,"d":"0.33"},{"v":0.657499999999974,"d":"0.66"},"",536]
["Structural Framing","Structural Framing : W Shapes : W8X10","Module 7 structural model",606163,{"v":0.0438441863367743,"d":"0.04"},"TON",{"v":1800,"d":"1,800.00"},{"v":78.9195354061938,"d":"78.92"},1,"",{"v":0.00663755139146309,"d":"0.01"},{"v":2.558,"d":"2.56"},"",{"v":0.32833333333332,"d":"0.33"},{"v":0.657499999999974,"d":"0.66"},"",536]
["Structural Framing","Structural Framing : W Shapes : W8X10","Module 7 structural model",606164,{"v":0.0150749388281478,"d":"0.02"},"TON",{"v":1800,"d":"1,800.00"},{"v":27.134889890666,"d":"27.13"},1,"",{"v":0.00228218812014006,"d":"0.00"},{"v":2.558,"d":"2.56"},"",{"v":0.32833333333332,"d":"0.33"},{"v":0.657499999999974,"d":"0.66"},"",536]
["Structural Framing","Structural Framing : W Shapes : W8X10","Module 7 structural model",606173,{"v":0.0686593082550335,"d":"0.07"},"TON",{"v":1800,"d":"1,800.00"},{"v":123.58675485906,"d":"123.59"},1,"",{"v":0.010394301391399,"d":"0.01"},{"v":2.558,"d":"2.56"},"",{"v":0.32833333333332,"d":"0.33"},{"v":0.657499999999974,"d":"0.66"},"",536]
["Structural Framing","Structural Framing : W Shapes : W8X10","Module 7 structural model",606174,{"v":0.0827253208645605,"d":"0.08"},"TON",{"v":1800,"d":"1,800.00"},{"v":148.905577556209,"d":"148.91"},1,"",{"v":0.0125237486310298,"d":"0.01"},{"v":2.558,"d":"2.56"},"",{"v":0.32833333333332,"d":"0.33"},{"v":0.657499999999974,"d":"0.66"},"",536]
["Structural Framing","Structural Framing : W Shapes : W8X10","Module 7 structural model",606175,{"v":0.0967913334740875,"d":"0.10"},"TON",{"v":1800,"d":"1,800.00"},{"v":174.224400253358,"d":"174.22"},1,"",{"v":0.0146531958706606,"d":"0.01"},{"v":2.558,"d":"2.56"},"",{"v":0.32833333333332,"d":"0.33"},{"v":0.657499999999974,"d":"0.66"},"",536]
["Structural Framing","Structural Framing : W Shapes : W8X10","Module 7 structural model",606183,{"v":0.0067359618681271,"d":"0.01"},"TON",{"v":1800,"d":"1,800.00"},{"v":12.1247313626288,"d":"12.12"},1,"",{"v":0.00101975419790442,"d":"0.00"},{"v":2.558,"d":"2.56"},"",{"v":0.32833333333332,"d":"0.33"},{"v":0.657499999999974,"d":"0.66"},"",536]
["Structural Framing","Structural Framing : W Shapes : W8X10","Module 7 structural model",606184,{"v":0.0243518434634282,"d":"0.02"},"TON",{"v":1800,"d":"1,800.00"},{"v":43.8333182341708,"d":"43.83"},1,"",{"v":0.00368661448575672,"d":"0.00"},{"v":2.558,"d":"2.56"},"",{"v":0.32833333333332,"d":"0.33"},{"v":0.657499999999974,"d":"0.66"},"",536]
["Structural Framing","Structural Framing : W Shapes : W8X10","Module 7 structural model",606185,{"v":0.0355536939732234,"d":"0.04"},"TON",{"v":1800,"d":"1,800.00"},{"v":63.996649151802,"d":"64.00"},1,"",{"v":0.0053824575301945,"d":"0.01"},{"v":2.558,"d":"2.56"},"",{"v":0.32833333333332,"d":"0.33"},{"v":0.657499999999974,"d":"0.66"},"",536]
["Structural Framing","Structural Framing : W Shapes : W8X10","Module 7 structural model",606186,{"v":0.0467555444830185,"d":"0.05"},"TON",{"v":1800,"d":"1,800.00"},{"v":84.1599800694334,"d":"84.16"},1,"",{"v":0.00707830057463227,"d":"0.01"},{"v":2.558,"d":"2.56"},"",{"v":0.32833333333332,"d":"0.33"},{"v":0.657499999999974,"d":"0.66"},"",536]
["Structural Framing","Structural Framing : W Shapes : W8X10","Module 7 structural model",606187,{"v":0.057957394992814,"d":"0.06"},"TON",{"v":1800,"d":"1,800.00"},{"v":104.323310987065,"d":"104.32"},1,"",{"v":0.00877414361907007,"d":"0.01"},{"v":2.558,"d":"2.56"},"",{"v":0.32833333333332,"d":"0.33"},{"v":0.657499999999974,"d":"0.66"},"",536]
["Structural Framing","Structural Framing : W Shapes : W8X10","Module 7 structural model",606188,{"v":0.0480000796663729,"d":"0.05"},"TON",{"v":1800,"d":"1,800.00"},{"v":86.4001433994712,"d":"86.40"},1,"",{"v":0.00726671018895484,"d":"0.01"},{"v":2.558,"d":"2.56"},"",{"v":0.32833333333332,"d":"0.33"},{"v":0.657499999999974,"d":"0.66"},"",536]
["Structural Framing","Structural Framing : W Shapes : W8X10","Module 7 structural model",606307,{"v":0.0990677741776795,"d":"0.10"},"TON",{"v":1800,"d":"1,800.00"},{"v":178.321993519823,"d":"178.32"},1,"",{"v":0.0149978251914935,"d":"0.01"},{"v":2.558,"d":"2.56"},"",{"v":0.32833333333332,"d":"0.33"},{"v":0.657499999999974,"d":"0.66"},"",536]
["Structural Framing","Structural Framing : W Shapes : W8X10","Module 7 structural model",606308,{"v":0.10682590707874,"d":"0.11"},"TON",{"v":1800,"d":"1,800.00"},{"v":192.286632741731,"d":"192.29"},1,"",{"v":0.0161723253963107,"d":"0.02"},{"v":2.558,"d":"2.56"},"",{"v":0.32833333333332,"d":"0.33"},{"v":0.657499999999974,"d":"0.66"},"",536]
["Structural Framing","Structural Framing : W Shapes : W8X10","Module 7 structural model",606309,{"v":0.067629267980851,"d":"0.07"},"TON",{"v":1800,"d":"1,800.00"},{"v":121.732682365532,"d":"121.73"},1,"",{"v":0.0102383640636391,"d":"0.01"},{"v":2.558,"d":"2.56"},"",{"v":0.32833333333332,"d":"0.33"},{"v":0.657499999999974,"d":"0.66"},"",536]
["Structural Framing","Structural Framing : W Shapes : W8X10","Module 7 structural model",606310,{"v":0.0181224435657577,"d":"0.02"},"TON",{"v":1800,"d":"1,800.00"},{"v":32.620398418364,"d":"32.62"},1,"",{"v":0.00274354847373949,"d":"0.00"},{"v":2.558,"d":"2.56"},"",{"v":0.32833333333332,"d":"0.33"},{"v":0.657499999999974,"d":"0.66"},"",536]
["Structural Framing","Structural Framing : W Shapes : W8X10","Module 7 structural model",606311,{"v":0.0451762643041885,"d":"0.05"},"TON",{"v":1800,"d":"1,800.00"},{"v":81.3172757475393,"d":"81.32"},1,"",{"v":0.00683921406797469,"d":"0.01"},{"v":2.558,"d":"2.56"},"",{"v":0.32833333333332,"d":"0.33"},{"v":0.657499999999974,"d":"0.66"},"",536]
["Structural Framing","Structural Framing : W Shapes : W8X10","Module 7 structural model",606312,{"v":0.0649544233780145,"d":"0.06"},"TON",{"v":1800,"d":"1,800.00"},{"v":116.917962080426,"d":"116.92"},1,"",{"v":0.0098334205580366,"d":"0.01"},{"v":2.558,"d":"2.56"},"",{"v":0.32833333333332,"d":"0.33"},{"v":0.657499999999974,"d":"0.66"},"",536]
["Structural Framing","Structural Framing : W Shapes : W8X10","Module 7 structural model",606313,{"v":0.084480389926083,"d":"0.08"},"TON",{"v":1800,"d":"1,800.00"},{"v":152.064701866949,"d":"152.06"},1,"",{"v":0.0127894477365382,"d":"0.01"},{"v":2.558,"d":"2.56"},"",{"v":0.32833333333332,"d":"0.33"},{"v":0.657499999999974,"d":"0.66"},"",536]
["Structural Framing","Structural Framing : W Shapes : W8X10","Module 7 structural model",606314,{"v":0.0980890204884445,"d":"0.10"},"TON",{"v":1800,"d":"1,800.00"},{"v":176.5602368792,"d":"176.56"},1,"",{"v":0.0148496521164596,"d":"0.01"},{"v":2.558,"d":"2.56"},"",{"v":0.32833333333332,"d":"0.33"},{"v":0.657499999999974,"d":"0.66"},"",536]
["Walls","","","",{"v":567.305175027112,"d":"567.31"},"CY",{"v":125,"d":"125.00"},{"v":70913.146878389,"d":"70,913.15"},26,"","","","","","","",""]
["Walls","Walls : Basic Wall : Generic - 8\"","Module 7 structural model",732,{"v":567.305175027112,"d":"567.31"},"CY",{"v":125,"d":"125.00"},{"v":70913.146878389,"d":"70,913.15"},26,{"v":23058.3941469705,"d":"23,058.39"},{"v":567.305175027112,"d":"567.31"},"",{"v":501.106984761609,"d":"501.11"},{"v":0.666666666666667,"d":"0.67"},"[multiple values]","",536]
["Walls","Walls : Basic Wall : Generic - 8\"","Module 7 structural model",608787,{"v":42.7235607143416,"d":"42.72"},"CY",{"v":125,"d":"125.00"},{"v":5340.4450892927,"d":"5,340.45"},1,{"v":1734.14148783759,"d":"1,734.14"},{"v":42.7235607143416,"d":"42.72"},"",{"v":28,"d":"28.00"},{"v":0.666666666666667,"d":"0.67"},{"v":72.0000000000004,"d":"72.00"},"",536]
["Walls","Walls : Basic Wall : Generic - 8\"","Module 7 structural model",608813,{"v":45.8923507206311,"d":"45.89"},"CY",{"v":125,"d":"125.00"},{"v":5736.54384007888,"d":"5,736.54"},1,{"v":1862.47748309234,"d":"1,862.48"},{"v":45.8923507206311,"d":"45.89"},"",{"v":30.4575785155357,"d":"30.46"},{"v":0.666666666666667,"d":"0.67"},{"v":72.0000000000004,"d":"72.00"},"",536]
["Walls","Walls : Basic Wall : Generic - 8\"","Module 7 structural model",608839,{"v":76.6046136375361,"d":"76.60"},"CY",{"v":125,"d":"125.00"},{"v":9575.57670469202,"d":"9,575.58"},1,{"v":3121.2847871232,"d":"3,121.28"},{"v":76.6046136375361,"d":"76.60"},"",{"v":51.5704450022971,"d":"51.57"},{"v":0.666666666666667,"d":"0.67"},{"v":72.0000000000004,"d":"72.00"},"",536]
["Walls","Walls : Basic Wall : Generic - 8\"","Module 7 structural model",608889,{"v":41.37071444603,"d":"41.37"},"CY",{"v":125,"d":"125.00"},{"v":5171.33930575375,"d":"5,171.34"},1,{"v":1694.31186986731,"d":"1,694.31"},{"v":41.37071444603,"d":"41.37"},"",{"v":28,"d":"28.00"},{"v":0.666666666666667,"d":"0.67"},{"v":72.0000000000004,"d":"72.00"},"",536]
["Walls","Walls : Basic Wall : Generic - 8\"","Module 7 structural model",608915,{"v":27.739537562314,"d":"27.74"},"CY",{"v":125,"d":"125.00"},{"v":3467.44219528925,"d":"3,467.44"},1,{"v":1123.45127127363,"d":"1,123.45"},{"v":27.739537562314,"d":"27.74"},"",{"v":20.2020131129176,"d":"20.20"},{"v":0.666666666666667,"d":"0.67"},{"v":72.0000000000004,"d":"72.00"},"",536]
["Walls","Walls : Basic Wall : Generic - 8\"","Module 7 structural model",608955,{"v":7.48125328178764,"d":"7.48"},"CY",{"v":125,"d":"125.00"},{"v":935.156660223454,"d":"935.16"},1,{"v":302.990757912376,"d":"302.99"},{"v":7.48125328178764,"d":"7.48"},"",{"v":31.7075760760572,"d":"31.71"},{"v":0.666666666666667,"d":"0.67"},{"v":12,"d":"12.00"},"",536]
["Walls","Walls : Basic Wall : Generic - 8\"","Module 7 structural model",608964,{"v":8.92654178756527,"d":"8.93"},"CY",{"v":125,"d":"125.00"},{"v":1115.81772344566,"d":"1,115.82"},1,{"v":361.524942396365,"d":"361.52"},{"v":8.92654178756527,"d":"8.93"},"",{"v":36.5854247830563,"d":"36.59"},{"v":0.666666666666667,"d":"0.67"},{"v":12,"d":"12.00"},"",536]
["Walls","Walls : Basic Wall : Generic - 8\"","Module 7 structural model",608973,{"v":23.098910633237,"d":"23.10"},"CY",{"v":125,"d":"125.00"},{"v":2887.36382915462,"d":"2,887.36"},1,{"v":935.505880646018,"d":"935.51"},{"v":23.098910633237,"d":"23.10"},"",{"v":15.4145752169437,"d":"15.41"},{"v":0.666666666666667,"d":"0.67"},{"v":72.0000000000004,"d":"72.00"},"",536]
["Walls","Walls : Basic Wall : Generic - 8\"","Module 7 structural model",609012,{"v":44.729678697351,"d":"44.73"},"CY",{"v":125,"d":"125.00"},{"v":5591.20983716887,"d":"5,591.21"},1,{"v":1825.40839370312,"d":"1,825.41"},{"v":44.729678697351,"d":"44.73"},"",{"v":29.3737387097273,"d":"29.37"},{"v":0.666666666666667,"d":"0.67"},{"v":72.0000000000004,"d":"72.00"},"",536]
["Walls","Walls : Basic Wall : Generic - 8\"","Module 7 structural model",609038,{"v":49.7146371544273,"d":"49.71"},"CY",{"v":125,"d":"125.00"},{"v":6214.32964430341,"d":"6,214.33"},1,{"v":2027.29921121469,"d":"2,027.30"},{"v":49.7146371544273,"d":"49.71"},"",{"v":34.8077298288485,"d":"34.81"},{"v":0.666666666666667,"d":"0.67"},{"v":72.0000000000004,"d":"72.00"},"",536]
["Walls","Walls : Basic Wall : Generic - 8\"","Module 7 structural model",609076,{"v":30.4629629629655,"d":"30.46"},"CY",{"v":125,"d":"125.00"},{"v":3807.87037037069,"d":"3,807.87"},1,{"v":1233.75000000001,"d":"1,233.75"},{"v":30.4629629629655,"d":"30.46"},"",{"v":16.46875,"d":"16.47"},{"v":0.666666666666667,"d":"0.67"},{"v":72.0000000000004,"d":"72.00"},"",536]
["Walls","Walls : Basic Wall : Generic - 8\"","Module 7 structural model",609078,{"v":16.4629629629644,"d":"16.46"},"CY",{"v":125,"d":"125.00"},{"v":2057.87037037055,"d":"2,057.87"},1,{"v":666.750000000004,"d":"666.75"},{"v":16.4629629629644,"d":"16.46"},"",{"v":9.26041666666667,"d":"9.26"},{"v":0.666666666666667,"d":"0.67"},{"v":72.0000000000004,"d":"72.00"},"",536]
["Walls","Walls : Basic Wall : Generic - 8\"","Module 7 structural model",609080,{"v":25.5046296296319,"d":"25.50"},"CY",{"v":125,"d":"125.00"},{"v":3188.07870370399,"d":"3,188.08"},1,{"v":1032.93750000001,"d":"1,032.94"},{"v":25.5046296296319,"d":"25.50"},"",{"v":16.46875,"d":"16.47"},{"v":0.666666666666667,"d":"0.67"},{"v":72.0000000000004,"d":"72.00"},"",536]
["Walls","Walls : Basic Wall : Generic - 8\"","Module 7 structural model",609094,{"v":15.277777777779,"d":"15.28"},"CY",{"v":125,"d":"125.00"},{"v":1909.72222222238,"d":"1,909.72"},1,{"v":618.749999999999,"d":"618.75"},{"v":15.277777777779,"d":"15.28"},"",{"v":9.2604166666666,"d":"9.26"},{"v":0.666666666666667,"d":"0.67"},{"v":72.0000000000004,"d":"72.00"},"",536]
["Walls","Walls : Basic Wall : Generic - 8\"","Module 7 structural model",609096,{"v":26.6898148148172,"d":"26.69"},"CY",{"v":125,"d":"125.00"},{"v":3336.22685185215,"d":"3,336.23"},1,{"v":1080.93750000001,"d":"1,080.94"},{"v":26.6898148148172,"d":"26.69"},"",{"v":16.46875,"d":"16.47"},{"v":0.666666666666667,"d":"0.67"},{"v":72.0000000000004,"d":"72.00"},"",536]
["Walls","Walls : Basic Wall : Generic - 8\"","Module 7 structural model",609110,{"v":16.4629629629643,"d":"16.46"},"CY",{"v":125,"d":"125.00"},{"v":2057.87037037054,"d":"2,057.87"},1,666.75,{"v":16.4629629629643,"d":"16.46"},"",{"v":9.2604166666666,"d":"9.26"},{"v":0.666666666666667,"d":"0.67"},{"v":72.0000000000004,"d":"72.00"},"",536]
["Walls","Walls : Basic Wall : Generic - 8\"","Module 7 structural model",609112,{"v":29.2777777777802,"d":"29.28"},"CY",{"v":125,"d":"125.00"},{"v":3659.72222222252,"d":"3,659.72"},1,{"v":1185.75000000001,"d":"1,185.75"},{"v":29.2777777777802,"d":"29.28"},"",{"v":16.46875,"d":"16.47"},{"v":0.666666666666667,"d":"0.67"},{"v":72.0000000000004,"d":"72.00"},"",536]
["Walls","Walls : Basic Wall : Generic - 8\"","Module 7 structural model",609114,{"v":15.2777777777791,"d":"15.28"},"CY",{"v":125,"d":"125.00"},{"v":1909.72222222239,"d":"1,909.72"},1,{"v":618.750000000004,"d":"618.75"},{"v":15.2777777777791,"d":"15.28"},"",{"v":9.26041666666667,"d":"9.26"},{"v":0.666666666666667,"d":"0.67"},{"v":72.0000000000004,"d":"72.00"},"",536]
["Walls","Walls : Basic Wall : Generic - 8\"","Module 7 structural model",609116,{"v":4.40514540349176,"d":"4.41"},"CY",{"v":125,"d":"125.00"},{"v":550.64317543647,"d":"550.64"},1,{"v":182.550510096565,"d":"182.55"},{"v":4.40514540349176,"d":"4.41"},"",{"v":17.5,"d":"17.50"},{"v":0.666666666666667,"d":"0.67"},{"v":12.0000000000005,"d":"12.00"},"",536]
["Walls","Walls : Basic Wall : Generic - 8\"","Module 7 structural model",609121,{"v":9.51586115144732,"d":"9.52"},"CY",{"v":125,"d":"125.00"},{"v":1189.48264393091,"d":"1,189.48"},1,{"v":386.025914394884,"d":"386.03"},{"v":9.51586115144732,"d":"9.52"},"",{"v":36.7590839280773,"d":"36.76"},{"v":0.666666666666667,"d":"0.67"},{"v":12.0000000000005,"d":"12.00"},"",536]
["Walls","Walls : Basic Wall : Generic - 8\"","Module 7 structural model",609127,{"v":2.33107132941731,"d":"2.33"},"CY",{"v":125,"d":"125.00"},{"v":291.383916177164,"d":"291.38"},1,{"v":98.5505100965563,"d":"98.55"},{"v":2.33107132941731,"d":"2.33"},"",{"v":10.5,"d":"10.50"},{"v":0.666666666666667,"d":"0.67"},{"v":12,"d":"12.00"},"",536]
["Walls","Walls : Basic Wall : Generic - 8\"","Module 7 structural model",609132,{"v":2.96584579004331,"d":"2.97"},"CY",{"v":125,"d":"125.00"},{"v":370.730723755413,"d":"370.73"},1,{"v":120.750292258043,"d":"120.75"},{"v":2.96584579004331,"d":"2.97"},"",{"v":12.5,"d":"12.50"},{"v":0.666666666666667,"d":"0.67"},{"v":12,"d":"12.00"},"",536]
["Walls","Walls : Basic Wall : Generic - 8\"","Module 7 structural model",609136,{"v":1.55555555555567,"d":"1.56"},"CY",{"v":125,"d":"125.00"},{"v":194.444444444459,"d":"194.44"},1,{"v":62.9999999999999,"d":"63.00"},{"v":1.55555555555567,"d":"1.56"},"",{"v":5.24999999999999,"d":"5.25"},{"v":0.666666666666667,"d":"0.67"},{"v":12,"d":"12.00"},"",536]
["Walls","Walls : Basic Wall : Generic - 8\"","Module 7 structural model",609139,{"v":1.85185185185199,"d":"1.85"},"CY",{"v":125,"d":"125.00"},{"v":231.481481481499,"d":"231.48"},1,{"v":74.9999999999998,"d":"75.00"},{"v":1.85185185185199,"d":"1.85"},"",{"v":6.24999999999999,"d":"6.25"},{"v":0.666666666666667,"d":"0.67"},{"v":12,"d":"12.00"},"",536]
["Walls","Walls : Basic Wall : Generic - 8\"","Module 7 structural model",609141,{"v":0.469665747989949,"d":"0.47"},"CY",{"v":125,"d":"125.00"},{"v":58.7082184987436,"d":"58.71"},1,{"v":19.0214627935915,"d":"19.02"},{"v":0.469665747989949,"d":"0.47"},"",{"v":1.58512189946595,"d":"1.59"},{"v":0.666666666666667,"d":"0.67"},{"v":12,"d":"12.00"},"",536]
["Walls","Walls : Basic Wall : Generic - 8\"","Module 7 structural model",609144,{"v":0.511712895411996,"d":"0.51"},"CY",{"v":125,"d":"125.00"},{"v":63.9641119264996,"d":"63.96"},1,{"v":20.7243722641841,"d":"20.72"},{"v":0.511712895411996,"d":"0.51"},"",{"v":1.72703102201534,"d":"1.73"},{"v":0.666666666666667,"d":"0.67"},{"v":12,"d":"12.00"},"",536]

{"sheet":"Enumerations","index":1,"n_rows":0,"n_cols":0,"rows_kept":0,"hidden":true}